{"text_format":"3","workbook":"xlsx","n_sheets":2,"sheets":["SUMMARY","MATERIAL TAKE-OFF"],"not_rendered":{"charts":1,"images":2,"defined_names":4},"read":"whole","date_system":"1900"}

{"sheet":"SUMMARY","index":0,"n_rows":33,"n_cols":4,"rows_kept":33,"merged":[[27,0,27,1],[28,0,28,3],[32,0,32,1]]}
[]
["Project ID:"]
[]
["Address:"]
[]
["No. of Floors:"]
[]
["Building GSF",22332]
[]
["DIVISION NO.","DESCRIPTION","TOTAL DIV. COST","TOTAL DIV. COST (PER SF)"]
[1000,"General Requirements",{"$f":"'MATERIAL TAKE-OFF'!P19","v":{"v":332934.1937398197,"d":"$332,934"}},{"$f":"C11/$B$8","v":{"v":14.90839126544061,"d":"$14.91"}}]
[2000,"Demolition/Site Work",{"$f":"'MATERIAL TAKE-OFF'!P37","v":{"v":39101.388381,"d":"$39,101"}},{"$f":"C12/$B$8","v":{"v":1.7509129670875871,"d":"$1.75"}}]
[3000,"Concrete",{"$f":"'MATERIAL TAKE-OFF'!P84","v":{"v":107271.6201029367,"d":"$107,272"}},{"v":4.803493646020808,"d":"$4.80"}]
[5000,"Metals",{"$f":"'MATERIAL TAKE-OFF'!P128","v":{"v":178327.57693258094,"d":"$178,328"}},{"v":7.985293611525208,"d":"$7.99"}]
[6000,"Wood, Plastics and Composites",{"$f":"'MATERIAL TAKE-OFF'!P177","v":{"v":60439.676407726656,"d":"$60,440"}},{"v":2.7064157445695263,"d":"$2.71"}]
[7000,"Thermal and Moisture Protection",{"$f":"'MATERIAL TAKE-OFF'!P202","v":{"v":58507.01892059749,"d":"$58,507"}},{"v":2.619873675470065,"d":"$2.62"}]
[8000,"Openings",{"$f":"'MATERIAL TAKE-OFF'!P232","v":{"v":139041.30732,"d":"$139,041"}},{"v":6.226101886082751,"d":"$6.23"}]
[9000,"Finishes",{"$f":"'MATERIAL TAKE-OFF'!P640","v":{"v":493976.4391918557,"d":"$493,976"}},{"v":22.119668600745822,"d":"$22.12"}]
[10000,"Specialties",{"$f":"'MATERIAL TAKE-OFF'!P656","v":{"v":25655.365683999997,"d":"$25,655"}},{"v":1.1488163032419845,"d":"$1.15"}]
[11000,"Appliances",{"$f":"'MATERIAL TAKE-OFF'!P667","v":{"v":29524.5404,"d":"$29,525"}},{"v":1.3220732760164786,"d":"$1.32"}]
[12000,"Furnishes",{"$f":"'MATERIAL TAKE-OFF'!P691","v":{"v":55611.15790696,"d":"$55,611"}},{"$f":"C21/$B$8","v":{"v":2.490200515267777,"d":"$2.49"}}]
[22000,"Plumbing",{"$f":"'MATERIAL TAKE-OFF'!P732","v":{"v":65147.78883297001,"d":"$65,148"}},{"v":2.917239335167921,"d":"$2.92"}]
[23000,"HVAC/Mechanical",{"$f":"'MATERIAL TAKE-OFF'!P805","v":{"v":256201.3482386382,"d":"$256,201"}},{"v":11.47238707857058,"d":"$11.47"}]
[26000,"Electrical",{"$f":"'MATERIAL TAKE-OFF'!P884","v":{"v":263997.558438012,"d":"$263,998"}},{"v":11.821491959430952,"d":"$11.82"}]
[31000,"Earthwork",{"$f":"'MATERIAL TAKE-OFF'!P891","v":{"v":745396.455546926,"d":"$745,396"}},{"v":33.37795340976742,"d":"$33.38"}]
[32000,"Exterior Improvement",{"$f":"'MATERIAL TAKE-OFF'!P997","v":{"v":745150.3247840562,"d":"$745,150"}},{"$f":"C26/$B$8","v":{"v":33.36693197134409,"d":"$33.37"}}]
[33000,"Utilities",{"$f":"'MATERIAL TAKE-OFF'!P1018","v":{"v":58003.20492704513,"d":"$58,003"}},{"$f":"C27/$B$8","v":{"v":2.597313493061308,"d":"$2.60"}}]
["PROJECTED COST",null,{"$f":"SUM(C11:C27)","v":{"v":3654286.9657551246,"d":"$3,654,287"}},{"$f":"SUM(D11:D27)","v":{"v":163.63455873881088,"d":"$164"}}]
[]
["OVERHEAD AND PROFIT",{"v":0.2,"d":"20%"},{"$f":"$C$28*B30","v":{"v":730857.3931510249,"d":"$730,857"}},{"$f":"$D$28*B30","v":{"v":32.72691174776218,"d":"$33"}}]
["INSURANCE",{"v":0.03,"d":"3%"},{"$f":"$C$28*B31","v":{"v":109628.60897265373,"d":"$109,629"}},{"$f":"$D$28*B31","v":{"v":4.909036762164326,"d":"$5"}}]
["CONTINGENCY",{"v":0.05,"d":"5%"},{"$f":"$C$28*B32","v":{"v":182714.34828775623,"d":"$182,714"}},{"$f":"$D$28*B32","v":{"v":8.181727936940545,"d":"$8"}}]
["SUGGESTED BASE BID",null,{"$f":"SUM(C28:C32)","v":{"v":4677487.31616656,"d":"$4,677,487"}},{"$f":"SUM(D28:D32)","v":{"v":209.45223518567795,"d":"$209"}}]

{"sheet":"MATERIAL TAKE-OFF","index":1,"n_rows":1036,"n_cols":17,"rows_kept":1036,"merged":[[2,10,2,11],[2,12,2,13],[3,10,3,11],[3,12,3,13],[4,10,4,11],[4,12,4,13],[5,10,5,11],[5,12,5,13],[6,10,6,11],[6,12,6,13],[7,10,7,11],[7,12,7,13],[10,1,10,14],[20,1,20,14],[38,1,38,14],[85,1,85,14],[129,1,129,14],[178,1,178,14],[203,1,203,14],[233,1,233,14],[641,1,641,14],[657,1,657,14],[668,1,668,14],[692,1,692,14],[733,1,733,14],[806,1,806,14],[885,1,885,14],[892,1,892,14],[998,1,998,14],[1018,0,1018,12],[1019,0,1019,13],[1020,0,1020,13],[1021,0,1021,13],[1022,0,1022,13],[1023,0,1023,12],[1025,1,1025,14]]}
[]
[]
["Project: ",{"$f":"SUMMARY!B2","v":0}]
[]
["Address:",{"$f":"SUMMARY!B4","v":0}]
[]
["Scope:","FULL SCOPE"]
[]
["Date:",{"$f":"TODAY()","v":"2026-01-28"}]
["SR #","REF","DESCRIPTION","QUANTITY","UNIT","WASTAGE","QUANTITY W/ WASTAGE","LABOR HOURS","WAGES","TOTAL LABOR  HOUR","TOTAL LABOUR COST","MATERIAL RATE","TOTAL MATETRIAL COST","EQUIPMENT RATE","TOTAL EQUIPMENT COSTS","SUB COST"]
[null,"01. GENERAL REQUIREMENTS"]
[1,null,"Supervision and Coordination",1,"LS",{"v":0,"d":"0%"},{"$f":"(F12*D12)+D12","v":{"v":1,"d":"1.00"}},{"$f":"2%*$Q$12/I12","v":{"v":714.2211600124846,"d":"714.22"}},{"v":93.23,"d":"$93.23"},{"$f":"H12*G12","v":{"v":714.2211600124846,"d":"714.22"}},{"$f":"I12*J12","v":{"v":66586.83874796394,"d":"$66,586.84"}},{"v":0,"d":"$0.00"},{"$f":"L12*G12","v":{"v":0,"d":"$0.00"}},{"v":0,"d":"$0.00"},{"$f":"N12*G12","v":{"v":0,"d":"$0.00"}},{"$f":"IF(D12=\"\",\"\",(K12+M12+O12))","v":{"v":66586.83874796394,"d":"$66,586.84"}},{"$f":"SUM(P22:P1018)/2","v":{"v":3329341.9373981967,"d":"$3,329,341.94"}}]
[{"$f":"A12+1","v":2},null,"Submittals and Shop drawings",1,"LS",{"v":0,"d":"0%"},{"v":1,"d":"1.00"},{"$f":"1.65%*$Q$12/I13","v":{"v":589.2324570102998,"d":"589.23"}},{"v":93.23,"d":"$93.23"},{"v":589.2324570102998,"d":"589.23"},{"v":54934.141967070245,"d":"$54,934.14"},{"v":0,"d":"$0.00"},{"v":0,"d":"$0.00"},{"v":0,"d":"$0.00"},{"v":0,"d":"$0.00"},{"v":54934.141967070245,"d":"$54,934.14"}]
[3,null,"Final Cleaning",1,"LS",{"v":0,"d":"0%"},{"v":1,"d":"1.00"},{"$f":"0.85%*$Q$12/I14","v":{"v":303.54399300530594,"d":"303.54"}},{"v":93.23,"d":"$93.23"},{"v":303.54399300530594,"d":"303.54"},{"v":28299.406467884673,"d":"$28,299.41"},{"v":0,"d":"$0.00"},{"v":0,"d":"$0.00"},{"v":0,"d":"$0.00"},{"v":0,"d":"$0.00"},{"v":28299.406467884673,"d":"$28,299.41"}]
[4,null,"Mobilization Costs",1,"LS",{"v":0,"d":"0%"},{"v":1,"d":"1.00"},{"$f":"2.02%*$Q$12/I15","v":{"v":721.3633716126094,"d":"721.36"}},{"v":93.23,"d":"$93.23"},{"v":721.3633716126094,"d":"721.36"},{"v":67252.70713544358,"d":"$67,252.71"},{"v":0,"d":"$0.00"},{"v":0,"d":"$0.00"},{"v":0,"d":"$0.00"},{"v":0,"d":"$0.00"},{"v":67252.70713544358,"d":"$67,252.71"}]
[5,null,"Bond @ 2%",1,"LS",{"v":0,"d":"0%"},{"v":1,"d":"1.00"},{"$f":"2%*$Q$12/I16","v":{"v":714.2211600124846,"d":"714.22"}},{"v":93.23,"d":"$93.23"},{"v":714.2211600124846,"d":"714.22"},{"v":66586.83874796394,"d":"$66,586.84"},{"v":0,"d":"$0.00"},{"v":0,"d":"$0.00"},{"v":0,"d":"$0.00"},{"v":0,"d":"$0.00"},{"v":66586.83874796394,"d":"$66,586.84"}]
[6,null,"Temporary Control & Facilities",1,"LS",{"v":0,"d":"0%"},{"v":1,"d":"1.00"},{"$f":"0.98%*$Q$12/I17","v":{"v":349.9683684061174,"d":"349.97"}},{"v":93.23,"d":"$93.23"},{"v":349.9683684061174,"d":"349.97"},{"v":32627.550986502327,"d":"$32,627.55"},{"v":0,"d":"$0.00"},{"v":0,"d":"$0.00"},{"v":0,"d":"$0.00"},{"v":0,"d":"$0.00"},{"v":32627.550986502327,"d":"$32,627.55"}]
[7,null,"Scaffolding",1,"LS",{"v":0,"d":"0%"},{"v":1,"d":"1.00"},{"$f":"0.5%*$Q$12/I18","v":{"v":178.55529000312114,"d":"178.56"}},{"v":93.23,"d":"$93.23"},{"v":178.55529000312114,"d":"178.56"},{"v":16646.709686990984,"d":"$16,646.71"},{"v":0,"d":"$0.00"},{"v":0,"d":"$0.00"},{"v":0,"d":"$0.00"},{"v":0,"d":"$0.00"},{"v":16646.709686990984,"d":"$16,646.71"}]
[{"$f":"IF(E19=0,\"\",1+MAX(A13:A18))","v":""},{"$nulls":13},"SUBTOTAL",{"$f":"SUM(P12:P18)","v":{"v":332934.1937398197,"d":"$332,934.19"}}]
[""]
["","02. EXISTING CONDITIONS/SITE WORK"]
[{"$f":"IF(E22=0,\"\",1+MAX(A20:A21))","v":""},null,"MEP Demolition"]
[{"$f":"IF(D23=0,\"\",1+MAX(A$12:A22))","v":8},null,"Remove 200W Parking Lot Pole Light ",{"v":10,"d":"10.00"},"EA",{"v":0,"d":"0%"},{"$f":"(F23*D23)+D23","v":{"v":10,"d":"10.00"}},{"v":3.951,"d":"3.95"},{"v":55.79,"d":"$55.79"},{"$f":"H23*G23","v":39.51},{"$f":"I23*J23","v":{"v":2204.2628999999997,"d":"$2,204.26"}},null,{"$f":"L23*G23","v":{"v":0,"d":"$0.00"}},{"v":0,"d":"$0.00"},{"$f":"N23*G23","v":{"v":0,"d":"$0.00"}},{"$f":"IF(D23=\"\",\"\",(K23+M23+O23))","v":{"v":2204.2628999999997,"d":"$2,204.26"}}]
[{"$f":"IF(D24=0,\"\",1+MAX(A$12:A23))","v":9},null,"Remove Existing Pole Lights.",{"v":13,"d":"13.00"},"EA",{"v":0,"d":"0%"},{"v":13,"d":"13.00"},{"v":3.578,"d":"3.58"},{"v":55.79,"d":"$55.79"},{"v":46.513999999999996,"d":"46.51"},{"v":2595.01606,"d":"$2,595.02"},null,{"v":0,"d":"$0.00"},{"v":0,"d":"$0.00"},{"v":0,"d":"$0.00"},{"v":2595.01606,"d":"$2,595.02"}]
[{"$f":"IF(D25=0,\"\",1+MAX(A$12:A24))","v":10},null,"Remove Existing Lighting Circuit For Parking Pole Lights ",{"v":2,"d":"2.00"},"EA",{"v":0,"d":"0%"},{"v":2,"d":"2.00"},{"v":4.312,"d":"4.31"},{"v":55.79,"d":"$55.79"},{"v":8.624,"d":"8.62"},{"v":481.13296,"d":"$481.13"},null,{"v":0,"d":"$0.00"},{"v":0,"d":"$0.00"},{"v":0,"d":"$0.00"},{"v":481.13296,"d":"$481.13"}]
[{"$f":"IF(E26=0,\"\",1+MAX(A22:A24))","v":""},null,"Site Demolition"]
[{"$f":"IF(D27=0,\"\",1+MAX(A$12:A26))","v":11},null,"Removed Existing Monument Sign",{"v":1,"d":"1.00"},"EA",{"v":0,"d":"0%"},{"$f":"(F27*D27)+D27","v":{"v":1,"d":"1.00"}},{"v":6.984,"d":"6.98"},{"v":66.94,"d":"$66.94"},{"$f":"H27*G27","v":{"v":6.984,"d":"6.98"}},{"$f":"I27*J27","v":{"v":467.50896,"d":"$467.51"}},null,{"$f":"L27*G27","v":{"v":0,"d":"$0.00"}},{"v":0,"d":"$0.00"},{"$f":"N27*G27","v":{"v":0,"d":"$0.00"}},{"$f":"IF(D27=\"\",\"\",(K27+M27+O27))","v":{"v":467.50896,"d":"$467.51"}}]
[{"$f":"IF(D28=0,\"\",1+MAX(A$12:A27))","v":12},null,"Remove Existing Accessible Parking Signs, Retain for Relocations in New Plan.",{"v":4,"d":"4.00"},"EA",{"v":0,"d":"0%"},{"$f":"(F28*D28)+D28","v":{"v":4,"d":"4.00"}},{"v":0.5,"d":"0.50"},{"v":66.94,"d":"$66.94"},{"$f":"H28*G28","v":{"v":2,"d":"2.00"}},{"$f":"I28*J28","v":{"v":133.88,"d":"$133.88"}},null,{"$f":"L28*G28","v":{"v":0,"d":"$0.00"}},{"v":0,"d":"$0.00"},{"$f":"N28*G28","v":{"v":0,"d":"$0.00"}},{"$f":"IF(D28=\"\",\"\",(K28+M28+O28))","v":{"v":133.88,"d":"$133.88"}}]
[{"$f":"IF(D29=0,\"\",1+MAX(A$12:A28))","v":13},null,"Removed Existing Tree",{"v":8,"d":"8.00"},"EA",{"v":0,"d":"0%"},{"$f":"(F29*D29)+D29","v":{"v":8,"d":"8.00"}},{"v":5.512,"d":"5.51"},{"v":66.94,"d":"$66.94"},{"$f":"H29*G29","v":{"v":44.096,"d":"44.10"}},{"$f":"I29*J29","v":{"v":2951.7862399999995,"d":"$2,951.79"}},null,{"$f":"L29*G29","v":{"v":0,"d":"$0.00"}},{"v":0,"d":"$0.00"},{"$f":"N29*G29","v":{"v":0,"d":"$0.00"}},{"$f":"IF(D29=\"\",\"\",(K29+M29+O29))","v":{"v":2951.7862399999995,"d":"$2,951.79"}}]
[{"$f":"IF(D30=0,\"\",1+MAX(A$12:A29))","v":14},null,"Removed Existing Handicapped Signage",{"v":6,"d":"6.00"},"EA",{"v":0,"d":"0%"},{"$f":"(F30*D30)+D30","v":{"v":6,"d":"6.00"}},0.75,{"v":66.94,"d":"$66.94"},{"$f":"H30*G30","v":{"v":4.5,"d":"4.50"}},{"$f":"I30*J30","v":{"v":301.23,"d":"$301.23"}},null,{"$f":"L30*G30","v":{"v":0,"d":"$0.00"}},{"v":0,"d":"$0.00"},{"$f":"N30*G30","v":{"v":0,"d":"$0.00"}},{"$f":"IF(D30=\"\",\"\",(K30+M30+O30))","v":{"v":301.23,"d":"$301.23"}}]
[{"$f":"IF(D31=0,\"\",1+MAX(A$12:A30))","v":15},null,"Removed Existing Landscaping or Hardscape",{"v":2644.75,"d":"2,644.75"},"SF",{"v":0,"d":"0%"},{"$f":"(F31*D31)+D31","v":2644.75},0.05,{"v":66.94,"d":"$66.94"},{"$f":"H31*G31","v":{"v":132.2375,"d":"132.24"}},{"$f":"I31*J31","v":{"v":8851.97825,"d":"$8,851.98"}},null,{"$f":"L31*G31","v":{"v":0,"d":"$0.00"}},{"v":0,"d":"$0.00"},{"$f":"N31*G31","v":{"v":0,"d":"$0.00"}},{"$f":"IF(D31=\"\",\"\",(K31+M31+O31))","v":{"v":8851.97825,"d":"$8,851.98"}}]
[{"$f":"IF(D32=0,\"\",1+MAX(A$12:A31))","v":16},null,"Removed Existing Asphalt Pavement",{"v":4341.7,"d":"4,341.70"},"SF",{"v":0,"d":"0%"},{"v":4341.7,"d":"4341.70"},{"v":0.018,"d":"0.02"},{"v":66.94,"d":"$66.94"},{"v":78.1506,"d":"78.15"},{"v":5231.401164,"d":"$5,231.40"},null,{"v":0,"d":"$0.00"},{"v":0,"d":"$0.00"},{"v":0,"d":"$0.00"},{"v":5231.401164,"d":"$5,231.40"}]
[{"$f":"IF(D33=0,\"\",1+MAX(A$12:A32))","v":17},null,"Removed Existing Hardscape ",{"v":391.1,"d":"391.10"},"SF",{"v":0,"d":"0%"},{"v":391.1,"d":"391.10"},{"v":0.085,"d":"0.09"},{"v":66.94,"d":"$66.94"},{"v":33.243500000000004,"d":"33.24"},{"v":2225.31989,"d":"$2,225.32"},null,{"v":0,"d":"$0.00"},{"v":0,"d":"$0.00"},{"v":0,"d":"$0.00"},{"v":2225.31989,"d":"$2,225.32"}]
[{"$f":"IF(D34=0,\"\",1+MAX(A$12:A33))","v":18},null,"Kn#24: Removed Existing Improvements",{"v":4274.52,"d":"4,274.52"},"SF",{"v":0,"d":"0%"},4274.52,{"v":0.025,"d":"0.03"},{"v":66.94,"d":"$66.94"},{"v":106.86300000000001,"d":"106.86"},{"v":7153.4092200000005,"d":"$7,153.41"},null,{"v":0,"d":"$0.00"},{"v":0,"d":"$0.00"},{"v":0,"d":"$0.00"},{"v":7153.4092200000005,"d":"$7,153.41"}]
[{"$f":"IF(D35=0,\"\",1+MAX(A$12:A34))","v":19},null,"Removed Existing Asphalt Striping\n- Surface Recoated, Sealed & Prepared for New Striping, Except Where Indicated.",{"v":2134.53,"d":"2,134.53"},"LF",{"v":0,"d":"0%"},2134.53,{"v":0.035,"d":"0.04"},{"v":66.94,"d":"$66.94"},{"v":74.70855000000002,"d":"74.71"},{"v":5000.990337000001,"d":"$5,000.99"},null,{"v":0,"d":"$0.00"},{"v":0,"d":"$0.00"},{"v":0,"d":"$0.00"},{"v":5000.990337000001,"d":"$5,000.99"}]
[{"$f":"IF(D36=0,\"\",1+MAX(A$12:A35))","v":20},null,"Removed Existing Vinyl Fence & Gates",{"v":112.3,"d":"112.30"},"LF",{"v":0,"d":"0%"},{"v":112.3,"d":"112.30"},{"v":0.2,"d":"0.20"},{"v":66.94,"d":"$66.94"},22.46,{"v":1503.4724,"d":"$1,503.47"},null,{"v":0,"d":"$0.00"},{"v":0,"d":"$0.00"},{"v":0,"d":"$0.00"},{"v":1503.4724,"d":"$1,503.47"}]
[{"$f":"IF(E37=0,\"\",1+MAX(A23:A36))","v":""},{"$nulls":13},"SUBTOTAL",{"$f":"SUM(P22:P36)","v":{"v":39101.388381,"d":"$39,101.39"}}]
[{"$f":"IF(E38=0,\"\",1+MAX(A24:A37))","v":""}]
[{"$f":"IF(E39=0,\"\",1+MAX(A26:A38))","v":""},"03. CONCRETE"]
[{"$f":"IF(E40=0,\"\",1+MAX(A27:A39))","v":""},null,"Footings"]
[{"$f":"IF(D41=0,\"\",1+MAX(A$12:A40))","v":""},null,"Pad Footing"]
[{"$f":"IF(D42=0,\"\",1+MAX(A$12:A41))","v":21},null,"F3.0: (3'-0\" w x 3'-0\" L x 1'-6\" H) Concrete Pad Footing Reinf. w/\r\n- (3) #5 EW T&B Bars",{"$f":"(1*(3*3*1.5))/27","v":{"v":0.5,"d":"0.50"}},"CY",{"v":0.1,"d":"10%"},{"$f":"(F42*D42)+D42","v":0.55},4.59,{"v":76.58,"d":"$76.58"},{"$f":"H42*G42","v":{"v":2.5245,"d":"2.52"}},{"$f":"I42*J42","v":{"v":193.32621,"d":"$193.33"}},{"v":355,"d":"$355.00"},{"$f":"L42*G42","v":{"v":195.25000000000003,"d":"$195.25"}},{"v":0,"d":"$0.00"},{"$f":"N42*G42","v":{"v":0,"d":"$0.00"}},{"$f":"IF(D42=\"\",\"\",(K42+M42+O42))","v":{"v":388.57621000000006,"d":"$388.58"}}]
[{"$f":"IF(D43=0,\"\",1+MAX(A$12:A42))","v":22},null,"Formwork",{"$f":"(1*(3*1.5)*4)","v":{"v":18,"d":"18.00"}},"SF",{"v":0.1,"d":"10%"},{"v":19.8,"d":"19.80"},{"v":0.045,"d":"0.05"},{"v":76.58,"d":"$76.58"},{"v":0.891,"d":"0.89"},{"v":68.23278,"d":"$68.23"},null,{"v":0,"d":"$0.00"},{"v":0,"d":"$0.00"},{"v":0,"d":"$0.00"},{"v":68.23278,"d":"$68.23"}]
[{"$f":"IF(D44=0,\"\",1+MAX(A$12:A43))","v":23},null,"Excavation",{"$f":"D42*1.2","v":{"v":0.6,"d":"0.60"}},"CY",{"v":0.1,"d":"10%"},{"v":0.6599999999999999,"d":"0.66"},{"v":0.5,"d":"0.50"},{"v":76.58,"d":"$76.58"},{"v":0.32999999999999996,"d":"0.33"},{"v":25.271399999999996,"d":"$25.27"},null,{"v":0,"d":"$0.00"},{"v":0,"d":"$0.00"},{"v":0,"d":"$0.00"},{"v":25.271399999999996,"d":"$25.27"}]
[{"$f":"IF(D45=0,\"\",1+MAX(A$12:A44))","v":""}]
[{"$f":"IF(D46=0,\"\",1+MAX(A$12:A45))","v":24},null,"F4.5: (4'-6\" w x 4'-6\" L x 1'-6\" H) Concrete Pad Footing Reinf. w/\r\n- (3) #5 EW T&B Bars",{"$f":"(2*(4.5*4.5*1.5))/27","v":2.25},"CY",{"v":0.1,"d":"10%"},{"v":2.475,"d":"2.48"},4.59,{"v":76.58,"d":"$76.58"},{"$f":"H46*G46","v":{"v":11.36025,"d":"11.36"}},{"$f":"I46*J46","v":{"v":869.967945,"d":"$869.97"}},{"v":355,"d":"$355.00"},{"v":878.625,"d":"$878.63"},{"v":0,"d":"$0.00"},{"v":0,"d":"$0.00"},{"v":1748.5929449999999,"d":"$1,748.59"}]
[{"$f":"IF(D47=0,\"\",1+MAX(A$12:A46))","v":25},null,"Formwork",{"$f":"(2*(4.5*1.5)*4)","v":{"v":54,"d":"54.00"}},"SF",{"v":0.1,"d":"10%"},{"v":59.4,"d":"59.40"},{"v":0.045,"d":"0.05"},{"v":76.58,"d":"$76.58"},{"v":2.673,"d":"2.67"},{"v":204.69834,"d":"$204.70"},null,{"v":0,"d":"$0.00"},{"v":0,"d":"$0.00"},{"v":0,"d":"$0.00"},{"v":204.69834,"d":"$204.70"}]
[{"$f":"IF(D48=0,\"\",1+MAX(A$12:A47))","v":26},null,"Excavation",{"$f":"D46*1.2","v":{"v":2.6999999999999997,"d":"2.70"}},"CY",{"v":0.1,"d":"10%"},{"v":2.9699999999999998,"d":"2.97"},{"v":0.5,"d":"0.50"},{"v":76.58,"d":"$76.58"},{"v":1.4849999999999999,"d":"1.49"},{"v":113.72129999999999,"d":"$113.72"},null,{"v":0,"d":"$0.00"},{"v":0,"d":"$0.00"},{"v":0,"d":"$0.00"},{"v":113.72129999999999,"d":"$113.72"}]
[{"$f":"IF(D49=0,\"\",1+MAX(A$12:A48))","v":""}]
[{"$f":"IF(D50=0,\"\",1+MAX(A$12:A49))","v":27},null,"F5.0: (5'-0\" w x 5'-0\" L x 1'-6\" H) Concrete Pad Footing Reinf. w/\r\n- (3) #5 EW T&B Bars",{"$f":"(2*(5*5*1.5))/27","v":{"v":2.7777777777777777,"d":"2.78"}},"CY",{"v":0.1,"d":"10%"},{"v":3.0555555555555554,"d":"3.06"},4.59,{"v":76.58,"d":"$76.58"},{"$f":"H50*G50","v":{"v":14.024999999999999,"d":"14.03"}},{"$f":"I50*J50","v":{"v":1074.0345,"d":"$1,074.03"}},{"v":355,"d":"$355.00"},{"v":1084.7222222222222,"d":"$1,084.72"},{"v":0,"d":"$0.00"},{"v":0,"d":"$0.00"},{"v":2158.7567222222224,"d":"$2,158.76"}]
[{"$f":"IF(D51=0,\"\",1+MAX(A$12:A50))","v":28},null,"Formwork",{"$f":"(2*(5*1.5)*4)","v":{"v":60,"d":"60.00"}},"SF",{"v":0.1,"d":"10%"},{"v":66,"d":"66.00"},{"v":0.045,"d":"0.05"},{"v":76.58,"d":"$76.58"},{"v":2.9699999999999998,"d":"2.97"},{"v":227.44259999999997,"d":"$227.44"},null,{"v":0,"d":"$0.00"},{"v":0,"d":"$0.00"},{"v":0,"d":"$0.00"},{"v":227.44259999999997,"d":"$227.44"}]
[{"$f":"IF(D52=0,\"\",1+MAX(A$12:A51))","v":29},null,"Excavation",{"$f":"D50*1.2","v":{"v":3.333333333333333,"d":"3.33"}},"CY",{"v":0.1,"d":"10%"},{"v":3.6666666666666665,"d":"3.67"},{"v":0.5,"d":"0.50"},{"v":76.58,"d":"$76.58"},{"v":1.8333333333333333,"d":"1.83"},{"v":140.39666666666665,"d":"$140.40"},null,{"v":0,"d":"$0.00"},{"v":0,"d":"$0.00"},{"v":0,"d":"$0.00"},{"v":140.39666666666665,"d":"$140.40"}]
[{"$f":"IF(D53=0,\"\",1+MAX(A$12:A52))","v":""},null,"Continuous  Footing"]
[{"$f":"IF(D54=0,\"\",1+MAX(A$12:A53))","v":30},null,"(1'-6\" w x 2'-0\" H) Continuous Concrete Footing Reinf. w/\r\n- (4) #4 Bars T&B\r\n- #3 Dowels @ 24\" O.C. ,36\" Min. Lap",{"$f":"(282.29*1.5*2)/27","v":{"v":31.36555555555556,"d":"31.37"}},"CY",{"v":0.1,"d":"10%"},{"$f":"(F54*D54)+D54","v":{"v":34.50211111111111,"d":"34.50"}},3.32,{"v":76.58,"d":"$76.58"},{"$f":"H54*G54","v":{"v":114.54700888888888,"d":"114.55"}},{"$f":"I54*J54","v":{"v":8772.00994071111,"d":"$8,772.01"}},{"v":355,"d":"$355.00"},{"$f":"L54*G54","v":{"v":12248.249444444446,"d":"$12,248.25"}},{"v":0,"d":"$0.00"},{"$f":"N54*G54","v":{"v":0,"d":"$0.00"}},{"$f":"IF(D54=\"\",\"\",(K54+M54+O54))","v":{"v":21020.259385155558,"d":"$21,020.26"}}]
[{"$f":"IF(D55=0,\"\",1+MAX(A$12:A54))","v":31},null,"Formwork",{"$f":"(282.29*2)*2","v":{"v":1129.16,"d":"1,129.16"}},"SF",{"v":0.1,"d":"10%"},{"v":1242.076,"d":"1242.08"},{"v":0.045,"d":"0.05"},{"v":76.58,"d":"$76.58"},{"v":55.89342,"d":"55.89"},{"v":4280.3181036,"d":"$4,280.32"},null,{"v":0,"d":"$0.00"},{"v":0,"d":"$0.00"},{"v":0,"d":"$0.00"},{"v":4280.3181036,"d":"$4,280.32"}]
[{"$f":"IF(D56=0,\"\",1+MAX(A$12:A55))","v":32},null,"Excavation",{"$f":"D54*1.2","v":{"v":37.63866666666667,"d":"37.64"}},"CY",{"v":0.1,"d":"10%"},{"v":41.40253333333334,"d":"41.40"},{"v":0.5,"d":"0.50"},{"v":76.58,"d":"$76.58"},{"v":20.70126666666667,"d":"20.70"},{"v":1585.3030013333334,"d":"$1,585.30"},null,{"v":0,"d":"$0.00"},{"v":0,"d":"$0.00"},{"v":0,"d":"$0.00"},{"v":1585.3030013333334,"d":"$1,585.30"}]
[{"$f":"IF(D57=0,\"\",1+MAX(A$12:A56))","v":""}]
[{"$f":"IF(D58=0,\"\",1+MAX(A$12:A57))","v":33},null,"(1'-6\" w x 2'-0\" H) Continuous Concrete Footing Reinf. w/\n- (4) #4 Bars T&B\n- #4 Dowel @ 48\" O.C.",{"$f":"(116.36*1.5*2)/27","v":{"v":12.928888888888888,"d":"12.93"}},"CY",{"v":0.1,"d":"10%"},{"v":14.221777777777778,"d":"14.22"},3.32,{"v":76.58,"d":"$76.58"},{"$f":"H58*G58","v":{"v":47.21630222222222,"d":"47.22"}},{"$f":"I58*J58","v":{"v":3615.8244241777775,"d":"$3,615.82"}},{"v":355,"d":"$355.00"},{"v":5048.731111111111,"d":"$5,048.73"},{"v":0,"d":"$0.00"},{"v":0,"d":"$0.00"},{"v":8664.555535288888,"d":"$8,664.56"}]
[{"$f":"IF(D59=0,\"\",1+MAX(A$12:A58))","v":34},null,"Formwork",{"$f":"(282.29*2)*2","v":{"v":1129.16,"d":"1,129.16"}},"SF",{"v":0.1,"d":"10%"},{"v":1242.076,"d":"1242.08"},{"v":0.045,"d":"0.05"},{"v":76.58,"d":"$76.58"},{"v":55.89342,"d":"55.89"},{"v":4280.3181036,"d":"$4,280.32"},null,{"v":0,"d":"$0.00"},{"v":0,"d":"$0.00"},{"v":0,"d":"$0.00"},{"v":4280.3181036,"d":"$4,280.32"}]
[{"$f":"IF(D60=0,\"\",1+MAX(A$12:A59))","v":35},null,"Excavation",{"$f":"D58*1.2","v":{"v":15.514666666666665,"d":"15.51"}},"CY",{"v":0.1,"d":"10%"},{"v":17.066133333333333,"d":"17.07"},{"v":0.5,"d":"0.50"},{"v":76.58,"d":"$76.58"},{"v":8.533066666666667,"d":"8.53"},{"v":653.4622453333333,"d":"$653.46"},null,{"v":0,"d":"$0.00"},{"v":0,"d":"$0.00"},{"v":0,"d":"$0.00"},{"v":653.4622453333333,"d":"$653.46"}]
[{"$f":"IF(D61=0,\"\",1+MAX(A$12:A60))","v":""}]
[{"$f":"IF(D62=0,\"\",1+MAX(A$12:A61))","v":36},null,"(1'-0\" w x 8\" H) Continuous Concrete Footing Reinf. w/\r\n- #5 Cont. Bar",{"$f":"(9.15*1*0.67)/27","v":{"v":0.22705555555555557,"d":"0.23"}},"CY",{"v":0.1,"d":"10%"},{"v":0.24976111111111113,"d":"0.25"},3.32,{"v":76.58,"d":"$76.58"},{"$f":"H62*G62","v":{"v":0.8292068888888889,"d":"0.83"}},{"$f":"I62*J62","v":{"v":63.50066355111111,"d":"$63.50"}},{"v":355,"d":"$355.00"},{"v":88.66519444444445,"d":"$88.67"},{"v":0,"d":"$0.00"},{"v":0,"d":"$0.00"},{"v":152.16585799555557,"d":"$152.17"}]
[{"$f":"IF(D63=0,\"\",1+MAX(A$12:A62))","v":37},null,"Formwork",{"$f":"(9.15*0.67)*2","v":{"v":12.261000000000001,"d":"12.26"}},"SF",{"v":0.1,"d":"10%"},{"v":13.487100000000002,"d":"13.49"},{"v":0.045,"d":"0.05"},{"v":76.58,"d":"$76.58"},{"v":0.6069195000000001,"d":"0.61"},{"v":46.47789531,"d":"$46.48"},null,{"v":0,"d":"$0.00"},{"v":0,"d":"$0.00"},{"v":0,"d":"$0.00"},{"v":46.47789531,"d":"$46.48"}]
[{"$f":"IF(D64=0,\"\",1+MAX(A$12:A63))","v":38},null,"Excavation",{"$f":"D62*1.2","v":{"v":0.2724666666666667,"d":"0.27"}},"CY",{"v":0.1,"d":"10%"},{"v":0.2997133333333334,"d":"0.30"},{"v":0.5,"d":"0.50"},{"v":76.58,"d":"$76.58"},{"v":0.1498566666666667,"d":"0.15"},{"v":11.476023533333334,"d":"$11.48"},null,{"v":0,"d":"$0.00"},{"v":0,"d":"$0.00"},{"v":0,"d":"$0.00"},{"v":11.476023533333334,"d":"$11.48"}]
[null,null,"Stem Wall"]
[{"$f":"IF(D66=0,\"\",1+MAX(A$12:A65))","v":39},null,"8\" CIP Concrete Stem Wall Reinf. w/ (H=3'-6\")\n- #4 Vertical @ 16\" O.C.\n- #4 Horizontal @ 12\" O.C.",{"$f":"(34.18*0.67*3.5)/27","v":{"v":2.9685962962962966,"d":"2.97"}},"CY",{"v":0.1,"d":"10%"},{"$f":"(F66*D66)+D66","v":{"v":3.2654559259259264,"d":"3.27"}},{"v":3.7,"d":"3.70"},{"v":76.58,"d":"$76.58"},{"$f":"H66*G66","v":{"v":12.082186925925928,"d":"12.08"}},{"$f":"I66*J66","v":{"v":925.2538747874075,"d":"$925.25"}},{"v":355,"d":"$355.00"},{"$f":"L66*G66","v":{"v":1159.236853703704,"d":"$1,159.24"}},{"v":0,"d":"$0.00"},{"$f":"N66*G66","v":{"v":0,"d":"$0.00"}},{"$f":"IF(D66=\"\",\"\",(K66+M66+O66))","v":{"v":2084.4907284911114,"d":"$2,084.49"}}]
[{"$f":"IF(D67=0,\"\",1+MAX(A$12:A66))","v":40},null,"Formwork",{"$f":"(34.18*3.5)*2","v":239.26},"SF",{"v":0.1,"d":"10%"},{"v":263.186,"d":"263.19"},{"v":0.045,"d":"0.05"},{"v":76.58,"d":"$76.58"},{"v":11.843369999999998,"d":"11.84"},{"v":906.9652745999998,"d":"$906.97"},null,{"v":0,"d":"$0.00"},{"v":0,"d":"$0.00"},{"v":0,"d":"$0.00"},{"v":906.9652745999998,"d":"$906.97"}]
[{"$f":"IF(D68=0,\"\",1+MAX(A$12:A67))","v":41},null,"Excavation",{"$f":"D66*1.2","v":{"v":3.5623155555555557,"d":"3.56"}},"CY",{"v":0.1,"d":"10%"},{"v":3.918547111111111,"d":"3.92"},{"v":0.5,"d":"0.50"},{"v":76.58,"d":"$76.58"},{"v":1.9592735555555556,"d":"1.96"},{"v":150.04116888444443,"d":"$150.04"},null,{"v":0,"d":"$0.00"},{"v":0,"d":"$0.00"},{"v":0,"d":"$0.00"},{"v":150.04116888444443,"d":"$150.04"}]
[null,null,"Slabs"]
[{"$f":"IF(D70=0,\"\",1+MAX(A$12:A69))","v":42},null,"3-1/2\" Normal Wt. Concrete Slab Reinf. w/ \r\n- WW 4x4-W1.4xW1.4 \r\n- 3/4\" Dia. Puddle Welds @ 12\" O.C. @ All Supports",113.26,"SF",{"v":0.1,"d":"10%"},{"$f":"(F70*D70)+D70","v":{"v":124.58600000000001,"d":"124.59"}},{"v":0.052,"d":"0.05"},{"v":76.58,"d":"$76.58"},{"$f":"H70*G70","v":{"v":6.478472,"d":"6.48"}},{"$f":"I70*J70","v":{"v":496.12138576,"d":"$496.12"}},{"v":4.21,"d":"$4.21"},{"$f":"L70*G70","v":{"v":524.50706,"d":"$524.51"}},{"v":0,"d":"$0.00"},{"$f":"N70*G70","v":{"v":0,"d":"$0.00"}},{"$f":"IF(D70=\"\",\"\",(K70+M70+O70))","v":{"v":1020.62844576,"d":"$1,020.63"}}]
[{"$f":"IF(D71=0,\"\",1+MAX(A$12:A70))","v":43},null,"Formwork",{"$f":"0.29*61.59","v":{"v":17.8611,"d":"17.86"}},"SF",{"v":0.1,"d":"10%"},{"v":19.64721,"d":"19.65"},{"v":0.045,"d":"0.05"},{"v":76.58,"d":"$76.58"},{"v":0.8841244500000001,"d":"0.88"},{"v":67.706250381,"d":"$67.71"},null,{"v":0,"d":"$0.00"},{"v":0,"d":"$0.00"},{"v":0,"d":"$0.00"},{"v":67.706250381,"d":"$67.71"}]
[{"$f":"IF(D72=0,\"\",1+MAX(A$12:A71))","v":""}]
[{"$f":"IF(D73=0,\"\",1+MAX(A$12:A72))","v":44},null,"6\" Thick Concrete Slab Reinf. w/\r\n- #4 Bars @ 12\" O.C. E.W.",{"v":3824.62,"d":"3,824.62"},"SF",{"v":0.1,"d":"10%"},{"$f":"(F73*D73)+D73","v":{"v":4207.082,"d":"4207.08"}},{"v":0.064,"d":"0.06"},{"v":76.58,"d":"$76.58"},{"$f":"H73*G73","v":{"v":269.25324800000004,"d":"269.25"}},{"$f":"I73*J73","v":{"v":20619.413731840003,"d":"$20,619.41"}},{"v":6.57,"d":"$6.57"},{"$f":"L73*G73","v":{"v":27640.528740000005,"d":"$27,640.53"}},{"v":0,"d":"$0.00"},{"$f":"N73*G73","v":{"v":0,"d":"$0.00"}},{"$f":"IF(D73=\"\",\"\",(K73+M73+O73))","v":{"v":48259.94247184001,"d":"$48,259.94"}}]
[{"$f":"IF(D74=0,\"\",1+MAX(A$12:A73))","v":45},null,"Formwork",{"$f":"0.5*356.33","v":{"v":178.165,"d":"178.17"}},"SF",{"v":0.1,"d":"10%"},{"v":195.98149999999998,"d":"195.98"},{"v":0.045,"d":"0.05"},{"v":76.58,"d":"$76.58"},{"v":8.819167499999999,"d":"8.82"},{"v":675.3718471499999,"d":"$675.37"},null,{"v":0,"d":"$0.00"},{"v":0,"d":"$0.00"},{"v":0,"d":"$0.00"},{"v":675.3718471499999,"d":"$675.37"}]
[{"$f":"IF(D75=0,\"\",1+MAX(A$12:A74))","v":""}]
[{"$f":"IF(D76=0,\"\",1+MAX(A$12:A75))","v":46},null,"12\" Thick Concrete Pad Reinf.w/\n- #4 @ 12\" O.C. Bars E.W.\n- w/ 1-1/2\" DP x 12\" Key @ 36\" O.C. ",109.44,"SF",{"v":0.1,"d":"10%"},{"v":120.384,"d":"120.38"},0.12,{"v":76.58,"d":"$76.58"},{"v":14.44608,"d":"14.45"},{"v":1106.2808064,"d":"$1,106.28"},{"v":15.28,"d":"$15.28"},{"v":1839.46752,"d":"$1,839.47"},{"v":0,"d":"$0.00"},{"v":0,"d":"$0.00"},{"v":2945.7483264,"d":"$2,945.75"}]
[{"$f":"IF(D77=0,\"\",1+MAX(A$12:A76))","v":47},null,"Formwork",{"$f":"1*41.99","v":41.99},"SF",{"v":0.1,"d":"10%"},{"v":46.189,"d":"46.19"},{"v":0.045,"d":"0.05"},{"v":76.58,"d":"$76.58"},{"v":2.078505,"d":"2.08"},{"v":159.1719129,"d":"$159.17"},null,{"v":0,"d":"$0.00"},{"v":0,"d":"$0.00"},{"v":0,"d":"$0.00"},{"v":159.1719129,"d":"$159.17"}]
[null,null,"Thickened Edges"]
[{"$f":"IF(D79=0,\"\",1+MAX(A$12:A78))","v":48},null,"(6\" w x 6\" H) Concrete Thickened Edge Reinforced",{"$f":"(494.87*0.5*0.5)/27","v":{"v":4.582129629629629,"d":"4.58"}},"CY",{"v":0.1,"d":"10%"},{"$f":"(F79*D79)+D79","v":{"v":5.040342592592593,"d":"5.04"}},3.25,{"v":76.58,"d":"$76.58"},{"$f":"H79*G79","v":{"v":16.381113425925925,"d":"16.38"}},{"$f":"I79*J79","v":{"v":1254.4656661574072,"d":"$1,254.47"}},{"v":355,"d":"$355.00"},{"$f":"L79*G79","v":{"v":1789.3216203703703,"d":"$1,789.32"}},{"v":0,"d":"$0.00"},{"$f":"N79*G79","v":{"v":0,"d":"$0.00"}},{"$f":"IF(D79=\"\",\"\",(K79+M79+O79))","v":{"v":3043.7872865277777,"d":"$3,043.79"}}]
[{"$f":"IF(D80=0,\"\",1+MAX(A$12:A79))","v":49},null,"Formwork",{"$f":"(494.87*0.5)*2","v":494.87},"SF",{"v":0.1,"d":"10%"},{"v":544.357,"d":"544.36"},{"v":0.045,"d":"0.05"},{"v":76.58,"d":"$76.58"},{"v":24.496064999999998,"d":"24.50"},{"v":1875.9086576999998,"d":"$1,875.91"},null,{"v":0,"d":"$0.00"},{"v":0,"d":"$0.00"},{"v":0,"d":"$0.00"},{"v":1875.9086576999998,"d":"$1,875.91"}]
[{"$f":"IF(D81=0,\"\",1+MAX(A$12:A80))","v":""}]
[{"$f":"IF(D82=0,\"\",1+MAX(A$12:A81))","v":50},null,"(8\" w x 8\" H) Concrete Thickened Edge Reinforced",{"$f":"(19.34*0.67*0.67)/27","v":{"v":0.32154540740740745,"d":"0.32"}},"CY",{"v":0.1,"d":"10%"},{"v":0.3536999481481482,"d":"0.35"},3.25,{"v":76.58,"d":"$76.58"},{"$f":"H82*G82","v":{"v":1.1495248314814817,"d":"1.15"}},{"$f":"I82*J82","v":{"v":88.03061159485186,"d":"$88.03"}},{"v":355,"d":"$355.00"},{"v":125.56348159259261,"d":"$125.56"},{"v":0,"d":"$0.00"},{"v":0,"d":"$0.00"},{"v":213.59409318744446,"d":"$213.59"}]
[{"$f":"IF(D83=0,\"\",1+MAX(A$12:A82))","v":51},null,"Formwork",{"$f":"(19.34*0.67)*2","v":{"v":25.9156,"d":"25.92"}},"SF",{"v":0.1,"d":"10%"},{"v":28.507160000000002,"d":"28.51"},{"v":0.045,"d":"0.05"},{"v":76.58,"d":"$76.58"},{"v":1.2828222,"d":"1.28"},{"v":98.238524076,"d":"$98.24"},null,{"v":0,"d":"$0.00"},{"v":0,"d":"$0.00"},{"v":0,"d":"$0.00"},{"v":98.238524076,"d":"$98.24"}]
[{"$f":"IF(E84=0,\"\",1+MAX(#REF!))","v":""},{"$nulls":13},"SUBTOTAL",{"$f":"SUM(P39:P83)","v":{"v":107271.6201029367,"d":"$107,271.62"}}]
[{"$f":"IF(E85=0,\"\",1+MAX(A84:A84))","v":""}]
[{"$f":"IF(E86=0,\"\",1+MAX(A85:A85))","v":""},"05. METALS"]
[{"$f":"IF(E87=0,\"\",1+MAX(A85:A86))","v":""},null,"Columns"]
[{"$f":"IF(D88=0,\"\",1+MAX(A$12:A87))","v":52},null,"C1: HSS 4x4x1/4 Steel Column (H=27'-4\")\r\n- 3/4\" Thick Base Plate w/\r\n- (2) 7/8\" Dia. x 16\" Emb.",{"v":3,"d":"3.00"},"EA",{"v":0,"d":"0%"},{"$f":"(F88*D88)+D88","v":{"v":3,"d":"3.00"}},{"v":11.418,"d":"11.42"},{"v":91.2,"d":"$91.20"},{"$f":"H88*G88","v":{"v":34.254,"d":"34.25"}},{"$f":"I88*J88","v":{"v":3123.9647999999997,"d":"$3,123.96"}},{"$f":"311.28/12*27.33","v":{"v":708.9401999999999,"d":"$708.94"}},{"$f":"L88*G88","v":{"v":2126.8205999999996,"d":"$2,126.82"}},{"v":0,"d":"$0.00"},{"$f":"N88*G88","v":{"v":0,"d":"$0.00"}},{"$f":"IF(D88=\"\",\"\",(K88+M88+O88))","v":{"v":5250.785399999999,"d":"$5,250.79"}}]
[{"$f":"IF(D89=0,\"\",1+MAX(A$12:A88))","v":53},null,"C2: HSS 4x4x1/4 Steel Column (H=27'-4\")\r\n- 3/4\" Thick Base Plate w/\r\n- (2) 7/8\" Dia. x 9\" Emb.",{"v":13,"d":"13.00"},"EA",{"v":0,"d":"0%"},{"v":13,"d":"13.00"},{"v":11.418,"d":"11.42"},{"v":91.2,"d":"$91.20"},{"v":148.434,"d":"148.43"},{"v":13537.1808,"d":"$13,537.18"},{"$f":"311.28/12*27.33","v":{"v":708.9401999999999,"d":"$708.94"}},{"v":9216.2226,"d":"$9,216.22"},{"v":0,"d":"$0.00"},{"v":0,"d":"$0.00"},{"v":22753.4034,"d":"$22,753.40"}]
[{"$f":"IF(D90=0,\"\",1+MAX(A$12:A89))","v":54},null,"C3: W14x159 Steel Column (H=27'-4\")\r\n- 17\"x17\"x3/4\" Thick Base Plate w/\r\n- (4) 7/8\" Dia. x 16\" Emb.",{"v":2,"d":"2.00"},"EA",{"v":0,"d":"0%"},{"v":2,"d":"2.00"},59.56,{"v":91.2,"d":"$91.20"},119.12,{"v":10863.744,"d":"$10,863.74"},{"$f":"159*1.45*27.33","v":{"v":6300.931499999999,"d":"$6,300.93"}},{"v":12601.862999999998,"d":"$12,601.86"},{"v":0,"d":"$0.00"},{"v":0,"d":"$0.00"},{"v":23465.606999999996,"d":"$23,465.61"}]
[{"$f":"IF(D91=0,\"\",1+MAX(A$12:A90))","v":55},null,"C4: HSS 5-1/2x5-1/2x1/4 Steel Column (H=27'-4\")\r\n- 5-1/2\"x12\"x1/2\" Thick Base Plate w/\r\n- (2) 7/8\" Dia. x 9\" Emb.",{"v":3,"d":"3.00"},"EA",{"v":0,"d":"0%"},{"v":3,"d":"3.00"},{"v":16.292,"d":"16.29"},{"v":91.2,"d":"$91.20"},{"v":48.876000000000005,"d":"48.88"},{"v":4457.4912,"d":"$4,457.49"},{"$f":"351.4/10*27.33*5.5*5.5/25","v":{"v":1162.055202,"d":"$1,162.06"}},{"v":3486.165606,"d":"$3,486.17"},{"v":0,"d":"$0.00"},{"v":0,"d":"$0.00"},{"v":7943.656806000001,"d":"$7,943.66"}]
[{"$f":"IF(E92=0,\"\",1+MAX(A85:A88))","v":""},null,"Beams"]
[{"$f":"IF(D93=0,\"\",1+MAX(A$12:A92))","v":56},null,"W18x35 Steel Beam",84.08,"LF",{"v":0.1,"d":"10%"},{"$f":"(F93*D93)+D93","v":{"v":92.488,"d":"92.49"}},{"v":0.896,"d":"0.90"},{"v":91.2,"d":"$91.20"},{"$f":"H93*G93","v":{"v":82.869248,"d":"82.87"}},{"$f":"I93*J93","v":{"v":7557.6754176,"d":"$7,557.68"}},{"$f":"787.5/10","v":{"v":78.75,"d":"$78.75"}},{"$f":"L93*G93","v":{"v":7283.43,"d":"$7,283.43"}},{"v":0,"d":"$0.00"},{"$f":"N93*G93","v":{"v":0,"d":"$0.00"}},{"$f":"IF(D93=\"\",\"\",(K93+M93+O93))","v":{"v":14841.1054176,"d":"$14,841.11"}}]
[{"$f":"IF(D94=0,\"\",1+MAX(A$12:A93))","v":57},null,"W8x15 Steel Beam",32.43,"LF",{"v":0.1,"d":"10%"},{"$f":"(F94*D94)+D94","v":{"v":35.673,"d":"35.67"}},{"v":0.529,"d":"0.53"},{"v":91.2,"d":"$91.20"},{"$f":"H94*G94","v":{"v":18.871017000000002,"d":"18.87"}},{"$f":"I94*J94","v":{"v":1721.0367504000003,"d":"$1,721.04"}},{"$f":"179.35/5","v":{"v":35.87,"d":"$35.87"}},{"$f":"L94*G94","v":{"v":1279.59051,"d":"$1,279.59"}},{"v":0,"d":"$0.00"},{"$f":"N94*G94","v":{"v":0,"d":"$0.00"}},{"$f":"IF(D94=\"\",\"\",(K94+M94+O94))","v":{"v":3000.6272604000005,"d":"$3,000.63"}}]
[{"$f":"IF(D95=0,\"\",1+MAX(A$12:A94))","v":58},null,"W8x15 Steel Hoist Beam",8.97,"LF",{"v":0.1,"d":"10%"},{"$f":"(F95*D95)+D95","v":{"v":9.867,"d":"9.87"}},{"v":0.529,"d":"0.53"},{"v":91.2,"d":"$91.20"},{"$f":"H95*G95","v":{"v":5.2196430000000005,"d":"5.22"}},{"$f":"I95*J95","v":{"v":476.03144160000005,"d":"$476.03"}},{"$f":"179.35/5","v":{"v":35.87,"d":"$35.87"}},{"$f":"L95*G95","v":{"v":353.92929,"d":"$353.93"}},{"v":0,"d":"$0.00"},{"$f":"N95*G95","v":{"v":0,"d":"$0.00"}},{"$f":"IF(D95=\"\",\"\",(K95+M95+O95))","v":{"v":829.9607316,"d":"$829.96"}}]
[{"$f":"IF(D96=0,\"\",1+MAX(A$12:A95))","v":59},null,"HSS7x5x1/2 Girt Flat Beam",54.75,"LF",{"v":0.1,"d":"10%"},{"$f":"(F96*D96)+D96","v":{"v":60.225,"d":"60.23"}},{"v":0.682,"d":"0.68"},{"v":91.2,"d":"$91.20"},{"$f":"H96*G96","v":{"v":41.07345,"d":"41.07"}},{"$f":"I96*J96","v":{"v":3745.8986400000003,"d":"$3,745.90"}},{"$f":"407.44/8","v":{"v":50.93,"d":"$50.93"}},{"$f":"L96*G96","v":{"v":3067.25925,"d":"$3,067.26"}},{"v":0,"d":"$0.00"},{"$f":"N96*G96","v":{"v":0,"d":"$0.00"}},{"$f":"IF(D96=\"\",\"\",(K96+M96+O96))","v":{"v":6813.15789,"d":"$6,813.16"}}]
[{"$f":"IF(D97=0,\"\",1+MAX(A$12:A96))","v":60},null,"HSS12x2x1/4 Steel Beam",62.48,"LF",{"v":0.1,"d":"10%"},{"$f":"(F97*D97)+D97","v":{"v":68.728,"d":"68.73"}},{"v":0.829,"d":"0.83"},{"v":91.2,"d":"$91.20"},{"$f":"H97*G97","v":{"v":56.975511999999995,"d":"56.98"}},{"$f":"I97*J97","v":{"v":5196.1666944,"d":"$5,196.17"}},{"$f":"143.52/2","v":{"v":71.76,"d":"$71.76"}},{"$f":"L97*G97","v":{"v":4931.92128,"d":"$4,931.92"}},{"v":0,"d":"$0.00"},{"$f":"N97*G97","v":{"v":0,"d":"$0.00"}},{"$f":"IF(D97=\"\",\"\",(K97+M97+O97))","v":{"v":10128.0879744,"d":"$10,128.09"}}]
[{"$f":"IF(D98=0,\"\",1+MAX(A$12:A97))","v":61},null,"C8x13.5 Steel Beam",9.91,"LF",{"v":0.1,"d":"10%"},{"v":10.901,"d":"10.90"},{"v":0.496,"d":"0.50"},{"v":91.2,"d":"$91.20"},{"v":5.406896,"d":"5.41"},{"v":493.1089152,"d":"$493.11"},{"$f":"120/4","v":{"v":30,"d":"$30.00"}},{"v":327.03,"d":"$327.03"},{"v":0,"d":"$0.00"},{"v":0,"d":"$0.00"},{"v":820.1389151999999,"d":"$820.14"}]
[{"$f":"IF(D99=0,\"\",1+MAX(A$12:A98))","v":62},null,"W18x76 Steel Beam",23.56,"LF",{"v":0.1,"d":"10%"},{"v":25.915999999999997,"d":"25.92"},{"v":1.974,"d":"1.97"},{"v":91.2,"d":"$91.20"},{"v":51.15818399999999,"d":"51.16"},{"v":4665.626380799999,"d":"$4,665.63"},{"$f":"2.14*76","v":{"v":162.64000000000001,"d":"$162.64"}},{"v":4214.9782399999995,"d":"$4,214.98"},{"v":0,"d":"$0.00"},{"v":0,"d":"$0.00"},{"v":8880.604620799999,"d":"$8,880.60"}]
[{"$f":"IF(D100=0,\"\",1+MAX(A$12:A99))","v":63},null,"W16x76 Steel Beam",23.35,"LF",{"v":0.1,"d":"10%"},{"v":25.685000000000002,"d":"25.69"},{"v":1.974,"d":"1.97"},{"v":91.2,"d":"$91.20"},{"v":50.70219,"d":"50.70"},{"v":4624.039728000001,"d":"$4,624.04"},{"$f":"2.14*76","v":{"v":162.64000000000001,"d":"$162.64"}},{"v":4177.408400000001,"d":"$4,177.41"},{"v":0,"d":"$0.00"},{"v":0,"d":"$0.00"},{"v":8801.448128000002,"d":"$8,801.45"}]
[{"$f":"IF(D101=0,\"\",1+MAX(A$12:A100))","v":64},null,"G1: HSS6x4x1/4 Flat Girt Steel Beam",30.44,"LF",{"v":0.1,"d":"10%"},{"v":33.484,"d":"33.48"},{"v":0.578,"d":"0.58"},{"v":91.2,"d":"$91.20"},{"v":19.353752,"d":"19.35"},{"v":1765.0621824,"d":"$1,765.06"},{"$f":"319.2/8","v":{"v":39.9,"d":"$39.90"}},{"v":1336.0116,"d":"$1,336.01"},{"v":0,"d":"$0.00"},{"v":0,"d":"$0.00"},{"v":3101.0737824,"d":"$3,101.07"}]
[{"$f":"IF(E102=0,\"\",1+MAX(A85:A93))","v":""},null,"Metal Framing "]
[{"$f":"IF(E103=0,\"\",1+MAX(A86:A102))","v":""},null,"Floor Framing"]
[{"$f":"IF(D104=0,\"\",1+MAX(A$12:A103))","v":65},null,"FJI1: 26\" 'G2T-V' Floor Joists @ 24\" O.C. (3068.78 SF)\n- Or 26\" RED-L Joists @ 16\" O.C.\n- 1-1/2\" Thick LWC Floor Topping",{"v":1548.7,"d":"1,548.70"},"LF",{"v":0.1,"d":"10%"},{"$f":"(F104*D104)+D104","v":{"v":1703.5700000000002,"d":"1703.57"}},{"v":0.085,"d":"0.09"},{"v":91.2,"d":"$91.20"},{"$f":"H104*G104","v":{"v":144.80345000000003,"d":"144.80"}},{"$f":"I104*J104","v":{"v":13206.074640000003,"d":"$13,206.07"}},{"v":6.67,"d":"$6.67"},{"$f":"L104*G104","v":{"v":11362.8119,"d":"$11,362.81"}},{"v":0,"d":"$0.00"},{"$f":"N104*G104","v":{"v":0,"d":"$0.00"}},{"$f":"IF(D104=\"\",\"\",(K104+M104+O104))","v":{"v":24568.886540000003,"d":"$24,568.89"}}]
[{"$f":"IF(D105=0,\"\",1+MAX(A$12:A104))","v":66},null,"FJI2: 2x12 Floor Joists @ 16\" O.C. (269.16 SF)\n- 1-1/2\" Thick LWC Floor Topping",205.26,"LF",{"v":0.1,"d":"10%"},{"v":225.786,"d":"225.79"},{"v":0.087,"d":"0.09"},{"v":91.2,"d":"$91.20"},{"v":19.643382,"d":"19.64"},{"v":1791.4764384,"d":"$1,791.48"},{"v":6.74,"d":"$6.74"},{"v":1521.79764,"d":"$1,521.80"},{"v":0,"d":"$0.00"},{"v":0,"d":"$0.00"},{"v":3313.2740784,"d":"$3,313.27"}]
[{"$f":"IF(D106=0,\"\",1+MAX(A$12:A105))","v":67},null,"18 Ga. PLB Composite Deck Per Detail Callout",269.16,"SF",{"v":0.1,"d":"10%"},{"v":296.076,"d":"296.08"},0.13,{"v":91.2,"d":"$91.20"},{"v":38.48988000000001,"d":"38.49"},{"v":3510.277056000001,"d":"$3,510.28"},{"v":9.85,"d":"$9.85"},{"v":2916.3486000000003,"d":"$2,916.35"},{"v":0,"d":"$0.00"},{"v":0,"d":"$0.00"},{"v":6426.625656000001,"d":"$6,426.63"}]
[null,null,"Roof Framing"]
[{"$f":"IF(D108=0,\"\",1+MAX(A$12:A107))","v":68},null,"RJ1: 18\" 'G2T-V' @ 32\" O.C. (3198.92 SF)\n- Or 18\" RED-L @ 32\" O.C. (Deferred Submittal)",{"v":1202.48,"d":"1,202.48"},"LF",{"v":0.1,"d":"10%"},{"$f":"(F108*D108)+D108","v":{"v":1322.728,"d":"1322.73"}},{"v":0.074,"d":"0.07"},{"v":91.2,"d":"$91.20"},{"$f":"H108*G108","v":{"v":97.881872,"d":"97.88"}},{"$f":"I108*J108","v":{"v":8926.8267264,"d":"$8,926.83"}},{"v":5.51,"d":"$5.51"},{"$f":"L108*G108","v":{"v":7288.23128,"d":"$7,288.23"}},{"v":0,"d":"$0.00"},{"$f":"N108*G108","v":{"v":0,"d":"$0.00"}},{"$f":"IF(D108=\"\",\"\",(K108+M108+O108))","v":{"v":16215.0580064,"d":"$16,215.06"}}]
[{"$f":"IF(D109=0,\"\",1+MAX(A$12:A108))","v":69},null,"RJ2: 2x10 Wood Rafters @ 24\" O.C. (457.76 SF)",227.52,"LF",{"v":0.1,"d":"10%"},{"v":250.27200000000002,"d":"250.27"},{"v":0.063,"d":"0.06"},{"v":91.2,"d":"$91.20"},{"v":15.767136,"d":"15.77"},{"v":1437.9628032,"d":"$1,437.96"},{"v":4.49,"d":"$4.49"},{"v":1123.7212800000002,"d":"$1,123.72"},{"v":0,"d":"$0.00"},{"v":0,"d":"$0.00"},{"v":2561.6840832000003,"d":"$2,561.68"}]
[{"$f":"IF(E110=0,\"\",1+MAX(A87:A103))","v":""},null,"Plates"]
[{"$f":"IF(D111=0,\"\",1+MAX(A$12:A110))","v":70},null,"L1-1/2x1-1/2x1/4 Angle Plate",16.66,"LF",{"v":0.1,"d":"10%"},{"$f":"(F111*D111)+D111","v":{"v":18.326,"d":"18.33"}},{"v":0.069,"d":"0.07"},{"v":91.2,"d":"$91.20"},{"$f":"H111*G111","v":{"v":1.2644940000000002,"d":"1.26"}},{"$f":"I111*J111","v":{"v":115.32185280000003,"d":"$115.32"}},{"v":5.38,"d":"$5.38"},{"$f":"L111*G111","v":{"v":98.59388,"d":"$98.59"}},{"v":0,"d":"$0.00"},{"$f":"N111*G111","v":{"v":0,"d":"$0.00"}},{"$f":"IF(D111=\"\",\"\",(K111+M111+O111))","v":{"v":213.91573280000003,"d":"$213.92"}}]
[{"$f":"IF(D112=0,\"\",1+MAX(A$12:A111))","v":71},null,"3/8\" Bent Plate w/ \r\n- (8) SDS 1/4\"x3\" To Side Of Beam",11.94,"LF",{"v":0.1,"d":"10%"},{"v":13.134,"d":"13.13"},{"v":0.312,"d":"0.31"},{"v":91.2,"d":"$91.20"},{"v":4.097808,"d":"4.10"},{"v":373.7200896,"d":"$373.72"},{"$f":"59.83*0.25","v":{"v":14.9575,"d":"$14.96"}},{"v":196.451805,"d":"$196.45"},{"v":0,"d":"$0.00"},{"v":0,"d":"$0.00"},{"v":570.1718946,"d":"$570.17"}]
[{"$f":"IF(E113=0,\"\",1+MAX(A92:A111))","v":""},null,"Misc. Steel"]
[{"$f":"IF(D114=0,\"\",1+MAX(A$12:A113))","v":72},null,"CMST14 Strap w/\r\n- (33) 10d To Beam",6.34,"LF",{"v":0.1,"d":"10%"},{"$f":"(F114*D114)+D114","v":{"v":6.974,"d":"6.97"}},{"v":0.096,"d":"0.10"},{"v":91.2,"d":"$91.20"},{"$f":"H114*G114","v":{"v":0.669504,"d":"0.67"}},{"$f":"I114*J114","v":{"v":61.0587648,"d":"$61.06"}},{"$f":"228.95/52.5","v":{"v":4.360952380952381,"d":"$4.36"}},{"$f":"L114*G114","v":{"v":30.413281904761906,"d":"$30.41"}},{"v":0,"d":"$0.00"},{"$f":"N114*G114","v":{"v":0,"d":"$0.00"}},{"$f":"IF(D114=\"\",\"\",(K114+M114+O114))","v":{"v":91.47204670476191,"d":"$91.47"}}]
[{"$f":"IF(D115=0,\"\",1+MAX(A$12:A114))","v":73},null,"CMST14 Strap w/\r\n- 10d @ 3\" O.C. To Blocking\r\n- 4x4 Blocking",15.97,"LF",{"v":0.1,"d":"10%"},{"v":17.567,"d":"17.57"},{"v":0.096,"d":"0.10"},{"v":91.2,"d":"$91.20"},{"v":1.6864320000000002,"d":"1.69"},{"v":153.80259840000002,"d":"$153.80"},{"$f":"228.95/52.5","v":{"v":4.360952380952381,"d":"$4.36"}},{"v":76.60885047619048,"d":"$76.61"},{"v":0,"d":"$0.00"},{"v":0,"d":"$0.00"},{"v":230.4114488761905,"d":"$230.41"}]
[{"$f":"IF(E116=0,\"\",1+MAX(A110:A115))","v":""},null,"Metallic Hardwares"]
[null,null,"Holdowns"]
[{"$f":"IF(D118=0,\"\",1+MAX(A$12:A117))","v":74},null,"A: Simpson HDU2-SDS2.5 Holdown w/\r\n- (6) SDS 1/4\" x2-1/2\" Screws\r\n- SSTB16/SB5/8x24 FDN. Bolts\r\n- SB5/8x24 FDN. Bolts @ Curb",{"v":12,"d":"12.00"},"EA",{"v":0,"d":"0%"},{"$f":"(F118*D118)+D118","v":{"v":12,"d":"12.00"}},{"v":0.726,"d":"0.73"},{"v":91.2,"d":"$91.20"},{"$f":"H118*G118","v":{"v":8.712,"d":"8.71"}},{"$f":"I118*J118","v":{"v":794.5344,"d":"$794.53"}},{"v":43.65,"d":"$43.65"},{"$f":"L118*G118","v":{"v":523.8,"d":"$523.80"}},{"v":0,"d":"$0.00"},{"$f":"N118*G118","v":{"v":0,"d":"$0.00"}},{"$f":"IF(D118=\"\",\"\",(K118+M118+O118))","v":{"v":1318.3344,"d":"$1,318.33"}}]
[{"$f":"IF(D119=0,\"\",1+MAX(A$12:A118))","v":75},null,"D: Simpson HDU2-SDS2.5 Holdown w/\r\n- (20) SDS 1/4\" x2-1/2\" Screws\r\n- SSTB28/SB5/8x24 FDN. Bolts\r\n- SB7/8x24 /SSTB28 FDN. Bolts @ Curb",{"v":10,"d":"10.00"},"EA",{"v":0,"d":"0%"},{"$f":"(F119*D119)+D119","v":{"v":10,"d":"10.00"}},{"v":0.726,"d":"0.73"},{"v":91.2,"d":"$91.20"},{"$f":"H119*G119","v":7.26},{"$f":"I119*J119","v":{"v":662.112,"d":"$662.11"}},{"v":43.65,"d":"$43.65"},{"$f":"L119*G119","v":{"v":436.5,"d":"$436.50"}},{"v":0,"d":"$0.00"},{"$f":"N119*G119","v":{"v":0,"d":"$0.00"}},{"$f":"IF(D119=\"\",\"\",(K119+M119+O119))","v":{"v":1098.612,"d":"$1,098.61"}}]
[{"$f":"IF(D120=0,\"\",1+MAX(A$12:A119))","v":76},null,"E: Simpson HDU11-SDS2.5 Holdown w/\r\n- (30) SDS 1/4\" x2-1/2\" Screws\r\n- SB1x30 FDN. Bolts\r\n- SB1x30 / 1\" Dia. A.T.R.FDN. Bolts @ Curb",{"v":9,"d":"9.00"},"EA",{"v":0,"d":"0%"},{"v":9,"d":"9.00"},{"v":1.547,"d":"1.55"},{"v":91.2,"d":"$91.20"},{"v":13.923,"d":"13.92"},{"v":1269.7776000000001,"d":"$1,269.78"},{"v":124.27,"d":"$124.27"},{"v":1118.43,"d":"$1,118.43"},{"v":0,"d":"$0.00"},{"v":0,"d":"$0.00"},{"v":2388.2076,"d":"$2,388.21"}]
[{"$f":"IF(D121=0,\"\",1+MAX(A$12:A120))","v":77},null,"G: Simpson HDU14-SDS2.5 Holdown w/\r\n- (36) SDS 1/4\" x2-1/2\" Screws\r\n- 1\" Dia. A.T.R. FDN. Bolts\r\n- 1\" Dia. A.T.R.FDN. Bolts @ Curb",{"v":4,"d":"4.00"},"EA",{"v":0,"d":"0%"},{"v":4,"d":"4.00"},{"v":1.398,"d":"1.40"},{"v":91.2,"d":"$91.20"},{"v":5.592,"d":"5.59"},{"v":509.99039999999997,"d":"$509.99"},{"v":93.18,"d":"$93.18"},{"v":372.72,"d":"$372.72"},{"v":0,"d":"$0.00"},{"v":0,"d":"$0.00"},{"v":882.7103999999999,"d":"$882.71"}]
[{"$f":"IF(D122=0,\"\",1+MAX(A$12:A121))","v":78},null,"N: Simpson MST60 Holdown w/\r\n- (11) 16d Fasteners Bolts EA Post",{"v":5,"d":"5.00"},"EA",{"v":0,"d":"0%"},{"v":5,"d":"5.00"},{"v":0.502,"d":"0.50"},{"v":91.2,"d":"$91.20"},2.51,{"v":228.91199999999998,"d":"$228.91"},{"v":25.03,"d":"$25.03"},{"v":125.15,"d":"$125.15"},{"v":0,"d":"$0.00"},{"v":0,"d":"$0.00"},{"v":354.062,"d":"$354.06"}]
[{"$f":"IF(D123=0,\"\",1+MAX(A$12:A122))","v":79},null,"P: Simpson MST48 Holdown w/\r\n- (17) 16d Fastener Bolts EA Post",{"v":1,"d":"1.00"},"EA",{"v":0,"d":"0%"},{"v":1,"d":"1.00"},{"v":0.378,"d":"0.38"},{"v":91.2,"d":"$91.20"},{"v":0.378,"d":"0.38"},{"v":34.473600000000005,"d":"$34.47"},{"v":15.41,"d":"$15.41"},{"v":15.41,"d":"$15.41"},{"v":0,"d":"$0.00"},{"v":0,"d":"$0.00"},{"v":49.8836,"d":"$49.88"}]
[{"$f":"IF(D124=0,\"\",1+MAX(A$12:A123))","v":80},null,"Q: Simpson MST60 Holdown w/\r\n- (23) 16d Fastener Bolts EA Post",{"v":3,"d":"3.00"},"EA",{"v":0,"d":"0%"},{"v":3,"d":"3.00"},{"v":0.502,"d":"0.50"},{"v":91.2,"d":"$91.20"},{"v":1.506,"d":"1.51"},{"v":137.34720000000002,"d":"$137.35"},{"v":25.03,"d":"$25.03"},{"v":75.09,"d":"$75.09"},{"v":0,"d":"$0.00"},{"v":0,"d":"$0.00"},{"v":212.43720000000002,"d":"$212.44"}]
[{"$f":"IF(D125=0,\"\",1+MAX(A$12:A124))","v":81},null,"R: Simpson CMST12 x 8'-0\" Long Holdown w/\r\n- (37) 16d Fastener Bolts EA Post",{"v":3,"d":"3.00"},"EA",{"v":0,"d":"0%"},{"v":3,"d":"3.00"},{"v":0.739,"d":"0.74"},{"v":91.2,"d":"$91.20"},{"v":2.217,"d":"2.22"},{"v":202.1904,"d":"$202.19"},{"v":44.5,"d":"$44.50"},{"v":133.5,"d":"$133.50"},{"v":0,"d":"$0.00"},{"v":0,"d":"$0.00"},{"v":335.6904,"d":"$335.69"}]
[{"$f":"IF(D126=0,\"\",1+MAX(A$12:A125))","v":82},null,"S: 4x Nailer @ Steel Column",{"v":9,"d":"9.00"},"EA",{"v":0,"d":"0%"},{"v":9,"d":"9.00"},{"v":0.492,"d":"0.49"},{"v":91.2,"d":"$91.20"},{"v":4.428,"d":"4.43"},{"v":403.8336,"d":"$403.83"},{"v":25,"d":"$25.00"},{"v":225,"d":"$225.00"},{"v":0,"d":"$0.00"},{"v":0,"d":"$0.00"},{"v":628.8335999999999,"d":"$628.83"}]
[{"$f":"IF(D127=0,\"\",1+MAX(A$12:A126))","v":83},null,"Simpson 'H2A' @ EA Stud ",36.43,"LF",{"v":0.1,"d":"10%"},{"$f":"(F127*D127)+D127","v":{"v":40.073,"d":"40.07"}},{"v":0.042,"d":"0.04"},{"v":91.2,"d":"$91.20"},{"$f":"H127*G127","v":{"v":1.6830660000000002,"d":"1.68"}},{"$f":"I127*J127","v":{"v":153.49561920000002,"d":"$153.50"}},{"v":2.1,"d":"$2.10"},{"$f":"L127*G127","v":{"v":84.1533,"d":"$84.15"}},{"v":0,"d":"$0.00"},{"$f":"N127*G127","v":{"v":0,"d":"$0.00"}},{"$f":"IF(D127=\"\",\"\",(K127+M127+O127))","v":{"v":237.64891920000002,"d":"$237.65"}}]
[{"$f":"IF(E128=0,\"\",1+MAX(A113:A127))","v":""},{"$nulls":13},"SUBTOTAL",{"$f":"SUM(P86:P127)","v":{"v":178327.57693258094,"d":"$178,327.58"}}]
[{"$f":"IF(E129=0,\"\",1+MAX(A114:A128))","v":""}]
[{"$f":"IF(E130=0,\"\",1+MAX(A116:A129))","v":""},"06. WOOD, PLASTICS AND COMPOSITES"]
[{"$f":"IF(E131=0,\"\",1+MAX(A128:A130))","v":""},null,"Wooden Beams"]
[{"$f":"IF(E132=0,\"\",1+MAX(A128:A131))","v":""},null,"Headers"]
[{"$f":"IF(D133=0,\"\",1+MAX(A$12:A132))","v":84},null,"4x6 Wood Stud",3.04,"LF",{"v":0.1,"d":"10%"},{"$f":"(F133*D133)+D133","v":{"v":3.3440000000000003,"d":"3.34"}},{"v":0.152,"d":"0.15"},{"v":59.89,"d":"$59.89"},{"$f":"H133*G133","v":{"v":0.5082880000000001,"d":"0.51"}},{"$f":"I133*J133","v":{"v":30.441368320000006,"d":"$30.44"}},{"v":5.8,"d":"$5.80"},{"$f":"L133*G133","v":{"v":19.395200000000003,"d":"$19.40"}},{"v":0,"d":"$0.00"},{"$f":"N133*G133","v":{"v":0,"d":"$0.00"}},{"$f":"IF(D133=\"\",\"\",(K133+M133+O133))","v":{"v":49.83656832000001,"d":"$49.84"}}]
[{"$f":"IF(D134=0,\"\",1+MAX(A$12:A133))","v":85},null,"6x6 Wood Stud ",12.22,"LF",{"v":0.1,"d":"10%"},{"v":13.442,"d":"13.44"},{"v":0.247,"d":"0.25"},{"v":59.89,"d":"$59.89"},{"v":3.320174,"d":"3.32"},{"v":198.84522086,"d":"$198.85"},{"v":10.49,"d":"$10.49"},{"v":141.00658,"d":"$141.01"},{"v":0,"d":"$0.00"},{"v":0,"d":"$0.00"},{"v":339.85180086,"d":"$339.85"}]
[{"$f":"IF(D135=0,\"\",1+MAX(A$12:A134))","v":86},null,"8x6 Wood Stud",24.39,"LF",{"v":0.1,"d":"10%"},{"v":26.829,"d":"26.83"},{"v":0.285,"d":"0.29"},{"v":59.89,"d":"$59.89"},{"v":7.646265,"d":"7.65"},{"v":457.93481084999996,"d":"$457.93"},{"v":15.47,"d":"$15.47"},{"v":415.04463000000004,"d":"$415.04"},{"v":0,"d":"$0.00"},{"v":0,"d":"$0.00"},{"v":872.97944085,"d":"$872.98"}]
[{"$f":"IF(D136=0,\"\",1+MAX(A$12:A135))","v":87},null,"8x8 Wood Stud",{"v":34.1,"d":"34.10"},"LF",{"v":0.1,"d":"10%"},{"v":37.510000000000005,"d":"37.51"},{"v":0.349,"d":"0.35"},{"v":59.89,"d":"$59.89"},{"v":13.090990000000001,"d":"13.09"},{"v":784.0193911000001,"d":"$784.02"},{"v":17.94,"d":"$17.94"},{"v":672.9294000000001,"d":"$672.93"},{"v":0,"d":"$0.00"},{"v":0,"d":"$0.00"},{"v":1456.9487911,"d":"$1,456.95"}]
[null,null,"Beams"]
[{"$f":"IF(D138=0,\"\",1+MAX(A$12:A137))","v":88},null,"FB1: LVL 5-1/4x11-1/4 Wood Beam",22.18,"LF",{"v":0.1,"d":"10%"},{"$f":"(F138*D138)+D138","v":{"v":24.398,"d":"24.40"}},{"v":0.658,"d":"0.66"},{"v":59.89,"d":"$59.89"},{"$f":"H138*G138","v":{"v":16.053884,"d":"16.05"}},{"$f":"I138*J138","v":{"v":961.46711276,"d":"$961.47"}},{"$f":"487.52/16*11.25/11.875","v":{"v":28.86631578947368,"d":"$28.87"}},{"$f":"L138*G138","v":{"v":704.2803726315789,"d":"$704.28"}},{"v":0,"d":"$0.00"},{"$f":"N138*G138","v":{"v":0,"d":"$0.00"}},{"$f":"IF(D138=\"\",\"\",(K138+M138+O138))","v":{"v":1665.7474853915787,"d":"$1,665.75"}}]
[{"$f":"IF(D139=0,\"\",1+MAX(A$12:A138))","v":89},null,"LVL 7x11-7/8 Wood Header Beam",39.84,"LF",{"v":0.1,"d":"10%"},{"v":43.824000000000005,"d":"43.82"},{"v":0.724,"d":"0.72"},{"v":59.89,"d":"$59.89"},{"v":31.728576000000004,"d":"31.73"},{"v":1900.2244166400003,"d":"$1,900.22"},{"v":39.94,"d":"$39.94"},{"v":1750.33056,"d":"$1,750.33"},{"v":0,"d":"$0.00"},{"v":0,"d":"$0.00"},{"v":3650.5549766400004,"d":"$3,650.55"}]
[{"$f":"IF(D140=0,\"\",1+MAX(A$12:A139))","v":90},null,"RB1: LVL 7x14 Wood Beam",94.48,"LF",{"v":0.1,"d":"10%"},{"v":103.928,"d":"103.93"},{"v":0.841,"d":"0.84"},{"v":59.89,"d":"$59.89"},{"v":87.403448,"d":"87.40"},{"v":5234.59250072,"d":"$5,234.59"},{"v":49.77,"d":"$49.77"},{"v":5172.4965600000005,"d":"$5,172.50"},{"v":0,"d":"$0.00"},{"v":0,"d":"$0.00"},{"v":10407.089060720002,"d":"$10,407.09"}]
[{"$f":"IF(D141=0,\"\",1+MAX(A$12:A140))","v":91},null,"4x8 Flat Girt Beam",48.84,"LF",{"v":0.1,"d":"10%"},{"v":53.724000000000004,"d":"53.72"},{"v":0.159,"d":"0.16"},{"v":59.89,"d":"$59.89"},{"v":8.542116,"d":"8.54"},{"v":511.58732724,"d":"$511.59"},{"v":7.73,"d":"$7.73"},{"v":415.28652000000005,"d":"$415.29"},{"v":0,"d":"$0.00"},{"v":0,"d":"$0.00"},{"v":926.87384724,"d":"$926.87"}]
[{"$f":"IF(D142=0,\"\",1+MAX(A$12:A141))","v":92},null,"6x8 Flat Girt Beam",{"v":15.2,"d":"15.20"},"LF",{"v":0.1,"d":"10%"},16.72,0.28,{"v":59.89,"d":"$59.89"},{"v":4.6816,"d":"4.68"},{"v":280.381024,"d":"$280.38"},{"v":12.63,"d":"$12.63"},{"v":211.1736,"d":"$211.17"},{"v":0,"d":"$0.00"},{"v":0,"d":"$0.00"},{"v":491.554624,"d":"$491.55"}]
[null,null,"Shear Walls"]
[{"$f":"IF(D144=0,\"\",1+MAX(A$12:A143))","v":93},null,"K: Shear Wall \n- 15/32\" APA Rated OSB Sheathing w/\n- 8d @ 6\" O.C. Edge Nailing & @ 12\" O.C. Field Nailing\n- 16d Common Fasteners @ 9\" O.C. \n- 5/8\" Dia. @ 4'-0\" 2x & 3x Mudsill",{"v":1601.83,"d":"1,601.83"},"SF",{"v":0.1,"d":"10%"},{"$f":"(F144*D144)+D144","v":{"v":1762.013,"d":"1762.01"}},{"v":0.015,"d":"0.02"},{"v":59.89,"d":"$59.89"},{"$f":"H144*G144","v":{"v":26.430194999999998,"d":"26.43"}},{"$f":"I144*J144","v":{"v":1582.9043785499998,"d":"$1,582.90"}},{"v":2,"d":"$2.00"},{"$f":"L144*G144","v":{"v":3524.026,"d":"$3,524.03"}},{"v":0,"d":"$0.00"},{"$f":"N144*G144","v":{"v":0,"d":"$0.00"}},{"$f":"IF(D144=\"\",\"\",(K144+M144+O144))","v":{"v":5106.93037855,"d":"$5,106.93"}}]
[{"$f":"IF(D145=0,\"\",1+MAX(A$12:A144))","v":94},null,"L: Shear Wall \n- 15/32\" APA Rated OSB Sheathing w/\n- 8d @ 4\" O.C. Edge Nailing & @ 12\" O.C. Field Nailing\n- 16d Common Fasteners @ 6\" O.C. \n- 5/8\" Dia. @ 3'-4\" 2x & 5/8\" Dia. @ 4'-0\" 3x Mudsill",{"v":3136.93,"d":"3,136.93"},"SF",{"v":0.1,"d":"10%"},{"v":3450.6229999999996,"d":"3450.62"},{"v":0.015,"d":"0.02"},{"v":59.89,"d":"$59.89"},{"v":51.75934499999999,"d":"51.76"},{"v":3099.867172049999,"d":"$3,099.87"},{"v":2,"d":"$2.00"},{"v":6901.245999999999,"d":"$6,901.25"},{"v":0,"d":"$0.00"},{"v":0,"d":"$0.00"},{"v":10001.113172049998,"d":"$10,001.11"}]
[{"$f":"IF(D146=0,\"\",1+MAX(A$12:A145))","v":95},null,"M: Shear Wall \n- 15/32\" APA Rated OSB Sheathing w/\n- 8d @ 3\" O.C. Edge Nailing & @ 12\" O.C. Field Nailing\n- 16d Common Fasteners @ 5\" O.C. \n- 5/8\" Dia. @ 2'-8\" 2x & 5/8\" Dia. @ 3'-5\" 3x Mudsill",{"v":2189.14,"d":"2,189.14"},"SF",{"v":0.1,"d":"10%"},{"v":2408.054,"d":"2408.05"},{"v":0.015,"d":"0.02"},{"v":59.89,"d":"$59.89"},{"v":36.12081,"d":"36.12"},{"v":2163.2753109,"d":"$2,163.28"},{"v":2,"d":"$2.00"},{"v":4816.108,"d":"$4,816.11"},{"v":0,"d":"$0.00"},{"v":0,"d":"$0.00"},{"v":6979.383310900001,"d":"$6,979.38"}]
[{"$f":"IF(D147=0,\"\",1+MAX(A$12:A146))","v":96},null,"N: Shear Wall (H=4'-2\")\r\n- 15/32\" APA Rated OSB Sheathing w/\r\n- 8d @ 2\" O.C. Edge Nailing & @ 12\" O.C. Field Nailing\r\n- 16d Common Fasteners @ 3\" O.C. \r\n- 5/8\" Dia. @ 2'-0\" 2x & 5/8\" Dia. @ 2'-7\" 3x Mudsill",{"$f":"47.47*4.167","v":{"v":197.80748999999997,"d":"197.81"}},"SF",{"v":0.1,"d":"10%"},{"v":217.588239,"d":"217.59"},{"v":0.015,"d":"0.02"},{"v":59.89,"d":"$59.89"},{"v":3.2638235849999995,"d":"3.26"},{"v":195.47039450564998,"d":"$195.47"},{"v":2,"d":"$2.00"},{"v":435.176478,"d":"$435.18"},{"v":0,"d":"$0.00"},{"v":0,"d":"$0.00"},{"v":630.64687250565,"d":"$630.65"}]
[{"$f":"IF(D148=0,\"\",1+MAX(A$12:A147))","v":97},null,"P: Shear Wall\n- 15/32\" APA Rated OSB Sheathing w/\n- 10d @ 2\" O.C. Edge Nailing & @ 12\" O.C. Field Nailing\n- SDWS22600DB Fasteners @ 3\" O.C. \n- 5/8\" Dia. @ 1'-8\" 2x & 5/8\" Dia. @ 2'-0\" 3x Mudsill",652.76,"SF",{"v":0.1,"d":"10%"},{"v":718.036,"d":"718.04"},{"v":0.015,"d":"0.02"},{"v":59.89,"d":"$59.89"},{"v":10.770539999999999,"d":"10.77"},{"v":645.0476405999999,"d":"$645.05"},{"v":2,"d":"$2.00"},{"v":1436.072,"d":"$1,436.07"},{"v":0,"d":"$0.00"},{"v":0,"d":"$0.00"},{"v":2081.1196406,"d":"$2,081.12"}]
[{"$f":"IF(E149=0,\"\",1+MAX(A129:A132))","v":""},null,"Joists/Rafters"]
[{"$f":"IF(D150=0,\"\",1+MAX(A$12:A149))","v":98},null,"2x10 Joist w/ (2) 16d EA Stud & 'MST48' EA Splice",36.43,"LF",{"v":0.1,"d":"10%"},{"$f":"(F150*D150)+D150","v":{"v":40.073,"d":"40.07"}},{"v":0.026,"d":"0.03"},{"v":59.89,"d":"$59.89"},{"$f":"H150*G150","v":{"v":1.041898,"d":"1.04"}},{"$f":"I150*J150","v":{"v":62.39927122,"d":"$62.40"}},{"v":2.02,"d":"$2.02"},{"$f":"L150*G150","v":{"v":80.94746,"d":"$80.95"}},{"v":0,"d":"$0.00"},{"$f":"N150*G150","v":{"v":0,"d":"$0.00"}},{"$f":"IF(D150=\"\",\"\",(K150+M150+O150))","v":{"v":143.34673122,"d":"$143.35"}}]
[{"$f":"IF(D151=0,\"\",1+MAX(A$12:A150))","v":99},null,"2x2 Cont. Members @ 24\" O.C. Perpendicular To Roof Joists w/\n- 10d @ 6\" O.C.",137.44,"LF",{"v":0.1,"d":"10%"},{"v":151.184,"d":"151.18"},{"v":0.018,"d":"0.02"},{"v":59.89,"d":"$59.89"},{"v":2.7213119999999997,"d":"2.72"},{"v":162.97937567999998,"d":"$162.98"},{"v":0.94,"d":"$0.94"},{"v":142.11296,"d":"$142.11"},{"v":0,"d":"$0.00"},{"v":0,"d":"$0.00"},{"v":305.09233567999996,"d":"$305.09"}]
[{"$f":"IF(E152=0,\"\",1+MAX(A131:A150))","v":""},null,"Hardwares"]
[{"$f":"IF(D153=0,\"\",1+MAX(A$12:A152))","v":100},null,"A34 Clips At EA Blocking",282.34,"LF",{"v":0.1,"d":"10%"},{"$f":"(F153*D153)+D153","v":{"v":310.57399999999996,"d":"310.57"}},{"v":0.028,"d":"0.03"},{"v":59.89,"d":"$59.89"},{"$f":"H153*G153","v":{"v":8.696072,"d":"8.70"}},{"$f":"I153*J153","v":{"v":520.80775208,"d":"$520.81"}},{"v":0.72,"d":"$0.72"},{"$f":"L153*G153","v":{"v":223.61327999999995,"d":"$223.61"}},{"v":0,"d":"$0.00"},{"$f":"N153*G153","v":{"v":0,"d":"$0.00"}},{"$f":"IF(D153=\"\",\"\",(K153+M153+O153))","v":{"v":744.4210320799999,"d":"$744.42"}}]
[{"$f":"IF(D154=0,\"\",1+MAX(A$12:A153))","v":101},null,"LSTA18 Kickers @ 32\" O.C. To Kickers",{"$f":"282.34/2.66","v":{"v":106.14285714285712,"d":"106.14"}},"EA",{"v":0,"d":"0%"},{"v":106.14285714285712,"d":"106.14"},{"v":0.034,"d":"0.03"},{"v":59.89,"d":"$59.89"},{"v":3.6088571428571425,"d":"3.61"},{"v":216.13445428571427,"d":"$216.13"},{"v":0.88,"d":"$0.88"},{"v":93.40571428571427,"d":"$93.41"},{"v":0,"d":"$0.00"},{"v":0,"d":"$0.00"},{"v":309.5401685714285,"d":"$309.54"}]
[{"$f":"IF(D155=0,\"\",1+MAX(A$12:A154))","v":102},null,"2x6 Sole Plate w/ Fasteners",{"v":218,"d":"218.00"},"LF",{"v":0.1,"d":"10%"},{"v":239.8,"d":"239.80"},{"v":0.022,"d":"0.02"},{"v":59.89,"d":"$59.89"},{"v":5.2756,"d":"5.28"},{"v":315.955684,"d":"$315.96"},{"v":1.21,"d":"$1.21"},{"v":290.158,"d":"$290.16"},{"v":0,"d":"$0.00"},{"v":0,"d":"$0.00"},{"v":606.113684,"d":"$606.11"}]
[{"$f":"IF(D156=0,\"\",1+MAX(A$12:A155))","v":103},null,"2x6 Sole Plate w/ Fasteners",27.73,"LF",{"v":0.1,"d":"10%"},{"v":30.503,"d":"30.50"},{"v":0.022,"d":"0.02"},{"v":59.89,"d":"$59.89"},{"v":0.6710659999999999,"d":"0.67"},{"v":40.19014274,"d":"$40.19"},{"v":1.21,"d":"$1.21"},{"v":36.90863,"d":"$36.91"},{"v":0,"d":"$0.00"},{"v":0,"d":"$0.00"},{"v":77.09877274,"d":"$77.10"}]
[{"$f":"IF(D157=0,\"\",1+MAX(A$12:A156))","v":104},null,"4x4 Strut",9.36,"LF",{"v":0.1,"d":"10%"},{"v":10.296,"d":"10.30"},{"v":0.102,"d":"0.10"},{"v":59.89,"d":"$59.89"},{"v":1.0501919999999998,"d":"1.05"},{"v":62.895998879999986,"d":"$62.90"},{"v":3.87,"d":"$3.87"},{"v":39.84552,"d":"$39.85"},{"v":0,"d":"$0.00"},{"v":0,"d":"$0.00"},{"v":102.74151887999999,"d":"$102.74"}]
[{"$f":"IF(D158=0,\"\",1+MAX(A$12:A157))","v":""},null,"Stairs"]
[{"$f":"IF(D159=0,\"\",1+MAX(A$12:A158))","v":105},null,"(4'-10\" w x 9'-3\" L) First Floor Stairs\n- Treads= 11 EA\n- Risers= 12 EA\n(4'-10\" w x 10'-0\" L) Second Floor Stairs\n- Treads= 11 EA\n- Risers= 12 EA\n- (10'-4\" w x 5'-8\" L) Landing",{"v":1,"d":"1.00"},"EA",{"v":0,"d":"0%"},{"$f":"(F159*D159)+D159","v":{"v":1,"d":"1.00"}},{"v":36.5055732,"d":"36.51"},{"v":59.89,"d":"$59.89"},{"$f":"H159*G159","v":{"v":36.5055732,"d":"36.51"}},{"$f":"I159*J159","v":{"v":2186.3187789480003,"d":"$2,186.32"}},{"v":5298.1545,"d":"$5,298.15"},{"$f":"L159*G159","v":{"v":5298.1545,"d":"$5,298.15"}},{"v":0,"d":"$0.00"},{"$f":"N159*G159","v":{"v":0,"d":"$0.00"}},{"$f":"IF(D159=\"\",\"\",(K159+M159+O159))","v":{"v":7484.473278948,"d":"$7,484.47"}}]
[{"$f":"IF(D160=0,\"\",1+MAX(A$12:A159))","v":106},null,"(5'-3\" w x 14'-8 \"L) Second Floor Stairs\n- Treads= 16 EA\n- Risers= 17 EA\n- (5'-2\" w x 6'-0\" L) Landing",{"v":1,"d":"1.00"},"EA",{"v":0,"d":"0%"},{"v":1,"d":"1.00"},{"v":28.320240000000002,"d":"28.32"},{"v":59.89,"d":"$59.89"},{"v":28.320240000000002,"d":"28.32"},{"v":1696.0991736,"d":"$1,696.10"},{"v":3918.75,"d":"$3,918.75"},{"v":3918.75,"d":"$3,918.75"},{"v":0,"d":"$0.00"},{"v":0,"d":"$0.00"},{"v":5614.8491736,"d":"$5,614.85"}]
[{"$f":"IF(E161=0,\"\",1+MAX(A131:A153))","v":""},null,"Sheathings"]
[{"$f":"IF(D162=0,\"\",1+MAX(A$12:A161))","v":107},null,"3/4\" Plywood Sheathing @ Platform",154.11,"SF",{"v":0.1,"d":"10%"},{"$f":"(F162*D162)+D162","v":{"v":169.52100000000002,"d":"169.52"}},{"v":0.012,"d":"0.01"},{"v":59.89,"d":"$59.89"},{"$f":"H162*G162","v":{"v":2.0342520000000004,"d":"2.03"}},{"$f":"I162*J162","v":{"v":121.83135228000002,"d":"$121.83"}},{"v":1.59,"d":"$1.59"},{"$f":"L162*G162","v":{"v":269.53839000000005,"d":"$269.54"}},{"v":0,"d":"$0.00"},{"$f":"N162*G162","v":{"v":0,"d":"$0.00"}},{"$f":"IF(D162=\"\",\"\",(K162+M162+O162))","v":{"v":391.3697422800001,"d":"$391.37"}}]
[{"$f":"IF(D163=0,\"\",1+MAX(A$12:A162))","v":108},null,"3/8\" Plywood Sheathing w/ 8d Nails @ 6\",12\" O.C. (L=3'-4\")",{"$f":"282.34*3.33","v":{"v":940.1922,"d":"940.19"}},"SF",{"v":0.1,"d":"10%"},{"v":1034.2114199999999,"d":"1034.21"},{"v":0.012,"d":"0.01"},{"v":59.89,"d":"$59.89"},{"v":12.41053704,"d":"12.41"},{"v":743.2670633256,"d":"$743.27"},{"v":1.12,"d":"$1.12"},{"v":1158.3167904,"d":"$1,158.32"},{"v":0,"d":"$0.00"},{"v":0,"d":"$0.00"},{"v":1901.5838537256,"d":"$1,901.58"}]
[{"$f":"IF(E164=0,\"\",1+MAX(A149:A162))","v":""},null,"Wooden Blockings/Kickers"]
[{"$f":"IF(D165=0,\"\",1+MAX(A$12:A164))","v":109},null,"2x4 Kickers @ 16\" O.C. (L=3'-4\")",282.34,"LF",{"v":0.1,"d":"10%"},{"$f":"(F165*D165)+D165","v":{"v":310.57399999999996,"d":"310.57"}},0.02,{"v":59.89,"d":"$59.89"},{"$f":"H165*G165","v":{"v":6.211479999999999,"d":"6.21"}},{"$f":"I165*J165","v":{"v":372.00553719999994,"d":"$372.01"}},{"v":1.092,"d":"$1.09"},{"$f":"L165*G165","v":{"v":339.14680799999996,"d":"$339.15"}},{"v":0,"d":"$0.00"},{"$f":"N165*G165","v":{"v":0,"d":"$0.00"}},{"$f":"IF(D165=\"\",\"\",(K165+M165+O165))","v":{"v":711.1523451999999,"d":"$711.15"}}]
[{"$f":"IF(D166=0,\"\",1+MAX(A$12:A165))","v":110},null,"2x4 Blocking w/ 16d @ 6\" O.C.",282.34,"LF",{"v":0.1,"d":"10%"},{"v":310.57399999999996,"d":"310.57"},0.02,{"v":59.89,"d":"$59.89"},{"v":6.211479999999999,"d":"6.21"},{"v":372.00553719999994,"d":"$372.01"},{"v":1.092,"d":"$1.09"},{"v":339.14680799999996,"d":"$339.15"},{"v":0,"d":"$0.00"},{"v":0,"d":"$0.00"},{"v":711.1523451999999,"d":"$711.15"}]
[{"$f":"IF(D167=0,\"\",1+MAX(A$12:A166))","v":111},null,"2x4 Shaped Blocking w/ 16d @ 6\" O.C.",282.34,"LF",{"v":0.1,"d":"10%"},{"v":310.57399999999996,"d":"310.57"},0.02,{"v":59.89,"d":"$59.89"},{"v":6.211479999999999,"d":"6.21"},{"v":372.00553719999994,"d":"$372.01"},{"v":1.092,"d":"$1.09"},{"v":339.14680799999996,"d":"$339.15"},{"v":0,"d":"$0.00"},{"v":0,"d":"$0.00"},{"v":711.1523451999999,"d":"$711.15"}]
[{"$f":"IF(D168=0,\"\",1+MAX(A$12:A167))","v":112},null,"4x6 Blocking w/ 'HU' Hangers",282.34,"LF",{"v":0.1,"d":"10%"},{"v":310.57399999999996,"d":"310.57"},{"v":0.152,"d":"0.15"},{"v":59.89,"d":"$59.89"},{"v":47.20724799999999,"d":"47.21"},{"v":2827.2420827199994,"d":"$2,827.24"},{"v":5.8,"d":"$5.80"},{"v":1801.3291999999997,"d":"$1,801.33"},{"v":0,"d":"$0.00"},{"v":0,"d":"$0.00"},{"v":4628.571282719999,"d":"$4,628.57"}]
[{"$f":"IF(D169=0,\"\",1+MAX(A$12:A168))","v":113},null,"4x6 Blocking w/ \r\n- A35 T& B EA End\r\n- Nut & Washer",28.29,"LF",{"v":0.1,"d":"10%"},{"v":31.119,"d":"31.12"},{"v":0.152,"d":"0.15"},{"v":59.89,"d":"$59.89"},{"v":4.730087999999999,"d":"4.73"},{"v":283.28497031999996,"d":"$283.28"},{"v":5.8,"d":"$5.80"},{"v":180.4902,"d":"$180.49"},{"v":0,"d":"$0.00"},{"v":0,"d":"$0.00"},{"v":463.7751703199999,"d":"$463.78"}]
[{"$f":"IF(D170=0,\"\",1+MAX(A$12:A169))","v":114},null,"2x6 Blocking w/ 16d BN Between Trusses",{"v":205.9,"d":"205.90"},"LF",{"v":0.1,"d":"10%"},226.49,{"v":0.022,"d":"0.02"},{"v":59.89,"d":"$59.89"},{"v":4.98278,"d":"4.98"},{"v":298.4186942,"d":"$298.42"},{"v":1.21,"d":"$1.21"},{"v":274.0529,"d":"$274.05"},{"v":0,"d":"$0.00"},{"v":0,"d":"$0.00"},{"v":572.4715942,"d":"$572.47"}]
[{"$f":"IF(D171=0,\"\",1+MAX(A$12:A170))","v":115},null,"4x3 Cont. Blocking w/ (2) 10d Toe Nails EA End\n- A35 @ 24\" O.C. w/ SD Screws #9x2-1/2\"",137.44,"LF",{"v":0.1,"d":"10%"},{"v":151.184,"d":"151.18"},{"v":0.065,"d":"0.07"},{"v":59.89,"d":"$59.89"},{"v":9.82696,"d":"9.83"},{"v":588.5366344,"d":"$588.54"},{"v":2.96,"d":"$2.96"},{"v":447.50464,"d":"$447.50"},{"v":0,"d":"$0.00"},{"v":0,"d":"$0.00"},{"v":1036.0412744,"d":"$1,036.04"}]
[{"$f":"IF(D172=0,\"\",1+MAX(A$12:A171))","v":116},null,"2x6 Sole Plate w/ Fasteners",{"v":218,"d":"218.00"},"LF",{"v":0.1,"d":"10%"},{"v":239.8,"d":"239.80"},{"v":0.022,"d":"0.02"},{"v":59.89,"d":"$59.89"},{"v":5.2756,"d":"5.28"},{"v":315.955684,"d":"$315.96"},{"v":1.21,"d":"$1.21"},{"v":290.158,"d":"$290.16"},{"v":0,"d":"$0.00"},{"v":0,"d":"$0.00"},{"v":606.113684,"d":"$606.11"}]
[{"$f":"IF(D173=0,\"\",1+MAX(A$12:A172))","v":117},null,"2x10 Blocking @ 48\" O.C. In 'JB' Hangers",{"v":218,"d":"218.00"},"LF",{"v":0.1,"d":"10%"},{"v":239.8,"d":"239.80"},{"v":0.026,"d":"0.03"},{"v":59.89,"d":"$59.89"},{"v":6.2348,"d":"6.23"},{"v":373.402172,"d":"$373.40"},{"v":2.02,"d":"$2.02"},{"v":484.396,"d":"$484.40"},{"v":0,"d":"$0.00"},{"v":0,"d":"$0.00"},{"v":857.798172,"d":"$857.80"}]
[{"$f":"IF(D174=0,\"\",1+MAX(A$12:A173))","v":118},null,"2x6 Sole Plate w/ Fasteners",27.73,"LF",{"v":0.1,"d":"10%"},{"v":30.503,"d":"30.50"},{"v":0.022,"d":"0.02"},{"v":59.89,"d":"$59.89"},{"v":0.6710659999999999,"d":"0.67"},{"v":40.19014274,"d":"$40.19"},{"v":1.21,"d":"$1.21"},{"v":36.90863,"d":"$36.91"},{"v":0,"d":"$0.00"},{"v":0,"d":"$0.00"},{"v":77.09877274,"d":"$77.10"}]
[{"$f":"IF(D175=0,\"\",1+MAX(A$12:A174))","v":119},null,"2x6 Blocking @ 48\" O.C. In 'F' Hangers @ Both Sides",27.73,"LF",{"v":0.1,"d":"10%"},{"v":30.503,"d":"30.50"},{"v":0.022,"d":"0.02"},{"v":59.89,"d":"$59.89"},{"v":0.6710659999999999,"d":"0.67"},{"v":40.19014274,"d":"$40.19"},{"v":1.21,"d":"$1.21"},{"v":36.90863,"d":"$36.91"},{"v":0,"d":"$0.00"},{"v":0,"d":"$0.00"},{"v":77.09877274,"d":"$77.10"}]
[{"$f":"IF(D176=0,\"\",1+MAX(A$12:A175))","v":120},null,"2x6 Blocking w/ (2) 10d TN EA End",36.43,"LF",{"v":0.1,"d":"10%"},{"v":40.073,"d":"40.07"},{"v":0.022,"d":"0.02"},{"v":59.89,"d":"$59.89"},{"v":0.881606,"d":"0.88"},{"v":52.79938334,"d":"$52.80"},{"v":1.21,"d":"$1.21"},{"v":48.48833,"d":"$48.49"},{"v":0,"d":"$0.00"},{"v":0,"d":"$0.00"},{"v":101.28771334,"d":"$101.29"}]
[{"$f":"IF(E177=0,\"\",1+MAX(A161:A176))","v":""},{"$nulls":13},"SUBTOTAL",{"$f":"SUM(P130:P162)","v":{"v":60439.676407726656,"d":"$60,439.68"}}]
[{"$f":"IF(E178=0,\"\",1+MAX(A162:A177))","v":""}]
[{"$f":"IF(E179=0,\"\",1+MAX(A164:A178))","v":""},"07. THERMAL & MOISTURE PROTECTION"]
[{"$f":"IF(E180=0,\"\",1+MAX(A165:A179))","v":""},null,"Roofing "]
[{"$f":"IF(D181=0,\"\",1+MAX(A$12:A180))","v":121},null,"60 MIL TPO Roofing Membrane",{"v":1963.44,"d":"1,963.44"},"SF",{"v":0.1,"d":"10%"},{"$f":"(F181*D181)+D181","v":{"v":2159.784,"d":"2159.78"}},0.05,{"v":42.56,"d":"$42.56"},{"$f":"H181*G181","v":{"v":107.98920000000001,"d":"107.99"}},{"$f":"I181*J181","v":{"v":4596.0203520000005,"d":"$4,596.02"}},{"v":6.1,"d":"$6.10"},{"$f":"L181*G181","v":{"v":13174.6824,"d":"$13,174.68"}},{"v":0,"d":"$0.00"},{"$f":"N181*G181","v":{"v":0,"d":"$0.00"}},{"$f":"IF(D181=\"\",\"\",(K181+M181+O181))","v":{"v":17770.702752,"d":"$17,770.70"}}]
[{"$f":"IF(E182=0,\"\",1+MAX(A178:A181))","v":122},null,"Single-Ply Membrane Roofing System",161.05,"SF",{"v":0.1,"d":"10%"},{"$f":"(F182*D182)+D182","v":{"v":177.155,"d":"177.16"}},0.05,{"v":42.56,"d":"$42.56"},{"$f":"H182*G182","v":{"v":8.857750000000001,"d":"8.86"}},{"$f":"I182*J182","v":{"v":376.98584000000005,"d":"$376.99"}},{"v":6.1,"d":"$6.10"},{"$f":"L182*G182","v":{"v":1080.6454999999999,"d":"$1,080.65"}},{"v":0,"d":"$0.00"},{"$f":"N182*G182","v":{"v":0,"d":"$0.00"}},{"$f":"IF(D182=\"\",\"\",(K182+M182+O182))","v":{"v":1457.63134,"d":"$1,457.63"}}]
[123,null,"Prefinished Standing Seam Metal Roof\r\nColor: Match SW Color #6871, Positive Red",217.38,"SF",{"v":0.1,"d":"10%"},{"$f":"(F183*D183)+D183","v":{"v":239.118,"d":"239.12"}},{"v":0.185,"d":"0.19"},{"v":42.56,"d":"$42.56"},{"$f":"H183*G183","v":{"v":44.23683,"d":"44.24"}},{"$f":"I183*J183","v":{"v":1882.7194848,"d":"$1,882.72"}},{"v":5.98,"d":"$5.98"},{"$f":"L183*G183","v":{"v":1429.9256400000002,"d":"$1,429.93"}},{"v":0,"d":"$0.00"},{"$f":"N183*G183","v":{"v":0,"d":"$0.00"}},{"$f":"IF(D183=\"\",\"\",(K183+M183+O183))","v":{"v":3312.6451248000003,"d":"$3,312.65"}}]
[124,null,"30 LB Felt Membrane At Roof",{"v":2341,"d":"2,341.00"},"SF",{"v":0.1,"d":"10%"},{"$f":"(F184*D184)+D184","v":{"v":2575.1,"d":"2575.10"}},{"v":0.006,"d":"0.01"},{"v":42.56,"d":"$42.56"},{"$f":"H184*G184","v":{"v":15.4506,"d":"15.45"}},{"$f":"I184*J184","v":{"v":657.577536,"d":"$657.58"}},{"v":0.34,"d":"$0.34"},{"$f":"L184*G184","v":{"v":875.534,"d":"$875.53"}},{"v":0,"d":"$0.00"},{"$f":"N184*G184","v":{"v":0,"d":"$0.00"}},{"$f":"IF(D184=\"\",\"\",(K184+M184+O184))","v":{"v":1533.111536,"d":"$1,533.11"}}]
[{"$f":"IF(E185=0,\"\",1+MAX(A177:A181))","v":""},null,"Thermal & Moisture Protection "]
[{"$f":"IF(D186=0,\"\",1+MAX(A$12:A185))","v":125},null,"R-15 Roof Insulation (3'' Thick Rigid Roof Insulation) Polyisocyanurate",{"v":1963.44,"d":"1,963.44"},"SF",{"v":0.1,"d":"10%"},{"$f":"(F186*D186)+D186","v":{"v":2159.784,"d":"2159.78"}},{"v":0.045,"d":"0.05"},{"v":42.56,"d":"$42.56"},{"$f":"H186*G186","v":{"v":97.19028,"d":"97.19"}},{"$f":"I186*J186","v":{"v":4136.4183168,"d":"$4,136.42"}},{"v":2.0439192708333334,"d":"$2.04"},{"$f":"L186*G186","v":{"v":4414.4241384375,"d":"$4,414.42"}},{"v":0,"d":"$0.00"},{"$f":"N186*G186","v":{"v":0,"d":"$0.00"}},{"$f":"IF(D186=\"\",\"\",(K186+M186+O186))","v":{"v":8550.8424552375,"d":"$8,550.84"}}]
[{"$f":"IF(D187=0,\"\",1+MAX(A$12:A186))","v":126},null,"Polyisocyanurate Foam Core Insulation (R-20)",{"v":1600,"d":"1,600.00"},"SF",{"v":0.1,"d":"10%"},{"v":1760,"d":"1760.00"},{"v":0.038,"d":"0.04"},{"v":42.56,"d":"$42.56"},66.88,{"v":2846.4128,"d":"$2,846.41"},{"v":2.9359375,"d":"$2.94"},{"v":5167.25,"d":"$5,167.25"},{"v":0,"d":"$0.00"},{"v":0,"d":"$0.00"},{"v":8013.6628,"d":"$8,013.66"}]
[{"$f":"IF(D188=0,\"\",1+MAX(A$12:A187))","v":127},null,"R-19 Batt Insulation At Ext. Walls",{"v":2782,"d":"2,782.00"},"SF",{"v":0.1,"d":"10%"},{"v":3060.2,"d":"3060.20"},0.02,{"v":42.56,"d":"$42.56"},{"v":61.204,"d":"61.20"},{"v":2604.84224,"d":"$2,604.84"},{"v":0.63,"d":"$0.63"},{"v":1927.926,"d":"$1,927.93"},{"v":0,"d":"$0.00"},{"v":0,"d":"$0.00"},{"v":4532.768239999999,"d":"$4,532.77"}]
[{"$f":"IF(D189=0,\"\",1+MAX(A$12:A188))","v":128},null,"R-19 Batt Insulation At Int. Walls",{"v":565,"d":"565.00"},"SF",{"v":0.1,"d":"10%"},{"v":621.5,"d":"621.50"},0.02,{"v":42.56,"d":"$42.56"},12.43,{"v":529.0208,"d":"$529.02"},{"v":0.63,"d":"$0.63"},{"v":391.545,"d":"$391.55"},{"v":0,"d":"$0.00"},{"v":0,"d":"$0.00"},{"v":920.5658000000001,"d":"$920.57"}]
[{"$f":"IF(D190=0,\"\",1+MAX(A$12:A189))","v":129},null,"R-19 Batt Insulation In Walls",{"v":3903,"d":"3,903.00"},"SF",{"v":0.1,"d":"10%"},{"$f":"(F190*D190)+D190","v":{"v":4293.3,"d":"4293.30"}},0.02,{"v":42.56,"d":"$42.56"},{"$f":"H190*G190","v":{"v":85.866,"d":"85.87"}},{"$f":"I190*J190","v":{"v":3654.45696,"d":"$3,654.46"}},{"v":0.63,"d":"$0.63"},{"$f":"L190*G190","v":{"v":2704.779,"d":"$2,704.78"}},{"v":0,"d":"$0.00"},{"$f":"N190*G190","v":{"v":0,"d":"$0.00"}},{"$f":"IF(D190=\"\",\"\",(K190+M190+O190))","v":{"v":6359.23596,"d":"$6,359.24"}}]
[{"$f":"IF(D191=0,\"\",1+MAX(A$12:A190))","v":130},null,"Tapered Roof Insulation Cricket",161.05,"SF",{"v":0.1,"d":"10%"},{"v":177.155,"d":"177.16"},{"v":0.032,"d":"0.03"},{"v":42.56,"d":"$42.56"},{"v":5.66896,"d":"5.67"},{"v":241.27093760000002,"d":"$241.27"},{"v":0.98,"d":"$0.98"},{"v":173.6119,"d":"$173.61"},{"v":0,"d":"$0.00"},{"v":0,"d":"$0.00"},{"v":414.8828376,"d":"$414.88"}]
[null,null,"Flashing & Metal"]
[{"$f":"IF(D193=0,\"\",1+MAX(A$12:A192))","v":131},null,"Prefinished Galv. Metal Coping ",232.99,"LF",{"v":0.1,"d":"10%"},{"$f":"(F193*D193)+D193","v":{"v":256.289,"d":"256.29"}},{"v":0.044,"d":"0.04"},{"v":42.56,"d":"$42.56"},{"$f":"H193*G193","v":{"v":11.276715999999999,"d":"11.28"}},{"$f":"I193*J193","v":{"v":479.93703295999995,"d":"$479.94"}},{"v":4.12,"d":"$4.12"},{"$f":"L193*G193","v":{"v":1055.91068,"d":"$1,055.91"}},{"v":0,"d":"$0.00"},{"$f":"N193*G193","v":{"v":0,"d":"$0.00"}},{"$f":"IF(D193=\"\",\"\",(K193+M193+O193))","v":{"v":1535.8477129599999,"d":"$1,535.85"}}]
[{"$f":"IF(D194=0,\"\",1+MAX(A$12:A193))","v":132},null,"Metal Drip Edge",232.99,"LF",{"v":0.1,"d":"10%"},{"v":256.289,"d":"256.29"},{"v":0.038,"d":"0.04"},{"v":42.56,"d":"$42.56"},{"v":9.738982,"d":"9.74"},{"v":414.49107392,"d":"$414.49"},{"v":3.58,"d":"$3.58"},{"v":917.5146199999999,"d":"$917.51"},{"v":0,"d":"$0.00"},{"v":0,"d":"$0.00"},{"v":1332.0056939199999,"d":"$1,332.01"}]
[{"$f":"IF(D195=0,\"\",1+MAX(A$12:A194))","v":133},null,"Cont. Galv. Metal Cleat",232.99,"LF",{"v":0.1,"d":"10%"},{"v":256.289,"d":"256.29"},{"v":0.042,"d":"0.04"},{"v":42.56,"d":"$42.56"},{"v":10.764138,"d":"10.76"},{"v":458.12171328000005,"d":"$458.12"},{"v":3.89,"d":"$3.89"},{"v":996.96421,"d":"$996.96"},{"v":0,"d":"$0.00"},{"v":0,"d":"$0.00"},{"v":1455.08592328,"d":"$1,455.09"}]
[{"$f":"IF(D196=0,\"\",1+MAX(A$12:A195))","v":134},null,"Sealent At Perimeter Of Wall",232.99,"LF",{"v":0.1,"d":"10%"},{"v":256.289,"d":"256.29"},{"v":0.025,"d":"0.03"},{"v":42.56,"d":"$42.56"},{"v":6.407225,"d":"6.41"},{"v":272.69149600000003,"d":"$272.69"},{"v":0.5,"d":"$0.50"},{"v":128.1445,"d":"$128.14"},{"v":0,"d":"$0.00"},{"v":0,"d":"$0.00"},{"v":400.835996,"d":"$400.84"}]
[{"$f":"IF(D197=0,\"\",1+MAX(A$12:A196))","v":135},null,"4x Cant Strip",224.34,"LF",{"v":0.1,"d":"10%"},{"v":246.774,"d":"246.77"},0.03,{"v":42.56,"d":"$42.56"},{"v":7.40322,"d":"7.40"},{"v":315.0810432,"d":"$315.08"},{"v":0.8,"d":"$0.80"},{"v":197.41920000000002,"d":"$197.42"},{"v":0,"d":"$0.00"},{"v":0,"d":"$0.00"},{"v":512.5002432,"d":"$512.50"}]
[{"$f":"IF(D198=0,\"\",1+MAX(A$12:A197))","v":""},null,"Roof Drainage "]
[{"$f":"IF(D199=0,\"\",1+MAX(A$12:A198))","v":136},null,"Prefinished Mtl. Downspout & 24 GA. Mtl  Leaderhead\r\nFinish: Paint Dark Bronzie",44.36,"LF",{"v":0.1,"d":"10%"},{"$f":"(F199*D199)+D199","v":{"v":48.796,"d":"48.80"}},0.06,{"v":42.56,"d":"$42.56"},{"$f":"H199*G199","v":{"v":2.9277599999999997,"d":"2.93"}},{"$f":"I199*J199","v":{"v":124.60546559999999,"d":"$124.61"}},{"v":5.74,"d":"$5.74"},{"$f":"L199*G199","v":{"v":280.08904,"d":"$280.09"}},{"v":0,"d":"$0.00"},{"$f":"N199*G199","v":{"v":0,"d":"$0.00"}},{"$f":"IF(D199=\"\",\"\",(K199+M199+O199))","v":{"v":404.6945056,"d":"$404.69"}}]
[{"$f":"IF(D200=0,\"\",1+MAX(A$12:A199))","v":137},null,"Prefinished Mtl. Overflow Scupper\r\nPaint Dark Bronze",{"v":3,"d":"3.00"},"EA",{"v":0,"d":"0%"},{"$f":"(F200*D200)+D200","v":{"v":3,"d":"3.00"}},{"v":4.572,"d":"4.57"},{"v":42.56,"d":"$42.56"},{"$f":"H200*G200","v":{"v":13.716000000000001,"d":"13.72"}},{"$f":"I200*J200","v":{"v":583.75296,"d":"$583.75"}},{"v":399.95,"d":"$399.95"},{"$f":"L200*G200","v":{"v":1199.85,"d":"$1,199.85"}},{"v":0,"d":"$0.00"},{"$f":"N200*G200","v":{"v":0,"d":"$0.00"}},{"$f":"IF(D200=\"\",\"\",(K200+M200+O200))","v":{"v":1783.60296,"d":"$1,783.60"}}]
[{"$f":"IF(D201=0,\"\",1+MAX(A$12:A200))","v":138},null,"Prefinished Mtl Emergency Overflow Scupper",{"v":3,"d":"3.00"},"EA",{"v":0,"d":"0%"},{"$f":"(F201*D201)+D201","v":{"v":3,"d":"3.00"}},{"v":4.461,"d":"4.46"},{"v":42.56,"d":"$42.56"},{"$f":"H201*G201","v":{"v":13.383000000000001,"d":"13.38"}},{"$f":"I201*J201","v":{"v":569.5804800000001,"d":"$569.58"}},{"v":389.95,"d":"$389.95"},{"$f":"L201*G201","v":{"v":1169.85,"d":"$1,169.85"}},{"v":0,"d":"$0.00"},{"$f":"N201*G201","v":{"v":0,"d":"$0.00"}},{"$f":"IF(D201=\"\",\"\",(K201+M201+O201))","v":{"v":1739.43048,"d":"$1,739.43"}}]
[{"$f":"IF(E202=0,\"\",1+MAX(A185:A201))","v":""},{"$nulls":13},"SUBTOTAL",{"$f":"SUM(P179:P199)","v":{"v":58507.01892059749,"d":"$58,507.02"}}]
[{"$f":"IF(E203=0,\"\",1+MAX(A186:A202))","v":""}]
[{"$f":"IF(E204=0,\"\",1+MAX(A198:A203))","v":""},"08. OPENINGS"]
[{"$f":"IF(E205=0,\"\",1+MAX(A199:A204))","v":""},null,"Doors"]
[{"$f":"IF(D206=0,\"\",1+MAX(A$12:A205))","v":139},null,"100A: 10'-0\"  x 11'-6\" Overhead Sectional Garrage Door\n Door Material: Holow Metal w/Frame \nFinish: Factory Finish- Clopay \"Chocolate\"",{"v":1,"d":"1.00"},"EA",{"v":0,"d":"0%"},{"$f":"(F206*D206)+D206","v":{"v":1,"d":"1.00"}},{"v":73.87830000000001,"d":"73.88"},{"v":44,"d":"$44.00"},{"$f":"H206*G206","v":{"v":73.87830000000001,"d":"73.88"}},{"$f":"I206*J206","v":{"v":3250.6452000000004,"d":"$3,250.65"}},{"v":15428.4,"d":"$15,428.40"},{"$f":"L206*G206","v":{"v":15428.4,"d":"$15,428.40"}},{"v":0,"d":"$0.00"},{"$f":"N206*G206","v":{"v":0,"d":"$0.00"}},{"$f":"IF(D206=\"\",\"\",(K206+M206+O206))","v":{"v":18679.0452,"d":"$18,679.05"}}]
[{"$f":"IF(D207=0,\"\",1+MAX(A$12:A206))","v":140},null,"100B: 10'-0\"  x 11'-6\" Overhead Sectional Garrage Door\n Door Material: Holow Metal w/ Frame\nFinish: Factory Finish- Clopay \"Chocolate\"",{"v":1,"d":"1.00"},"EA",{"v":0,"d":"0%"},{"v":1,"d":"1.00"},{"v":73.87830000000001,"d":"73.88"},{"v":44,"d":"$44.00"},{"v":73.87830000000001,"d":"73.88"},{"v":3250.6452000000004,"d":"$3,250.65"},{"v":15428.4,"d":"$15,428.40"},{"v":15428.4,"d":"$15,428.40"},{"v":0,"d":"$0.00"},{"v":0,"d":"$0.00"},{"v":18679.0452,"d":"$18,679.05"}]
[{"$f":"IF(D208=0,\"\",1+MAX(A$12:A207))","v":141},null,"100C: 10'-0\"  x 11'-6\" Overhead Sectional Garrage Door\n Door Material: Holow Metal w/ Frame\n Finish: Factory Finish- Clopay \"Chocolate\"",{"v":1,"d":"1.00"},"EA",{"v":0,"d":"0%"},{"v":1,"d":"1.00"},{"v":73.87830000000001,"d":"73.88"},{"v":44,"d":"$44.00"},{"v":73.87830000000001,"d":"73.88"},{"v":3250.6452000000004,"d":"$3,250.65"},{"v":15428.4,"d":"$15,428.40"},{"v":15428.4,"d":"$15,428.40"},{"v":0,"d":"$0.00"},{"v":0,"d":"$0.00"},{"v":18679.0452,"d":"$18,679.05"}]
[{"$f":"IF(D209=0,\"\",1+MAX(A$12:A208))","v":142},null,"100D: 10'-0\"  x 11'-6\" Overhead Sectional Garrage Door\nDoor Material: Holow Metal w/ Frame \nFinish: Factory Finish- Clopay \"Chocolate\"",{"v":1,"d":"1.00"},"EA",{"v":0,"d":"0%"},{"v":1,"d":"1.00"},{"v":73.87830000000001,"d":"73.88"},{"v":44,"d":"$44.00"},{"v":73.87830000000001,"d":"73.88"},{"v":3250.6452000000004,"d":"$3,250.65"},{"v":15428.4,"d":"$15,428.40"},{"v":15428.4,"d":"$15,428.40"},{"v":0,"d":"$0.00"},{"v":0,"d":"$0.00"},{"v":18679.0452,"d":"$18,679.05"}]
[{"$f":"IF(D210=0,\"\",1+MAX(A$12:A209))","v":143},null,"100E: 10'-0\"  x 11'-6\" Overhead Sectional Garrage Door \nDoor Material: Holow Metal w/ Frame\n Finish: Factory Finish- Clopay \"Chocolate\"",{"v":1,"d":"1.00"},"EA",{"v":0,"d":"0%"},{"v":1,"d":"1.00"},{"v":73.87830000000001,"d":"73.88"},{"v":44,"d":"$44.00"},{"v":73.87830000000001,"d":"73.88"},{"v":3250.6452000000004,"d":"$3,250.65"},{"v":15428.4,"d":"$15,428.40"},{"v":15428.4,"d":"$15,428.40"},{"v":0,"d":"$0.00"},{"v":0,"d":"$0.00"},{"v":18679.0452,"d":"$18,679.05"}]
[{"$f":"IF(D211=0,\"\",1+MAX(A$12:A210))","v":144},null,"100F: 10'-0\"  x 11'-6\" Overhead Sectional Garrage Door \nDoor Material: Holow Metal w/ Frame \nFinish: Factory Finish- Clopay \"Chocolate\"",{"v":1,"d":"1.00"},"EA",{"v":0,"d":"0%"},{"v":1,"d":"1.00"},{"v":73.87830000000001,"d":"73.88"},{"v":44,"d":"$44.00"},{"v":73.87830000000001,"d":"73.88"},{"v":3250.6452000000004,"d":"$3,250.65"},{"v":15428.4,"d":"$15,428.40"},{"v":15428.4,"d":"$15,428.40"},{"v":0,"d":"$0.00"},{"v":0,"d":"$0.00"},{"v":18679.0452,"d":"$18,679.05"}]
[{"$f":"IF(D212=0,\"\",1+MAX(A$12:A211))","v":145},null,"100G: 3'-0\" x 7'-0\"  Single Panel Swing Door\n Door Material: Holow Metal w/ Frame",{"v":1,"d":"1.00"},"EA",{"v":0,"d":"0%"},{"v":1,"d":"1.00"},{"v":11.323620000000002,"d":"11.32"},{"v":44,"d":"$44.00"},{"v":11.323620000000002,"d":"11.32"},{"v":498.23928000000006,"d":"$498.24"},{"v":1760.8500000000001,"d":"$1,760.85"},{"v":1760.8500000000001,"d":"$1,760.85"},{"v":0,"d":"$0.00"},{"v":0,"d":"$0.00"},{"v":2259.08928,"d":"$2,259.09"}]
[{"$f":"IF(D213=0,\"\",1+MAX(A$12:A212))","v":146},null,"101: 3'-0\" x 7'-0\"  Single Panel Swing Door \nDoor Material: Holow Metal  w/ \n2'-0\"x2'-6\" Glass Vision Panel w/ Frame",{"v":1,"d":"1.00"},"EA",{"v":0,"d":"0%"},{"v":1,"d":"1.00"},{"v":11.323620000000002,"d":"11.32"},{"v":44,"d":"$44.00"},{"v":11.323620000000002,"d":"11.32"},{"v":498.23928000000006,"d":"$498.24"},{"v":1760.8500000000001,"d":"$1,760.85"},{"v":1760.8500000000001,"d":"$1,760.85"},{"v":0,"d":"$0.00"},{"v":0,"d":"$0.00"},{"v":2259.08928,"d":"$2,259.09"}]
[{"$f":"IF(D214=0,\"\",1+MAX(A$12:A213))","v":147},null,"102: 3'-0\" x 7'-0\"  Single Panel Swing Door \nDoor Material: Holow Metal w/ Frame",{"v":1,"d":"1.00"},"EA",{"v":0,"d":"0%"},{"v":1,"d":"1.00"},{"v":11.323620000000002,"d":"11.32"},{"v":44,"d":"$44.00"},{"v":11.323620000000002,"d":"11.32"},{"v":498.23928000000006,"d":"$498.24"},{"v":1760.8500000000001,"d":"$1,760.85"},{"v":1760.8500000000001,"d":"$1,760.85"},{"v":0,"d":"$0.00"},{"v":0,"d":"$0.00"},{"v":2259.08928,"d":"$2,259.09"}]
[{"$f":"IF(D215=0,\"\",1+MAX(A$12:A214))","v":148},null,"102A: 3'-0\" x 7'-0\"  Single Panel Swing Door\n Door Material: Holow Metal w/ Frame",{"v":1,"d":"1.00"},"EA",{"v":0,"d":"0%"},{"v":1,"d":"1.00"},{"v":11.323620000000002,"d":"11.32"},{"v":44,"d":"$44.00"},{"v":11.323620000000002,"d":"11.32"},{"v":498.23928000000006,"d":"$498.24"},{"v":1760.8500000000001,"d":"$1,760.85"},{"v":1760.8500000000001,"d":"$1,760.85"},{"v":0,"d":"$0.00"},{"v":0,"d":"$0.00"},{"v":2259.08928,"d":"$2,259.09"}]
[{"$f":"IF(D216=0,\"\",1+MAX(A$12:A215))","v":149},null,"103: 3'-0\" x 7'-0\"  Single Panel Swing Door\nDoor Material: Holow Metal w/ Frame",{"v":1,"d":"1.00"},"EA",{"v":0,"d":"0%"},{"v":1,"d":"1.00"},{"v":11.323620000000002,"d":"11.32"},{"v":44,"d":"$44.00"},{"v":11.323620000000002,"d":"11.32"},{"v":498.23928000000006,"d":"$498.24"},{"v":1760.8500000000001,"d":"$1,760.85"},{"v":1760.8500000000001,"d":"$1,760.85"},{"v":0,"d":"$0.00"},{"v":0,"d":"$0.00"},{"v":2259.08928,"d":"$2,259.09"}]
[{"$f":"IF(E217=0,\"\",1+MAX(A202:A206))","v":""},null,"Windows"]
[{"$f":"IF(E218=0,\"\",1+MAX(A202:A217))","v":150},null,"Tag-A: 56\" x 48\" Fixed Glass Window/ Clear Anodized Aluminum Frame\n Mfr: PGT Industries, Glass Tint: Gray, Glass Mat: Impact Resistant\nModel: PW 750",{"v":1,"d":"1.00"},"EA",{"v":0,"d":"0%"},{"$f":"(F218*D218)+D218","v":{"v":1,"d":"1.00"}},{"v":11.3262,"d":"11.33"},{"v":44,"d":"$44.00"},{"$f":"H218*G218","v":{"v":11.3262,"d":"11.33"}},{"$f":"I218*J218","v":{"v":498.3528,"d":"$498.35"}},{"v":2192.8452,"d":"$2,192.85"},{"$f":"L218*G218","v":{"v":2192.8452,"d":"$2,192.85"}},{"v":0,"d":"$0.00"},{"$f":"N218*G218","v":{"v":0,"d":"$0.00"}},{"$f":"IF(D218=\"\",\"\",(K218+M218+O218))","v":{"v":2691.1980000000003,"d":"$2,691.20"}}]
[{"$f":"IF(E219=0,\"\",1+MAX(A203:A218))","v":151},null,"Tag-B: 24\" x 48\" Fixed Glass Window/ \nClear Anodized Aluminum Frame, Mfr: PGT Industries, Glass Tint: Gray, Glass Mat: Impact Resistant, Model: PW 750",{"v":1,"d":"1.00"},"EA",{"v":0,"d":"0%"},{"v":1,"d":"1.00"},{"v":4.8504,"d":"4.85"},{"v":44,"d":"$44.00"},{"v":4.8504,"d":"4.85"},{"v":213.4176,"d":"$213.42"},{"v":939.12,"d":"$939.12"},{"v":939.12,"d":"$939.12"},{"v":0,"d":"$0.00"},{"v":0,"d":"$0.00"},{"v":1152.5376,"d":"$1,152.54"}]
[{"$f":"IF(E220=0,\"\",1+MAX(A203:A218))","v":""},null,"Louver"]
[{"$f":"IF(E221=0,\"\",1+MAX(A204:A220))","v":152},null,"1'-6\" x 1'-4\" Metal Louver",{"v":1,"d":"1.00"},"EA",{"v":0,"d":"0%"},{"$f":"(F221*D221)+D221","v":{"v":1,"d":"1.00"}},{"v":8.815859999999999,"d":"8.82"},{"v":44,"d":"$44.00"},{"$f":"H221*G221","v":{"v":8.815859999999999,"d":"8.82"}},{"$f":"I221*J221","v":{"v":387.89784,"d":"$387.90"}},{"v":520.8761999999999,"d":"$520.88"},{"$f":"L221*G221","v":{"v":520.8761999999999,"d":"$520.88"}},{"v":0,"d":"$0.00"},{"$f":"N221*G221","v":{"v":0,"d":"$0.00"}},{"$f":"IF(D221=\"\",\"\",(K221+M221+O221))","v":{"v":908.7740399999999,"d":"$908.77"}}]
[{"$f":"IF(E222=0,\"\",1+MAX(A205:A221))","v":""},null,"Atic Access"]
[{"$f":"IF(E223=0,\"\",1+MAX(A206:A222))","v":153},null,"1'-10\" x 4'-6\" Attic Access Hatch",{"v":1,"d":"1.00"},"EA",{"v":0,"d":"0%"},{"$f":"(F223*D223)+D223","v":{"v":1,"d":"1.00"}},{"v":12.71424,"d":"12.71"},{"v":44,"d":"$44.00"},{"$f":"H223*G223","v":{"v":12.71424,"d":"12.71"}},{"$f":"I223*J223","v":{"v":559.42656,"d":"$559.43"}},{"v":1371.6312,"d":"$1,371.63"},{"$f":"L223*G223","v":{"v":1371.6312,"d":"$1,371.63"}},{"v":0,"d":"$0.00"},{"$f":"N223*G223","v":{"v":0,"d":"$0.00"}},{"$f":"IF(D223=\"\",\"\",(K223+M223+O223))","v":{"v":1931.0577600000001,"d":"$1,931.06"}}]
[{"$f":"IF(E224=0,\"\",1+MAX(A207:A223))","v":""},null,"Door Hardwares"]
[154,null,"Set #1\n - 1-1/2 Pair Hinges NRP Mortised Deadbolt \n - Lockset Combined w/ Thumb Turn Inside & Keyed Outside\n - Closer\n - Full Weatherstrip\n - Sweep\n - Rain Drip On Frame Overhead\n - Threshold\n - Silencers\n - Floor Stop",{"v":2,"d":"2.00"},"EA",{"v":0,"d":"0%"},{"$f":"(F225*D225)+D225","v":{"v":2,"d":"2.00"}},{"v":9.06612,"d":"9.07"},{"v":44,"d":"$44.00"},{"$f":"H225*G225","v":{"v":18.13224,"d":"18.13"}},{"$f":"I225*J225","v":{"v":797.8185599999999,"d":"$797.82"}},{"v":1426.0692000000001,"d":"$1,426.07"},{"$f":"L225*G225","v":{"v":2852.1384000000003,"d":"$2,852.14"}},{"v":0,"d":"$0.00"},{"$f":"N225*G225","v":{"v":0,"d":"$0.00"}},{"$f":"IF(D225=\"\",\"\",(K225+M225+O225))","v":{"v":3649.9569600000004,"d":"$3,649.96"}}]
[155,null,"Set #2\r\n - 1-1/2 Pair Hinges \r\n - Lockset Push Button Inside & Keyed Outside\r\n - Closer\r\n - Silencers\r\n - Floor Stop",{"v":1,"d":"1.00"},"EA",{"v":0,"d":"0%"},{"v":1,"d":"1.00"},{"v":8.00316,"d":"8.00"},{"v":44,"d":"$44.00"},{"v":8.00316,"d":"8.00"},{"v":352.13903999999997,"d":"$352.14"},{"v":1286.4654,"d":"$1,286.47"},{"v":1286.4654,"d":"$1,286.47"},{"v":0,"d":"$0.00"},{"v":0,"d":"$0.00"},{"v":1638.60444,"d":"$1,638.60"}]
[156,null,"Set #3\r\n - 1-1/2 Pair Hinges \r\n - Lockset Push Button Inside & Keyed Outside\r\n - Closer\r\n - Silencers\r\n - Wall Stop\r\n- Tactile Sign w/ International Symbol: MEN/WOMEN",{"v":1,"d":"1.00"},"EA",{"v":0,"d":"0%"},{"v":1,"d":"1.00"},{"v":8.508840000000001,"d":"8.51"},{"v":44,"d":"$44.00"},{"v":8.508840000000001,"d":"8.51"},{"v":374.38896000000005,"d":"$374.39"},{"v":1302.1776000000002,"d":"$1,302.18"},{"v":1302.1776000000002,"d":"$1,302.18"},{"v":0,"d":"$0.00"},{"v":0,"d":"$0.00"},{"v":1676.5665600000002,"d":"$1,676.57"}]
[157,null,"Set #4\r\n - 1-1/2 Pair Hinges \r\n - Lockset - Passage\r\n - Closer\r\n - Silencers\r\n - Floor Stop",{"v":1,"d":"1.00"},"EA",{"v":0,"d":"0%"},{"v":1,"d":"1.00"},{"v":7.038240000000001,"d":"7.04"},{"v":44,"d":"$44.00"},{"v":7.038240000000001,"d":"7.04"},{"v":309.68256,"d":"$309.68"},{"v":1165.4118,"d":"$1,165.41"},{"v":1165.4118,"d":"$1,165.41"},{"v":0,"d":"$0.00"},{"v":0,"d":"$0.00"},{"v":1475.09436,"d":"$1,475.09"}]
[null,null,"Trims"]
[null,null,"Door Trim",{"v":170,"d":"170.00"},"LF",{"v":0.1,"d":"10%"},{"$f":"(F230*D230)+D230","v":{"v":187,"d":"187.00"}},{"v":0.025,"d":"0.03"},{"v":44,"d":"$44.00"},{"$f":"H230*G230","v":{"v":4.675,"d":"4.68"}},{"$f":"I230*J230","v":{"v":205.7,"d":"$205.70"}},{"v":1.39,"d":"$1.39"},{"$f":"L230*G230","v":{"v":259.93,"d":"$259.93"}},{"v":0,"d":"$0.00"},{"$f":"N230*G230","v":{"v":0,"d":"$0.00"}},{"$f":"IF(D230=\"\",\"\",(K230+M230+O230))","v":{"v":465.63,"d":"$465.63"}}]
[null,null,"Window Trim",{"v":30,"d":"30.00"},"LF",{"v":0.1,"d":"10%"},{"v":33,"d":"33.00"},{"v":0.025,"d":"0.03"},{"v":44,"d":"$44.00"},{"v":0.8250000000000001,"d":"0.83"},{"v":36.300000000000004,"d":"$36.30"},{"v":1.39,"d":"$1.39"},{"v":45.87,"d":"$45.87"},{"v":0,"d":"$0.00"},{"v":0,"d":"$0.00"},{"v":82.17,"d":"$82.17"}]
[{"$f":"IF(E232=0,\"\",1+MAX(A220:A231))","v":""},{"$nulls":13},"SUBTOTAL",{"$f":"SUM(P204:P231)","v":{"v":139041.30732,"d":"$139,041.31"}}]
[{"$f":"IF(E233=0,\"\",1+MAX(A221:A232))","v":""}]
[{"$f":"IF(E234=0,\"\",1+MAX(A222:A233))","v":""},"09. FINISHES"]
[{"$f":"IF(E235=0,\"\",1+MAX(A223:A234))","v":""},null,"Flooring "]
[{"$f":"IF(E236=0,\"\",1+MAX(A224:A235))","v":158},null,"Carpet Flooring",{"v":2198.78,"d":"2,198.78"},"SF",{"v":0.1,"d":"10%"},{"$f":"(F236*D236)+D236","v":{"v":2418.6580000000004,"d":"2418.66"}},0.04,{"v":65.65,"d":"$65.65"},{"$f":"H236*G236","v":{"v":96.74632000000001,"d":"96.75"}},{"$f":"I236*J236","v":{"v":6351.395908000001,"d":"$6,351.40"}},{"v":2.97,"d":"$2.97"},{"$f":"L236*G236","v":{"v":7183.414260000001,"d":"$7,183.41"}},{"v":0,"d":"$0.00"},{"$f":"N236*G236","v":{"v":0,"d":"$0.00"}},{"$f":"IF(D236=\"\",\"\",(K236+M236+O236))","v":{"v":13534.810168000004,"d":"$13,534.81"}}]
[{"$f":"IF(E237=0,\"\",1+MAX(A225:A236))","v":159},null,"Tile Flooring",{"v":2898.53,"d":"2,898.53"},"SF",{"v":0.1,"d":"10%"},{"v":3188.3830000000003,"d":"3188.38"},{"v":0.089,"d":"0.09"},{"v":65.65,"d":"$65.65"},{"v":283.766087,"d":"283.77"},{"v":18629.243611550002,"d":"$18,629.24"},{"v":5.19,"d":"$5.19"},{"v":16547.70777,"d":"$16,547.71"},{"v":0,"d":"$0.00"},{"v":0,"d":"$0.00"},{"v":35176.95138155,"d":"$35,176.95"}]
[160,null,"Wood Flooring",{"v":1340.89,"d":"1,340.89"},"SF",{"v":0.1,"d":"10%"},{"v":1474.979,"d":"1474.98"},{"v":0.055,"d":"0.06"},{"v":65.65,"d":"$65.65"},{"v":81.123845,"d":"81.12"},{"v":5325.780424250001,"d":"$5,325.78"},{"v":3.19,"d":"$3.19"},{"v":4705.18301,"d":"$4,705.18"},{"v":0,"d":"$0.00"},{"v":0,"d":"$0.00"},{"v":10030.96343425,"d":"$10,030.96"}]
[""]
["",null,"Base & Transitions"]
[161,null,"4\" Cove Wall Base",202.89,"LF",{"v":0.1,"d":"10%"},{"$f":"(F241*D241)+D241","v":{"v":223.17899999999997,"d":"223.18"}},{"v":0.032,"d":"0.03"},{"v":65.65,"d":"$65.65"},{"$f":"H241*G241","v":{"v":7.141728,"d":"7.14"}},{"$f":"I241*J241","v":{"v":468.8544432,"d":"$468.85"}},{"v":1.38,"d":"$1.38"},{"$f":"L241*G241","v":{"v":307.9870199999999,"d":"$307.99"}},{"v":0,"d":"$0.00"},{"$f":"N241*G241","v":{"v":0,"d":"$0.00"}},{"$f":"IF(D241=\"\",\"\",(K241+M241+O241))","v":{"v":776.8414631999999,"d":"$776.84"}}]
[162,null,"4\" Wall Base",{"v":1131.95,"d":"1,131.95"},"LF",{"v":0.1,"d":"10%"},{"v":1245.145,"d":"1245.15"},{"v":0.038,"d":"0.04"},{"v":65.65,"d":"$65.65"},{"v":47.315509999999996,"d":"47.32"},{"v":3106.2632315,"d":"$3,106.26"},{"v":1.71,"d":"$1.71"},{"v":2129.1979499999998,"d":"$2,129.20"},{"v":0,"d":"$0.00"},{"v":0,"d":"$0.00"},{"v":5235.4611815,"d":"$5,235.46"}]
[163,null,"Carpet To Tile Transition",8.86,"LF",{"v":0.1,"d":"10%"},{"v":9.745999999999999,"d":"9.75"},0.12,{"v":65.65,"d":"$65.65"},{"v":1.16952,"d":"1.17"},{"v":76.778988,"d":"$76.78"},{"v":6.49,"d":"$6.49"},{"v":63.25153999999999,"d":"$63.25"},{"v":0,"d":"$0.00"},{"v":0,"d":"$0.00"},{"v":140.030528,"d":"$140.03"}]
[164,null,"Wood To Tile Flooring Transitions",23.65,"LF",{"v":0.1,"d":"10%"},{"v":26.014999999999997,"d":"26.02"},0.12,{"v":65.65,"d":"$65.65"},{"v":3.1217999999999995,"d":"3.12"},{"v":204.94617,"d":"$204.95"},{"v":6.49,"d":"$6.49"},{"v":168.83735,"d":"$168.84"},{"v":0,"d":"$0.00"},{"v":0,"d":"$0.00"},{"v":373.78351999999995,"d":"$373.78"}]
[165,null,"Carpet To Wood Flooring Transition",2.99,"LF",{"v":0.1,"d":"10%"},{"v":3.289,"d":"3.29"},0.12,{"v":65.65,"d":"$65.65"},{"v":0.39468,"d":"0.39"},{"v":25.910742,"d":"$25.91"},{"v":6.49,"d":"$6.49"},{"v":21.34561,"d":"$21.35"},{"v":0,"d":"$0.00"},{"v":0,"d":"$0.00"},{"v":47.256352,"d":"$47.26"}]
["",null,"Wall Framing"]
[{"$f":"IF(D247=0,\"\",1+MAX(A$12:A246))","v":166},null,"2x4 Wood Stud Chase Wall @ 16\" O.C. (H= 14'-0\")\n- Stud Assumed Need To Be Confirm",{"v":44,"d":"44.00"},"LF"]
[{"$f":"IF(D248=0,\"\",1+MAX(A$12:A247))","v":167},null,"2x4 Wood Stud @ 16\" O.C.",{"$f":"(D247/1.33)*14","v":{"v":463.1578947368421,"d":"463.16"}},"LF",{"v":0.1,"d":"10%"},{"$f":"(F248*D248)+D248","v":{"v":509.4736842105263,"d":"509.47"}},0.02,{"v":59.89,"d":"$59.89"},{"$f":"H248*G248","v":{"v":10.189473684210526,"d":"10.19"}},{"$f":"I248*J248","v":{"v":610.2475789473684,"d":"$610.25"}},{"v":1.092,"d":"$1.09"},{"$f":"L248*G248","v":{"v":556.3452631578948,"d":"$556.35"}},{"v":0,"d":"$0.00"},{"$f":"N248*G248","v":{"v":0,"d":"$0.00"}},{"$f":"IF(D248=\"\",\"\",(K248+M248+O248))","v":{"v":1166.5928421052631,"d":"$1,166.59"}}]
[{"$f":"IF(D249=0,\"\",1+MAX(A$12:A248))","v":168},null,"2x4 Top Plates",{"$f":"D247*2","v":{"v":88,"d":"88.00"}},"LF",{"v":0.1,"d":"10%"},{"v":96.8,"d":"96.80"},0.02,{"v":59.89,"d":"$59.89"},{"v":1.936,"d":"1.94"},{"v":115.94704,"d":"$115.95"},{"v":1.092,"d":"$1.09"},{"v":105.7056,"d":"$105.71"},{"v":0,"d":"$0.00"},{"v":0,"d":"$0.00"},{"v":221.65264000000002,"d":"$221.65"}]
[{"$f":"IF(D250=0,\"\",1+MAX(A$12:A249))","v":169},null,"2x4 Bottom Plate",{"$f":"D247","v":{"v":44,"d":"44.00"}},"LF",{"v":0.1,"d":"10%"},{"v":48.4,"d":"48.40"},0.02,{"v":59.89,"d":"$59.89"},{"v":0.968,"d":"0.97"},{"v":57.97352,"d":"$57.97"},{"v":1.092,"d":"$1.09"},{"v":52.8528,"d":"$52.85"},{"v":0,"d":"$0.00"},{"v":0,"d":"$0.00"},{"v":110.82632000000001,"d":"$110.83"}]
[{"$f":"IF(D251=0,\"\",1+MAX(A$12:A250))","v":170},null,"5/8\" Moisture Resistant Gypsum Board One side (H=14'-0)",{"$f":"D247*14","v":{"v":616,"d":"616.00"}},"SF",{"v":0.1,"d":"10%"},{"v":677.6,"d":"677.60"}]
[{"$f":"IF(D252=0,\"\",1+MAX(A$12:A251))","v":171},null,"4'x8' No of Sheets",{"$f":"ROUNDUP(D251/32,0)","v":{"v":20,"d":"20.00"}},"Sheets",{"v":0,"d":"0%"},{"v":20,"d":"20.00"},0.48,{"v":59.89,"d":"$59.89"},{"$f":"H252*G252","v":{"v":9.6,"d":"9.60"}},{"$f":"I252*J252","v":{"v":574.944,"d":"$574.94"}},{"v":23.98,"d":"$23.98"},{"v":479.6,"d":"$479.60"},{"v":0,"d":"$0.00"},{"v":0,"d":"$0.00"},{"v":1054.5439999999999,"d":"$1,054.54"}]
[{"$f":"IF(D253=0,\"\",1+MAX(A$12:A252))","v":172},null,"500' Tape Roll",{"$f":"ROUNDUP(D252*24/500,0)","v":{"v":1,"d":"1.00"}},"Rolls",{"v":0,"d":"0%"},{"v":1,"d":"1.00"},{"v":5,"d":"5.00"},{"v":59.89,"d":"$59.89"},{"v":5,"d":"5.00"},{"v":299.45,"d":"$299.45"},{"v":16.25,"d":"$16.25"},{"v":16.25,"d":"$16.25"},{"v":0,"d":"$0.00"},{"v":0,"d":"$0.00"},{"v":315.7,"d":"$315.70"}]
[{"$f":"IF(D254=0,\"\",1+MAX(A$12:A253))","v":173},null,"Joint Compound",{"$f":"ROUNDUP(D251*0.053,0)","v":{"v":33,"d":"33.00"}},"lbs",{"v":0.1,"d":"10%"},{"v":36.3,"d":"36.30"},0.22,{"v":59.89,"d":"$59.89"},{"v":7.986,"d":"7.99"},{"v":478.28154,"d":"$478.28"},{"v":0.5,"d":"$0.50"},{"v":18.15,"d":"$18.15"},{"v":0,"d":"$0.00"},{"v":0,"d":"$0.00"},{"v":496.43154,"d":"$496.43"}]
[{"$f":"IF(D255=0,\"\",1+MAX(A$12:A254))","v":174},null,"1-1/4\" Drywall Screws",{"$f":"ROUNDUP(D251*1.33,0)","v":{"v":820,"d":"820.00"}},"EA",{"v":0,"d":"0%"},{"v":820,"d":"820.00"},{"v":2E-3,"d":"0.00"},{"v":59.89,"d":"$59.89"},{"v":1.6400000000000001,"d":"1.64"},{"v":98.21960000000001,"d":"$98.22"},{"v":0.06,"d":"$0.06"},{"v":49.199999999999996,"d":"$49.20"},{"v":0,"d":"$0.00"},{"v":0,"d":"$0.00"},{"v":147.4196,"d":"$147.42"}]
[{"$f":"IF(D256=0,\"\",1+MAX(A$12:A255))","v":175},null,"Sealant",{"$f":"D247*2","v":{"v":88,"d":"88.00"}},"LF",{"v":0.1,"d":"10%"},{"v":96.8,"d":"96.80"},{"v":0.025,"d":"0.03"},{"v":59.89,"d":"$59.89"},2.42,{"v":144.9338,"d":"$144.93"},{"v":0.5,"d":"$0.50"},{"v":48.4,"d":"$48.40"},{"v":0,"d":"$0.00"},{"v":0,"d":"$0.00"},{"v":193.3338,"d":"$193.33"}]
[{"$f":"IF(D257=0,\"\",1+MAX(A$12:A256))","v":""}]
[{"$f":"IF(D258=0,\"\",1+MAX(A$12:A257))","v":176},null,"A1: 2x8 Wood Stud Exterior Wall @ 16 O.C. (H= 13'-4\")\r",{"v":28,"d":"28.00"},"LF"]
[{"$f":"IF(D259=0,\"\",1+MAX(A$12:A258))","v":177},null,"2x8 Wood Stud @ 16\" O.C.",{"$f":"(D258/1.33)*13.33","v":{"v":280.6315789473684,"d":"280.63"}},"LF",{"v":0.1,"d":"10%"},{"v":308.6947368421052,"d":"308.69"},{"v":0.024,"d":"0.02"},{"v":59.89,"d":"$59.89"},{"v":7.408673684210525,"d":"7.41"},{"v":443.70546694736834,"d":"$443.71"},{"v":1.67,"d":"$1.67"},{"v":515.5202105263157,"d":"$515.52"},{"v":0,"d":"$0.00"},{"v":0,"d":"$0.00"},{"v":959.2256774736841,"d":"$959.23"}]
[{"$f":"IF(D260=0,\"\",1+MAX(A$12:A259))","v":178},null,"2x8 Top Plates",{"$f":"D258*2","v":{"v":56,"d":"56.00"}},"LF",{"v":0.1,"d":"10%"},{"v":61.6,"d":"61.60"},{"v":0.024,"d":"0.02"},{"v":59.89,"d":"$59.89"},{"v":1.4784000000000002,"d":"1.48"},{"v":88.54137600000001,"d":"$88.54"},{"v":1.67,"d":"$1.67"},{"v":102.872,"d":"$102.87"},{"v":0,"d":"$0.00"},{"v":0,"d":"$0.00"},{"v":191.41337600000003,"d":"$191.41"}]
[{"$f":"IF(D261=0,\"\",1+MAX(A$12:A260))","v":179},null,"2x8 Bottom Plate",{"$f":"D258","v":{"v":28,"d":"28.00"}},"LF",{"v":0.1,"d":"10%"},{"v":30.8,"d":"30.80"},{"v":0.024,"d":"0.02"},{"v":59.89,"d":"$59.89"},{"v":0.7392000000000001,"d":"0.74"},{"v":44.27068800000001,"d":"$44.27"},{"v":1.67,"d":"$1.67"},{"v":51.436,"d":"$51.44"},{"v":0,"d":"$0.00"},{"v":0,"d":"$0.00"},{"v":95.70668800000001,"d":"$95.71"}]
[{"$f":"IF(D262=0,\"\",1+MAX(A$12:A261))","v":180},null,"13/16\" Shearboard OSB Sheathing",{"$f":"D258*13.33","v":373.24},"SF",{"v":0.1,"d":"10%"},{"v":410.564,"d":"410.56"},{"v":0.012,"d":"0.01"},{"v":59.89,"d":"$59.89"},{"v":4.926768,"d":"4.93"},{"v":295.06413552,"d":"$295.06"},{"$f":"57.98/32","v":{"v":1.811875,"d":"$1.81"}},{"v":743.8906475,"d":"$743.89"},{"v":0,"d":"$0.00"},{"v":0,"d":"$0.00"},{"v":1038.95478302,"d":"$1,038.95"}]
[{"$f":"IF(D263=0,\"\",1+MAX(A$12:A262))","v":181},null,"2 Layers 60 Min Grade 'D' Paper K-Lath",{"$f":"D258*13.33*2","v":746.48},"SF",{"v":0.1,"d":"10%"},{"v":821.128,"d":"821.13"},{"v":0.004,"d":"0.00"},{"v":59.89,"d":"$59.89"},{"v":3.2845120000000003,"d":"3.28"},{"v":196.70942368000001,"d":"$196.71"},{"v":0.18,"d":"$0.18"},{"v":147.80304,"d":"$147.80"},{"v":0,"d":"$0.00"},{"v":0,"d":"$0.00"},{"v":344.51246368,"d":"$344.51"}]
[{"$f":"IF(D264=0,\"\",1+MAX(A$12:A263))","v":182},null,"5/8\" Gypsum Board One side (H=13'-4)",{"$f":"D258*13.333","v":{"v":373.324,"d":"373.32"}},"SF",{"v":0.1,"d":"10%"},{"v":410.6564,"d":"410.66"}]
[{"$f":"IF(D265=0,\"\",1+MAX(A$12:A264))","v":183},null,"4'x8' No of Sheets",{"$f":"ROUNDUP(D264/32,0)","v":{"v":12,"d":"12.00"}},"Sheets",{"v":0,"d":"0%"},{"v":12,"d":"12.00"},0.48,{"v":59.89,"d":"$59.89"},{"$f":"H265*G265","v":5.76},{"$f":"I265*J265","v":{"v":344.96639999999996,"d":"$344.97"}},{"v":17.78,"d":"$17.78"},{"$f":"L265*G265","v":{"v":213.36,"d":"$213.36"}},{"v":0,"d":"$0.00"},{"$f":"N265*G265","v":{"v":0,"d":"$0.00"}},{"$f":"IF(D265=\"\",\"\",(K265+M265+O265))","v":{"v":558.3263999999999,"d":"$558.33"}}]
[{"$f":"IF(D266=0,\"\",1+MAX(A$12:A265))","v":184},null,"500' Tape Roll",{"$f":"ROUNDUP(D265*24/500,0)","v":{"v":1,"d":"1.00"}},"Rolls",{"v":0,"d":"0%"},{"v":1,"d":"1.00"},{"v":5,"d":"5.00"},{"v":59.89,"d":"$59.89"},{"v":5,"d":"5.00"},{"v":299.45,"d":"$299.45"},{"v":16.25,"d":"$16.25"},{"v":16.25,"d":"$16.25"},{"v":0,"d":"$0.00"},{"v":0,"d":"$0.00"},{"v":315.7,"d":"$315.70"}]
[{"$f":"IF(D267=0,\"\",1+MAX(A$12:A266))","v":185},null,"Joint Compound",{"$f":"ROUNDUP(D264*0.053,0)","v":{"v":20,"d":"20.00"}},"lbs",{"v":0.1,"d":"10%"},{"v":22,"d":"22.00"},0.22,{"v":59.89,"d":"$59.89"},4.84,{"v":289.8676,"d":"$289.87"},{"v":0.5,"d":"$0.50"},{"v":11,"d":"$11.00"},{"v":0,"d":"$0.00"},{"v":0,"d":"$0.00"},{"v":300.8676,"d":"$300.87"}]
[{"$f":"IF(D268=0,\"\",1+MAX(A$12:A267))","v":186},null,"1-1/4\" Drywall Screws",{"$f":"ROUNDUP(D264*1.33,0)","v":{"v":497,"d":"497.00"}},"EA",{"v":0,"d":"0%"},{"v":497,"d":"497.00"},{"v":2E-3,"d":"0.00"},{"v":59.89,"d":"$59.89"},{"v":0.994,"d":"0.99"},{"v":59.53066,"d":"$59.53"},{"v":0.06,"d":"$0.06"},{"v":29.82,"d":"$29.82"},{"v":0,"d":"$0.00"},{"v":0,"d":"$0.00"},{"v":89.35066,"d":"$89.35"}]
[{"$f":"IF(D269=0,\"\",1+MAX(A$12:A268))","v":187},null,"Sealant",{"$f":"D258*2","v":{"v":56,"d":"56.00"}},"LF",{"v":0.1,"d":"10%"},{"v":61.6,"d":"61.60"},{"v":0.025,"d":"0.03"},{"v":59.89,"d":"$59.89"},1.54,{"v":92.23060000000001,"d":"$92.23"},{"v":0.5,"d":"$0.50"},{"v":30.8,"d":"$30.80"},{"v":0,"d":"$0.00"},{"v":0,"d":"$0.00"},{"v":123.0306,"d":"$123.03"}]
[{"$f":"IF(D270=0,\"\",1+MAX(A$12:A269))","v":""}]
[{"$f":"IF(D271=0,\"\",1+MAX(A$12:A270))","v":188},null,"A1: 2x8 Wood Stud Exterior Wall @ 16 O.C. (H= 13'-4\")\r",{"v":159,"d":"159.00"},"LF"]
[{"$f":"IF(D272=0,\"\",1+MAX(A$12:A271))","v":189},null,"2x8 Wood Stud @ 16\" O.C.",{"$f":"(D271/1.33)*13.33","v":{"v":1593.5864661654136,"d":"1,593.59"}},"LF",{"v":0.1,"d":"10%"},{"v":1752.945112781955,"d":"1752.95"},{"v":0.024,"d":"0.02"},{"v":59.89,"d":"$59.89"},{"$f":"H272*G272","v":{"v":42.070682706766924,"d":"42.07"}},{"$f":"I272*J272","v":{"v":2519.613187308271,"d":"$2,519.61"}},{"v":1.67,"d":"$1.67"},{"$f":"L272*G272","v":{"v":2927.418338345865,"d":"$2,927.42"}},{"v":0,"d":"$0.00"},{"$f":"N272*G272","v":{"v":0,"d":"$0.00"}},{"$f":"IF(D272=\"\",\"\",(K272+M272+O272))","v":{"v":5447.031525654136,"d":"$5,447.03"}}]
[{"$f":"IF(D273=0,\"\",1+MAX(A$12:A272))","v":190},null,"2x8 Top Plates",{"$f":"D271*2","v":{"v":318,"d":"318.00"}},"LF",{"v":0.1,"d":"10%"},{"v":349.8,"d":"349.80"},{"v":0.024,"d":"0.02"},{"v":59.89,"d":"$59.89"},{"v":8.3952,"d":"8.40"},{"v":502.78852800000004,"d":"$502.79"},{"v":1.67,"d":"$1.67"},{"v":584.1659999999999,"d":"$584.17"},{"v":0,"d":"$0.00"},{"v":0,"d":"$0.00"},{"v":1086.954528,"d":"$1,086.95"}]
[{"$f":"IF(D274=0,\"\",1+MAX(A$12:A273))","v":191},null,"2x8 Bottom Plate",{"$f":"D271","v":{"v":159,"d":"159.00"}},"LF",{"v":0.1,"d":"10%"},{"v":174.9,"d":"174.90"},{"v":0.024,"d":"0.02"},{"v":59.89,"d":"$59.89"},{"v":4.1976,"d":"4.20"},{"v":251.39426400000002,"d":"$251.39"},{"v":1.67,"d":"$1.67"},{"v":292.08299999999997,"d":"$292.08"},{"v":0,"d":"$0.00"},{"v":0,"d":"$0.00"},{"v":543.477264,"d":"$543.48"}]
[{"$f":"IF(D275=0,\"\",1+MAX(A$12:A274))","v":192},null,"13/16\" Shearboard OSB Sheathing",{"$f":"D271*13.33","v":{"v":2119.47,"d":"2,119.47"}},"SF",{"v":0.1,"d":"10%"},{"v":2331.417,"d":"2331.42"},{"v":0.012,"d":"0.01"},{"v":59.89,"d":"$59.89"},{"v":27.977004,"d":"27.98"},{"v":1675.5427695600001,"d":"$1,675.54"},{"$f":"57.98/32","v":{"v":1.811875,"d":"$1.81"}},{"v":4224.236176875,"d":"$4,224.24"},{"v":0,"d":"$0.00"},{"v":0,"d":"$0.00"},{"v":5899.778946435,"d":"$5,899.78"}]
[{"$f":"IF(D276=0,\"\",1+MAX(A$12:A275))","v":193},null,"2 Layers 60 Min Grade 'D' Paper K-Lath",{"$f":"D271*13.33*2","v":{"v":4238.94,"d":"4,238.94"}},"SF",{"v":0.1,"d":"10%"},{"v":4662.834,"d":"4662.83"},{"v":0.004,"d":"0.00"},{"v":59.89,"d":"$59.89"},{"v":18.651336,"d":"18.65"},{"v":1117.02851304,"d":"$1,117.03"},{"v":0.18,"d":"$0.18"},{"v":839.31012,"d":"$839.31"},{"v":0,"d":"$0.00"},{"v":0,"d":"$0.00"},{"v":1956.3386330399999,"d":"$1,956.34"}]
[{"$f":"IF(D277=0,\"\",1+MAX(A$12:A276))","v":194},null,"5/8\" Gypsum Board One side (H=13'-4)",{"$f":"D271*13.333","v":{"v":2119.947,"d":"2,119.95"}},"SF",{"v":0.1,"d":"10%"},{"v":2331.9417000000003,"d":"2331.94"}]
[{"$f":"IF(D278=0,\"\",1+MAX(A$12:A277))","v":195},null,"4'x8' No of Sheets",{"$f":"ROUNDUP(D277/32,0)","v":{"v":67,"d":"67.00"}},"Sheets",{"v":0,"d":"0%"},{"v":67,"d":"67.00"},0.48,{"v":59.89,"d":"$59.89"},{"$f":"H278*G278","v":32.16},{"$f":"I278*J278","v":{"v":1926.0623999999998,"d":"$1,926.06"}},{"v":17.78,"d":"$17.78"},{"$f":"L278*G278","v":{"v":1191.26,"d":"$1,191.26"}},{"v":0,"d":"$0.00"},{"$f":"N278*G278","v":{"v":0,"d":"$0.00"}},{"$f":"IF(D278=\"\",\"\",(K278+M278+O278))","v":{"v":3117.3224,"d":"$3,117.32"}}]
[{"$f":"IF(D279=0,\"\",1+MAX(A$12:A278))","v":196},null,"500' Tape Roll",{"$f":"ROUNDUP(D278*24/500,0)","v":{"v":4,"d":"4.00"}},"Rolls",{"v":0,"d":"0%"},{"v":4,"d":"4.00"},{"v":5,"d":"5.00"},{"v":59.89,"d":"$59.89"},{"v":20,"d":"20.00"},{"v":1197.8,"d":"$1,197.80"},{"v":16.25,"d":"$16.25"},{"v":65,"d":"$65.00"},{"v":0,"d":"$0.00"},{"v":0,"d":"$0.00"},{"v":1262.8,"d":"$1,262.80"}]
[{"$f":"IF(D280=0,\"\",1+MAX(A$12:A279))","v":197},null,"Joint Compound",{"$f":"ROUNDUP(D277*0.053,0)","v":{"v":113,"d":"113.00"}},"lbs",{"v":0.1,"d":"10%"},{"v":124.3,"d":"124.30"},0.22,{"v":59.89,"d":"$59.89"},{"v":27.346,"d":"27.35"},{"v":1637.75194,"d":"$1,637.75"},{"v":0.5,"d":"$0.50"},{"v":62.15,"d":"$62.15"},{"v":0,"d":"$0.00"},{"v":0,"d":"$0.00"},{"v":1699.9019400000002,"d":"$1,699.90"}]
[{"$f":"IF(D281=0,\"\",1+MAX(A$12:A280))","v":198},null,"1-1/4\" Drywall Screws",{"$f":"ROUNDUP(D277*1.33,0)","v":{"v":2820,"d":"2,820.00"}},"EA",{"v":0,"d":"0%"},{"v":2820,"d":"2820.00"},{"v":2E-3,"d":"0.00"},{"v":59.89,"d":"$59.89"},5.64,{"v":337.77959999999996,"d":"$337.78"},{"v":0.06,"d":"$0.06"},{"v":169.2,"d":"$169.20"},{"v":0,"d":"$0.00"},{"v":0,"d":"$0.00"},{"v":506.97959999999995,"d":"$506.98"}]
[{"$f":"IF(D282=0,\"\",1+MAX(A$12:A281))","v":199},null,"Sealant",{"$f":"D271*2","v":{"v":318,"d":"318.00"}},"LF",{"v":0.1,"d":"10%"},{"v":349.8,"d":"349.80"},{"v":0.025,"d":"0.03"},{"v":59.89,"d":"$59.89"},{"v":8.745000000000001,"d":"8.75"},{"v":523.73805,"d":"$523.74"},{"v":0.5,"d":"$0.50"},{"v":174.9,"d":"$174.90"},{"v":0,"d":"$0.00"},{"v":0,"d":"$0.00"},{"v":698.63805,"d":"$698.64"}]
[{"$f":"IF(D283=0,\"\",1+MAX(A$12:A282))","v":""}]
[{"$f":"IF(D284=0,\"\",1+MAX(A$12:A283))","v":200},null,"A1: 2x8 Wood Stud Exterior Wall @ 16 O.C. (H= 13'-4\")",{"v":7,"d":"7.00"},"LF"]
[{"$f":"IF(D285=0,\"\",1+MAX(A$12:A284))","v":201},null,"2x8 Wood Stud @ 16\" O.C.",{"$f":"(D284/1.33)*13.33","v":{"v":70.1578947368421,"d":"70.16"}},"LF",{"v":0.1,"d":"10%"},{"v":77.1736842105263,"d":"77.17"},{"v":0.024,"d":"0.02"},{"v":59.89,"d":"$59.89"},{"$f":"H285*G285","v":{"v":1.8521684210526312,"d":"1.85"}},{"$f":"I285*J285","v":{"v":110.92636673684208,"d":"$110.93"}},{"v":1.67,"d":"$1.67"},{"$f":"L285*G285","v":{"v":128.88005263157893,"d":"$128.88"}},{"v":0,"d":"$0.00"},{"$f":"N285*G285","v":{"v":0,"d":"$0.00"}},{"$f":"IF(D285=\"\",\"\",(K285+M285+O285))","v":{"v":239.80641936842102,"d":"$239.81"}}]
[{"$f":"IF(D286=0,\"\",1+MAX(A$12:A285))","v":202},null,"2x8 Top Plates",{"$f":"D284*2","v":{"v":14,"d":"14.00"}},"LF",{"v":0.1,"d":"10%"},{"v":15.4,"d":"15.40"},{"v":0.024,"d":"0.02"},{"v":59.89,"d":"$59.89"},{"v":0.36960000000000004,"d":"0.37"},{"v":22.135344000000003,"d":"$22.14"},{"v":1.67,"d":"$1.67"},{"v":25.718,"d":"$25.72"},{"v":0,"d":"$0.00"},{"v":0,"d":"$0.00"},{"v":47.85334400000001,"d":"$47.85"}]
[{"$f":"IF(D287=0,\"\",1+MAX(A$12:A286))","v":203},null,"2x8 Bottom Plate",{"$f":"D284","v":{"v":7,"d":"7.00"}},"LF",{"v":0.1,"d":"10%"},{"v":7.7,"d":"7.70"},{"v":0.024,"d":"0.02"},{"v":59.89,"d":"$59.89"},{"v":0.18480000000000002,"d":"0.18"},{"v":11.067672000000002,"d":"$11.07"},{"v":1.67,"d":"$1.67"},{"v":12.859,"d":"$12.86"},{"v":0,"d":"$0.00"},{"v":0,"d":"$0.00"},{"v":23.926672000000003,"d":"$23.93"}]
[{"$f":"IF(D288=0,\"\",1+MAX(A$12:A287))","v":204},null,"13/16\" Shearboard OSB Sheathing",{"$f":"D284*13.33","v":93.31},"SF",{"v":0.1,"d":"10%"},{"v":102.641,"d":"102.64"},{"v":0.012,"d":"0.01"},{"v":59.89,"d":"$59.89"},{"v":1.231692,"d":"1.23"},{"v":73.76603388,"d":"$73.77"},{"$f":"57.98/32","v":{"v":1.811875,"d":"$1.81"}},{"v":185.972661875,"d":"$185.97"},{"v":0,"d":"$0.00"},{"v":0,"d":"$0.00"},{"v":259.738695755,"d":"$259.74"}]
[{"$f":"IF(D289=0,\"\",1+MAX(A$12:A288))","v":205},null,"2 Layers 60 Min Grade 'D' Paper K-Lath",{"$f":"D284*13.33*2","v":186.62},"SF",{"v":0.1,"d":"10%"},{"v":205.282,"d":"205.28"},{"v":0.004,"d":"0.00"},{"v":59.89,"d":"$59.89"},{"v":0.8211280000000001,"d":"0.82"},{"v":49.177355920000004,"d":"$49.18"},{"v":0.18,"d":"$0.18"},{"v":36.95076,"d":"$36.95"},{"v":0,"d":"$0.00"},{"v":0,"d":"$0.00"},{"v":86.12811592,"d":"$86.13"}]
[{"$f":"IF(D290=0,\"\",1+MAX(A$12:A289))","v":206},null,"5/8\" Moisture Resistant Gypsum Board One side (H=13'-4)",{"$f":"D284*13.333","v":{"v":93.331,"d":"93.33"}},"SF",{"v":0.1,"d":"10%"},{"v":102.6641,"d":"102.66"}]
[{"$f":"IF(D291=0,\"\",1+MAX(A$12:A290))","v":207},null,"4'x8' No of Sheets",{"$f":"ROUNDUP(D290/32,0)","v":{"v":3,"d":"3.00"}},"Sheets",{"v":0,"d":"0%"},{"v":3,"d":"3.00"},0.48,{"v":59.89,"d":"$59.89"},{"$f":"H291*G291","v":1.44},{"$f":"I291*J291","v":{"v":86.24159999999999,"d":"$86.24"}},{"v":23.98,"d":"$23.98"},{"$f":"L291*G291","v":{"v":71.94,"d":"$71.94"}},{"v":0,"d":"$0.00"},{"$f":"N291*G291","v":{"v":0,"d":"$0.00"}},{"$f":"IF(D291=\"\",\"\",(K291+M291+O291))","v":{"v":158.1816,"d":"$158.18"}}]
[{"$f":"IF(D292=0,\"\",1+MAX(A$12:A291))","v":208},null,"500' Tape Roll",{"$f":"ROUNDUP(D291*24/500,0)","v":{"v":1,"d":"1.00"}},"Rolls",{"v":0,"d":"0%"},{"v":1,"d":"1.00"},{"v":5,"d":"5.00"},{"v":59.89,"d":"$59.89"},{"v":5,"d":"5.00"},{"v":299.45,"d":"$299.45"},{"v":16.25,"d":"$16.25"},{"v":16.25,"d":"$16.25"},{"v":0,"d":"$0.00"},{"v":0,"d":"$0.00"},{"v":315.7,"d":"$315.70"}]
[{"$f":"IF(D293=0,\"\",1+MAX(A$12:A292))","v":209},null,"Joint Compound",{"$f":"ROUNDUP(D290*0.053,0)","v":{"v":5,"d":"5.00"}},"lbs",{"v":0.1,"d":"10%"},{"v":5.5,"d":"5.50"},0.22,{"v":59.89,"d":"$59.89"},1.21,{"v":72.4669,"d":"$72.47"},{"v":0.5,"d":"$0.50"},{"v":2.75,"d":"$2.75"},{"v":0,"d":"$0.00"},{"v":0,"d":"$0.00"},{"v":75.2169,"d":"$75.22"}]
[{"$f":"IF(D294=0,\"\",1+MAX(A$12:A293))","v":210},null,"1-1/4\" Drywall Screws",{"$f":"ROUNDUP(D290*1.33,0)","v":{"v":125,"d":"125.00"}},"EA",{"v":0,"d":"0%"},{"v":125,"d":"125.00"},{"v":2E-3,"d":"0.00"},{"v":59.89,"d":"$59.89"},0.25,{"v":14.9725,"d":"$14.97"},{"v":0.06,"d":"$0.06"},{"v":7.5,"d":"$7.50"},{"v":0,"d":"$0.00"},{"v":0,"d":"$0.00"},{"v":22.4725,"d":"$22.47"}]
[{"$f":"IF(D295=0,\"\",1+MAX(A$12:A294))","v":211},null,"Sealant",{"$f":"D284*2","v":{"v":14,"d":"14.00"}},"LF",{"v":0.1,"d":"10%"},{"v":15.4,"d":"15.40"},{"v":0.025,"d":"0.03"},{"v":59.89,"d":"$59.89"},{"v":0.385,"d":"0.39"},{"v":23.057650000000002,"d":"$23.06"},{"v":0.5,"d":"$0.50"},{"v":7.7,"d":"$7.70"},{"v":0,"d":"$0.00"},{"v":0,"d":"$0.00"},{"v":30.75765,"d":"$30.76"}]
[{"$f":"IF(D296=0,\"\",1+MAX(A$12:A295))","v":""}]
[{"$f":"IF(D297=0,\"\",1+MAX(A$12:A296))","v":212},null,"A1: 2x8 Wood Stud Exterior Wall @ 16 O.C. (H= 14'-0\")\r",{"v":29,"d":"29.00"},"LF"]
[{"$f":"IF(D298=0,\"\",1+MAX(A$12:A297))","v":213},null,"2x8 Wood Stud @ 16\" O.C.",{"$f":"(D297/1.33)*14","v":{"v":305.2631578947368,"d":"305.26"}},"LF",{"v":0.1,"d":"10%"},{"v":335.7894736842105,"d":"335.79"},{"v":0.024,"d":"0.02"},{"v":59.89,"d":"$59.89"},{"$f":"H298*G298","v":{"v":8.058947368421054,"d":"8.06"}},{"$f":"I298*J298","v":{"v":482.6503578947369,"d":"$482.65"}},{"v":1.67,"d":"$1.67"},{"$f":"L298*G298","v":{"v":560.7684210526315,"d":"$560.77"}},{"v":0,"d":"$0.00"},{"$f":"N298*G298","v":{"v":0,"d":"$0.00"}},{"$f":"IF(D298=\"\",\"\",(K298+M298+O298))","v":{"v":1043.4187789473685,"d":"$1,043.42"}}]
[{"$f":"IF(D299=0,\"\",1+MAX(A$12:A298))","v":214},null,"2x8 Top Plates",{"$f":"D297*2","v":{"v":58,"d":"58.00"}},"LF",{"v":0.1,"d":"10%"},{"v":63.8,"d":"63.80"},{"v":0.024,"d":"0.02"},{"v":59.89,"d":"$59.89"},{"v":1.5312,"d":"1.53"},{"v":91.70356799999999,"d":"$91.70"},{"v":1.67,"d":"$1.67"},{"v":106.54599999999999,"d":"$106.55"},{"v":0,"d":"$0.00"},{"v":0,"d":"$0.00"},{"v":198.24956799999998,"d":"$198.25"}]
[{"$f":"IF(D300=0,\"\",1+MAX(A$12:A299))","v":215},null,"2x8 Bottom Plate",{"$f":"D297","v":{"v":29,"d":"29.00"}},"LF",{"v":0.1,"d":"10%"},{"v":31.9,"d":"31.90"},{"v":0.024,"d":"0.02"},{"v":59.89,"d":"$59.89"},{"v":0.7656,"d":"0.77"},{"v":45.851783999999995,"d":"$45.85"},{"v":1.67,"d":"$1.67"},{"v":53.272999999999996,"d":"$53.27"},{"v":0,"d":"$0.00"},{"v":0,"d":"$0.00"},{"v":99.12478399999999,"d":"$99.12"}]
[{"$f":"IF(D301=0,\"\",1+MAX(A$12:A300))","v":216},null,"13/16\" Shearboard OSB Sheathing",{"$f":"D297*14","v":{"v":406,"d":"406.00"}},"SF",{"v":0.1,"d":"10%"},{"v":446.6,"d":"446.60"},{"v":0.012,"d":"0.01"},{"v":59.89,"d":"$59.89"},{"v":5.3592,"d":"5.36"},{"v":320.962488,"d":"$320.96"},{"$f":"57.98/32","v":{"v":1.811875,"d":"$1.81"}},{"v":809.183375,"d":"$809.18"},{"v":0,"d":"$0.00"},{"v":0,"d":"$0.00"},{"v":1130.145863,"d":"$1,130.15"}]
[{"$f":"IF(D302=0,\"\",1+MAX(A$12:A301))","v":217},null,"2 Layers 60 Min Grade 'D' Paper K-Lath",{"$f":"D297*14*2","v":{"v":812,"d":"812.00"}},"SF",{"v":0.1,"d":"10%"},{"v":893.2,"d":"893.20"},{"v":0.004,"d":"0.00"},{"v":59.89,"d":"$59.89"},{"v":3.5728000000000004,"d":"3.57"},{"v":213.97499200000001,"d":"$213.97"},{"v":0.18,"d":"$0.18"},{"v":160.776,"d":"$160.78"},{"v":0,"d":"$0.00"},{"v":0,"d":"$0.00"},{"v":374.750992,"d":"$374.75"}]
[{"$f":"IF(D303=0,\"\",1+MAX(A$12:A302))","v":218},null,"5/8\" Gypsum Board One side (H=14'-0\")",{"$f":"D297*14","v":{"v":406,"d":"406.00"}},"SF",{"v":0.1,"d":"10%"},{"v":446.6,"d":"446.60"}]
[{"$f":"IF(D304=0,\"\",1+MAX(A$12:A303))","v":219},null,"4'x8' No of Sheets",{"$f":"ROUNDUP(D303/32,0)","v":{"v":13,"d":"13.00"}},"Sheets",{"v":0,"d":"0%"},{"v":13,"d":"13.00"},0.48,{"v":59.89,"d":"$59.89"},{"$f":"H304*G304","v":6.24},{"$f":"I304*J304","v":{"v":373.71360000000004,"d":"$373.71"}},{"v":17.78,"d":"$17.78"},{"$f":"L304*G304","v":{"v":231.14000000000001,"d":"$231.14"}},{"v":0,"d":"$0.00"},{"$f":"N304*G304","v":{"v":0,"d":"$0.00"}},{"$f":"IF(D304=\"\",\"\",(K304+M304+O304))","v":{"v":604.8536,"d":"$604.85"}}]
[{"$f":"IF(D305=0,\"\",1+MAX(A$12:A304))","v":220},null,"500' Tape Roll",{"$f":"ROUNDUP(D304*24/500,0)","v":{"v":1,"d":"1.00"}},"Rolls",{"v":0,"d":"0%"},{"v":1,"d":"1.00"},{"v":5,"d":"5.00"},{"v":59.89,"d":"$59.89"},{"v":5,"d":"5.00"},{"v":299.45,"d":"$299.45"},{"v":16.25,"d":"$16.25"},{"v":16.25,"d":"$16.25"},{"v":0,"d":"$0.00"},{"v":0,"d":"$0.00"},{"v":315.7,"d":"$315.70"}]
[{"$f":"IF(D306=0,\"\",1+MAX(A$12:A305))","v":221},null,"Joint Compound",{"$f":"ROUNDUP(D303*0.053,0)","v":{"v":22,"d":"22.00"}},"lbs",{"v":0.1,"d":"10%"},{"v":24.2,"d":"24.20"},0.22,{"v":59.89,"d":"$59.89"},{"v":5.324,"d":"5.32"},{"v":318.85436,"d":"$318.85"},{"v":0.5,"d":"$0.50"},{"v":12.1,"d":"$12.10"},{"v":0,"d":"$0.00"},{"v":0,"d":"$0.00"},{"v":330.95436,"d":"$330.95"}]
[{"$f":"IF(D307=0,\"\",1+MAX(A$12:A306))","v":222},null,"1-1/4\" Drywall Screws",{"$f":"ROUNDUP(D303*1.33,0)","v":{"v":540,"d":"540.00"}},"EA",{"v":0,"d":"0%"},{"v":540,"d":"540.00"},{"v":2E-3,"d":"0.00"},{"v":59.89,"d":"$59.89"},1.08,{"v":64.6812,"d":"$64.68"},{"v":0.06,"d":"$0.06"},{"v":32.4,"d":"$32.40"},{"v":0,"d":"$0.00"},{"v":0,"d":"$0.00"},{"v":97.0812,"d":"$97.08"}]
[{"$f":"IF(D308=0,\"\",1+MAX(A$12:A307))","v":223},null,"Sealant",{"$f":"D297*2","v":{"v":58,"d":"58.00"}},"LF",{"v":0.1,"d":"10%"},{"v":63.8,"d":"63.80"},{"v":0.025,"d":"0.03"},{"v":59.89,"d":"$59.89"},{"v":1.595,"d":"1.60"},{"v":95.52455,"d":"$95.52"},{"v":0.5,"d":"$0.50"},{"v":31.9,"d":"$31.90"},{"v":0,"d":"$0.00"},{"v":0,"d":"$0.00"},{"v":127.42455000000001,"d":"$127.42"}]
[{"$f":"IF(D309=0,\"\",1+MAX(A$12:A308))","v":""}]
[{"$f":"IF(D310=0,\"\",1+MAX(A$12:A309))","v":224},null,"A1: 2x8 Wood Stud Exterior Wall @ 16 O.C. (H= 14'-0\")\r",{"v":222,"d":"222.00"},"LF"]
[{"$f":"IF(D311=0,\"\",1+MAX(A$12:A310))","v":225},null,"2x8 Wood Stud @ 16\" O.C.",{"$f":"(D310/1.33)*14","v":{"v":2336.8421052631575,"d":"2,336.84"}},"LF",{"v":0.1,"d":"10%"},{"v":2570.5263157894733,"d":"2570.53"},{"v":0.024,"d":"0.02"},{"v":59.89,"d":"$59.89"},{"$f":"H311*G311","v":{"v":61.69263157894736,"d":"61.69"}},{"$f":"I311*J311","v":{"v":3694.771705263158,"d":"$3,694.77"}},{"v":1.67,"d":"$1.67"},{"$f":"L311*G311","v":{"v":4292.778947368421,"d":"$4,292.78"}},{"v":0,"d":"$0.00"},{"$f":"N311*G311","v":{"v":0,"d":"$0.00"}},{"$f":"IF(D311=\"\",\"\",(K311+M311+O311))","v":{"v":7987.5506526315785,"d":"$7,987.55"}}]
[{"$f":"IF(D312=0,\"\",1+MAX(A$12:A311))","v":226},null,"2x8 Top Plates",{"$f":"D310*2","v":{"v":444,"d":"444.00"}},"LF",{"v":0.1,"d":"10%"},{"v":488.4,"d":"488.40"},{"v":0.024,"d":"0.02"},{"v":59.89,"d":"$59.89"},{"v":11.7216,"d":"11.72"},{"v":702.006624,"d":"$702.01"},{"v":1.67,"d":"$1.67"},{"v":815.6279999999999,"d":"$815.63"},{"v":0,"d":"$0.00"},{"v":0,"d":"$0.00"},{"v":1517.6346239999998,"d":"$1,517.63"}]
[{"$f":"IF(D313=0,\"\",1+MAX(A$12:A312))","v":227},null,"2x8 Bottom Plate",{"$f":"D310","v":{"v":222,"d":"222.00"}},"LF",{"v":0.1,"d":"10%"},{"v":244.2,"d":"244.20"},{"v":0.024,"d":"0.02"},{"v":59.89,"d":"$59.89"},{"v":5.8608,"d":"5.86"},{"v":351.003312,"d":"$351.00"},{"v":1.67,"d":"$1.67"},{"v":407.81399999999996,"d":"$407.81"},{"v":0,"d":"$0.00"},{"v":0,"d":"$0.00"},{"v":758.8173119999999,"d":"$758.82"}]
[{"$f":"IF(D314=0,\"\",1+MAX(A$12:A313))","v":228},null,"13/16\" Shearboard OSB Sheathing",{"$f":"D310*14","v":{"v":3108,"d":"3,108.00"}},"SF",{"v":0.1,"d":"10%"},{"v":3418.8,"d":"3418.80"},{"v":0.012,"d":"0.01"},{"v":59.89,"d":"$59.89"},{"v":41.025600000000004,"d":"41.03"},{"v":2457.023184,"d":"$2,457.02"},{"$f":"57.98/32","v":{"v":1.811875,"d":"$1.81"}},{"v":6194.43825,"d":"$6,194.44"},{"v":0,"d":"$0.00"},{"v":0,"d":"$0.00"},{"v":8651.461434,"d":"$8,651.46"}]
[{"$f":"IF(D315=0,\"\",1+MAX(A$12:A314))","v":229},null,"2 Layers 60 Min Grade 'D' Paper K-Lath",{"$f":"D310*14*2","v":{"v":6216,"d":"6,216.00"}},"SF",{"v":0.1,"d":"10%"},{"$f":"(F315*D315)+D315","v":{"v":6837.6,"d":"6837.60"}},{"v":0.004,"d":"0.00"},{"v":59.89,"d":"$59.89"},{"v":27.3504,"d":"27.35"},{"v":1638.015456,"d":"$1,638.02"},{"v":0.18,"d":"$0.18"},{"v":1230.768,"d":"$1,230.77"},{"v":0,"d":"$0.00"},{"v":0,"d":"$0.00"},{"v":2868.783456,"d":"$2,868.78"}]
[{"$f":"IF(D316=0,\"\",1+MAX(A$12:A315))","v":230},null,"5/8\" Gypsum Board One side (H=14'-0\")",{"$f":"D310*14","v":{"v":3108,"d":"3,108.00"}},"SF",{"v":0.1,"d":"10%"},{"v":3418.8,"d":"3418.80"}]
[{"$f":"IF(D317=0,\"\",1+MAX(A$12:A316))","v":231},null,"4'x8' No of Sheets",{"$f":"ROUNDUP(D316/32,0)","v":{"v":98,"d":"98.00"}},"Sheets",{"v":0,"d":"0%"},{"v":98,"d":"98.00"},0.48,{"v":59.89,"d":"$59.89"},{"$f":"H317*G317","v":47.04},{"$f":"I317*J317","v":{"v":2817.2255999999998,"d":"$2,817.23"}},{"v":17.78,"d":"$17.78"},{"$f":"L317*G317","v":{"v":1742.44,"d":"$1,742.44"}},{"v":0,"d":"$0.00"},{"$f":"N317*G317","v":{"v":0,"d":"$0.00"}},{"$f":"IF(D317=\"\",\"\",(K317+M317+O317))","v":{"v":4559.6656,"d":"$4,559.67"}}]
[{"$f":"IF(D318=0,\"\",1+MAX(A$12:A317))","v":232},null,"500' Tape Roll",{"$f":"ROUNDUP(D317*24/500,0)","v":{"v":5,"d":"5.00"}},"Rolls",{"v":0,"d":"0%"},{"v":5,"d":"5.00"},{"v":5,"d":"5.00"},{"v":59.89,"d":"$59.89"},{"v":25,"d":"25.00"},{"v":1497.25,"d":"$1,497.25"},{"v":16.25,"d":"$16.25"},{"v":81.25,"d":"$81.25"},{"v":0,"d":"$0.00"},{"v":0,"d":"$0.00"},{"v":1578.5,"d":"$1,578.50"}]
[{"$f":"IF(D319=0,\"\",1+MAX(A$12:A318))","v":233},null,"Joint Compound",{"$f":"ROUNDUP(D316*0.053,0)","v":{"v":165,"d":"165.00"}},"lbs",{"v":0.1,"d":"10%"},{"v":181.5,"d":"181.50"},0.22,{"v":59.89,"d":"$59.89"},39.93,{"v":2391.4077,"d":"$2,391.41"},{"v":0.5,"d":"$0.50"},{"v":90.75,"d":"$90.75"},{"v":0,"d":"$0.00"},{"v":0,"d":"$0.00"},{"v":2482.1577,"d":"$2,482.16"}]
[{"$f":"IF(D320=0,\"\",1+MAX(A$12:A319))","v":234},null,"1-1/4\" Drywall Screws",{"$f":"ROUNDUP(D316*1.33,0)","v":{"v":4134,"d":"4,134.00"}},"EA",{"v":0,"d":"0%"},{"v":4134,"d":"4134.00"},{"v":2E-3,"d":"0.00"},{"v":59.89,"d":"$59.89"},{"v":8.268,"d":"8.27"},{"v":495.17052000000007,"d":"$495.17"},{"v":0.06,"d":"$0.06"},{"v":248.04,"d":"$248.04"},{"v":0,"d":"$0.00"},{"v":0,"d":"$0.00"},{"v":743.2105200000001,"d":"$743.21"}]
[{"$f":"IF(D321=0,\"\",1+MAX(A$12:A320))","v":235},null,"Sealant",{"$f":"D310*2","v":{"v":444,"d":"444.00"}},"LF",{"v":0.1,"d":"10%"},{"v":488.4,"d":"488.40"},{"v":0.025,"d":"0.03"},{"v":59.89,"d":"$59.89"},12.21,{"v":731.2569000000001,"d":"$731.26"},{"v":0.5,"d":"$0.50"},{"v":244.2,"d":"$244.20"},{"v":0,"d":"$0.00"},{"v":0,"d":"$0.00"},{"v":975.4569000000001,"d":"$975.46"}]
[{"$f":"IF(D322=0,\"\",1+MAX(A$12:A321))","v":""}]
[{"$f":"IF(D323=0,\"\",1+MAX(A$12:A322))","v":236},null,"A1: 2x8 Wood Stud Exterior Wall @ 16 O.C. (H= 14'-0\")\r",{"v":23,"d":"23.00"},"LF"]
[{"$f":"IF(D324=0,\"\",1+MAX(A$12:A323))","v":237},null,"2x8 Wood Stud @ 16\" O.C.",{"$f":"(D323/1.33)*14","v":{"v":242.10526315789474,"d":"242.11"}},"LF",{"v":0.1,"d":"10%"},{"$f":"(F324*D324)+D324","v":{"v":266.3157894736842,"d":"266.32"}},{"v":0.024,"d":"0.02"},{"v":59.89,"d":"$59.89"},{"$f":"H324*G324","v":{"v":6.391578947368421,"d":"6.39"}},{"$f":"I324*J324","v":{"v":382.79166315789473,"d":"$382.79"}},{"v":1.67,"d":"$1.67"},{"$f":"L324*G324","v":{"v":444.7473684210526,"d":"$444.75"}},{"v":0,"d":"$0.00"},{"$f":"N324*G324","v":{"v":0,"d":"$0.00"}},{"$f":"IF(D324=\"\",\"\",(K324+M324+O324))","v":{"v":827.5390315789473,"d":"$827.54"}}]
[{"$f":"IF(D325=0,\"\",1+MAX(A$12:A324))","v":238},null,"2x8 Top Plates",{"$f":"D323*2","v":{"v":46,"d":"46.00"}},"LF",{"v":0.1,"d":"10%"},{"v":50.6,"d":"50.60"},{"v":0.024,"d":"0.02"},{"v":59.89,"d":"$59.89"},{"v":1.2144000000000001,"d":"1.21"},{"v":72.730416,"d":"$72.73"},{"v":1.67,"d":"$1.67"},{"v":84.502,"d":"$84.50"},{"v":0,"d":"$0.00"},{"v":0,"d":"$0.00"},{"v":157.232416,"d":"$157.23"}]
[{"$f":"IF(D326=0,\"\",1+MAX(A$12:A325))","v":239},null,"2x8 Bottom Plate",{"$f":"D323","v":{"v":23,"d":"23.00"}},"LF",{"v":0.1,"d":"10%"},{"v":25.3,"d":"25.30"},{"v":0.024,"d":"0.02"},{"v":59.89,"d":"$59.89"},{"v":0.6072000000000001,"d":"0.61"},{"v":36.365208,"d":"$36.37"},{"v":1.67,"d":"$1.67"},{"v":42.251,"d":"$42.25"},{"v":0,"d":"$0.00"},{"v":0,"d":"$0.00"},{"v":78.616208,"d":"$78.62"}]
[{"$f":"IF(D327=0,\"\",1+MAX(A$12:A326))","v":240},null,"13/16\" Shearboard OSB Sheathing",{"$f":"D323*14","v":{"v":322,"d":"322.00"}},"SF",{"v":0.1,"d":"10%"},{"v":354.2,"d":"354.20"},{"v":0.012,"d":"0.01"},{"v":59.89,"d":"$59.89"},{"v":4.2504,"d":"4.25"},{"v":254.556456,"d":"$254.56"},{"$f":"57.98/32","v":{"v":1.811875,"d":"$1.81"}},{"v":641.766125,"d":"$641.77"},{"v":0,"d":"$0.00"},{"v":0,"d":"$0.00"},{"v":896.322581,"d":"$896.32"}]
[{"$f":"IF(D328=0,\"\",1+MAX(A$12:A327))","v":241},null,"2 Layers 60 Min Grade 'D' Paper K-Lath",{"$f":"D323*14*2","v":{"v":644,"d":"644.00"}},"SF",{"v":0.1,"d":"10%"},{"v":708.4,"d":"708.40"},{"v":0.004,"d":"0.00"},{"v":59.89,"d":"$59.89"},{"v":2.8336,"d":"2.83"},{"v":169.704304,"d":"$169.70"},{"v":0.18,"d":"$0.18"},{"v":127.51199999999999,"d":"$127.51"},{"v":0,"d":"$0.00"},{"v":0,"d":"$0.00"},{"v":297.216304,"d":"$297.22"}]
[{"$f":"IF(D329=0,\"\",1+MAX(A$12:A328))","v":242},null,"5/8\" Moisture Resistant Gypsum Board One side (H=14'-0\")",{"$f":"D323*14","v":{"v":322,"d":"322.00"}},"SF",{"v":0.1,"d":"10%"},{"v":354.2,"d":"354.20"}]
[{"$f":"IF(D330=0,\"\",1+MAX(A$12:A329))","v":243},null,"4'x8' No of Sheets",{"$f":"ROUNDUP(D329/32,0)","v":{"v":11,"d":"11.00"}},"Sheets",{"v":0,"d":"0%"},{"v":11,"d":"11.00"},0.48,{"v":59.89,"d":"$59.89"},{"$f":"H330*G330","v":{"v":5.279999999999999,"d":"5.28"}},{"$f":"I330*J330","v":{"v":316.21919999999994,"d":"$316.22"}},{"v":23.98,"d":"$23.98"},{"$f":"L330*G330","v":{"v":263.78000000000003,"d":"$263.78"}},{"v":0,"d":"$0.00"},{"$f":"N330*G330","v":{"v":0,"d":"$0.00"}},{"$f":"IF(D330=\"\",\"\",(K330+M330+O330))","v":{"v":579.9992,"d":"$580.00"}}]
[{"$f":"IF(D331=0,\"\",1+MAX(A$12:A330))","v":244},null,"500' Tape Roll",{"$f":"ROUNDUP(D330*24/500,0)","v":{"v":1,"d":"1.00"}},"Rolls",{"v":0,"d":"0%"},{"v":1,"d":"1.00"},{"v":5,"d":"5.00"},{"v":59.89,"d":"$59.89"},{"v":5,"d":"5.00"},{"v":299.45,"d":"$299.45"},{"v":16.25,"d":"$16.25"},{"v":16.25,"d":"$16.25"},{"v":0,"d":"$0.00"},{"v":0,"d":"$0.00"},{"v":315.7,"d":"$315.70"}]
[{"$f":"IF(D332=0,\"\",1+MAX(A$12:A331))","v":245},null,"Joint Compound",{"$f":"ROUNDUP(D329*0.053,0)","v":{"v":18,"d":"18.00"}},"lbs",{"v":0.1,"d":"10%"},{"v":19.8,"d":"19.80"},0.22,{"v":59.89,"d":"$59.89"},{"v":4.356,"d":"4.36"},{"v":260.88084,"d":"$260.88"},{"v":0.5,"d":"$0.50"},{"v":9.9,"d":"$9.90"},{"v":0,"d":"$0.00"},{"v":0,"d":"$0.00"},{"v":270.78083999999996,"d":"$270.78"}]
[{"$f":"IF(D333=0,\"\",1+MAX(A$12:A332))","v":246},null,"1-1/4\" Drywall Screws",{"$f":"ROUNDUP(D329*1.33,0)","v":{"v":429,"d":"429.00"}},"EA",{"v":0,"d":"0%"},{"v":429,"d":"429.00"},{"v":2E-3,"d":"0.00"},{"v":59.89,"d":"$59.89"},{"v":0.858,"d":"0.86"},{"v":51.38562,"d":"$51.39"},{"v":0.06,"d":"$0.06"},{"v":25.74,"d":"$25.74"},{"v":0,"d":"$0.00"},{"v":0,"d":"$0.00"},{"v":77.12562,"d":"$77.13"}]
[{"$f":"IF(D334=0,\"\",1+MAX(A$12:A333))","v":247},null,"Sealant",{"$f":"D323*2","v":{"v":46,"d":"46.00"}},"LF",{"v":0.1,"d":"10%"},{"v":50.6,"d":"50.60"},{"v":0.025,"d":"0.03"},{"v":59.89,"d":"$59.89"},{"v":1.2650000000000001,"d":"1.27"},{"v":75.76085,"d":"$75.76"},{"v":0.5,"d":"$0.50"},{"v":25.3,"d":"$25.30"},{"v":0,"d":"$0.00"},{"v":0,"d":"$0.00"},{"v":101.06085,"d":"$101.06"}]
[{"$f":"IF(D335=0,\"\",1+MAX(A$12:A334))","v":""}]
[{"$f":"IF(D336=0,\"\",1+MAX(A$12:A335))","v":248},null,"A1: 2x8 Wood Stud Exterior Wall @ 16 O.C. (H= 16'-6\")\r",{"v":115,"d":"115.00"},"LF"]
[{"$f":"IF(D337=0,\"\",1+MAX(A$12:A336))","v":249},null,"2x8 Wood Stud @ 16\" O.C.",{"$f":"(D336/1.33)*16.5","v":{"v":1426.6917293233082,"d":"1,426.69"}},"LF",{"v":0.1,"d":"10%"},{"v":1569.360902255639,"d":"1569.36"},{"v":0.024,"d":"0.02"},{"v":59.89,"d":"$59.89"},{"$f":"H337*G337","v":{"v":37.66466165413534,"d":"37.66"}},{"$f":"I337*J337","v":{"v":2255.736586466165,"d":"$2,255.74"}},{"v":1.67,"d":"$1.67"},{"$f":"L337*G337","v":{"v":2620.832706766917,"d":"$2,620.83"}},{"v":0,"d":"$0.00"},{"$f":"N337*G337","v":{"v":0,"d":"$0.00"}},{"$f":"IF(D337=\"\",\"\",(K337+M337+O337))","v":{"v":4876.569293233082,"d":"$4,876.57"}}]
[{"$f":"IF(D338=0,\"\",1+MAX(A$12:A337))","v":250},null,"2x8 Top Plates",{"$f":"D336*2","v":{"v":230,"d":"230.00"}},"LF",{"v":0.1,"d":"10%"},{"v":253,"d":"253.00"},{"v":0.024,"d":"0.02"},{"v":59.89,"d":"$59.89"},{"v":6.072,"d":"6.07"},{"v":363.65208,"d":"$363.65"},{"v":1.67,"d":"$1.67"},{"v":422.51,"d":"$422.51"},{"v":0,"d":"$0.00"},{"v":0,"d":"$0.00"},{"v":786.1620800000001,"d":"$786.16"}]
[{"$f":"IF(D339=0,\"\",1+MAX(A$12:A338))","v":251},null,"2x8 Bottom Plate",{"$f":"D336","v":{"v":115,"d":"115.00"}},"LF",{"v":0.1,"d":"10%"},{"v":126.5,"d":"126.50"},{"v":0.024,"d":"0.02"},{"v":59.89,"d":"$59.89"},{"v":3.036,"d":"3.04"},{"v":181.82604,"d":"$181.83"},{"v":1.67,"d":"$1.67"},{"v":211.255,"d":"$211.26"},{"v":0,"d":"$0.00"},{"v":0,"d":"$0.00"},{"v":393.08104000000003,"d":"$393.08"}]
[{"$f":"IF(D340=0,\"\",1+MAX(A$12:A339))","v":252},null,"13/16\" Shearboard OSB Sheathing",{"$f":"D336*16.5","v":{"v":1897.5,"d":"1,897.50"}},"SF",{"v":0.1,"d":"10%"},2087.25,{"v":0.012,"d":"0.01"},{"v":59.89,"d":"$59.89"},{"v":25.047,"d":"25.05"},{"v":1500.06483,"d":"$1,500.06"},{"$f":"57.98/32","v":{"v":1.811875,"d":"$1.81"}},{"v":3781.8360937499997,"d":"$3,781.84"},{"v":0,"d":"$0.00"},{"v":0,"d":"$0.00"},{"v":5281.9009237499995,"d":"$5,281.90"}]
[{"$f":"IF(D341=0,\"\",1+MAX(A$12:A340))","v":253},null,"2 Layers 60 Min Grade 'D' Paper K-Lath",{"$f":"D336*16.5*2","v":{"v":3795,"d":"3,795.00"}},"SF",{"v":0.1,"d":"10%"},{"v":4174.5,"d":"4174.50"},{"v":0.004,"d":"0.00"},{"v":59.89,"d":"$59.89"},{"v":16.698,"d":"16.70"},{"v":1000.04322,"d":"$1,000.04"},{"v":0.18,"d":"$0.18"},{"v":751.41,"d":"$751.41"},{"v":0,"d":"$0.00"},{"v":0,"d":"$0.00"},{"v":1751.4532199999999,"d":"$1,751.45"}]
[{"$f":"IF(D342=0,\"\",1+MAX(A$12:A341))","v":254},null,"5/8\" Gypsum Board One side (H=16'-6\")",{"$f":"D336*16.5","v":{"v":1897.5,"d":"1,897.50"}},"SF",{"v":0.1,"d":"10%"},2087.25]
[{"$f":"IF(D343=0,\"\",1+MAX(A$12:A342))","v":255},null,"4'x8' No of Sheets",{"$f":"ROUNDUP(D342/32,0)","v":{"v":60,"d":"60.00"}},"Sheets",{"v":0,"d":"0%"},{"v":60,"d":"60.00"},0.48,{"v":59.89,"d":"$59.89"},{"$f":"H343*G343","v":{"v":28.799999999999997,"d":"28.80"}},{"$f":"I343*J343","v":{"v":1724.8319999999999,"d":"$1,724.83"}},{"v":17.78,"d":"$17.78"},{"$f":"L343*G343","v":{"v":1066.8000000000002,"d":"$1,066.80"}},{"v":0,"d":"$0.00"},{"$f":"N343*G343","v":{"v":0,"d":"$0.00"}},{"$f":"IF(D343=\"\",\"\",(K343+M343+O343))","v":{"v":2791.632,"d":"$2,791.63"}}]
[{"$f":"IF(D344=0,\"\",1+MAX(A$12:A343))","v":256},null,"500' Tape Roll",{"$f":"ROUNDUP(D343*24/500,0)","v":{"v":3,"d":"3.00"}},"Rolls",{"v":0,"d":"0%"},{"v":3,"d":"3.00"},{"v":5,"d":"5.00"},{"v":59.89,"d":"$59.89"},{"v":15,"d":"15.00"},{"v":898.35,"d":"$898.35"},{"v":16.25,"d":"$16.25"},{"v":48.75,"d":"$48.75"},{"v":0,"d":"$0.00"},{"v":0,"d":"$0.00"},{"v":947.1,"d":"$947.10"}]
[{"$f":"IF(D345=0,\"\",1+MAX(A$12:A344))","v":257},null,"Joint Compound",{"$f":"ROUNDUP(D342*0.053,0)","v":{"v":101,"d":"101.00"}},"lbs",{"v":0.1,"d":"10%"},{"v":111.1,"d":"111.10"},0.22,{"v":59.89,"d":"$59.89"},{"v":24.442,"d":"24.44"},{"v":1463.83138,"d":"$1,463.83"},{"v":0.5,"d":"$0.50"},{"v":55.55,"d":"$55.55"},{"v":0,"d":"$0.00"},{"v":0,"d":"$0.00"},{"v":1519.38138,"d":"$1,519.38"}]
[{"$f":"IF(D346=0,\"\",1+MAX(A$12:A345))","v":258},null,"1-1/4\" Drywall Screws",{"$f":"ROUNDUP(D342*1.33,0)","v":{"v":2524,"d":"2,524.00"}},"EA",{"v":0,"d":"0%"},{"v":2524,"d":"2524.00"},{"v":2E-3,"d":"0.00"},{"v":59.89,"d":"$59.89"},{"v":5.048,"d":"5.05"},{"v":302.32472,"d":"$302.32"},{"v":0.06,"d":"$0.06"},{"v":151.44,"d":"$151.44"},{"v":0,"d":"$0.00"},{"v":0,"d":"$0.00"},{"v":453.76472,"d":"$453.76"}]
[{"$f":"IF(D347=0,\"\",1+MAX(A$12:A346))","v":259},null,"Sealant",{"$f":"D336*2","v":{"v":230,"d":"230.00"}},"LF",{"v":0.1,"d":"10%"},{"v":253,"d":"253.00"},{"v":0.025,"d":"0.03"},{"v":59.89,"d":"$59.89"},{"v":6.325,"d":"6.33"},{"v":378.80425,"d":"$378.80"},{"v":0.5,"d":"$0.50"},{"v":126.5,"d":"$126.50"},{"v":0,"d":"$0.00"},{"v":0,"d":"$0.00"},{"v":505.30425,"d":"$505.30"}]
[{"$f":"IF(D348=0,\"\",1+MAX(A$12:A347))","v":""}]
[{"$f":"IF(D349=0,\"\",1+MAX(A$12:A348))","v":260},null,"A1: 2x8 Wood Stud Parapet Wall @ 16 O.C. (H= 3'-6\")\r",{"v":114,"d":"114.00"},"LF"]
[{"$f":"IF(D350=0,\"\",1+MAX(A$12:A349))","v":261},null,"2x8 Wood Stud @ 16\" O.C.",{"$f":"(D349/1.33)*3.5","v":{"v":300,"d":"300.00"}},"LF",{"v":0.1,"d":"10%"},{"v":330,"d":"330.00"},{"v":0.024,"d":"0.02"},{"v":59.89,"d":"$59.89"},{"$f":"H350*G350","v":7.92},{"$f":"I350*J350","v":{"v":474.3288,"d":"$474.33"}},{"v":1.67,"d":"$1.67"},{"$f":"L350*G350","v":{"v":551.1,"d":"$551.10"}},{"v":0,"d":"$0.00"},{"$f":"N350*G350","v":{"v":0,"d":"$0.00"}},{"$f":"IF(D350=\"\",\"\",(K350+M350+O350))","v":{"v":1025.4288000000001,"d":"$1,025.43"}}]
[{"$f":"IF(D351=0,\"\",1+MAX(A$12:A350))","v":262},null,"2x8 Top Plates",{"$f":"D349*2","v":{"v":228,"d":"228.00"}},"LF",{"v":0.1,"d":"10%"},{"v":250.8,"d":"250.80"},{"v":0.024,"d":"0.02"},{"v":59.89,"d":"$59.89"},{"v":6.0192000000000005,"d":"6.02"},{"v":360.48988800000006,"d":"$360.49"},{"v":1.67,"d":"$1.67"},{"v":418.836,"d":"$418.84"},{"v":0,"d":"$0.00"},{"v":0,"d":"$0.00"},{"v":779.3258880000001,"d":"$779.33"}]
[{"$f":"IF(D352=0,\"\",1+MAX(A$12:A351))","v":263},null,"2x8 Bottom Plate",{"$f":"D349","v":{"v":114,"d":"114.00"}},"LF",{"v":0.1,"d":"10%"},{"v":125.4,"d":"125.40"},{"v":0.024,"d":"0.02"},{"v":59.89,"d":"$59.89"},{"v":3.0096000000000003,"d":"3.01"},{"v":180.24494400000003,"d":"$180.24"},{"v":1.67,"d":"$1.67"},{"v":209.418,"d":"$209.42"},{"v":0,"d":"$0.00"},{"v":0,"d":"$0.00"},{"v":389.66294400000004,"d":"$389.66"}]
[{"$f":"IF(D353=0,\"\",1+MAX(A$12:A352))","v":264},null,"Continuous 20 GA Galvanized Metal Parapet Cap",{"$f":"D347","v":{"v":230,"d":"230.00"}},"LF",{"v":0.1,"d":"10%"},{"v":253,"d":"253.00"},{"v":0.046,"d":"0.05"},{"v":59.89,"d":"$59.89"},{"v":11.638,"d":"11.64"},{"v":696.99982,"d":"$697.00"},{"v":3.89,"d":"$3.89"},{"v":984.1700000000001,"d":"$984.17"},{"v":0,"d":"$0.00"},{"v":0,"d":"$0.00"},{"v":1681.16982,"d":"$1,681.17"}]
[{"$f":"IF(D354=0,\"\",1+MAX(A$12:A353))","v":265},null,"2\" x 18 GA Steel Strap @ 48\" O.C. Max",{"$f":"(D349/4)*3.5","v":99.75},"LF",{"v":0.1,"d":"10%"},{"v":109.725,"d":"109.73"},{"v":0.042,"d":"0.04"},{"v":59.89,"d":"$59.89"},{"v":4.60845,"d":"4.61"},{"v":276.00007050000005,"d":"$276.00"},{"v":3.69,"d":"$3.69"},{"v":404.88525,"d":"$404.89"},{"v":0,"d":"$0.00"},{"v":0,"d":"$0.00"},{"v":680.8853205,"d":"$680.89"}]
[{"$f":"IF(D355=0,\"\",1+MAX(A$12:A354))","v":266},null,"13/16\" Shearboard OSB Sheathing",{"$f":"D349*3.5*2","v":{"v":798,"d":"798.00"}},"SF",{"v":0.1,"d":"10%"},{"v":877.8,"d":"877.80"},{"v":0.012,"d":"0.01"},{"v":59.89,"d":"$59.89"},{"v":10.5336,"d":"10.53"},{"v":630.857304,"d":"$630.86"},{"$f":"57.98/32","v":{"v":1.811875,"d":"$1.81"}},{"v":1590.463875,"d":"$1,590.46"},{"v":0,"d":"$0.00"},{"v":0,"d":"$0.00"},{"v":2221.321179,"d":"$2,221.32"}]
[{"$f":"IF(D356=0,\"\",1+MAX(A$12:A355))","v":267},null,"2 Layers 60 Min Grade 'D' Paper K-Lath",{"$f":"D349*3.5*2","v":{"v":798,"d":"798.00"}},"SF",{"v":0.1,"d":"10%"},{"v":877.8,"d":"877.80"},{"v":0.004,"d":"0.00"},{"v":59.89,"d":"$59.89"},{"v":3.5112,"d":"3.51"},{"v":210.28576800000002,"d":"$210.29"},{"v":0.18,"d":"$0.18"},{"v":158.004,"d":"$158.00"},{"v":0,"d":"$0.00"},{"v":0,"d":"$0.00"},{"v":368.289768,"d":"$368.29"}]
[{"$f":"IF(D357=0,\"\",1+MAX(A$12:A356))","v":""}]
[{"$f":"IF(D358=0,\"\",1+MAX(A$12:A357))","v":268},null,"A1: 2x8 Wood Stud Parapet Wall @ 16 O.C. (H= 4'-2\")",{"v":28,"d":"28.00"},"LF"]
[{"$f":"IF(D359=0,\"\",1+MAX(A$12:A358))","v":269},null,"2x8 Wood Stud @ 16\" O.C.",{"$f":"(D358/1.33)*4.166","v":{"v":87.70526315789473,"d":"87.71"}},"LF",{"v":0.1,"d":"10%"},{"v":96.4757894736842,"d":"96.48"},{"v":0.024,"d":"0.02"},{"v":59.89,"d":"$59.89"},{"$f":"H359*G359","v":{"v":2.315418947368421,"d":"2.32"}},{"$f":"I359*J359","v":{"v":138.6704407578947,"d":"$138.67"}},{"v":1.67,"d":"$1.67"},{"v":161.1145684210526,"d":"$161.11"},{"v":0,"d":"$0.00"},{"v":0,"d":"$0.00"},{"v":299.78500917894735,"d":"$299.79"}]
[{"$f":"IF(D360=0,\"\",1+MAX(A$12:A359))","v":270},null,"2x8 Top Plates",{"$f":"D358*2","v":{"v":56,"d":"56.00"}},"LF",{"v":0.1,"d":"10%"},{"v":61.6,"d":"61.60"},{"v":0.024,"d":"0.02"},{"v":59.89,"d":"$59.89"},{"v":1.4784000000000002,"d":"1.48"},{"v":88.54137600000001,"d":"$88.54"},{"v":1.67,"d":"$1.67"},{"v":102.872,"d":"$102.87"},{"v":0,"d":"$0.00"},{"v":0,"d":"$0.00"},{"v":191.41337600000003,"d":"$191.41"}]
[{"$f":"IF(D361=0,\"\",1+MAX(A$12:A360))","v":271},null,"2x8 Bottom Plate",{"$f":"D358","v":{"v":28,"d":"28.00"}},"LF",{"v":0.1,"d":"10%"},{"v":30.8,"d":"30.80"},{"v":0.024,"d":"0.02"},{"v":59.89,"d":"$59.89"},{"v":0.7392000000000001,"d":"0.74"},{"v":44.27068800000001,"d":"$44.27"},{"v":1.67,"d":"$1.67"},{"v":51.436,"d":"$51.44"},{"v":0,"d":"$0.00"},{"v":0,"d":"$0.00"},{"v":95.70668800000001,"d":"$95.71"}]
[{"$f":"IF(D362=0,\"\",1+MAX(A$12:A361))","v":272},null,"Continuous 20 GA Galvanized Metal Parapet Cap",{"$f":"D358","v":{"v":28,"d":"28.00"}},"LF",{"v":0.1,"d":"10%"},{"v":30.8,"d":"30.80"},{"v":0.046,"d":"0.05"},{"v":59.89,"d":"$59.89"},{"v":1.4168,"d":"1.42"},{"v":84.852152,"d":"$84.85"},{"v":3.89,"d":"$3.89"},{"v":119.81200000000001,"d":"$119.81"},{"v":0,"d":"$0.00"},{"v":0,"d":"$0.00"},{"v":204.664152,"d":"$204.66"}]
[{"$f":"IF(D363=0,\"\",1+MAX(A$12:A362))","v":273},null,"2\" x 18 GA Steel Strap @ 48\" O.C. Max",{"$f":"(D358/4)*4.166","v":{"v":29.162000000000003,"d":"29.16"}},"LF",{"v":0.1,"d":"10%"},{"v":32.0782,"d":"32.08"},{"v":0.042,"d":"0.04"},{"v":59.89,"d":"$59.89"},{"v":1.3472844000000002,"d":"1.35"},{"v":80.68886271600002,"d":"$80.69"},{"v":3.69,"d":"$3.69"},{"v":118.36855800000001,"d":"$118.37"},{"v":0,"d":"$0.00"},{"v":0,"d":"$0.00"},{"v":199.05742071600002,"d":"$199.06"}]
[{"$f":"IF(D364=0,\"\",1+MAX(A$12:A363))","v":274},null,"13/16\" Shearboard OSB Sheathing",{"$f":"D358*4.167","v":{"v":116.67599999999999,"d":"116.68"}},"SF",{"v":0.1,"d":"10%"},{"v":128.34359999999998,"d":"128.34"},{"v":0.012,"d":"0.01"},{"v":59.89,"d":"$59.89"},{"v":1.5401231999999998,"d":"1.54"},{"v":92.23797844799999,"d":"$92.24"},{"$f":"57.98/32","v":{"v":1.811875,"d":"$1.81"}},{"v":232.54256024999995,"d":"$232.54"},{"v":0,"d":"$0.00"},{"v":0,"d":"$0.00"},{"v":324.78053869799993,"d":"$324.78"}]
[{"$f":"IF(D365=0,\"\",1+MAX(A$12:A364))","v":275},null,"2 Layers 60 Min Grade 'D' Paper K-Lath",{"$f":"D358*4.167*2","v":{"v":233.35199999999998,"d":"233.35"}},"SF",{"v":0.1,"d":"10%"},{"v":256.68719999999996,"d":"256.69"},{"v":0.004,"d":"0.00"},{"v":59.89,"d":"$59.89"},{"v":1.0267487999999998,"d":"1.03"},{"v":61.49198563199999,"d":"$61.49"},{"v":0.18,"d":"$0.18"},{"v":46.203695999999994,"d":"$46.20"},{"v":0,"d":"$0.00"},{"v":0,"d":"$0.00"},{"v":107.69568163199997,"d":"$107.70"}]
[{"$f":"IF(D366=0,\"\",1+MAX(A$12:A365))","v":""}]
[{"$f":"IF(D367=0,\"\",1+MAX(A$12:A366))","v":276},null,"A1: 2x8 Wood Stud Parapet Wall @ 16 O.C. (H= 4'-2\")\r",{"v":166,"d":"166.00"},"LF"]
[{"$f":"IF(D368=0,\"\",1+MAX(A$12:A367))","v":277},null,"2x8 Wood Stud @ 16\" O.C.",{"$f":"(D367/1.33)*4.166","v":{"v":519.9669172932331,"d":"519.97"}},"LF",{"v":0.1,"d":"10%"},{"v":571.9636090225564,"d":"571.96"},{"v":0.024,"d":"0.02"},{"v":59.89,"d":"$59.89"},{"$f":"H368*G368","v":{"v":13.727126616541353,"d":"13.73"}},{"$f":"I368*J368","v":{"v":822.1176130646617,"d":"$822.12"}},{"v":1.67,"d":"$1.67"},{"v":955.1792270676691,"d":"$955.18"},{"v":0,"d":"$0.00"},{"v":0,"d":"$0.00"},{"v":1777.2968401323308,"d":"$1,777.30"}]
[{"$f":"IF(D369=0,\"\",1+MAX(A$12:A368))","v":278},null,"2x8 Top Plates",{"$f":"D367*2","v":{"v":332,"d":"332.00"}},"LF",{"v":0.1,"d":"10%"},{"v":365.2,"d":"365.20"},{"v":0.024,"d":"0.02"},{"v":59.89,"d":"$59.89"},{"v":8.7648,"d":"8.76"},{"v":524.923872,"d":"$524.92"},{"v":1.67,"d":"$1.67"},{"v":609.8839999999999,"d":"$609.88"},{"v":0,"d":"$0.00"},{"v":0,"d":"$0.00"},{"v":1134.8078719999999,"d":"$1,134.81"}]
[{"$f":"IF(D370=0,\"\",1+MAX(A$12:A369))","v":279},null,"2x8 Bottom Plate",{"$f":"D367","v":{"v":166,"d":"166.00"}},"LF",{"v":0.1,"d":"10%"},{"v":182.6,"d":"182.60"},{"v":0.024,"d":"0.02"},{"v":59.89,"d":"$59.89"},{"v":4.3824,"d":"4.38"},{"v":262.461936,"d":"$262.46"},{"v":1.67,"d":"$1.67"},{"v":304.94199999999995,"d":"$304.94"},{"v":0,"d":"$0.00"},{"v":0,"d":"$0.00"},{"v":567.4039359999999,"d":"$567.40"}]
[{"$f":"IF(D371=0,\"\",1+MAX(A$12:A370))","v":280},null,"Continuous 20 GA Galvanized Metal Parapet Cap",{"$f":"D367","v":{"v":166,"d":"166.00"}},"LF",{"v":0.1,"d":"10%"},{"v":182.6,"d":"182.60"},{"v":0.046,"d":"0.05"},{"v":59.89,"d":"$59.89"},{"v":8.3996,"d":"8.40"},{"v":503.05204399999997,"d":"$503.05"},{"v":3.89,"d":"$3.89"},{"v":710.314,"d":"$710.31"},{"v":0,"d":"$0.00"},{"v":0,"d":"$0.00"},{"v":1213.3660439999999,"d":"$1,213.37"}]
[{"$f":"IF(D372=0,\"\",1+MAX(A$12:A371))","v":281},null,"2\" x 18 GA Steel Strap @ 48\" O.C. Max",{"$f":"(D367/4)*4.166","v":{"v":172.889,"d":"172.89"}},"LF",{"v":0.1,"d":"10%"},{"v":190.17790000000002,"d":"190.18"},{"v":0.042,"d":"0.04"},{"v":59.89,"d":"$59.89"},{"v":7.987471800000002,"d":"7.99"},{"v":478.3696861020001,"d":"$478.37"},{"v":3.69,"d":"$3.69"},{"v":701.7564510000001,"d":"$701.76"},{"v":0,"d":"$0.00"},{"v":0,"d":"$0.00"},{"v":1180.1261371020003,"d":"$1,180.13"}]
[{"$f":"IF(D373=0,\"\",1+MAX(A$12:A372))","v":282},null,"13/16\" Shearboard OSB Sheathing",{"$f":"D367*4.167","v":{"v":691.722,"d":"691.72"}},"SF",{"v":0.1,"d":"10%"},{"v":760.8942,"d":"760.89"},{"v":0.012,"d":"0.01"},{"v":59.89,"d":"$59.89"},{"v":9.1307304,"d":"9.13"},{"v":546.839443656,"d":"$546.84"},{"$f":"57.98/32","v":{"v":1.811875,"d":"$1.81"}},{"v":1378.6451786249997,"d":"$1,378.65"},{"v":0,"d":"$0.00"},{"v":0,"d":"$0.00"},{"v":1925.4846222809997,"d":"$1,925.48"}]
[{"$f":"IF(D374=0,\"\",1+MAX(A$12:A373))","v":283},null,"2 Layers 60 Min Grade 'D' Paper K-Lat",{"$f":"D367*4.166*2","v":{"v":1383.112,"d":"1,383.11"}},"SF",{"v":0.1,"d":"10%"},{"v":1521.4232000000002,"d":"1521.42"},{"v":0.004,"d":"0.00"},{"v":59.89,"d":"$59.89"},{"v":6.085692800000001,"d":"6.09"},{"v":364.47214179200006,"d":"$364.47"},{"v":0.18,"d":"$0.18"},{"v":273.856176,"d":"$273.86"},{"v":0,"d":"$0.00"},{"v":0,"d":"$0.00"},{"v":638.328317792,"d":"$638.33"}]
[{"$f":"IF(D375=0,\"\",1+MAX(A$12:A374))","v":""}]
[{"$f":"IF(D376=0,\"\",1+MAX(A$12:A375))","v":284},null,"A1: 2x8 Wood Stud Parapet Wall @ 16 O.C. (H= 6'-10\")\r",{"v":28,"d":"28.00"},"LF"]
[{"$f":"IF(D377=0,\"\",1+MAX(A$12:A376))","v":285},null,"2x8 Wood Stud @ 16\" O.C.",{"$f":"(D376/1.33)*6.833","v":{"v":143.85263157894735,"d":"143.85"}},"LF",{"v":0.1,"d":"10%"},{"v":158.2378947368421,"d":"158.24"},{"v":0.024,"d":"0.02"},{"v":59.89,"d":"$59.89"},{"$f":"H377*G377","v":{"v":3.7977094736842103,"d":"3.80"}},{"$f":"I377*J377","v":{"v":227.44482037894736,"d":"$227.44"}},{"v":1.67,"d":"$1.67"},{"v":264.2572842105263,"d":"$264.26"},{"v":0,"d":"$0.00"},{"v":0,"d":"$0.00"},{"v":491.7021045894736,"d":"$491.70"}]
[{"$f":"IF(D378=0,\"\",1+MAX(A$12:A377))","v":286},null,"2x8 Top Plates",{"$f":"D376*2","v":{"v":56,"d":"56.00"}},"LF",{"v":0.1,"d":"10%"},{"v":61.6,"d":"61.60"},{"v":0.024,"d":"0.02"},{"v":59.89,"d":"$59.89"},{"v":1.4784000000000002,"d":"1.48"},{"v":88.54137600000001,"d":"$88.54"},{"v":1.67,"d":"$1.67"},{"v":102.872,"d":"$102.87"},{"v":0,"d":"$0.00"},{"v":0,"d":"$0.00"},{"v":191.41337600000003,"d":"$191.41"}]
[{"$f":"IF(D379=0,\"\",1+MAX(A$12:A378))","v":287},null,"2x8 Bottom Plate",{"$f":"D376","v":{"v":28,"d":"28.00"}},"LF",{"v":0.1,"d":"10%"},{"v":30.8,"d":"30.80"},{"v":0.024,"d":"0.02"},{"v":59.89,"d":"$59.89"},{"v":0.7392000000000001,"d":"0.74"},{"v":44.27068800000001,"d":"$44.27"},{"v":1.67,"d":"$1.67"},{"v":51.436,"d":"$51.44"},{"v":0,"d":"$0.00"},{"v":0,"d":"$0.00"},{"v":95.70668800000001,"d":"$95.71"}]
[{"$f":"IF(D380=0,\"\",1+MAX(A$12:A379))","v":288},null,"Continuous 20 GA Galvanized Metal Parapet Cap",{"$f":"D376","v":{"v":28,"d":"28.00"}},"LF",{"v":0.1,"d":"10%"},{"v":30.8,"d":"30.80"},{"v":0.046,"d":"0.05"},{"v":59.89,"d":"$59.89"},{"v":1.4168,"d":"1.42"},{"v":84.852152,"d":"$84.85"},{"v":3.89,"d":"$3.89"},{"v":119.81200000000001,"d":"$119.81"},{"v":0,"d":"$0.00"},{"v":0,"d":"$0.00"},{"v":204.664152,"d":"$204.66"}]
[{"$f":"IF(D381=0,\"\",1+MAX(A$12:A380))","v":289},null,"2\" x 18 GA Steel Strap @ 48\" O.C. Max",{"$f":"(D376/4)*6.833","v":{"v":47.831,"d":"47.83"}},"LF",{"v":0.1,"d":"10%"},{"v":52.6141,"d":"52.61"},{"v":0.042,"d":"0.04"},{"v":59.89,"d":"$59.89"},{"v":2.2097922000000003,"d":"2.21"},{"v":132.34445485800003,"d":"$132.34"},{"v":3.69,"d":"$3.69"},{"v":194.146029,"d":"$194.15"},{"v":0,"d":"$0.00"},{"v":0,"d":"$0.00"},{"v":326.49048385800006,"d":"$326.49"}]
[{"$f":"IF(D382=0,\"\",1+MAX(A$12:A381))","v":290},null,"13/16\" Shearboard OSB Sheathing",{"$f":"D376*6.833","v":{"v":191.324,"d":"191.32"}},"SF",{"v":0.1,"d":"10%"},{"v":210.4564,"d":"210.46"},{"v":0.012,"d":"0.01"},{"v":59.89,"d":"$59.89"},{"v":2.5254768000000003,"d":"2.53"},{"v":151.25080555200003,"d":"$151.25"},{"$f":"57.98/32","v":{"v":1.811875,"d":"$1.81"}},{"v":381.32068975,"d":"$381.32"},{"v":0,"d":"$0.00"},{"v":0,"d":"$0.00"},{"v":532.571495302,"d":"$532.57"}]
[{"$f":"IF(D383=0,\"\",1+MAX(A$12:A382))","v":291},null,"2 Layers 60 Min Grade 'D' Paper K-Lath",{"$f":"D376*6.833*2","v":{"v":382.648,"d":"382.65"}},"SF",{"v":0.1,"d":"10%"},{"v":420.9128,"d":"420.91"},{"v":0.004,"d":"0.00"},{"v":59.89,"d":"$59.89"},{"v":1.6836512000000001,"d":"1.68"},{"v":100.833870368,"d":"$100.83"},{"v":0.18,"d":"$0.18"},{"v":75.764304,"d":"$75.76"},{"v":0,"d":"$0.00"},{"v":0,"d":"$0.00"},{"v":176.598174368,"d":"$176.60"}]
[{"$f":"IF(D384=0,\"\",1+MAX(A$12:A383))","v":""}]
[{"$f":"IF(D385=0,\"\",1+MAX(A$12:A384))","v":292},null,"A2: 2x8 Wood Stud \tInterior Wall @ 16\" O.C. (H= 8'-0\")\r",{"v":5,"d":"5.00"},"LF"]
[{"$f":"IF(D386=0,\"\",1+MAX(A$12:A385))","v":293},null,"2x8 Wood Stud @ 16\" O.C.",{"$f":"(D385/1.33)*8","v":{"v":30.075187969924812,"d":"30.08"}},"LF",{"v":0.1,"d":"10%"},{"v":33.08270676691729,"d":"33.08"},{"v":0.024,"d":"0.02"},{"v":59.89,"d":"$59.89"},{"$f":"H386*G386","v":{"v":0.793984962406015,"d":"0.79"}},{"$f":"I386*J386","v":{"v":47.55175939849624,"d":"$47.55"}},{"v":1.67,"d":"$1.67"},{"v":55.24812030075187,"d":"$55.25"},{"v":0,"d":"$0.00"},{"v":0,"d":"$0.00"},{"v":102.79987969924811,"d":"$102.80"}]
[{"$f":"IF(D387=0,\"\",1+MAX(A$12:A386))","v":294},null,"2x8 Top Plates",{"$f":"D385*2","v":{"v":10,"d":"10.00"}},"LF",{"v":0.1,"d":"10%"},{"v":11,"d":"11.00"},{"v":0.024,"d":"0.02"},{"v":59.89,"d":"$59.89"},{"v":0.264,"d":"0.26"},{"v":15.810960000000001,"d":"$15.81"},{"v":1.67,"d":"$1.67"},{"v":18.369999999999997,"d":"$18.37"},{"v":0,"d":"$0.00"},{"v":0,"d":"$0.00"},{"v":34.18096,"d":"$34.18"}]
[{"$f":"IF(D388=0,\"\",1+MAX(A$12:A387))","v":295},null,"2x8 Bottom Plate",{"$f":"D385","v":{"v":5,"d":"5.00"}},"LF",{"v":0.1,"d":"10%"},{"v":5.5,"d":"5.50"},{"v":0.024,"d":"0.02"},{"v":59.89,"d":"$59.89"},{"v":0.132,"d":"0.13"},{"v":7.905480000000001,"d":"$7.91"},{"v":1.67,"d":"$1.67"},{"v":9.184999999999999,"d":"$9.19"},{"v":0,"d":"$0.00"},{"v":0,"d":"$0.00"},{"v":17.09048,"d":"$17.09"}]
[{"$f":"IF(D389=0,\"\",1+MAX(A$12:A388))","v":296},null,"13/16\" Shearboard OSB Sheathing On Both Sides",{"$f":"D385*8*2","v":{"v":80,"d":"80.00"}},"SF",{"v":0.1,"d":"10%"},{"v":88,"d":"88.00"},{"v":0.046,"d":"0.05"},{"v":59.89,"d":"$59.89"},{"v":4.048,"d":"4.05"},{"v":242.43472,"d":"$242.43"},{"v":3.89,"d":"$3.89"},{"v":342.32,"d":"$342.32"},{"v":0,"d":"$0.00"},{"v":0,"d":"$0.00"},{"v":584.75472,"d":"$584.75"}]
[{"$f":"IF(D390=0,\"\",1+MAX(A$12:A389))","v":297},null,"5/8\" Gypsum Board On Both Sides (H=8'-0\")",{"$f":"D385*8*2","v":{"v":80,"d":"80.00"}},"SF",{"v":0.1,"d":"10%"},{"v":88,"d":"88.00"}]
[{"$f":"IF(D391=0,\"\",1+MAX(A$12:A390))","v":298},null,"4'x8' No of Sheets",{"$f":"ROUNDUP(D390/32,0)","v":{"v":3,"d":"3.00"}},"Sheets",{"v":0,"d":"0%"},{"v":3,"d":"3.00"},0.48,{"v":59.89,"d":"$59.89"},{"$f":"H391*G391","v":1.44},{"$f":"I391*J391","v":{"v":86.24159999999999,"d":"$86.24"}},{"v":17.78,"d":"$17.78"},{"$f":"L391*G391","v":{"v":53.34,"d":"$53.34"}},{"v":0,"d":"$0.00"},{"$f":"N391*G391","v":{"v":0,"d":"$0.00"}},{"$f":"IF(D391=\"\",\"\",(K391+M391+O391))","v":{"v":139.58159999999998,"d":"$139.58"}}]
[{"$f":"IF(D392=0,\"\",1+MAX(A$12:A391))","v":299},null,"500' Tape Roll",{"$f":"ROUNDUP(D391*24/500,0)","v":{"v":1,"d":"1.00"}},"Rolls",{"v":0,"d":"0%"},{"v":1,"d":"1.00"},{"v":5,"d":"5.00"},{"v":59.89,"d":"$59.89"},{"v":5,"d":"5.00"},{"v":299.45,"d":"$299.45"},{"v":16.25,"d":"$16.25"},{"v":16.25,"d":"$16.25"},{"v":0,"d":"$0.00"},{"v":0,"d":"$0.00"},{"v":315.7,"d":"$315.70"}]
[{"$f":"IF(D393=0,\"\",1+MAX(A$12:A392))","v":300},null,"Joint Compound",{"$f":"ROUNDUP(D390*0.053,0)","v":{"v":5,"d":"5.00"}},"lbs",{"v":0.1,"d":"10%"},{"v":5.5,"d":"5.50"},0.22,{"v":59.89,"d":"$59.89"},1.21,{"v":72.4669,"d":"$72.47"},{"v":0.5,"d":"$0.50"},{"v":2.75,"d":"$2.75"},{"v":0,"d":"$0.00"},{"v":0,"d":"$0.00"},{"v":75.2169,"d":"$75.22"}]
[{"$f":"IF(D394=0,\"\",1+MAX(A$12:A393))","v":301},null,"1-1/4\" Drywall Screws",{"$f":"ROUNDUP(D390*1.33,0)","v":{"v":107,"d":"107.00"}},"EA",{"v":0,"d":"0%"},{"v":107,"d":"107.00"},{"v":2E-3,"d":"0.00"},{"v":59.89,"d":"$59.89"},{"v":0.214,"d":"0.21"},{"v":12.81646,"d":"$12.82"},{"v":0.06,"d":"$0.06"},{"v":6.42,"d":"$6.42"},{"v":0,"d":"$0.00"},{"v":0,"d":"$0.00"},{"v":19.23646,"d":"$19.24"}]
[{"$f":"IF(D395=0,\"\",1+MAX(A$12:A394))","v":302},null,"Sealant",{"$f":"D385*4","v":{"v":20,"d":"20.00"}},"LF",{"v":0.1,"d":"10%"},{"v":22,"d":"22.00"},{"v":0.025,"d":"0.03"},{"v":59.89,"d":"$59.89"},0.55,{"v":32.9395,"d":"$32.94"},{"v":0.5,"d":"$0.50"},{"v":11,"d":"$11.00"},{"v":0,"d":"$0.00"},{"v":0,"d":"$0.00"},{"v":43.9395,"d":"$43.94"}]
[{"$f":"IF(D396=0,\"\",1+MAX(A$12:A395))","v":""}]
[{"$f":"IF(D397=0,\"\",1+MAX(A$12:A396))","v":303},null,"A2: 2x8 Wood Stud  Interior Wall @ 16\" O.C. (H= 10'-0\")",{"v":5,"d":"5.00"},"LF"]
[{"$f":"IF(D398=0,\"\",1+MAX(A$12:A397))","v":304},null,"2x8 Wood Stud @ 16\" O.C.",{"$f":"(D397/1.33)*10","v":{"v":37.59398496240601,"d":"37.59"}},"LF",{"v":0.1,"d":"10%"},{"$f":"(F398*D398)+D398","v":{"v":41.35338345864661,"d":"41.35"}},{"v":0.024,"d":"0.02"},{"v":59.89,"d":"$59.89"},{"$f":"H398*G398","v":{"v":0.9924812030075187,"d":"0.99"}},{"$f":"I398*J398","v":{"v":59.4396992481203,"d":"$59.44"}},{"v":1.67,"d":"$1.67"},{"$f":"L398*G398","v":{"v":69.06015037593984,"d":"$69.06"}},{"v":0,"d":"$0.00"},{"$f":"N398*G398","v":{"v":0,"d":"$0.00"}},{"$f":"IF(D398=\"\",\"\",(K398+M398+O398))","v":{"v":128.49984962406015,"d":"$128.50"}}]
[{"$f":"IF(D399=0,\"\",1+MAX(A$12:A398))","v":305},null,"2x8 Top Plates",{"$f":"D397*2","v":{"v":10,"d":"10.00"}},"LF",{"v":0.1,"d":"10%"},{"v":11,"d":"11.00"},{"v":0.024,"d":"0.02"},{"v":59.89,"d":"$59.89"},{"v":0.264,"d":"0.26"},{"v":15.810960000000001,"d":"$15.81"},{"v":1.67,"d":"$1.67"},{"v":18.369999999999997,"d":"$18.37"},{"v":0,"d":"$0.00"},{"v":0,"d":"$0.00"},{"v":34.18096,"d":"$34.18"}]
[{"$f":"IF(D400=0,\"\",1+MAX(A$12:A399))","v":306},null,"2x8 Bottom Plate",{"$f":"D397","v":{"v":5,"d":"5.00"}},"LF",{"v":0.1,"d":"10%"},{"v":5.5,"d":"5.50"},{"v":0.024,"d":"0.02"},{"v":59.89,"d":"$59.89"},{"v":0.132,"d":"0.13"},{"v":7.905480000000001,"d":"$7.91"},{"v":1.67,"d":"$1.67"},{"v":9.184999999999999,"d":"$9.19"},{"v":0,"d":"$0.00"},{"v":0,"d":"$0.00"},{"v":17.09048,"d":"$17.09"}]
[{"$f":"IF(D401=0,\"\",1+MAX(A$12:A400))","v":307},null,"13/16\" Shearboard OSB Sheathing On Both Sides",{"$f":"D397*10*2","v":{"v":100,"d":"100.00"}},"SF",{"v":0.1,"d":"10%"},{"v":110,"d":"110.00"},{"v":0.046,"d":"0.05"},{"v":59.89,"d":"$59.89"},5.06,{"v":303.04339999999996,"d":"$303.04"},{"v":3.89,"d":"$3.89"},{"v":427.90000000000003,"d":"$427.90"},{"v":0,"d":"$0.00"},{"v":0,"d":"$0.00"},{"v":730.9434,"d":"$730.94"}]
[{"$f":"IF(D402=0,\"\",1+MAX(A$12:A401))","v":308},null,"5/8\" Gypsum Board On Both Sides (H=10'-0\")",{"$f":"D397*10*2","v":{"v":100,"d":"100.00"}},"SF",{"v":0.1,"d":"10%"},{"v":110,"d":"110.00"}]
[{"$f":"IF(D403=0,\"\",1+MAX(A$12:A402))","v":309},null,"4'x8' No of Sheets",{"$f":"ROUNDUP(D402/32,0)","v":{"v":4,"d":"4.00"}},"Sheets",{"v":0,"d":"0%"},{"v":4,"d":"4.00"},0.48,{"v":59.89,"d":"$59.89"},{"$f":"H403*G403","v":1.92},{"$f":"I403*J403","v":{"v":114.9888,"d":"$114.99"}},{"v":17.78,"d":"$17.78"},{"$f":"L403*G403","v":{"v":71.12,"d":"$71.12"}},{"v":0,"d":"$0.00"},{"$f":"N403*G403","v":{"v":0,"d":"$0.00"}},{"$f":"IF(D403=\"\",\"\",(K403+M403+O403))","v":{"v":186.1088,"d":"$186.11"}}]
[{"$f":"IF(D404=0,\"\",1+MAX(A$12:A403))","v":310},null,"500' Tape Roll",{"$f":"ROUNDUP(D403*24/500,0)","v":{"v":1,"d":"1.00"}},"Rolls",{"v":0,"d":"0%"},{"v":1,"d":"1.00"},{"v":5,"d":"5.00"},{"v":59.89,"d":"$59.89"},{"v":5,"d":"5.00"},{"v":299.45,"d":"$299.45"},{"v":16.25,"d":"$16.25"},{"v":16.25,"d":"$16.25"},{"v":0,"d":"$0.00"},{"v":0,"d":"$0.00"},{"v":315.7,"d":"$315.70"}]
[{"$f":"IF(D405=0,\"\",1+MAX(A$12:A404))","v":311},null,"Joint Compound",{"$f":"ROUNDUP(D402*0.053,0)","v":{"v":6,"d":"6.00"}},"lbs",{"v":0.1,"d":"10%"},{"v":6.6,"d":"6.60"},0.22,{"v":59.89,"d":"$59.89"},{"v":1.452,"d":"1.45"},{"v":86.96028,"d":"$86.96"},{"v":0.5,"d":"$0.50"},{"v":3.3,"d":"$3.30"},{"v":0,"d":"$0.00"},{"v":0,"d":"$0.00"},{"v":90.26028,"d":"$90.26"}]
[{"$f":"IF(D406=0,\"\",1+MAX(A$12:A405))","v":312},null,"1-1/4\" Drywall Screws",{"$f":"ROUNDUP(D402*1.33,0)","v":{"v":133,"d":"133.00"}},"EA",{"v":0,"d":"0%"},{"v":133,"d":"133.00"},{"v":2E-3,"d":"0.00"},{"v":59.89,"d":"$59.89"},{"v":0.266,"d":"0.27"},{"v":15.93074,"d":"$15.93"},{"v":0.06,"d":"$0.06"},{"v":7.9799999999999995,"d":"$7.98"},{"v":0,"d":"$0.00"},{"v":0,"d":"$0.00"},{"v":23.91074,"d":"$23.91"}]
[{"$f":"IF(D407=0,\"\",1+MAX(A$12:A406))","v":313},null,"Sealant",{"$f":"D397*4","v":{"v":20,"d":"20.00"}},"LF",{"v":0.1,"d":"10%"},{"v":22,"d":"22.00"},{"v":0.025,"d":"0.03"},{"v":59.89,"d":"$59.89"},0.55,{"v":32.9395,"d":"$32.94"},{"v":0.5,"d":"$0.50"},{"v":11,"d":"$11.00"},{"v":0,"d":"$0.00"},{"v":0,"d":"$0.00"},{"v":43.9395,"d":"$43.94"}]
[{"$f":"IF(D408=0,\"\",1+MAX(A$12:A407))","v":""}]
[{"$f":"IF(D409=0,\"\",1+MAX(A$12:A408))","v":314},null,"A2: 2x8 Wood Stud Chase Wall @ 16\" O.C. (H= 13'-3\")\r",{"v":25,"d":"25.00"},"LF"]
[{"$f":"IF(D410=0,\"\",1+MAX(A$12:A409))","v":315},null,"2x8 Wood Stud @ 16\" O.C.",{"$f":"(D409/1.33)*13.25","v":{"v":249.06015037593983,"d":"249.06"}},"LF",{"v":0.1,"d":"10%"},{"v":273.9661654135338,"d":"273.97"},{"v":0.024,"d":"0.02"},{"v":59.89,"d":"$59.89"},{"$f":"H410*G410","v":{"v":6.575187969924812,"d":"6.58"}},{"$f":"I410*J410","v":{"v":393.78800751879703,"d":"$393.79"}},{"v":1.67,"d":"$1.67"},{"$f":"L410*G410","v":{"v":457.52349624060145,"d":"$457.52"}},{"v":0,"d":"$0.00"},{"$f":"N410*G410","v":{"v":0,"d":"$0.00"}},{"$f":"IF(D410=\"\",\"\",(K410+M410+O410))","v":{"v":851.3115037593984,"d":"$851.31"}}]
[{"$f":"IF(D411=0,\"\",1+MAX(A$12:A410))","v":316},null,"2x8 Top Plates",{"$f":"D409*2","v":{"v":50,"d":"50.00"}},"LF",{"v":0.1,"d":"10%"},{"v":55,"d":"55.00"},{"v":0.024,"d":"0.02"},{"v":59.89,"d":"$59.89"},1.32,{"v":79.0548,"d":"$79.05"},{"v":1.67,"d":"$1.67"},{"v":91.85,"d":"$91.85"},{"v":0,"d":"$0.00"},{"v":0,"d":"$0.00"},{"v":170.9048,"d":"$170.90"}]
[{"$f":"IF(D412=0,\"\",1+MAX(A$12:A411))","v":317},null,"2x8 Bottom Plate",{"$f":"D409","v":{"v":25,"d":"25.00"}},"LF",{"v":0.1,"d":"10%"},{"v":27.5,"d":"27.50"},{"v":0.024,"d":"0.02"},{"v":59.89,"d":"$59.89"},0.66,{"v":39.5274,"d":"$39.53"},{"v":1.67,"d":"$1.67"},{"v":45.925,"d":"$45.93"},{"v":0,"d":"$0.00"},{"v":0,"d":"$0.00"},{"v":85.4524,"d":"$85.45"}]
[{"$f":"IF(D413=0,\"\",1+MAX(A$12:A412))","v":318},null,"13/16\" Shearboard OSB Sheathing On Both Sides",{"$f":"D409*13.25*2","v":{"v":662.5,"d":"662.50"}},"SF",{"v":0.1,"d":"10%"},728.75,{"v":0.046,"d":"0.05"},{"v":59.89,"d":"$59.89"},{"v":33.5225,"d":"33.52"},{"v":2007.662525,"d":"$2,007.66"},{"v":3.89,"d":"$3.89"},{"v":2834.8375,"d":"$2,834.84"},{"v":0,"d":"$0.00"},{"v":0,"d":"$0.00"},{"v":4842.500025,"d":"$4,842.50"}]
[{"$f":"IF(D414=0,\"\",1+MAX(A$12:A413))","v":319},null,"5/8\" Type X Gypsum Board One One Side (H=13'-3)",{"$f":"D409*13.25*2","v":{"v":662.5,"d":"662.50"}},"SF",{"v":0.1,"d":"10%"},728.75]
[{"$f":"IF(D415=0,\"\",1+MAX(A$12:A414))","v":320},null,"4'x8' No of Sheets",{"$f":"ROUNDUP(D414/32,0)","v":{"v":21,"d":"21.00"}},"Sheets",{"v":0,"d":"0%"},{"v":21,"d":"21.00"},0.48,{"v":59.89,"d":"$59.89"},{"$f":"H415*G415","v":10.08},{"$f":"I415*J415","v":{"v":603.6912,"d":"$603.69"}},{"v":20.38,"d":"$20.38"},{"$f":"L415*G415","v":{"v":427.97999999999996,"d":"$427.98"}},{"v":0,"d":"$0.00"},{"$f":"N415*G415","v":{"v":0,"d":"$0.00"}},{"$f":"IF(D415=\"\",\"\",(K415+M415+O415))","v":{"v":1031.6712,"d":"$1,031.67"}}]
[{"$f":"IF(D416=0,\"\",1+MAX(A$12:A415))","v":321},null,"500' Tape Roll",{"$f":"ROUNDUP(D415*24/500,0)","v":{"v":2,"d":"2.00"}},"Rolls",{"v":0,"d":"0%"},{"v":2,"d":"2.00"},{"v":5,"d":"5.00"},{"v":59.89,"d":"$59.89"},{"v":10,"d":"10.00"},{"v":598.9,"d":"$598.90"},{"v":16.25,"d":"$16.25"},{"v":32.5,"d":"$32.50"},{"v":0,"d":"$0.00"},{"v":0,"d":"$0.00"},{"v":631.4,"d":"$631.40"}]
[{"$f":"IF(D417=0,\"\",1+MAX(A$12:A416))","v":322},null,"Joint Compound",{"$f":"ROUNDUP(D414*0.053,0)","v":{"v":36,"d":"36.00"}},"lbs",{"v":0.1,"d":"10%"},{"v":39.6,"d":"39.60"},0.22,{"v":59.89,"d":"$59.89"},{"v":8.712,"d":"8.71"},{"v":521.76168,"d":"$521.76"},{"v":0.5,"d":"$0.50"},{"v":19.8,"d":"$19.80"},{"v":0,"d":"$0.00"},{"v":0,"d":"$0.00"},{"v":541.5616799999999,"d":"$541.56"}]
[{"$f":"IF(D418=0,\"\",1+MAX(A$12:A417))","v":323},null,"1-1/4\" Drywall Screws",{"$f":"ROUNDUP(D414*1.33,0)","v":{"v":882,"d":"882.00"}},"EA",{"v":0,"d":"0%"},{"v":882,"d":"882.00"},{"v":2E-3,"d":"0.00"},{"v":59.89,"d":"$59.89"},{"v":1.764,"d":"1.76"},{"v":105.64596,"d":"$105.65"},{"v":0.06,"d":"$0.06"},{"v":52.919999999999995,"d":"$52.92"},{"v":0,"d":"$0.00"},{"v":0,"d":"$0.00"},{"v":158.56596,"d":"$158.57"}]
[{"$f":"IF(D419=0,\"\",1+MAX(A$12:A418))","v":324},null,"Sealant",{"$f":"D409*2","v":{"v":50,"d":"50.00"}},"LF",{"v":0.1,"d":"10%"},{"v":55,"d":"55.00"},{"v":0.025,"d":"0.03"},{"v":59.89,"d":"$59.89"},{"v":1.375,"d":"1.38"},{"v":82.34875,"d":"$82.35"},{"v":0.5,"d":"$0.50"},{"v":27.5,"d":"$27.50"},{"v":0,"d":"$0.00"},{"v":0,"d":"$0.00"},{"v":109.84875,"d":"$109.85"}]
[{"$f":"IF(D420=0,\"\",1+MAX(A$12:A419))","v":""}]
[{"$f":"IF(D421=0,\"\",1+MAX(A$12:A420))","v":325},null,"A2: 2x8 Wood Stud Chase Wall @ 16\" O.C. (H= 14'-0\")\r",{"v":24,"d":"24.00"},"LF"]
[{"$f":"IF(D422=0,\"\",1+MAX(A$12:A421))","v":326},null,"2x8 Wood Stud @ 16\" O.C.",{"$f":"(D421/1.33)*14","v":{"v":252.63157894736844,"d":"252.63"}},"LF",{"v":0.1,"d":"10%"},{"v":277.89473684210526,"d":"277.89"},{"v":0.024,"d":"0.02"},{"v":59.89,"d":"$59.89"},{"$f":"H422*G422","v":{"v":6.669473684210526,"d":"6.67"}},{"$f":"I422*J422","v":{"v":399.43477894736844,"d":"$399.43"}},{"v":1.67,"d":"$1.67"},{"$f":"L422*G422","v":{"v":464.08421052631576,"d":"$464.08"}},{"v":0,"d":"$0.00"},{"$f":"N422*G422","v":{"v":0,"d":"$0.00"}},{"$f":"IF(D422=\"\",\"\",(K422+M422+O422))","v":{"v":863.5189894736842,"d":"$863.52"}}]
[{"$f":"IF(D423=0,\"\",1+MAX(A$12:A422))","v":327},null,"2x8 Top Plates",{"$f":"D421*2","v":{"v":48,"d":"48.00"}},"LF",{"v":0.1,"d":"10%"},{"v":52.8,"d":"52.80"},{"v":0.024,"d":"0.02"},{"v":59.89,"d":"$59.89"},{"v":1.2671999999999999,"d":"1.27"},{"v":75.892608,"d":"$75.89"},{"v":1.67,"d":"$1.67"},{"v":88.17599999999999,"d":"$88.18"},{"v":0,"d":"$0.00"},{"v":0,"d":"$0.00"},{"v":164.06860799999998,"d":"$164.07"}]
[{"$f":"IF(D424=0,\"\",1+MAX(A$12:A423))","v":328},null,"2x8 Bottom Plate",{"$f":"D421","v":{"v":24,"d":"24.00"}},"LF",{"v":0.1,"d":"10%"},{"v":26.4,"d":"26.40"},{"v":0.024,"d":"0.02"},{"v":59.89,"d":"$59.89"},{"v":0.6335999999999999,"d":"0.63"},{"v":37.946304,"d":"$37.95"},{"v":1.67,"d":"$1.67"},{"v":44.087999999999994,"d":"$44.09"},{"v":0,"d":"$0.00"},{"v":0,"d":"$0.00"},{"v":82.03430399999999,"d":"$82.03"}]
[{"$f":"IF(D425=0,\"\",1+MAX(A$12:A424))","v":329},null,"13/16\" Shearboard OSB Sheathing On Both Sides",{"$f":"D421*14*2","v":{"v":672,"d":"672.00"}},"SF",{"v":0.1,"d":"10%"},{"v":739.2,"d":"739.20"},{"v":0.046,"d":"0.05"},{"v":59.89,"d":"$59.89"},{"v":34.0032,"d":"34.00"},{"v":2036.451648,"d":"$2,036.45"},{"v":3.89,"d":"$3.89"},{"v":2875.4880000000003,"d":"$2,875.49"},{"v":0,"d":"$0.00"},{"v":0,"d":"$0.00"},{"v":4911.9396480000005,"d":"$4,911.94"}]
[{"$f":"IF(D426=0,\"\",1+MAX(A$12:A425))","v":330},null,"5/8\" Type X Gypsum Board One Side (H=14'-0)",{"$f":"D421*14","v":{"v":336,"d":"336.00"}},"SF",{"v":0.1,"d":"10%"},{"v":369.6,"d":"369.60"}]
[{"$f":"IF(D427=0,\"\",1+MAX(A$12:A426))","v":331},null,"4'x8' No of Sheets",{"$f":"ROUNDUP(D426/32,0)","v":{"v":11,"d":"11.00"}},"Sheets",{"v":0,"d":"0%"},{"v":11,"d":"11.00"},0.48,{"v":59.89,"d":"$59.89"},{"$f":"H427*G427","v":{"v":5.279999999999999,"d":"5.28"}},{"$f":"I427*J427","v":{"v":316.21919999999994,"d":"$316.22"}},{"v":20.38,"d":"$20.38"},{"$f":"L427*G427","v":{"v":224.17999999999998,"d":"$224.18"}},{"v":0,"d":"$0.00"},{"$f":"N427*G427","v":{"v":0,"d":"$0.00"}},{"$f":"IF(D427=\"\",\"\",(K427+M427+O427))","v":{"v":540.3992,"d":"$540.40"}}]
[{"$f":"IF(D428=0,\"\",1+MAX(A$12:A427))","v":332},null,"500' Tape Roll",{"$f":"ROUNDUP(D427*24/500,0)","v":{"v":1,"d":"1.00"}},"Rolls",{"v":0,"d":"0%"},{"v":1,"d":"1.00"},{"v":5,"d":"5.00"},{"v":59.89,"d":"$59.89"},{"v":5,"d":"5.00"},{"v":299.45,"d":"$299.45"},{"v":16.25,"d":"$16.25"},{"v":16.25,"d":"$16.25"},{"v":0,"d":"$0.00"},{"v":0,"d":"$0.00"},{"v":315.7,"d":"$315.70"}]
[{"$f":"IF(D429=0,\"\",1+MAX(A$12:A428))","v":333},null,"Joint Compound",{"$f":"ROUNDUP(D426*0.053,0)","v":{"v":18,"d":"18.00"}},"lbs",{"v":0.1,"d":"10%"},{"v":19.8,"d":"19.80"},0.22,{"v":59.89,"d":"$59.89"},{"v":4.356,"d":"4.36"},{"v":260.88084,"d":"$260.88"},{"v":0.5,"d":"$0.50"},{"v":9.9,"d":"$9.90"},{"v":0,"d":"$0.00"},{"v":0,"d":"$0.00"},{"v":270.78083999999996,"d":"$270.78"}]
[{"$f":"IF(D430=0,\"\",1+MAX(A$12:A429))","v":334},null,"1-1/4\" Drywall Screws",{"$f":"ROUNDUP(D426*1.33,0)","v":{"v":447,"d":"447.00"}},"EA",{"v":0,"d":"0%"},{"v":447,"d":"447.00"},{"v":2E-3,"d":"0.00"},{"v":59.89,"d":"$59.89"},{"v":0.894,"d":"0.89"},{"v":53.54166,"d":"$53.54"},{"v":0.06,"d":"$0.06"},{"v":26.82,"d":"$26.82"},{"v":0,"d":"$0.00"},{"v":0,"d":"$0.00"},{"v":80.36166,"d":"$80.36"}]
[{"$f":"IF(D431=0,\"\",1+MAX(A$12:A430))","v":335},null,"Sealant",{"$f":"D421*2","v":{"v":48,"d":"48.00"}},"LF",{"v":0.1,"d":"10%"},{"v":52.8,"d":"52.80"},{"v":0.025,"d":"0.03"},{"v":59.89,"d":"$59.89"},1.32,{"v":79.0548,"d":"$79.05"},{"v":0.5,"d":"$0.50"},{"v":26.4,"d":"$26.40"},{"v":0,"d":"$0.00"},{"v":0,"d":"$0.00"},{"v":105.4548,"d":"$105.45"}]
[{"$f":"IF(D432=0,\"\",1+MAX(A$12:A431))","v":""}]
[{"$f":"IF(D433=0,\"\",1+MAX(A$12:A432))","v":336},null,"A2: 2x8 Wood Stud Interior Wall @ 16\" O.C. (H= 13'-3\")\r",{"v":61,"d":"61.00"},"LF"]
[{"$f":"IF(D434=0,\"\",1+MAX(A$12:A433))","v":337},null,"2x8 Wood Stud @ 16\" O.C.",{"$f":"(D433/1.33)*13.25","v":{"v":607.7067669172932,"d":"607.71"}},"LF",{"v":0.1,"d":"10%"},{"v":668.4774436090225,"d":"668.48"},{"v":0.024,"d":"0.02"},{"v":59.89,"d":"$59.89"},{"$f":"H434*G434","v":{"v":16.043458646616543,"d":"16.04"}},{"$f":"I434*J434","v":{"v":960.8427383458647,"d":"$960.84"}},{"v":1.67,"d":"$1.67"},{"$f":"L434*G434","v":{"v":1116.3573308270677,"d":"$1,116.36"}},{"v":0,"d":"$0.00"},{"$f":"N434*G434","v":{"v":0,"d":"$0.00"}},{"$f":"IF(D434=\"\",\"\",(K434+M434+O434))","v":{"v":2077.2000691729327,"d":"$2,077.20"}}]
[{"$f":"IF(D435=0,\"\",1+MAX(A$12:A434))","v":338},null,"2x8 Top Plates",{"$f":"D433*2","v":{"v":122,"d":"122.00"}},"LF",{"v":0.1,"d":"10%"},{"v":134.2,"d":"134.20"},{"v":0.024,"d":"0.02"},{"v":59.89,"d":"$59.89"},{"v":3.2207999999999997,"d":"3.22"},{"v":192.893712,"d":"$192.89"},{"v":1.67,"d":"$1.67"},{"v":224.11399999999998,"d":"$224.11"},{"v":0,"d":"$0.00"},{"v":0,"d":"$0.00"},{"v":417.00771199999997,"d":"$417.01"}]
[{"$f":"IF(D436=0,\"\",1+MAX(A$12:A435))","v":339},null,"2x8 Bottom Plate",{"$f":"D433","v":{"v":61,"d":"61.00"}},"LF",{"v":0.1,"d":"10%"},{"v":67.1,"d":"67.10"},{"v":0.024,"d":"0.02"},{"v":59.89,"d":"$59.89"},{"v":1.6103999999999998,"d":"1.61"},{"v":96.446856,"d":"$96.45"},{"v":1.67,"d":"$1.67"},{"v":112.05699999999999,"d":"$112.06"},{"v":0,"d":"$0.00"},{"v":0,"d":"$0.00"},{"v":208.50385599999998,"d":"$208.50"}]
[{"$f":"IF(D437=0,\"\",1+MAX(A$12:A436))","v":340},null,"13/16\" Shearboard OSB Sheathing On Both Sides",{"$f":"D433*13.25","v":808.25},"SF",{"v":0.1,"d":"10%"},{"v":889.075,"d":"889.08"},{"v":0.046,"d":"0.05"},{"v":59.89,"d":"$59.89"},{"v":40.89745,"d":"40.90"},{"v":2449.3482805,"d":"$2,449.35"},{"v":3.89,"d":"$3.89"},{"v":3458.5017500000004,"d":"$3,458.50"},{"v":0,"d":"$0.00"},{"v":0,"d":"$0.00"},{"v":5907.8500305,"d":"$5,907.85"}]
[{"$f":"IF(D438=0,\"\",1+MAX(A$12:A437))","v":341},null,"5/8\" Type X Gypsum Board One Both Sides (H=13'-3)",{"$f":"D433*13.25*2","v":{"v":1616.5,"d":"1,616.50"}},"SF",{"v":0.1,"d":"10%"},1778.15]
[{"$f":"IF(D439=0,\"\",1+MAX(A$12:A438))","v":342},null,"4'x8' No of Sheets",{"$f":"ROUNDUP(D438/32,0)","v":{"v":51,"d":"51.00"}},"Sheets",{"v":0,"d":"0%"},{"v":51,"d":"51.00"},0.48,{"v":59.89,"d":"$59.89"},{"$f":"H439*G439","v":24.48},{"$f":"I439*J439","v":{"v":1466.1072000000001,"d":"$1,466.11"}},{"v":20.38,"d":"$20.38"},{"$f":"L439*G439","v":{"v":1039.3799999999999,"d":"$1,039.38"}},{"v":0,"d":"$0.00"},{"$f":"N439*G439","v":{"v":0,"d":"$0.00"}},{"$f":"IF(D439=\"\",\"\",(K439+M439+O439))","v":{"v":2505.4872,"d":"$2,505.49"}}]
[{"$f":"IF(D440=0,\"\",1+MAX(A$12:A439))","v":343},null,"500' Tape Roll",{"$f":"ROUNDUP(D439*24/500,0)","v":{"v":3,"d":"3.00"}},"Rolls",{"v":0,"d":"0%"},{"v":3,"d":"3.00"},{"v":5,"d":"5.00"},{"v":59.89,"d":"$59.89"},{"v":15,"d":"15.00"},{"v":898.35,"d":"$898.35"},{"v":16.25,"d":"$16.25"},{"v":48.75,"d":"$48.75"},{"v":0,"d":"$0.00"},{"v":0,"d":"$0.00"},{"v":947.1,"d":"$947.10"}]
[{"$f":"IF(D441=0,\"\",1+MAX(A$12:A440))","v":344},null,"Joint Compound",{"$f":"ROUNDUP(D438*0.053,0)","v":{"v":86,"d":"86.00"}},"lbs",{"v":0.1,"d":"10%"},{"v":94.6,"d":"94.60"},0.22,{"v":59.89,"d":"$59.89"},{"v":20.811999999999998,"d":"20.81"},{"v":1246.43068,"d":"$1,246.43"},{"v":0.5,"d":"$0.50"},{"v":47.3,"d":"$47.30"},{"v":0,"d":"$0.00"},{"v":0,"d":"$0.00"},{"v":1293.73068,"d":"$1,293.73"}]
[{"$f":"IF(D442=0,\"\",1+MAX(A$12:A441))","v":345},null,"1-1/4\" Drywall Screws",{"$f":"ROUNDUP(D438*1.33,0)","v":{"v":2150,"d":"2,150.00"}},"EA",{"v":0,"d":"0%"},{"v":2150,"d":"2150.00"},{"v":2E-3,"d":"0.00"},{"v":59.89,"d":"$59.89"},{"v":4.3,"d":"4.30"},{"v":257.527,"d":"$257.53"},{"v":0.06,"d":"$0.06"},{"v":129,"d":"$129.00"},{"v":0,"d":"$0.00"},{"v":0,"d":"$0.00"},{"v":386.527,"d":"$386.53"}]
[{"$f":"IF(D443=0,\"\",1+MAX(A$12:A442))","v":346},null,"Sealant",{"$f":"D433*4","v":{"v":244,"d":"244.00"}},"LF",{"v":0.1,"d":"10%"},{"v":268.4,"d":"268.40"},{"v":0.025,"d":"0.03"},{"v":59.89,"d":"$59.89"},6.71,{"v":401.8619,"d":"$401.86"},{"v":0.5,"d":"$0.50"},{"v":134.2,"d":"$134.20"},{"v":0,"d":"$0.00"},{"v":0,"d":"$0.00"},{"v":536.0618999999999,"d":"$536.06"}]
[{"$f":"IF(D444=0,\"\",1+MAX(A$12:A443))","v":""}]
[{"$f":"IF(D445=0,\"\",1+MAX(A$12:A444))","v":347},null,"A2: 2x8 Wood Stud Interior Wall @ 16\" O.C. (H= 14'-0\")",{"v":56,"d":"56.00"},"LF"]
[{"$f":"IF(D446=0,\"\",1+MAX(A$12:A445))","v":348},null,"2x8 Wood Stud @ 16\" O.C.",{"$f":"(D445/1.33)*14","v":{"v":589.4736842105262,"d":"589.47"}},"LF",{"v":0.1,"d":"10%"},{"v":648.4210526315788,"d":"648.42"},{"v":0.024,"d":"0.02"},{"v":59.89,"d":"$59.89"},{"$f":"H446*G446","v":{"v":15.562105263157893,"d":"15.56"}},{"$f":"I446*J446","v":{"v":932.0144842105262,"d":"$932.01"}},{"v":1.67,"d":"$1.67"},{"$f":"L446*G446","v":{"v":1082.8631578947366,"d":"$1,082.86"}},{"v":0,"d":"$0.00"},{"$f":"N446*G446","v":{"v":0,"d":"$0.00"}},{"$f":"IF(D446=\"\",\"\",(K446+M446+O446))","v":{"v":2014.8776421052628,"d":"$2,014.88"}}]
[{"$f":"IF(D447=0,\"\",1+MAX(A$12:A446))","v":349},null,"2x8 Top Plates",{"$f":"D445*2","v":{"v":112,"d":"112.00"}},"LF",{"v":0.1,"d":"10%"},{"v":123.2,"d":"123.20"},{"v":0.024,"d":"0.02"},{"v":59.89,"d":"$59.89"},{"v":2.9568000000000003,"d":"2.96"},{"v":177.08275200000003,"d":"$177.08"},{"v":1.67,"d":"$1.67"},{"v":205.744,"d":"$205.74"},{"v":0,"d":"$0.00"},{"v":0,"d":"$0.00"},{"v":382.82675200000006,"d":"$382.83"}]
[{"$f":"IF(D448=0,\"\",1+MAX(A$12:A447))","v":350},null,"2x8 Bottom Plate",{"$f":"D445","v":{"v":56,"d":"56.00"}},"LF",{"v":0.1,"d":"10%"},{"v":61.6,"d":"61.60"},{"v":0.024,"d":"0.02"},{"v":59.89,"d":"$59.89"},{"v":1.4784000000000002,"d":"1.48"},{"v":88.54137600000001,"d":"$88.54"},{"v":1.67,"d":"$1.67"},{"v":102.872,"d":"$102.87"},{"v":0,"d":"$0.00"},{"v":0,"d":"$0.00"},{"v":191.41337600000003,"d":"$191.41"}]
[{"$f":"IF(D449=0,\"\",1+MAX(A$12:A448))","v":351},null,"13/16\" Shearboard OSB Sheathing On Both Sides",{"$f":"D445*2*14","v":{"v":1568,"d":"1,568.00"}},"SF",{"v":0.1,"d":"10%"},{"v":1724.8,"d":"1724.80"},{"v":0.046,"d":"0.05"},{"v":59.89,"d":"$59.89"},{"v":79.3408,"d":"79.34"},{"v":4751.720512,"d":"$4,751.72"},{"v":3.89,"d":"$3.89"},{"v":6709.472,"d":"$6,709.47"},{"v":0,"d":"$0.00"},{"v":0,"d":"$0.00"},{"v":11461.192512,"d":"$11,461.19"}]
[{"$f":"IF(D450=0,\"\",1+MAX(A$12:A449))","v":352},null,"5/8\" Type X Gypsum Board One Both Sides (H=14'-0)",{"$f":"D445*14*2","v":{"v":1568,"d":"1,568.00"}},"SF",{"v":0.1,"d":"10%"},{"v":1724.8,"d":"1724.80"}]
[{"$f":"IF(D451=0,\"\",1+MAX(A$12:A450))","v":353},null,"4'x8' No of Sheets",{"$f":"ROUNDUP(D450/32,0)","v":{"v":49,"d":"49.00"}},"Sheets",{"v":0,"d":"0%"},{"v":49,"d":"49.00"},0.48,{"v":59.89,"d":"$59.89"},{"$f":"H451*G451","v":23.52},{"$f":"I451*J451","v":{"v":1408.6127999999999,"d":"$1,408.61"}},{"v":20.38,"d":"$20.38"},{"$f":"L451*G451","v":{"v":998.62,"d":"$998.62"}},{"v":0,"d":"$0.00"},{"$f":"N451*G451","v":{"v":0,"d":"$0.00"}},{"$f":"IF(D451=\"\",\"\",(K451+M451+O451))","v":{"v":2407.2327999999998,"d":"$2,407.23"}}]
[{"$f":"IF(D452=0,\"\",1+MAX(A$12:A451))","v":354},null,"500' Tape Roll",{"$f":"ROUNDUP(D451*24/500,0)","v":{"v":3,"d":"3.00"}},"Rolls",{"v":0,"d":"0%"},{"v":3,"d":"3.00"},{"v":5,"d":"5.00"},{"v":59.89,"d":"$59.89"},{"v":15,"d":"15.00"},{"v":898.35,"d":"$898.35"},{"v":16.25,"d":"$16.25"},{"v":48.75,"d":"$48.75"},{"v":0,"d":"$0.00"},{"v":0,"d":"$0.00"},{"v":947.1,"d":"$947.10"}]
[{"$f":"IF(D453=0,\"\",1+MAX(A$12:A452))","v":355},null,"Joint Compound",{"$f":"ROUNDUP(D450*0.053,0)","v":{"v":84,"d":"84.00"}},"lbs",{"v":0.1,"d":"10%"},{"v":92.4,"d":"92.40"},0.22,{"v":59.89,"d":"$59.89"},{"v":20.328000000000003,"d":"20.33"},{"v":1217.4439200000002,"d":"$1,217.44"},{"v":0.5,"d":"$0.50"},{"v":46.2,"d":"$46.20"},{"v":0,"d":"$0.00"},{"v":0,"d":"$0.00"},{"v":1263.6439200000002,"d":"$1,263.64"}]
[{"$f":"IF(D454=0,\"\",1+MAX(A$12:A453))","v":356},null,"1-1/4\" Drywall Screws",{"$f":"ROUNDUP(D450*1.33,0)","v":{"v":2086,"d":"2,086.00"}},"EA",{"v":0,"d":"0%"},{"v":2086,"d":"2086.00"},{"v":2E-3,"d":"0.00"},{"v":59.89,"d":"$59.89"},{"v":4.172,"d":"4.17"},{"v":249.86108,"d":"$249.86"},{"v":0.06,"d":"$0.06"},{"v":125.16,"d":"$125.16"},{"v":0,"d":"$0.00"},{"v":0,"d":"$0.00"},{"v":375.02108,"d":"$375.02"}]
[{"$f":"IF(D455=0,\"\",1+MAX(A$12:A454))","v":357},null,"Sealant",{"$f":"D445*4","v":{"v":224,"d":"224.00"}},"LF",{"v":0.1,"d":"10%"},{"v":246.4,"d":"246.40"},{"v":0.025,"d":"0.03"},{"v":59.89,"d":"$59.89"},6.16,{"v":368.92240000000004,"d":"$368.92"},{"v":0.5,"d":"$0.50"},{"v":123.2,"d":"$123.20"},{"v":0,"d":"$0.00"},{"v":0,"d":"$0.00"},{"v":492.1224,"d":"$492.12"}]
[{"$f":"IF(D456=0,\"\",1+MAX(A$12:A455))","v":""}]
[{"$f":"IF(D457=0,\"\",1+MAX(A$12:A456))","v":358},null,"B1: 3-5/8\" Stud Interior Wall @ 16\" O.C. (H= 8'-0\")\r",{"v":12,"d":"12.00"},"LF"]
[{"$f":"IF(D458=0,\"\",1+MAX(A$12:A457))","v":359},null,"3-5/8\" Metal Stud @ 16\" O.C.",{"$f":"(D457/1.33)*8","v":{"v":72.18045112781955,"d":"72.18"}},"LF",{"v":0.1,"d":"10%"},{"v":79.3984962406015,"d":"79.40"},{"v":0.045,"d":"0.05"},{"v":59.89,"d":"$59.89"},{"$f":"H458*G458","v":{"v":3.5729323308270673,"d":"3.57"}},{"$f":"I458*J458","v":{"v":213.98291729323307,"d":"$213.98"}},{"v":3.72,"d":"$3.72"},{"$f":"L458*G458","v":{"v":295.3624060150376,"d":"$295.36"}},{"v":0,"d":"$0.00"},{"$f":"N458*G458","v":{"v":0,"d":"$0.00"}},{"$f":"IF(D458=\"\",\"\",(K458+M458+O458))","v":{"v":509.3453233082707,"d":"$509.35"}}]
[{"$f":"IF(D459=0,\"\",1+MAX(A$12:A458))","v":360},null,"3-5/8\" Top Runner",{"$f":"D457","v":{"v":12,"d":"12.00"}},"LF",{"v":0.1,"d":"10%"},{"v":13.2,"d":"13.20"},{"v":0.045,"d":"0.05"},{"v":59.89,"d":"$59.89"},{"v":0.594,"d":"0.59"},{"v":35.57466,"d":"$35.57"},{"v":3.72,"d":"$3.72"},{"v":49.104,"d":"$49.10"},{"v":0,"d":"$0.00"},{"v":0,"d":"$0.00"},{"v":84.67866000000001,"d":"$84.68"}]
[{"$f":"IF(D460=0,\"\",1+MAX(A$12:A459))","v":361},null,"3-5/8\" Bottom Runner",{"$f":"D457","v":{"v":12,"d":"12.00"}},"LF",{"v":0.1,"d":"10%"},{"v":13.2,"d":"13.20"},{"v":0.045,"d":"0.05"},{"v":59.89,"d":"$59.89"},{"v":0.594,"d":"0.59"},{"v":35.57466,"d":"$35.57"},{"v":3.72,"d":"$3.72"},{"v":49.104,"d":"$49.10"},{"v":0,"d":"$0.00"},{"v":0,"d":"$0.00"},{"v":84.67866000000001,"d":"$84.68"}]
[{"$f":"IF(D461=0,\"\",1+MAX(A$12:A460))","v":362},null,"5/8\" Type X Moisture Resistant Gypsum Board One Both Sides (H=8'-0)",{"$f":"D457*8*2","v":{"v":192,"d":"192.00"}},"SF",{"v":0.1,"d":"10%"},{"v":211.2,"d":"211.20"}]
[{"$f":"IF(D462=0,\"\",1+MAX(A$12:A461))","v":363},null,"4'x8' No of Sheets",{"$f":"ROUNDUP(D461/32,0)","v":{"v":6,"d":"6.00"}},"Sheets",{"v":0,"d":"0%"},{"v":6,"d":"6.00"},0.48,{"v":59.89,"d":"$59.89"},{"$f":"H462*G462","v":2.88},{"$f":"I462*J462","v":{"v":172.48319999999998,"d":"$172.48"}},{"v":26.46,"d":"$26.46"},{"v":158.76,"d":"$158.76"},{"v":0,"d":"$0.00"},{"v":0,"d":"$0.00"},{"v":331.2432,"d":"$331.24"}]
[{"$f":"IF(D463=0,\"\",1+MAX(A$12:A462))","v":364},null,"500' Tape Roll",{"$f":"ROUNDUP(D462*24/500,0)","v":{"v":1,"d":"1.00"}},"Rolls",{"v":0,"d":"0%"},{"v":1,"d":"1.00"},{"v":5,"d":"5.00"},{"v":59.89,"d":"$59.89"},{"v":5,"d":"5.00"},{"v":299.45,"d":"$299.45"},{"v":16.25,"d":"$16.25"},{"v":16.25,"d":"$16.25"},{"v":0,"d":"$0.00"},{"v":0,"d":"$0.00"},{"v":315.7,"d":"$315.70"}]
[{"$f":"IF(D464=0,\"\",1+MAX(A$12:A463))","v":365},null,"Joint Compound",{"$f":"ROUNDUP(D461*0.053,0)","v":{"v":11,"d":"11.00"}},"lbs",{"v":0.1,"d":"10%"},{"v":12.1,"d":"12.10"},0.22,{"v":59.89,"d":"$59.89"},{"v":2.662,"d":"2.66"},{"v":159.42718,"d":"$159.43"},{"v":0.5,"d":"$0.50"},{"v":6.05,"d":"$6.05"},{"v":0,"d":"$0.00"},{"v":0,"d":"$0.00"},{"v":165.47718,"d":"$165.48"}]
[{"$f":"IF(D465=0,\"\",1+MAX(A$12:A464))","v":366},null,"1-1/4\" Drywall Screws",{"$f":"ROUNDUP(D461*1.33,0)","v":{"v":256,"d":"256.00"}},"EA",{"v":0,"d":"0%"},{"v":256,"d":"256.00"},{"v":2E-3,"d":"0.00"},{"v":59.89,"d":"$59.89"},{"v":0.512,"d":"0.51"},{"v":30.66368,"d":"$30.66"},{"v":0.06,"d":"$0.06"},{"v":15.36,"d":"$15.36"},{"v":0,"d":"$0.00"},{"v":0,"d":"$0.00"},{"v":46.02368,"d":"$46.02"}]
[{"$f":"IF(D466=0,\"\",1+MAX(A$12:A465))","v":367},null,"Sealant",{"$f":"D457*4","v":{"v":48,"d":"48.00"}},"LF",{"v":0.1,"d":"10%"},{"v":52.8,"d":"52.80"},{"v":0.025,"d":"0.03"},{"v":59.89,"d":"$59.89"},1.32,{"v":79.0548,"d":"$79.05"},{"v":0.5,"d":"$0.50"},{"v":26.4,"d":"$26.40"},{"v":0,"d":"$0.00"},{"v":0,"d":"$0.00"},{"v":105.4548,"d":"$105.45"}]
[{"$f":"IF(D467=0,\"\",1+MAX(A$12:A466))","v":""}]
[{"$f":"IF(D468=0,\"\",1+MAX(A$12:A467))","v":368},null,"B1: 3-5/8\" Stud Interior Wall @ 16\" O.C. (H= 14'-0\")",{"v":23,"d":"23.00"},"LF"]
[{"$f":"IF(D469=0,\"\",1+MAX(A$12:A468))","v":369},null,"3-5/8\" Metal Stud @ 16\" O.C.",{"$f":"(D468/1.33)*14","v":{"v":242.10526315789474,"d":"242.11"}},"LF",{"v":0.1,"d":"10%"},{"v":266.3157894736842,"d":"266.32"},{"v":0.045,"d":"0.05"},{"v":59.89,"d":"$59.89"},{"$f":"H469*G469","v":{"v":11.98421052631579,"d":"11.98"}},{"$f":"I469*J469","v":{"v":717.7343684210526,"d":"$717.73"}},{"v":3.72,"d":"$3.72"},{"$f":"L469*G469","v":{"v":990.6947368421054,"d":"$990.69"}},{"v":0,"d":"$0.00"},{"$f":"N469*G469","v":{"v":0,"d":"$0.00"}},{"$f":"IF(D469=\"\",\"\",(K469+M469+O469))","v":{"v":1708.429105263158,"d":"$1,708.43"}}]
[{"$f":"IF(D470=0,\"\",1+MAX(A$12:A469))","v":370},null,"3-5/8\" Top Runner",{"$f":"D468","v":{"v":23,"d":"23.00"}},"LF",{"v":0.1,"d":"10%"},{"v":25.3,"d":"25.30"},{"v":0.045,"d":"0.05"},{"v":59.89,"d":"$59.89"},{"v":1.1385,"d":"1.14"},{"v":68.184765,"d":"$68.18"},{"v":3.72,"d":"$3.72"},{"v":94.11600000000001,"d":"$94.12"},{"v":0,"d":"$0.00"},{"v":0,"d":"$0.00"},{"v":162.300765,"d":"$162.30"}]
[{"$f":"IF(D471=0,\"\",1+MAX(A$12:A470))","v":371},null,"3-5/8\" Bottom Runner",{"$f":"D468","v":{"v":23,"d":"23.00"}},"LF",{"v":0.1,"d":"10%"},{"v":25.3,"d":"25.30"},{"v":0.045,"d":"0.05"},{"v":59.89,"d":"$59.89"},{"v":1.1385,"d":"1.14"},{"v":68.184765,"d":"$68.18"},{"v":3.72,"d":"$3.72"},{"v":94.11600000000001,"d":"$94.12"},{"v":0,"d":"$0.00"},{"v":0,"d":"$0.00"},{"v":162.300765,"d":"$162.30"}]
[{"$f":"IF(D472=0,\"\",1+MAX(A$12:A471))","v":372},null,"5/8\" Type X Gypsum Board On Both Sides (H=14'-0)",{"$f":"D468*14*2","v":{"v":644,"d":"644.00"}},"SF",{"v":0.1,"d":"10%"},{"v":708.4,"d":"708.40"}]
[{"$f":"IF(D473=0,\"\",1+MAX(A$12:A472))","v":373},null,"4'x8' No of Sheets",{"$f":"ROUNDUP(D472/32,0)","v":{"v":21,"d":"21.00"}},"Sheets",{"v":0,"d":"0%"},{"v":21,"d":"21.00"},0.48,{"v":59.89,"d":"$59.89"},{"$f":"H473*G473","v":10.08},{"$f":"I473*J473","v":{"v":603.6912,"d":"$603.69"}},{"v":20.38,"d":"$20.38"},{"$f":"L473*G473","v":{"v":427.97999999999996,"d":"$427.98"}},{"v":0,"d":"$0.00"},{"$f":"N473*G473","v":{"v":0,"d":"$0.00"}},{"$f":"IF(D473=\"\",\"\",(K473+M473+O473))","v":{"v":1031.6712,"d":"$1,031.67"}}]
[{"$f":"IF(D474=0,\"\",1+MAX(A$12:A473))","v":374},null,"500' Tape Roll",{"$f":"ROUNDUP(D473*24/500,0)","v":{"v":2,"d":"2.00"}},"Rolls",{"v":0,"d":"0%"},{"v":2,"d":"2.00"},{"v":5,"d":"5.00"},{"v":59.89,"d":"$59.89"},{"v":10,"d":"10.00"},{"v":598.9,"d":"$598.90"},{"v":16.25,"d":"$16.25"},{"v":32.5,"d":"$32.50"},{"v":0,"d":"$0.00"},{"v":0,"d":"$0.00"},{"v":631.4,"d":"$631.40"}]
[{"$f":"IF(D475=0,\"\",1+MAX(A$12:A474))","v":375},null,"Joint Compound",{"$f":"ROUNDUP(D472*0.053,0)","v":{"v":35,"d":"35.00"}},"lbs",{"v":0.1,"d":"10%"},{"v":38.5,"d":"38.50"},0.22,{"v":59.89,"d":"$59.89"},8.47,{"v":507.26830000000007,"d":"$507.27"},{"v":0.5,"d":"$0.50"},{"v":19.25,"d":"$19.25"},{"v":0,"d":"$0.00"},{"v":0,"d":"$0.00"},{"v":526.5183000000001,"d":"$526.52"}]
[{"$f":"IF(D476=0,\"\",1+MAX(A$12:A475))","v":376},null,"1-1/4\" Drywall Screws",{"$f":"ROUNDUP(D472*1.33,0)","v":{"v":857,"d":"857.00"}},"EA",{"v":0,"d":"0%"},{"v":857,"d":"857.00"},{"v":2E-3,"d":"0.00"},{"v":59.89,"d":"$59.89"},{"v":1.714,"d":"1.71"},{"v":102.65146,"d":"$102.65"},{"v":0.06,"d":"$0.06"},{"v":51.419999999999995,"d":"$51.42"},{"v":0,"d":"$0.00"},{"v":0,"d":"$0.00"},{"v":154.07146,"d":"$154.07"}]
[{"$f":"IF(D477=0,\"\",1+MAX(A$12:A476))","v":377},null,"Sealant",{"$f":"D468*4","v":{"v":92,"d":"92.00"}},"LF",{"v":0.1,"d":"10%"},{"v":101.2,"d":"101.20"},{"v":0.025,"d":"0.03"},{"v":59.89,"d":"$59.89"},{"v":2.5300000000000002,"d":"2.53"},{"v":151.5217,"d":"$151.52"},{"v":0.5,"d":"$0.50"},{"v":50.6,"d":"$50.60"},{"v":0,"d":"$0.00"},{"v":0,"d":"$0.00"},{"v":202.1217,"d":"$202.12"}]
[{"$f":"IF(D478=0,\"\",1+MAX(A$12:A477))","v":""}]
[{"$f":"IF(D479=0,\"\",1+MAX(A$12:A478))","v":378},null,"B1: 3-5/8\" Metal Stud Interior Wall @ 16\" O.C. (H= 13'-4\")\r",{"v":26,"d":"26.00"},"LF"]
[{"$f":"IF(D480=0,\"\",1+MAX(A$12:A479))","v":379},null,"3-5/8\" Metal Stud @ 16\" O.C.",{"$f":"(D479/1.33)*13.33","v":{"v":260.5864661654135,"d":"260.59"}},"LF",{"v":0.1,"d":"10%"},{"v":286.6451127819549,"d":"286.65"},{"v":0.045,"d":"0.05"},{"v":59.89,"d":"$59.89"},{"$f":"H480*G480","v":{"v":12.89903007518797,"d":"12.90"}},{"$f":"I480*J480","v":{"v":772.5229112030075,"d":"$772.52"}},{"v":3.72,"d":"$3.72"},{"$f":"L480*G480","v":{"v":1066.3198195488721,"d":"$1,066.32"}},{"v":0,"d":"$0.00"},{"$f":"N480*G480","v":{"v":0,"d":"$0.00"}},{"$f":"IF(D480=\"\",\"\",(K480+M480+O480))","v":{"v":1838.8427307518796,"d":"$1,838.84"}}]
[{"$f":"IF(D481=0,\"\",1+MAX(A$12:A480))","v":380},null,"3-5/8\" Top Runner",{"$f":"D479","v":{"v":26,"d":"26.00"}},"LF",{"v":0.1,"d":"10%"},{"v":28.6,"d":"28.60"},{"v":0.045,"d":"0.05"},{"v":59.89,"d":"$59.89"},{"v":1.287,"d":"1.29"},{"v":77.07843,"d":"$77.08"},{"v":3.72,"d":"$3.72"},{"v":106.39200000000001,"d":"$106.39"},{"v":0,"d":"$0.00"},{"v":0,"d":"$0.00"},{"v":183.47043000000002,"d":"$183.47"}]
[{"$f":"IF(D482=0,\"\",1+MAX(A$12:A481))","v":381},null,"3-5/8\" Bottom Runner",{"$f":"D479","v":{"v":26,"d":"26.00"}},"LF",{"v":0.1,"d":"10%"},{"v":28.6,"d":"28.60"},{"v":0.045,"d":"0.05"},{"v":59.89,"d":"$59.89"},{"v":1.287,"d":"1.29"},{"v":77.07843,"d":"$77.08"},{"v":3.72,"d":"$3.72"},{"v":106.39200000000001,"d":"$106.39"},{"v":0,"d":"$0.00"},{"v":0,"d":"$0.00"},{"v":183.47043000000002,"d":"$183.47"}]
[{"$f":"IF(D483=0,\"\",1+MAX(A$12:A482))","v":382},null,"5/8\" Moisture Resistant Gypsum Board One Side (H=13'-4)",{"$f":"D479*13.33","v":346.58},"SF",{"v":0.1,"d":"10%"},{"v":381.238,"d":"381.24"}]
[{"$f":"IF(D484=0,\"\",1+MAX(A$12:A483))","v":383},null,"4'x8' No of Sheets",{"$f":"ROUNDUP(D483/32,0)","v":{"v":11,"d":"11.00"}},"Sheets",{"v":0,"d":"0%"},{"v":11,"d":"11.00"},0.48,{"v":59.89,"d":"$59.89"},{"$f":"H484*G484","v":{"v":5.279999999999999,"d":"5.28"}},{"$f":"I484*J484","v":{"v":316.21919999999994,"d":"$316.22"}},{"v":23.98,"d":"$23.98"},{"$f":"L484*G484","v":{"v":263.78000000000003,"d":"$263.78"}},{"v":0,"d":"$0.00"},{"$f":"N484*G484","v":{"v":0,"d":"$0.00"}},{"$f":"IF(D484=\"\",\"\",(K484+M484+O484))","v":{"v":579.9992,"d":"$580.00"}}]
[{"$f":"IF(D485=0,\"\",1+MAX(A$12:A484))","v":384},null,"500' Tape Roll",{"$f":"ROUNDUP(D484*24/500,0)","v":{"v":1,"d":"1.00"}},"Rolls",{"v":0,"d":"0%"},{"$f":"(F485*D485)+D485","v":{"v":1,"d":"1.00"}},{"v":5,"d":"5.00"},{"v":59.89,"d":"$59.89"},{"v":5,"d":"5.00"},{"v":299.45,"d":"$299.45"},{"v":16.25,"d":"$16.25"},{"v":16.25,"d":"$16.25"},{"v":0,"d":"$0.00"},{"v":0,"d":"$0.00"},{"v":315.7,"d":"$315.70"}]
[{"$f":"IF(D486=0,\"\",1+MAX(A$12:A485))","v":385},null,"Joint Compound",{"$f":"ROUNDUP(D483*0.053,0)","v":{"v":19,"d":"19.00"}},"lbs",{"v":0.1,"d":"10%"},{"v":20.9,"d":"20.90"},0.22,{"v":59.89,"d":"$59.89"},{"v":4.598,"d":"4.60"},{"v":275.37422,"d":"$275.37"},{"v":0.5,"d":"$0.50"},{"v":10.45,"d":"$10.45"},{"v":0,"d":"$0.00"},{"v":0,"d":"$0.00"},{"v":285.82421999999997,"d":"$285.82"}]
[{"$f":"IF(D487=0,\"\",1+MAX(A$12:A486))","v":386},null,"1-1/4\" Drywall Screws",{"$f":"ROUNDUP(D483*1.33,0)","v":{"v":461,"d":"461.00"}},"EA",{"v":0,"d":"0%"},{"v":461,"d":"461.00"},{"v":2E-3,"d":"0.00"},{"v":59.89,"d":"$59.89"},{"v":0.922,"d":"0.92"},{"v":55.21858,"d":"$55.22"},{"v":0.06,"d":"$0.06"},{"v":27.66,"d":"$27.66"},{"v":0,"d":"$0.00"},{"v":0,"d":"$0.00"},{"v":82.87858,"d":"$82.88"}]
[{"$f":"IF(D488=0,\"\",1+MAX(A$12:A487))","v":387},null,"5/8\" Type X Gypsum Board One Side (H=13'-4)",{"$f":"D479*13.33","v":346.58},"SF",{"v":0.1,"d":"10%"},{"v":381.238,"d":"381.24"}]
[{"$f":"IF(D489=0,\"\",1+MAX(A$12:A488))","v":388},null,"4'x8' No of Sheets",{"$f":"ROUNDUP(D488/32,0)","v":{"v":11,"d":"11.00"}},"Sheets",{"v":0,"d":"0%"},{"v":11,"d":"11.00"},0.48,{"v":59.89,"d":"$59.89"},{"$f":"H489*G489","v":{"v":5.279999999999999,"d":"5.28"}},{"$f":"I489*J489","v":{"v":316.21919999999994,"d":"$316.22"}},{"v":20.38,"d":"$20.38"},{"$f":"L489*G489","v":{"v":224.17999999999998,"d":"$224.18"}},{"v":0,"d":"$0.00"},{"$f":"N489*G489","v":{"v":0,"d":"$0.00"}},{"$f":"IF(D489=\"\",\"\",(K489+M489+O489))","v":{"v":540.3992,"d":"$540.40"}}]
[{"$f":"IF(D490=0,\"\",1+MAX(A$12:A489))","v":389},null,"500' Tape Roll",{"$f":"ROUNDUP(D489*24/500,0)","v":{"v":1,"d":"1.00"}},"Rolls",{"v":0,"d":"0%"},{"v":1,"d":"1.00"},{"v":5,"d":"5.00"},{"v":59.89,"d":"$59.89"},{"v":5,"d":"5.00"},{"v":299.45,"d":"$299.45"},{"v":16.25,"d":"$16.25"},{"v":16.25,"d":"$16.25"},{"v":0,"d":"$0.00"},{"v":0,"d":"$0.00"},{"v":315.7,"d":"$315.70"}]
[{"$f":"IF(D491=0,\"\",1+MAX(A$12:A490))","v":390},null,"Joint Compound",{"$f":"ROUNDUP(D488*0.053,0)","v":{"v":19,"d":"19.00"}},"lbs",{"v":0.1,"d":"10%"},{"v":20.9,"d":"20.90"},0.22,{"v":59.89,"d":"$59.89"},{"v":4.598,"d":"4.60"},{"v":275.37422,"d":"$275.37"},{"v":0.5,"d":"$0.50"},{"v":10.45,"d":"$10.45"},{"v":0,"d":"$0.00"},{"v":0,"d":"$0.00"},{"v":285.82421999999997,"d":"$285.82"}]
[{"$f":"IF(D492=0,\"\",1+MAX(A$12:A491))","v":391},null,"1-1/4\" Drywall Screws",{"$f":"ROUNDUP(D488*1.33,0)","v":{"v":461,"d":"461.00"}},"EA",{"v":0,"d":"0%"},{"v":461,"d":"461.00"},{"v":2E-3,"d":"0.00"},{"v":59.89,"d":"$59.89"},{"v":0.922,"d":"0.92"},{"v":55.21858,"d":"$55.22"},{"v":0.06,"d":"$0.06"},{"v":27.66,"d":"$27.66"},{"v":0,"d":"$0.00"},{"v":0,"d":"$0.00"},{"v":82.87858,"d":"$82.88"}]
[{"$f":"IF(D493=0,\"\",1+MAX(A$12:A492))","v":392},null,"Sealant",{"$f":"D479*4","v":{"v":104,"d":"104.00"}},"LF",{"v":0.1,"d":"10%"},{"v":114.4,"d":"114.40"},{"v":0.025,"d":"0.03"},{"v":59.89,"d":"$59.89"},{"v":2.8600000000000003,"d":"2.86"},{"v":171.2854,"d":"$171.29"},{"v":0.5,"d":"$0.50"},{"v":57.2,"d":"$57.20"},{"v":0,"d":"$0.00"},{"v":0,"d":"$0.00"},{"v":228.48540000000003,"d":"$228.49"}]
[{"$f":"IF(D494=0,\"\",1+MAX(A$12:A493))","v":""}]
[{"$f":"IF(D495=0,\"\",1+MAX(A$12:A494))","v":393},null,"B1: 3-5/8\" Metal Stud Interior Wall @ 16\" O.C. (H= 13'-4\")\r",{"v":19,"d":"19.00"},"LF"]
[{"$f":"IF(D496=0,\"\",1+MAX(A$12:A495))","v":394},null,"3-5/8\" Metal Stud @ 16\" O.C.",{"$f":"(D495/1.33)*13.33","v":{"v":190.42857142857142,"d":"190.43"}},"LF",{"v":0.1,"d":"10%"},{"v":209.47142857142856,"d":"209.47"},{"v":0.045,"d":"0.05"},{"v":59.89,"d":"$59.89"},{"$f":"H496*G496","v":{"v":9.426214285714284,"d":"9.43"}},{"$f":"I496*J496","v":{"v":564.5359735714285,"d":"$564.54"}},{"v":3.72,"d":"$3.72"},{"$f":"L496*G496","v":{"v":779.2337142857143,"d":"$779.23"}},{"v":0,"d":"$0.00"},{"$f":"N496*G496","v":{"v":0,"d":"$0.00"}},{"$f":"IF(D496=\"\",\"\",(K496+M496+O496))","v":{"v":1343.7696878571428,"d":"$1,343.77"}}]
[{"$f":"IF(D497=0,\"\",1+MAX(A$12:A496))","v":395},null,"3-5/8\" Top Runner",{"$f":"D495","v":{"v":19,"d":"19.00"}},"LF",{"v":0.1,"d":"10%"},{"v":20.9,"d":"20.90"},{"v":0.045,"d":"0.05"},{"v":59.89,"d":"$59.89"},{"v":0.9404999999999999,"d":"0.94"},{"v":56.326544999999996,"d":"$56.33"},{"v":3.72,"d":"$3.72"},{"v":77.748,"d":"$77.75"},{"v":0,"d":"$0.00"},{"v":0,"d":"$0.00"},{"v":134.074545,"d":"$134.07"}]
[{"$f":"IF(D498=0,\"\",1+MAX(A$12:A497))","v":396},null,"3-5/8\" Bottom Runner",{"$f":"D495","v":{"v":19,"d":"19.00"}},"LF",{"v":0.1,"d":"10%"},{"v":20.9,"d":"20.90"},{"v":0.045,"d":"0.05"},{"v":59.89,"d":"$59.89"},{"v":0.9404999999999999,"d":"0.94"},{"v":56.326544999999996,"d":"$56.33"},{"v":3.72,"d":"$3.72"},{"v":77.748,"d":"$77.75"},{"v":0,"d":"$0.00"},{"v":0,"d":"$0.00"},{"v":134.074545,"d":"$134.07"}]
[{"$f":"IF(D499=0,\"\",1+MAX(A$12:A498))","v":397},null,"5/8\" Type X Moisture Resistant Gypsum Board On Both Side (H=14'-0)",{"$f":"D495*14*2","v":{"v":532,"d":"532.00"}},"SF",{"v":0.1,"d":"10%"},{"v":585.2,"d":"585.20"}]
[{"$f":"IF(D500=0,\"\",1+MAX(A$12:A499))","v":398},null,"4'x8' No of Sheets",{"$f":"ROUNDUP(D499/32,0)","v":{"v":17,"d":"17.00"}},"Sheets",{"v":0,"d":"0%"},{"v":17,"d":"17.00"},0.48,{"v":59.89,"d":"$59.89"},{"$f":"H500*G500","v":8.16},{"$f":"I500*J500","v":{"v":488.7024,"d":"$488.70"}},{"v":26.46,"d":"$26.46"},{"$f":"L500*G500","v":{"v":449.82,"d":"$449.82"}},{"v":0,"d":"$0.00"},{"$f":"N500*G500","v":{"v":0,"d":"$0.00"}},{"$f":"IF(D500=\"\",\"\",(K500+M500+O500))","v":{"v":938.5224000000001,"d":"$938.52"}}]
[{"$f":"IF(D501=0,\"\",1+MAX(A$12:A500))","v":399},null,"500' Tape Roll",{"$f":"ROUNDUP(D500*24/500,0)","v":{"v":1,"d":"1.00"}},"Rolls",{"v":0,"d":"0%"},{"v":1,"d":"1.00"},{"v":5,"d":"5.00"},{"v":59.89,"d":"$59.89"},{"v":5,"d":"5.00"},{"v":299.45,"d":"$299.45"},{"v":16.25,"d":"$16.25"},{"v":16.25,"d":"$16.25"},{"v":0,"d":"$0.00"},{"v":0,"d":"$0.00"},{"v":315.7,"d":"$315.70"}]
[{"$f":"IF(D502=0,\"\",1+MAX(A$12:A501))","v":400},null,"Joint Compound",{"$f":"ROUNDUP(D499*0.053,0)","v":{"v":29,"d":"29.00"}},"lbs",{"v":0.1,"d":"10%"},{"v":31.9,"d":"31.90"},0.22,{"v":59.89,"d":"$59.89"},{"v":7.018,"d":"7.02"},{"v":420.30802,"d":"$420.31"},{"v":0.5,"d":"$0.50"},{"v":15.95,"d":"$15.95"},{"v":0,"d":"$0.00"},{"v":0,"d":"$0.00"},{"v":436.25802,"d":"$436.26"}]
[{"$f":"IF(D503=0,\"\",1+MAX(A$12:A502))","v":401},null,"1-1/4\" Drywall Screws",{"$f":"ROUNDUP(D499*1.33,0)","v":{"v":708,"d":"708.00"}},"EA",{"v":0,"d":"0%"},{"v":708,"d":"708.00"},{"v":2E-3,"d":"0.00"},{"v":59.89,"d":"$59.89"},{"v":1.416,"d":"1.42"},{"v":84.80424,"d":"$84.80"},{"v":0.06,"d":"$0.06"},{"v":42.48,"d":"$42.48"},{"v":0,"d":"$0.00"},{"v":0,"d":"$0.00"},{"v":127.28423999999998,"d":"$127.28"}]
[{"$f":"IF(D504=0,\"\",1+MAX(A$12:A503))","v":402},null,"Sealant",{"$f":"D495*4","v":{"v":76,"d":"76.00"}},"LF",{"v":0.1,"d":"10%"},{"v":83.6,"d":"83.60"},{"v":0.025,"d":"0.03"},{"v":59.89,"d":"$59.89"},2.09,{"v":125.17009999999999,"d":"$125.17"},{"v":0.5,"d":"$0.50"},{"v":41.8,"d":"$41.80"},{"v":0,"d":"$0.00"},{"v":0,"d":"$0.00"},{"v":166.9701,"d":"$166.97"}]
[{"$f":"IF(D505=0,\"\",1+MAX(A$12:A504))","v":""}]
[{"$f":"IF(D506=0,\"\",1+MAX(A$12:A505))","v":403},null,"B1: 3-5/8\" Metal Stud Interior Wall @ 16\" O.C. (H= 14'-0\")\r",{"v":5,"d":"5.00"},"LF"]
[{"$f":"IF(D507=0,\"\",1+MAX(A$12:A506))","v":404},null,"3-5/8\" Metal Stud @ 16\" O.C.",{"$f":"(D506/1.33)*14","v":{"v":52.631578947368425,"d":"52.63"}},"LF",{"v":0.1,"d":"10%"},{"v":57.89473684210527,"d":"57.89"},{"v":0.045,"d":"0.05"},{"v":59.89,"d":"$59.89"},{"$f":"H507*G507","v":{"v":2.6052631578947367,"d":"2.61"}},{"$f":"I507*J507","v":{"v":156.02921052631578,"d":"$156.03"}},{"v":3.72,"d":"$3.72"},{"$f":"L507*G507","v":{"v":215.36842105263162,"d":"$215.37"}},{"v":0,"d":"$0.00"},{"$f":"N507*G507","v":{"v":0,"d":"$0.00"}},{"$f":"IF(D507=\"\",\"\",(K507+M507+O507))","v":{"v":371.3976315789474,"d":"$371.40"}}]
[{"$f":"IF(D508=0,\"\",1+MAX(A$12:A507))","v":405},null,"3-5/8\" Top Runner",{"$f":"D507","v":{"v":52.631578947368425,"d":"52.63"}},"LF",{"v":0.1,"d":"10%"},{"v":57.89473684210527,"d":"57.89"},{"v":0.045,"d":"0.05"},{"v":59.89,"d":"$59.89"},{"v":2.6052631578947367,"d":"2.61"},{"v":156.02921052631578,"d":"$156.03"},{"v":3.72,"d":"$3.72"},{"v":215.36842105263162,"d":"$215.37"},{"v":0,"d":"$0.00"},{"v":0,"d":"$0.00"},{"v":371.3976315789474,"d":"$371.40"}]
[{"$f":"IF(D509=0,\"\",1+MAX(A$12:A508))","v":406},null,"3-5/8\" Bottom Runner",{"$f":"D507","v":{"v":52.631578947368425,"d":"52.63"}},"LF",{"v":0.1,"d":"10%"},{"v":57.89473684210527,"d":"57.89"},{"v":0.045,"d":"0.05"},{"v":59.89,"d":"$59.89"},{"v":2.6052631578947367,"d":"2.61"},{"v":156.02921052631578,"d":"$156.03"},{"v":3.72,"d":"$3.72"},{"v":215.36842105263162,"d":"$215.37"},{"v":0,"d":"$0.00"},{"v":0,"d":"$0.00"},{"v":371.3976315789474,"d":"$371.40"}]
[{"$f":"IF(D510=0,\"\",1+MAX(A$12:A509))","v":407},null,"5/8\" Type X Gypsum Board On Both Sides (H=14'-0)",{"$f":"D506*14*2","v":{"v":140,"d":"140.00"}},"SF",{"v":0.1,"d":"10%"},{"v":154,"d":"154.00"}]
[{"$f":"IF(D511=0,\"\",1+MAX(A$12:A510))","v":408},null,"4'x8' No of Sheets",{"$f":"ROUNDUP(D510/32,0)","v":{"v":5,"d":"5.00"}},"Sheets",{"v":0,"d":"0%"},{"v":5,"d":"5.00"},0.48,{"v":59.89,"d":"$59.89"},{"$f":"H511*G511","v":{"v":2.4,"d":"2.40"}},{"$f":"I511*J511","v":{"v":143.736,"d":"$143.74"}},{"v":20.38,"d":"$20.38"},{"$f":"L511*G511","v":{"v":101.89999999999999,"d":"$101.90"}},{"v":0,"d":"$0.00"},{"$f":"N511*G511","v":{"v":0,"d":"$0.00"}},{"$f":"IF(D511=\"\",\"\",(K511+M511+O511))","v":{"v":245.63599999999997,"d":"$245.64"}}]
[{"$f":"IF(D512=0,\"\",1+MAX(A$12:A511))","v":409},null,"500' Tape Roll",{"$f":"ROUNDUP(D511*24/500,0)","v":{"v":1,"d":"1.00"}},"Rolls",{"v":0,"d":"0%"},{"v":1,"d":"1.00"},{"v":5,"d":"5.00"},{"v":59.89,"d":"$59.89"},{"v":5,"d":"5.00"},{"v":299.45,"d":"$299.45"},{"v":16.25,"d":"$16.25"},{"v":16.25,"d":"$16.25"},{"v":0,"d":"$0.00"},{"v":0,"d":"$0.00"},{"v":315.7,"d":"$315.70"}]
[{"$f":"IF(D513=0,\"\",1+MAX(A$12:A512))","v":410},null,"Joint Compound",{"$f":"ROUNDUP(D510*0.053,0)","v":{"v":8,"d":"8.00"}},"lbs",{"v":0.1,"d":"10%"},{"v":8.8,"d":"8.80"},0.22,{"v":59.89,"d":"$59.89"},{"v":1.9360000000000002,"d":"1.94"},{"v":115.94704000000002,"d":"$115.95"},{"v":0.5,"d":"$0.50"},{"v":4.4,"d":"$4.40"},{"v":0,"d":"$0.00"},{"v":0,"d":"$0.00"},{"v":120.34704000000002,"d":"$120.35"}]
[{"$f":"IF(D514=0,\"\",1+MAX(A$12:A513))","v":411},null,"1-1/4\" Drywall Screws",{"$f":"ROUNDUP(D510*1.33,0)","v":{"v":187,"d":"187.00"}},"EA",{"v":0,"d":"0%"},{"v":187,"d":"187.00"},{"v":2E-3,"d":"0.00"},{"v":59.89,"d":"$59.89"},{"v":0.374,"d":"0.37"},{"v":22.39886,"d":"$22.40"},{"v":0.06,"d":"$0.06"},{"v":11.219999999999999,"d":"$11.22"},{"v":0,"d":"$0.00"},{"v":0,"d":"$0.00"},{"v":33.61886,"d":"$33.62"}]
[{"$f":"IF(D515=0,\"\",1+MAX(A$12:A514))","v":412},null,"Sealant",{"$f":"D506*2","v":{"v":10,"d":"10.00"}},"LF",{"v":0.1,"d":"10%"},{"v":11,"d":"11.00"},{"v":0.025,"d":"0.03"},{"v":59.89,"d":"$59.89"},{"v":0.275,"d":"0.28"},{"v":16.46975,"d":"$16.47"},{"v":0.5,"d":"$0.50"},{"v":5.5,"d":"$5.50"},{"v":0,"d":"$0.00"},{"v":0,"d":"$0.00"},{"v":21.96975,"d":"$21.97"}]
[{"$f":"IF(D516=0,\"\",1+MAX(A$12:A515))","v":""}]
[{"$f":"IF(D517=0,\"\",1+MAX(A$12:A516))","v":413},null,"B1: 3-5/8\" Metal Stud Interior Wall @ 16\" O.C. (H= 16'-6\")\r",{"v":159,"d":"159.00"},"LF"]
[{"$f":"IF(D518=0,\"\",1+MAX(A$12:A517))","v":414},null,"3-5/8\" Metal Stud @ 16\" O.C.",{"$f":"(D517/1.33)*16.5","v":{"v":1972.5563909774437,"d":"1,972.56"}},"LF",{"v":0.1,"d":"10%"},{"v":2169.812030075188,"d":"2169.81"},{"v":0.045,"d":"0.05"},{"v":59.89,"d":"$59.89"},{"$f":"H518*G518","v":{"v":97.64154135338346,"d":"97.64"}},{"$f":"I518*J518","v":{"v":5847.751911654135,"d":"$5,847.75"}},{"v":3.72,"d":"$3.72"},{"$f":"L518*G518","v":{"v":8071.7007518797,"d":"$8,071.70"}},{"v":0,"d":"$0.00"},{"$f":"N518*G518","v":{"v":0,"d":"$0.00"}},{"$f":"IF(D518=\"\",\"\",(K518+M518+O518))","v":{"v":13919.452663533835,"d":"$13,919.45"}}]
[{"$f":"IF(D519=0,\"\",1+MAX(A$12:A518))","v":415},null,"3-5/8\" Top Runner",{"$f":"D517","v":{"v":159,"d":"159.00"}},"LF",{"v":0.1,"d":"10%"},{"v":174.9,"d":"174.90"},{"v":0.045,"d":"0.05"},{"v":59.89,"d":"$59.89"},{"v":7.8705,"d":"7.87"},{"v":471.364245,"d":"$471.36"},{"v":3.72,"d":"$3.72"},{"v":650.628,"d":"$650.63"},{"v":0,"d":"$0.00"},{"v":0,"d":"$0.00"},{"v":1121.992245,"d":"$1,121.99"}]
[{"$f":"IF(D520=0,\"\",1+MAX(A$12:A519))","v":416},null,"3-5/8\" Bottom Runner",{"$f":"D517","v":{"v":159,"d":"159.00"}},"LF",{"v":0.1,"d":"10%"},{"v":174.9,"d":"174.90"},{"v":0.045,"d":"0.05"},{"v":59.89,"d":"$59.89"},{"v":7.8705,"d":"7.87"},{"v":471.364245,"d":"$471.36"},{"v":3.72,"d":"$3.72"},{"v":650.628,"d":"$650.63"},{"v":0,"d":"$0.00"},{"v":0,"d":"$0.00"},{"v":1121.992245,"d":"$1,121.99"}]
[{"$f":"IF(D521=0,\"\",1+MAX(A$12:A520))","v":417},null,"5/8\" Type X Gypsum Board On Both Sides (H=16'-6)",{"$f":"D517*16.5*2","v":{"v":5247,"d":"5,247.00"}},"SF",{"v":0.1,"d":"10%"},{"v":5771.7,"d":"5771.70"}]
[{"$f":"IF(D522=0,\"\",1+MAX(A$12:A521))","v":418},null,"4'x8' No of Sheets",{"$f":"ROUNDUP(D521/32,0)","v":{"v":164,"d":"164.00"}},"Sheets",{"v":0,"d":"0%"},{"v":164,"d":"164.00"},0.48,{"v":59.89,"d":"$59.89"},{"$f":"H522*G522","v":78.72},{"$f":"I522*J522","v":{"v":4714.5408,"d":"$4,714.54"}},{"v":20.38,"d":"$20.38"},{"$f":"L522*G522","v":{"v":3342.3199999999997,"d":"$3,342.32"}},{"v":0,"d":"$0.00"},{"$f":"N522*G522","v":{"v":0,"d":"$0.00"}},{"$f":"IF(D522=\"\",\"\",(K522+M522+O522))","v":{"v":8056.8607999999995,"d":"$8,056.86"}}]
[{"$f":"IF(D523=0,\"\",1+MAX(A$12:A522))","v":419},null,"500' Tape Roll",{"$f":"ROUNDUP(D522*24/500,0)","v":{"v":8,"d":"8.00"}},"Rolls",{"v":0,"d":"0%"},{"v":8,"d":"8.00"},{"v":5,"d":"5.00"},{"v":59.89,"d":"$59.89"},{"v":40,"d":"40.00"},{"v":2395.6,"d":"$2,395.60"},{"v":16.25,"d":"$16.25"},{"v":130,"d":"$130.00"},{"v":0,"d":"$0.00"},{"v":0,"d":"$0.00"},{"v":2525.6,"d":"$2,525.60"}]
[{"$f":"IF(D524=0,\"\",1+MAX(A$12:A523))","v":420},null,"Joint Compound",{"$f":"ROUNDUP(D521*0.053,0)","v":{"v":279,"d":"279.00"}},"lbs",{"v":0.1,"d":"10%"},{"v":306.9,"d":"306.90"},0.22,{"v":59.89,"d":"$59.89"},{"v":67.518,"d":"67.52"},{"v":4043.65302,"d":"$4,043.65"},{"v":0.5,"d":"$0.50"},{"v":153.45,"d":"$153.45"},{"v":0,"d":"$0.00"},{"v":0,"d":"$0.00"},{"v":4197.1030200000005,"d":"$4,197.10"}]
[{"$f":"IF(D525=0,\"\",1+MAX(A$12:A524))","v":421},null,"1-1/4\" Drywall Screws",{"$f":"ROUNDUP(D521*1.33,0)","v":{"v":6979,"d":"6,979.00"}},"EA",{"v":0,"d":"0%"},{"v":6979,"d":"6979.00"},{"v":2E-3,"d":"0.00"},{"v":59.89,"d":"$59.89"},{"v":13.958,"d":"13.96"},{"v":835.94462,"d":"$835.94"},{"v":0.06,"d":"$0.06"},{"v":418.74,"d":"$418.74"},{"v":0,"d":"$0.00"},{"v":0,"d":"$0.00"},{"v":1254.68462,"d":"$1,254.68"}]
[{"$f":"IF(D526=0,\"\",1+MAX(A$12:A525))","v":422},null,"Sealant",{"$f":"D517*4","v":{"v":636,"d":"636.00"}},"LF",{"v":0.1,"d":"10%"},{"v":699.6,"d":"699.60"},{"v":0.025,"d":"0.03"},{"v":59.89,"d":"$59.89"},{"v":17.490000000000002,"d":"17.49"},{"v":1047.4761,"d":"$1,047.48"},{"v":0.5,"d":"$0.50"},{"v":349.8,"d":"$349.80"},{"v":0,"d":"$0.00"},{"v":0,"d":"$0.00"},{"v":1397.2761,"d":"$1,397.28"}]
[{"$f":"IF(D527=0,\"\",1+MAX(A$12:A526))","v":""}]
[{"$f":"IF(D528=0,\"\",1+MAX(A$12:A527))","v":423},null,"B2: 2x4 Wood Stud 1 Hour Partition Wall @ 16\" O.C. (H= 13'-4\")\r",{"v":53,"d":"53.00"},"LF"]
[{"$f":"IF(D529=0,\"\",1+MAX(A$12:A528))","v":424},null,"2x4 Wood Stud @ 16\" O.C",{"$f":"(D528/1.33)*13.33","v":{"v":531.1954887218045,"d":"531.20"}},"LF",{"v":0.1,"d":"10%"},{"v":584.3150375939849,"d":"584.32"},0.02,{"v":59.89,"d":"$59.89"},{"$f":"H529*G529","v":{"v":11.686300751879699,"d":"11.69"}},{"$f":"I529*J529","v":{"v":699.8925520300752,"d":"$699.89"}},{"v":1.092,"d":"$1.09"},{"$f":"L529*G529","v":{"v":638.0720210526316,"d":"$638.07"}},{"v":0,"d":"$0.00"},{"$f":"N529*G529","v":{"v":0,"d":"$0.00"}},{"$f":"IF(D529=\"\",\"\",(K529+M529+O529))","v":{"v":1337.964573082707,"d":"$1,337.96"}}]
[{"$f":"IF(D530=0,\"\",1+MAX(A$12:A529))","v":425},null,"2x4 Top Plates",{"$f":"D528*2","v":{"v":106,"d":"106.00"}},"LF",{"v":0.1,"d":"10%"},{"v":116.6,"d":"116.60"},0.02,{"v":59.89,"d":"$59.89"},{"v":2.332,"d":"2.33"},{"v":139.66348,"d":"$139.66"},{"v":1.092,"d":"$1.09"},{"v":127.3272,"d":"$127.33"},{"v":0,"d":"$0.00"},{"v":0,"d":"$0.00"},{"v":266.99068,"d":"$266.99"}]
[{"$f":"IF(D531=0,\"\",1+MAX(A$12:A530))","v":426},null,"2x4 Bottom Plate",{"$f":"D528","v":{"v":53,"d":"53.00"}},"LF",{"v":0.1,"d":"10%"},{"v":58.3,"d":"58.30"},0.02,{"v":59.89,"d":"$59.89"},{"v":1.166,"d":"1.17"},{"v":69.83174,"d":"$69.83"},{"v":1.092,"d":"$1.09"},{"v":63.6636,"d":"$63.66"},{"v":0,"d":"$0.00"},{"v":0,"d":"$0.00"},{"v":133.49534,"d":"$133.50"}]
[{"$f":"IF(D532=0,\"\",1+MAX(A$12:A531))","v":427},null,"5/8\" Type X Gypsum Board On Both Sides (H=13'-4)",{"$f":"D528*13.33*2","v":{"v":1412.98,"d":"1,412.98"}},"SF",{"v":0.1,"d":"10%"},{"v":1554.278,"d":"1554.28"}]
[{"$f":"IF(D533=0,\"\",1+MAX(A$12:A532))","v":428},null,"4'x8' No of Sheets",{"$f":"ROUNDUP(D532/32,0)","v":{"v":45,"d":"45.00"}},"Sheets",{"v":0,"d":"0%"},{"v":45,"d":"45.00"},0.48,{"v":59.89,"d":"$59.89"},{"$f":"H533*G533","v":{"v":21.599999999999998,"d":"21.60"}},{"$f":"I533*J533","v":{"v":1293.6239999999998,"d":"$1,293.62"}},{"v":20.38,"d":"$20.38"},{"$f":"L533*G533","v":{"v":917.0999999999999,"d":"$917.10"}},{"v":0,"d":"$0.00"},{"$f":"N533*G533","v":{"v":0,"d":"$0.00"}},{"$f":"IF(D533=\"\",\"\",(K533+M533+O533))","v":{"v":2210.7239999999997,"d":"$2,210.72"}}]
[{"$f":"IF(D534=0,\"\",1+MAX(A$12:A533))","v":429},null,"500' Tape Roll",{"$f":"ROUNDUP(D533*24/500,0)","v":{"v":3,"d":"3.00"}},"Rolls",{"v":0,"d":"0%"},{"v":3,"d":"3.00"},{"v":5,"d":"5.00"},{"v":59.89,"d":"$59.89"},{"v":15,"d":"15.00"},{"v":898.35,"d":"$898.35"},{"v":16.25,"d":"$16.25"},{"v":48.75,"d":"$48.75"},{"v":0,"d":"$0.00"},{"v":0,"d":"$0.00"},{"v":947.1,"d":"$947.10"}]
[{"$f":"IF(D535=0,\"\",1+MAX(A$12:A534))","v":430},null,"Joint Compound",{"$f":"ROUNDUP(D532*0.053,0)","v":{"v":75,"d":"75.00"}},"lbs",{"v":0.1,"d":"10%"},{"v":82.5,"d":"82.50"},0.22,{"v":59.89,"d":"$59.89"},18.15,{"v":1087.0035,"d":"$1,087.00"},{"v":0.5,"d":"$0.50"},{"v":41.25,"d":"$41.25"},{"v":0,"d":"$0.00"},{"v":0,"d":"$0.00"},{"v":1128.2535,"d":"$1,128.25"}]
[{"$f":"IF(D536=0,\"\",1+MAX(A$12:A535))","v":431},null,"1-1/4\" Drywall Screws",{"$f":"ROUNDUP(D532*1.33,0)","v":{"v":1880,"d":"1,880.00"}},"EA",{"v":0,"d":"0%"},{"v":1880,"d":"1880.00"},{"v":2E-3,"d":"0.00"},{"v":59.89,"d":"$59.89"},{"v":3.7600000000000002,"d":"3.76"},{"v":225.18640000000002,"d":"$225.19"},{"v":0.06,"d":"$0.06"},{"v":112.8,"d":"$112.80"},{"v":0,"d":"$0.00"},{"v":0,"d":"$0.00"},{"v":337.9864,"d":"$337.99"}]
[{"$f":"IF(D537=0,\"\",1+MAX(A$12:A536))","v":432},null,"Sealant",{"$f":"D528*4","v":{"v":212,"d":"212.00"}},"LF",{"v":0.1,"d":"10%"},{"v":233.2,"d":"233.20"},{"v":0.025,"d":"0.03"},{"v":59.89,"d":"$59.89"},5.83,{"v":349.1587,"d":"$349.16"},{"v":0.5,"d":"$0.50"},{"v":116.6,"d":"$116.60"},{"v":0,"d":"$0.00"},{"v":0,"d":"$0.00"},{"v":465.7587,"d":"$465.76"}]
[{"$f":"IF(D538=0,\"\",1+MAX(A$12:A537))","v":""}]
[{"$f":"IF(D539=0,\"\",1+MAX(A$12:A538))","v":433},null,"B2: 2x4 Wood Stud 1 Hour Partition Wall @ 16\" O.C. (H= 14'-0\")\r",{"v":22,"d":"22.00"},"LF"]
[{"$f":"IF(D540=0,\"\",1+MAX(A$12:A539))","v":434},null,"2x4 Wood Stud @ 16\" O.C.",{"$f":"(D539/1.33)*14","v":{"v":231.57894736842104,"d":"231.58"}},"LF",{"v":0.1,"d":"10%"},{"v":254.73684210526315,"d":"254.74"},0.02,{"v":59.89,"d":"$59.89"},{"$f":"H540*G540","v":{"v":5.094736842105263,"d":"5.09"}},{"$f":"I540*J540","v":{"v":305.1237894736842,"d":"$305.12"}},{"v":1.092,"d":"$1.09"},{"$f":"L540*G540","v":{"v":278.1726315789474,"d":"$278.17"}},{"v":0,"d":"$0.00"},{"$f":"N540*G540","v":{"v":0,"d":"$0.00"}},{"$f":"IF(D540=\"\",\"\",(K540+M540+O540))","v":{"v":583.2964210526316,"d":"$583.30"}}]
[{"$f":"IF(D541=0,\"\",1+MAX(A$12:A540))","v":435},null,"2x4 Top Plates",{"$f":"D539*2","v":{"v":44,"d":"44.00"}},"LF",{"v":0.1,"d":"10%"},{"v":48.4,"d":"48.40"},0.02,{"v":59.89,"d":"$59.89"},{"v":0.968,"d":"0.97"},{"v":57.97352,"d":"$57.97"},{"v":1.092,"d":"$1.09"},{"v":52.8528,"d":"$52.85"},{"v":0,"d":"$0.00"},{"v":0,"d":"$0.00"},{"v":110.82632000000001,"d":"$110.83"}]
[{"$f":"IF(D542=0,\"\",1+MAX(A$12:A541))","v":436},null,"2x4 Bottom Plate",{"$f":"D539","v":{"v":22,"d":"22.00"}},"LF",{"v":0.1,"d":"10%"},{"v":24.2,"d":"24.20"},0.02,{"v":59.89,"d":"$59.89"},{"v":0.484,"d":"0.48"},{"v":28.98676,"d":"$28.99"},{"v":1.092,"d":"$1.09"},{"v":26.4264,"d":"$26.43"},{"v":0,"d":"$0.00"},{"v":0,"d":"$0.00"},{"v":55.413160000000005,"d":"$55.41"}]
[{"$f":"IF(D543=0,\"\",1+MAX(A$12:A542))","v":437},null,"5/8\" Moisture Resistant Gypsum Board One Side (H=14'-0)",{"$f":"D539*14","v":{"v":308,"d":"308.00"}},"SF",{"v":0.1,"d":"10%"},{"v":338.8,"d":"338.80"}]
[{"$f":"IF(D544=0,\"\",1+MAX(A$12:A543))","v":438},null,"4'x8' No of Sheets",{"$f":"ROUNDUP(D543/32,0)","v":{"v":10,"d":"10.00"}},"Sheets",{"v":0,"d":"0%"},{"v":10,"d":"10.00"},0.48,{"v":59.89,"d":"$59.89"},{"$f":"H544*G544","v":{"v":4.8,"d":"4.80"}},{"$f":"I544*J544","v":{"v":287.472,"d":"$287.47"}},{"v":23.98,"d":"$23.98"},{"$f":"L544*G544","v":{"v":239.8,"d":"$239.80"}},{"v":0,"d":"$0.00"},{"$f":"N544*G544","v":{"v":0,"d":"$0.00"}},{"$f":"IF(D544=\"\",\"\",(K544+M544+O544))","v":{"v":527.2719999999999,"d":"$527.27"}}]
[{"$f":"IF(D545=0,\"\",1+MAX(A$12:A544))","v":439},null,"500' Tape Roll",{"$f":"ROUNDUP(D544*24/500,0)","v":{"v":1,"d":"1.00"}},"Rolls",{"v":0,"d":"0%"},{"v":1,"d":"1.00"},{"v":5,"d":"5.00"},{"v":59.89,"d":"$59.89"},{"v":5,"d":"5.00"},{"v":299.45,"d":"$299.45"},{"v":16.25,"d":"$16.25"},{"v":16.25,"d":"$16.25"},{"v":0,"d":"$0.00"},{"v":0,"d":"$0.00"},{"v":315.7,"d":"$315.70"}]
[{"$f":"IF(D546=0,\"\",1+MAX(A$12:A545))","v":440},null,"Joint Compound",{"$f":"ROUNDUP(D543*0.053,0)","v":{"v":17,"d":"17.00"}},"lbs",{"v":0.1,"d":"10%"},{"v":18.7,"d":"18.70"},0.22,{"v":59.89,"d":"$59.89"},{"v":4.114,"d":"4.11"},{"v":246.38746,"d":"$246.39"},{"v":0.5,"d":"$0.50"},{"v":9.35,"d":"$9.35"},{"v":0,"d":"$0.00"},{"v":0,"d":"$0.00"},{"v":255.73746,"d":"$255.74"}]
[{"$f":"IF(D547=0,\"\",1+MAX(A$12:A546))","v":441},null,"1-1/4\" Drywall Screws",{"$f":"ROUNDUP(D543*1.33,0)","v":{"v":410,"d":"410.00"}},"EA",{"v":0,"d":"0%"},{"v":410,"d":"410.00"},{"v":2E-3,"d":"0.00"},{"v":59.89,"d":"$59.89"},{"v":0.8200000000000001,"d":"0.82"},{"v":49.10980000000001,"d":"$49.11"},{"v":0.06,"d":"$0.06"},{"v":24.599999999999998,"d":"$24.60"},{"v":0,"d":"$0.00"},{"v":0,"d":"$0.00"},{"v":73.7098,"d":"$73.71"}]
[{"$f":"IF(D548=0,\"\",1+MAX(A$12:A547))","v":442},null,"5/8\" Type X Gypsum Board One Side (H=14'-0)",{"$f":"D539*14","v":{"v":308,"d":"308.00"}},"SF",{"v":0.1,"d":"10%"},{"v":338.8,"d":"338.80"}]
[{"$f":"IF(D549=0,\"\",1+MAX(A$12:A548))","v":443},null,"4'x8' No of Sheets",{"$f":"ROUNDUP(D548/32,0)","v":{"v":10,"d":"10.00"}},"Sheets",{"v":0,"d":"0%"},{"v":10,"d":"10.00"},0.48,{"v":59.89,"d":"$59.89"},{"$f":"H549*G549","v":{"v":4.8,"d":"4.80"}},{"$f":"I549*J549","v":{"v":287.472,"d":"$287.47"}},{"v":20.38,"d":"$20.38"},{"$f":"L549*G549","v":{"v":203.79999999999998,"d":"$203.80"}},{"v":0,"d":"$0.00"},{"$f":"N549*G549","v":{"v":0,"d":"$0.00"}},{"$f":"IF(D549=\"\",\"\",(K549+M549+O549))","v":{"v":491.27199999999993,"d":"$491.27"}}]
[{"$f":"IF(D550=0,\"\",1+MAX(A$12:A549))","v":444},null,"500' Tape Roll",{"$f":"ROUNDUP(D549*24/500,0)","v":{"v":1,"d":"1.00"}},"Rolls",{"v":0,"d":"0%"},{"v":1,"d":"1.00"},{"v":5,"d":"5.00"},{"v":59.89,"d":"$59.89"},{"v":5,"d":"5.00"},{"v":299.45,"d":"$299.45"},{"v":16.25,"d":"$16.25"},{"v":16.25,"d":"$16.25"},{"v":0,"d":"$0.00"},{"v":0,"d":"$0.00"},{"v":315.7,"d":"$315.70"}]
[{"$f":"IF(D551=0,\"\",1+MAX(A$12:A550))","v":445},null,"Joint Compound",{"$f":"ROUNDUP(D548*0.053,0)","v":{"v":17,"d":"17.00"}},"lbs",{"v":0.1,"d":"10%"},{"v":18.7,"d":"18.70"},0.22,{"v":59.89,"d":"$59.89"},{"v":4.114,"d":"4.11"},{"v":246.38746,"d":"$246.39"},{"v":0.5,"d":"$0.50"},{"v":9.35,"d":"$9.35"},{"v":0,"d":"$0.00"},{"v":0,"d":"$0.00"},{"v":255.73746,"d":"$255.74"}]
[{"$f":"IF(D552=0,\"\",1+MAX(A$12:A551))","v":446},null,"1-1/4\" Drywall Screws",{"$f":"ROUNDUP(D548*1.33,0)","v":{"v":410,"d":"410.00"}},"EA",{"v":0,"d":"0%"},{"v":410,"d":"410.00"},{"v":2E-3,"d":"0.00"},{"v":59.89,"d":"$59.89"},{"v":0.8200000000000001,"d":"0.82"},{"v":49.10980000000001,"d":"$49.11"},{"v":0.06,"d":"$0.06"},{"v":24.599999999999998,"d":"$24.60"},{"v":0,"d":"$0.00"},{"v":0,"d":"$0.00"},{"v":73.7098,"d":"$73.71"}]
[{"$f":"IF(D553=0,\"\",1+MAX(A$12:A552))","v":447},null,"Sealant",{"$f":"D540*4","v":{"v":926.3157894736842,"d":"926.32"}},"LF",{"v":0.1,"d":"10%"},{"v":1018.9473684210526,"d":"1018.95"},{"v":0.025,"d":"0.03"},{"v":59.89,"d":"$59.89"},{"v":25.473684210526315,"d":"25.47"},{"v":1525.618947368421,"d":"$1,525.62"},{"v":0.5,"d":"$0.50"},{"v":509.4736842105263,"d":"$509.47"},{"v":0,"d":"$0.00"},{"v":0,"d":"$0.00"},{"v":2035.0926315789472,"d":"$2,035.09"}]
[{"$f":"IF(D554=0,\"\",1+MAX(A$12:A553))","v":""}]
[{"$f":"IF(D555=0,\"\",1+MAX(A$12:A554))","v":448},null,"S1: 2x2 Wood Stud Chase Wall @ 16 O.C. (H= 13'-4\")\r",{"v":13,"d":"13.00"},"LF"]
[{"$f":"IF(D556=0,\"\",1+MAX(A$12:A555))","v":449},null,"2x2 Wood Stud @ 16 O.C.",{"$f":"(D555/1.33)*13.33","v":{"v":130.29323308270676,"d":"130.29"}},"LF",{"v":0.1,"d":"10%"},{"v":143.32255639097744,"d":"143.32"},{"v":0.018,"d":"0.02"},{"v":59.89,"d":"$59.89"},{"$f":"H556*G556","v":{"v":2.579806015037594,"d":"2.58"}},{"$f":"I556*J556","v":{"v":154.5045822406015,"d":"$154.50"}},{"v":0.94,"d":"$0.94"},{"$f":"L556*G556","v":{"v":134.72320300751878,"d":"$134.72"}},{"v":0,"d":"$0.00"},{"$f":"N556*G556","v":{"v":0,"d":"$0.00"}},{"$f":"IF(D556=\"\",\"\",(K556+M556+O556))","v":{"v":289.2277852481203,"d":"$289.23"}}]
[{"$f":"IF(D557=0,\"\",1+MAX(A$12:A556))","v":450},null,"2x2 Top Plates",{"$f":"D555*2","v":{"v":26,"d":"26.00"}},"LF",{"v":0.1,"d":"10%"},{"v":28.6,"d":"28.60"},{"v":0.018,"d":"0.02"},{"v":59.89,"d":"$59.89"},{"v":0.5148,"d":"0.51"},{"v":30.831372,"d":"$30.83"},{"v":0.94,"d":"$0.94"},{"v":26.884,"d":"$26.88"},{"v":0,"d":"$0.00"},{"v":0,"d":"$0.00"},{"v":57.715372,"d":"$57.72"}]
[{"$f":"IF(D558=0,\"\",1+MAX(A$12:A557))","v":451},null,"2x2 Bottom Plate",{"$f":"D555","v":{"v":13,"d":"13.00"}},"LF",{"v":0.1,"d":"10%"},{"v":14.3,"d":"14.30"},{"v":0.018,"d":"0.02"},{"v":59.89,"d":"$59.89"},{"v":0.2574,"d":"0.26"},{"v":15.415686,"d":"$15.42"},{"v":0.94,"d":"$0.94"},{"v":13.442,"d":"$13.44"},{"v":0,"d":"$0.00"},{"v":0,"d":"$0.00"},{"v":28.857686,"d":"$28.86"}]
[{"$f":"IF(D559=0,\"\",1+MAX(A$12:A558))","v":452},null,"5/8\" Type X Gypsum Board One Side (H=13'-4\")",{"$f":"D555*13.33","v":173.29},"SF",{"v":0.1,"d":"10%"},{"v":190.619,"d":"190.62"}]
[{"$f":"IF(D560=0,\"\",1+MAX(A$12:A559))","v":453},null,"4'x8' No of Sheets",{"$f":"ROUNDUP(D559/32,0)","v":{"v":6,"d":"6.00"}},"Sheets",{"v":0,"d":"0%"},{"v":6,"d":"6.00"},0.48,{"v":59.89,"d":"$59.89"},{"$f":"H560*G560","v":2.88},{"$f":"I560*J560","v":{"v":172.48319999999998,"d":"$172.48"}},{"v":20.38,"d":"$20.38"},{"$f":"L560*G560","v":{"v":122.28,"d":"$122.28"}},{"v":0,"d":"$0.00"},{"$f":"N560*G560","v":{"v":0,"d":"$0.00"}},{"$f":"IF(D560=\"\",\"\",(K560+M560+O560))","v":{"v":294.7632,"d":"$294.76"}}]
[{"$f":"IF(D561=0,\"\",1+MAX(A$12:A560))","v":454},null,"500' Tape Roll",{"$f":"ROUNDUP(D560*24/500,0)","v":{"v":1,"d":"1.00"}},"Rolls",{"v":0,"d":"0%"},{"v":1,"d":"1.00"},{"v":5,"d":"5.00"},{"v":59.89,"d":"$59.89"},{"v":5,"d":"5.00"},{"v":299.45,"d":"$299.45"},{"v":16.25,"d":"$16.25"},{"v":16.25,"d":"$16.25"},{"v":0,"d":"$0.00"},{"v":0,"d":"$0.00"},{"v":315.7,"d":"$315.70"}]
[{"$f":"IF(D562=0,\"\",1+MAX(A$12:A561))","v":455},null,"Joint Compound",{"$f":"ROUNDUP(D559*0.053,0)","v":{"v":10,"d":"10.00"}},"lbs",{"v":0.1,"d":"10%"},{"v":11,"d":"11.00"},0.22,{"v":59.89,"d":"$59.89"},2.42,{"v":144.9338,"d":"$144.93"},{"v":0.5,"d":"$0.50"},{"v":5.5,"d":"$5.50"},{"v":0,"d":"$0.00"},{"v":0,"d":"$0.00"},{"v":150.4338,"d":"$150.43"}]
[{"$f":"IF(D563=0,\"\",1+MAX(A$12:A562))","v":456},null,"1-1/4\" Drywall Screws",{"$f":"ROUNDUP(D559*1.33,0)","v":{"v":231,"d":"231.00"}},"EA",{"v":0,"d":"0%"},{"v":231,"d":"231.00"},{"v":2E-3,"d":"0.00"},{"v":59.89,"d":"$59.89"},{"v":0.462,"d":"0.46"},{"v":27.66918,"d":"$27.67"},{"v":0.06,"d":"$0.06"},{"v":13.86,"d":"$13.86"},{"v":0,"d":"$0.00"},{"v":0,"d":"$0.00"},{"v":41.52918,"d":"$41.53"}]
[{"$f":"IF(D564=0,\"\",1+MAX(A$12:A563))","v":457},null,"Sealant",{"$f":"D555*2","v":{"v":26,"d":"26.00"}},"LF",{"v":0.1,"d":"10%"},{"v":28.6,"d":"28.60"},{"v":0.025,"d":"0.03"},{"v":59.89,"d":"$59.89"},{"v":0.7150000000000001,"d":"0.72"},{"v":42.82135,"d":"$42.82"},{"v":0.5,"d":"$0.50"},{"v":14.3,"d":"$14.30"},{"v":0,"d":"$0.00"},{"v":0,"d":"$0.00"},{"v":57.12135000000001,"d":"$57.12"}]
[{"$f":"IF(D565=0,\"\",1+MAX(A$12:A564))","v":""}]
[{"$f":"IF(D566=0,\"\",1+MAX(A$12:A565))","v":458},null,"S1: 2x2 Wood Stud Chase Wall @ 16 O.C. (H= 14'-0\")",{"v":24,"d":"24.00"},"LF"]
[{"$f":"IF(D567=0,\"\",1+MAX(A$12:A566))","v":459},null,"2x2 Wood Stud @ 16 O.C.",{"$f":"(D566/1.33)*14","v":{"v":252.63157894736844,"d":"252.63"}},"LF",{"v":0.1,"d":"10%"},{"v":277.89473684210526,"d":"277.89"},{"v":0.018,"d":"0.02"},{"v":59.89,"d":"$59.89"},{"$f":"H567*G567","v":{"v":5.002105263157894,"d":"5.00"}},{"$f":"I567*J567","v":{"v":299.5760842105263,"d":"$299.58"}},{"v":0.94,"d":"$0.94"},{"$f":"L567*G567","v":{"v":261.2210526315789,"d":"$261.22"}},{"v":0,"d":"$0.00"},{"$f":"N567*G567","v":{"v":0,"d":"$0.00"}},{"$f":"IF(D567=\"\",\"\",(K567+M567+O567))","v":{"v":560.7971368421051,"d":"$560.80"}}]
[{"$f":"IF(D568=0,\"\",1+MAX(A$12:A567))","v":460},null,"2x2 Top Plates",{"$f":"D566*2","v":{"v":48,"d":"48.00"}},"LF",{"v":0.1,"d":"10%"},{"v":52.8,"d":"52.80"},{"v":0.018,"d":"0.02"},{"v":59.89,"d":"$59.89"},{"v":0.9503999999999999,"d":"0.95"},{"v":56.919456,"d":"$56.92"},{"v":0.94,"d":"$0.94"},{"v":49.632,"d":"$49.63"},{"v":0,"d":"$0.00"},{"v":0,"d":"$0.00"},{"v":106.551456,"d":"$106.55"}]
[{"$f":"IF(D569=0,\"\",1+MAX(A$12:A568))","v":461},null,"2x2 Bottom Plate",{"$f":"D566","v":{"v":24,"d":"24.00"}},"LF",{"v":0.1,"d":"10%"},{"v":26.4,"d":"26.40"},{"v":0.018,"d":"0.02"},{"v":59.89,"d":"$59.89"},{"v":0.47519999999999996,"d":"0.48"},{"v":28.459728,"d":"$28.46"},{"v":0.94,"d":"$0.94"},{"v":24.816,"d":"$24.82"},{"v":0,"d":"$0.00"},{"v":0,"d":"$0.00"},{"v":53.275728,"d":"$53.28"}]
[{"$f":"IF(D570=0,\"\",1+MAX(A$12:A569))","v":462},null,"5/8\" Type X Gypsum Board One Side (H= 14'-0\")",{"$f":"D566*14","v":{"v":336,"d":"336.00"}},"SF",{"v":0.1,"d":"10%"},{"v":369.6,"d":"369.60"}]
[{"$f":"IF(D571=0,\"\",1+MAX(A$12:A570))","v":463},null,"4'x8' No of Sheets",{"$f":"ROUNDUP(D570/32,0)","v":{"v":11,"d":"11.00"}},"Sheets",{"v":0,"d":"0%"},{"v":11,"d":"11.00"},0.48,{"v":59.89,"d":"$59.89"},{"$f":"H571*G571","v":{"v":5.279999999999999,"d":"5.28"}},{"$f":"I571*J571","v":{"v":316.21919999999994,"d":"$316.22"}},{"v":20.38,"d":"$20.38"},{"$f":"L571*G571","v":{"v":224.17999999999998,"d":"$224.18"}},{"v":0,"d":"$0.00"},{"$f":"N571*G571","v":{"v":0,"d":"$0.00"}},{"$f":"IF(D571=\"\",\"\",(K571+M571+O571))","v":{"v":540.3992,"d":"$540.40"}}]
[{"$f":"IF(D572=0,\"\",1+MAX(A$12:A571))","v":464},null,"500' Tape Roll",{"$f":"ROUNDUP(D571*24/500,0)","v":{"v":1,"d":"1.00"}},"Rolls",{"v":0,"d":"0%"},{"v":1,"d":"1.00"},{"v":5,"d":"5.00"},{"v":59.89,"d":"$59.89"},{"v":5,"d":"5.00"},{"v":299.45,"d":"$299.45"},{"v":16.25,"d":"$16.25"},{"v":16.25,"d":"$16.25"},{"v":0,"d":"$0.00"},{"v":0,"d":"$0.00"},{"v":315.7,"d":"$315.70"}]
[{"$f":"IF(D573=0,\"\",1+MAX(A$12:A572))","v":465},null,"Joint Compound",{"$f":"ROUNDUP(D570*0.053,0)","v":{"v":18,"d":"18.00"}},"lbs",{"v":0.1,"d":"10%"},{"v":19.8,"d":"19.80"},0.22,{"v":59.89,"d":"$59.89"},{"v":4.356,"d":"4.36"},{"v":260.88084,"d":"$260.88"},{"v":0.5,"d":"$0.50"},{"v":9.9,"d":"$9.90"},{"v":0,"d":"$0.00"},{"v":0,"d":"$0.00"},{"v":270.78083999999996,"d":"$270.78"}]
[{"$f":"IF(D574=0,\"\",1+MAX(A$12:A573))","v":466},null,"1-1/4\" Drywall Screws",{"$f":"ROUNDUP(D570*1.33,0)","v":{"v":447,"d":"447.00"}},"EA",{"v":0,"d":"0%"},{"v":447,"d":"447.00"},{"v":2E-3,"d":"0.00"},{"v":59.89,"d":"$59.89"},{"v":0.894,"d":"0.89"},{"v":53.54166,"d":"$53.54"},{"v":0.06,"d":"$0.06"},{"v":26.82,"d":"$26.82"},{"v":0,"d":"$0.00"},{"v":0,"d":"$0.00"},{"v":80.36166,"d":"$80.36"}]
[{"$f":"IF(D575=0,\"\",1+MAX(A$12:A574))","v":467},null,"Sealant",{"$f":"D566*2","v":{"v":48,"d":"48.00"}},"LF",{"v":0.1,"d":"10%"},{"v":52.8,"d":"52.80"},{"v":0.025,"d":"0.03"},{"v":59.89,"d":"$59.89"},1.32,{"v":79.0548,"d":"$79.05"},{"v":0.5,"d":"$0.50"},{"v":26.4,"d":"$26.40"},{"v":0,"d":"$0.00"},{"v":0,"d":"$0.00"},{"v":105.4548,"d":"$105.45"}]
[{"$f":"IF(D576=0,\"\",1+MAX(A$12:A575))","v":""}]
[{"$f":"IF(D577=0,\"\",1+MAX(A$12:A576))","v":468},null,"S1: 2x2 Wood Stud Chase Wall @ 16 O.C. (H= 16'-6\")\r",{"v":12,"d":"12.00"},"LF"]
[{"$f":"IF(D578=0,\"\",1+MAX(A$12:A577))","v":469},null,"2x2 Wood Stud @ 16 O.C.",{"$f":"(D577/1.33)*16.5","v":{"v":148.87218045112783,"d":"148.87"}},"LF",{"v":0.1,"d":"10%"},{"v":163.7593984962406,"d":"163.76"},{"v":0.018,"d":"0.02"},{"v":59.89,"d":"$59.89"},{"$f":"H578*G578","v":{"v":2.9476691729323306,"d":"2.95"}},{"$f":"I578*J578","v":{"v":176.53590676691726,"d":"$176.54"}},{"v":0.94,"d":"$0.94"},{"$f":"L578*G578","v":{"v":153.93383458646616,"d":"$153.93"}},{"v":0,"d":"$0.00"},{"$f":"N578*G578","v":{"v":0,"d":"$0.00"}},{"$f":"IF(D578=\"\",\"\",(K578+M578+O578))","v":{"v":330.4697413533834,"d":"$330.47"}}]
[{"$f":"IF(D579=0,\"\",1+MAX(A$12:A578))","v":470},null,"2x2 Top Plates",{"$f":"D577*2","v":{"v":24,"d":"24.00"}},"LF",{"v":0.1,"d":"10%"},{"v":26.4,"d":"26.40"},{"v":0.018,"d":"0.02"},{"v":59.89,"d":"$59.89"},{"v":0.47519999999999996,"d":"0.48"},{"v":28.459728,"d":"$28.46"},{"v":0.94,"d":"$0.94"},{"v":24.816,"d":"$24.82"},{"v":0,"d":"$0.00"},{"v":0,"d":"$0.00"},{"v":53.275728,"d":"$53.28"}]
[{"$f":"IF(D580=0,\"\",1+MAX(A$12:A579))","v":471},null,"2x2 Bottom Plate",{"$f":"D577","v":{"v":12,"d":"12.00"}},"LF",{"v":0.1,"d":"10%"},{"v":13.2,"d":"13.20"},{"v":0.018,"d":"0.02"},{"v":59.89,"d":"$59.89"},{"v":0.23759999999999998,"d":"0.24"},{"v":14.229864,"d":"$14.23"},{"v":0.94,"d":"$0.94"},{"v":12.408,"d":"$12.41"},{"v":0,"d":"$0.00"},{"v":0,"d":"$0.00"},{"v":26.637864,"d":"$26.64"}]
[{"$f":"IF(D581=0,\"\",1+MAX(A$12:A580))","v":472},null,"5/8\" Type X Gypsum Board One Side (H=16'-6)",{"$f":"D577*16.5","v":{"v":198,"d":"198.00"}},"SF",{"v":0.1,"d":"10%"},{"v":217.8,"d":"217.80"}]
[{"$f":"IF(D582=0,\"\",1+MAX(A$12:A581))","v":473},null,"4'x8' No of Sheets",{"$f":"ROUNDUP(D581/32,0)","v":{"v":7,"d":"7.00"}},"Sheets",{"v":0,"d":"0%"},{"v":7,"d":"7.00"},0.48,{"v":59.89,"d":"$59.89"},{"$f":"H582*G582","v":3.36},{"$f":"I582*J582","v":{"v":201.2304,"d":"$201.23"}},{"v":20.38,"d":"$20.38"},{"$f":"L582*G582","v":{"v":142.66,"d":"$142.66"}},{"v":0,"d":"$0.00"},{"$f":"N582*G582","v":{"v":0,"d":"$0.00"}},{"$f":"IF(D582=\"\",\"\",(K582+M582+O582))","v":{"v":343.8904,"d":"$343.89"}}]
[{"$f":"IF(D583=0,\"\",1+MAX(A$12:A582))","v":474},null,"500' Tape Roll",{"$f":"ROUNDUP(D582*24/500,0)","v":{"v":1,"d":"1.00"}},"Rolls",{"v":0,"d":"0%"},{"v":1,"d":"1.00"},{"v":5,"d":"5.00"},{"v":59.89,"d":"$59.89"},{"v":5,"d":"5.00"},{"v":299.45,"d":"$299.45"},{"v":16.25,"d":"$16.25"},{"v":16.25,"d":"$16.25"},{"v":0,"d":"$0.00"},{"v":0,"d":"$0.00"},{"v":315.7,"d":"$315.70"}]
[{"$f":"IF(D584=0,\"\",1+MAX(A$12:A583))","v":475},null,"Joint Compound",{"$f":"ROUNDUP(D581*0.053,0)","v":{"v":11,"d":"11.00"}},"lbs",{"v":0.1,"d":"10%"},{"v":12.1,"d":"12.10"},0.22,{"v":59.89,"d":"$59.89"},{"v":2.662,"d":"2.66"},{"v":159.42718,"d":"$159.43"},{"v":0.5,"d":"$0.50"},{"v":6.05,"d":"$6.05"},{"v":0,"d":"$0.00"},{"v":0,"d":"$0.00"},{"v":165.47718,"d":"$165.48"}]
[{"$f":"IF(D585=0,\"\",1+MAX(A$12:A584))","v":476},null,"1-1/4\" Drywall Screws",{"$f":"ROUNDUP(D581*1.33,0)","v":{"v":264,"d":"264.00"}},"EA",{"v":0,"d":"0%"},{"v":264,"d":"264.00"},{"v":2E-3,"d":"0.00"},{"v":59.89,"d":"$59.89"},{"v":0.528,"d":"0.53"},{"v":31.621920000000003,"d":"$31.62"},{"v":0.06,"d":"$0.06"},{"v":15.84,"d":"$15.84"},{"v":0,"d":"$0.00"},{"v":0,"d":"$0.00"},{"v":47.461920000000006,"d":"$47.46"}]
[{"$f":"IF(D586=0,\"\",1+MAX(A$12:A585))","v":477},null,"Sealant",{"$f":"D577*2","v":{"v":24,"d":"24.00"}},"LF",{"v":0.1,"d":"10%"},{"v":26.4,"d":"26.40"},{"v":0.025,"d":"0.03"},{"v":59.89,"d":"$59.89"},0.66,{"v":39.5274,"d":"$39.53"},{"v":0.5,"d":"$0.50"},{"v":13.2,"d":"$13.20"},{"v":0,"d":"$0.00"},{"v":0,"d":"$0.00"},{"v":52.7274,"d":"$52.73"}]
[{"$f":"IF(D587=0,\"\",1+MAX(A$12:A586))","v":""}]
[{"$f":"IF(D588=0,\"\",1+MAX(A$12:A587))","v":478},null,"S1: 2x6 Wood Stud Interior Wall @ 16 O.C. (H= 14'-0\")\r",{"v":49,"d":"49.00"},"LF"]
[{"$f":"IF(D589=0,\"\",1+MAX(A$12:A588))","v":479},null,"2x6 Wood Stud @ 16 O.C.",{"$f":"(D588/1.33)*14","v":{"v":515.7894736842104,"d":"515.79"}},"LF",{"v":0.1,"d":"10%"},{"v":567.3684210526314,"d":"567.37"},{"v":0.018,"d":"0.02"},{"v":59.89,"d":"$59.89"},{"$f":"H589*G589","v":{"v":10.212631578947365,"d":"10.21"}},{"$f":"I589*J589","v":{"v":611.6345052631577,"d":"$611.63"}},{"v":0.94,"d":"$0.94"},{"$f":"L589*G589","v":{"v":533.3263157894735,"d":"$533.33"}},{"v":0,"d":"$0.00"},{"$f":"N589*G589","v":{"v":0,"d":"$0.00"}},{"$f":"IF(D589=\"\",\"\",(K589+M589+O589))","v":{"v":1144.9608210526312,"d":"$1,144.96"}}]
[{"$f":"IF(D590=0,\"\",1+MAX(A$12:A589))","v":480},null,"2x6 Top Plates",{"$f":"D588*2","v":{"v":98,"d":"98.00"}},"LF",{"v":0.1,"d":"10%"},{"v":107.8,"d":"107.80"},{"v":0.018,"d":"0.02"},{"v":59.89,"d":"$59.89"},{"v":1.9404,"d":"1.94"},{"v":116.210556,"d":"$116.21"},{"v":0.94,"d":"$0.94"},{"v":101.332,"d":"$101.33"},{"v":0,"d":"$0.00"},{"v":0,"d":"$0.00"},{"v":217.542556,"d":"$217.54"}]
[{"$f":"IF(D591=0,\"\",1+MAX(A$12:A590))","v":481},null,"2x6 Bottom Plate",{"$f":"D588","v":{"v":49,"d":"49.00"}},"LF",{"v":0.1,"d":"10%"},{"v":53.9,"d":"53.90"},{"v":0.018,"d":"0.02"},{"v":59.89,"d":"$59.89"},{"v":0.9702,"d":"0.97"},{"v":58.105278,"d":"$58.11"},{"v":0.94,"d":"$0.94"},{"v":50.666,"d":"$50.67"},{"v":0,"d":"$0.00"},{"v":0,"d":"$0.00"},{"v":108.771278,"d":"$108.77"}]
[{"$f":"IF(D592=0,\"\",1+MAX(A$12:A591))","v":482},null,"5/8\" Moisture Resistant Gypsum Board One Side (H=14'-0)",{"$f":"D588*14","v":{"v":686,"d":"686.00"}},"SF",{"v":0.1,"d":"10%"},{"v":754.6,"d":"754.60"}]
[{"$f":"IF(D593=0,\"\",1+MAX(A$12:A592))","v":483},null,"4'x8' No of Sheets",{"$f":"ROUNDUP(D592/32,0)","v":{"v":22,"d":"22.00"}},"Sheets",{"v":0,"d":"0%"},{"v":22,"d":"22.00"},0.48,{"v":59.89,"d":"$59.89"},{"$f":"H593*G593","v":{"v":10.559999999999999,"d":"10.56"}},{"$f":"I593*J593","v":{"v":632.4383999999999,"d":"$632.44"}},{"v":23.98,"d":"$23.98"},{"$f":"L593*G593","v":{"v":527.5600000000001,"d":"$527.56"}},{"v":0,"d":"$0.00"},{"$f":"N593*G593","v":{"v":0,"d":"$0.00"}},{"$f":"IF(D593=\"\",\"\",(K593+M593+O593))","v":{"v":1159.9984,"d":"$1,160.00"}}]
[{"$f":"IF(D594=0,\"\",1+MAX(A$12:A593))","v":484},null,"500' Tape Roll",{"$f":"ROUNDUP(D593*24/500,0)","v":{"v":2,"d":"2.00"}},"Rolls",{"v":0,"d":"0%"},{"v":2,"d":"2.00"},{"v":5,"d":"5.00"},{"v":59.89,"d":"$59.89"},{"v":10,"d":"10.00"},{"v":598.9,"d":"$598.90"},{"v":16.25,"d":"$16.25"},{"v":32.5,"d":"$32.50"},{"v":0,"d":"$0.00"},{"v":0,"d":"$0.00"},{"v":631.4,"d":"$631.40"}]
[{"$f":"IF(D595=0,\"\",1+MAX(A$12:A594))","v":485},null,"Joint Compound",{"$f":"ROUNDUP(D592*0.053,0)","v":{"v":37,"d":"37.00"}},"lbs",{"v":0.1,"d":"10%"},{"v":40.7,"d":"40.70"},0.22,{"v":59.89,"d":"$59.89"},{"v":8.954,"d":"8.95"},{"v":536.2550600000001,"d":"$536.26"},{"v":0.5,"d":"$0.50"},{"v":20.35,"d":"$20.35"},{"v":0,"d":"$0.00"},{"v":0,"d":"$0.00"},{"v":556.6050600000001,"d":"$556.61"}]
[{"$f":"IF(D596=0,\"\",1+MAX(A$12:A595))","v":486},null,"1-1/4\" Drywall Screws",{"$f":"ROUNDUP(D592*1.33,0)","v":{"v":913,"d":"913.00"}},"EA",{"v":0,"d":"0%"},{"v":913,"d":"913.00"},{"v":2E-3,"d":"0.00"},{"v":59.89,"d":"$59.89"},{"v":1.826,"d":"1.83"},{"v":109.35914000000001,"d":"$109.36"},{"v":0.06,"d":"$0.06"},{"v":54.78,"d":"$54.78"},{"v":0,"d":"$0.00"},{"v":0,"d":"$0.00"},{"v":164.13914,"d":"$164.14"}]
[{"$f":"IF(D597=0,\"\",1+MAX(A$12:A596))","v":487},null,"5/8\" Type X Gypsum Board One Side (H=13'-4)",{"$f":"D588*14","v":{"v":686,"d":"686.00"}},"SF",{"v":0.1,"d":"10%"},{"v":754.6,"d":"754.60"}]
[{"$f":"IF(D598=0,\"\",1+MAX(A$12:A597))","v":488},null,"4'x8' No of Sheets",{"$f":"ROUNDUP(D597/32,0)","v":{"v":22,"d":"22.00"}},"Sheets",{"v":0,"d":"0%"},{"v":22,"d":"22.00"},0.48,{"v":59.89,"d":"$59.89"},{"$f":"H598*G598","v":{"v":10.559999999999999,"d":"10.56"}},{"$f":"I598*J598","v":{"v":632.4383999999999,"d":"$632.44"}},{"v":20.38,"d":"$20.38"},{"$f":"L598*G598","v":{"v":448.35999999999996,"d":"$448.36"}},{"v":0,"d":"$0.00"},{"$f":"N598*G598","v":{"v":0,"d":"$0.00"}},{"$f":"IF(D598=\"\",\"\",(K598+M598+O598))","v":{"v":1080.7984,"d":"$1,080.80"}}]
[{"$f":"IF(D599=0,\"\",1+MAX(A$12:A598))","v":489},null,"500' Tape Roll",{"$f":"ROUNDUP(D598*24/500,0)","v":{"v":2,"d":"2.00"}},"Rolls",{"v":0,"d":"0%"},{"v":2,"d":"2.00"},{"v":5,"d":"5.00"},{"v":59.89,"d":"$59.89"},{"v":10,"d":"10.00"},{"v":598.9,"d":"$598.90"},{"v":16.25,"d":"$16.25"},{"v":32.5,"d":"$32.50"},{"v":0,"d":"$0.00"},{"v":0,"d":"$0.00"},{"v":631.4,"d":"$631.40"}]
[{"$f":"IF(D600=0,\"\",1+MAX(A$12:A599))","v":490},null,"Joint Compound",{"$f":"ROUNDUP(D597*0.053,0)","v":{"v":37,"d":"37.00"}},"lbs",{"v":0.1,"d":"10%"},{"v":40.7,"d":"40.70"},0.22,{"v":59.89,"d":"$59.89"},{"v":8.954,"d":"8.95"},{"v":536.2550600000001,"d":"$536.26"},{"v":0.5,"d":"$0.50"},{"v":20.35,"d":"$20.35"},{"v":0,"d":"$0.00"},{"v":0,"d":"$0.00"},{"v":556.6050600000001,"d":"$556.61"}]
[{"$f":"IF(D601=0,\"\",1+MAX(A$12:A600))","v":491},null,"1-1/4\" Drywall Screws",{"$f":"ROUNDUP(D597*1.33,0)","v":{"v":913,"d":"913.00"}},"EA",{"v":0,"d":"0%"},{"v":913,"d":"913.00"},{"v":2E-3,"d":"0.00"},{"v":59.89,"d":"$59.89"},{"v":1.826,"d":"1.83"},{"v":109.35914000000001,"d":"$109.36"},{"v":0.06,"d":"$0.06"},{"v":54.78,"d":"$54.78"},{"v":0,"d":"$0.00"},{"v":0,"d":"$0.00"},{"v":164.13914,"d":"$164.14"}]
[{"$f":"IF(D602=0,\"\",1+MAX(A$12:A601))","v":492},null,"Sealant",{"$f":"D588*4","v":{"v":196,"d":"196.00"}},"LF",{"v":0.1,"d":"10%"},{"v":215.6,"d":"215.60"},{"v":0.025,"d":"0.03"},{"v":59.89,"d":"$59.89"},{"v":5.390000000000001,"d":"5.39"},{"v":322.80710000000005,"d":"$322.81"},{"v":0.5,"d":"$0.50"},{"v":107.8,"d":"$107.80"},{"v":0,"d":"$0.00"},{"v":0,"d":"$0.00"},{"v":430.60710000000006,"d":"$430.61"}]
[{"$f":"IF(D603=0,\"\",1+MAX(A$12:A602))","v":""}]
[{"$f":"IF(D604=0,\"\",1+MAX(A$12:A603))","v":493},null,"S2: 2x8 Wood Stud Chase Wall @ 16 O.C. (H= 13'-4\")",{"v":23,"d":"23.00"},"LF"]
[{"$f":"IF(D605=0,\"\",1+MAX(A$12:A604))","v":494},null,"2x8 Wood Stud @ 16 O.C.",{"$f":"(D604/1.33)*13.33","v":{"v":230.5187969924812,"d":"230.52"}},"LF",{"v":0.1,"d":"10%"},{"v":253.57067669172935,"d":"253.57"},{"v":0.018,"d":"0.02"},{"v":59.89,"d":"$59.89"},{"$f":"H605*G605","v":{"v":4.564272180451128,"d":"4.56"}},{"$f":"I605*J605","v":{"v":273.35426088721806,"d":"$273.35"}},{"v":0.94,"d":"$0.94"},{"$f":"L605*G605","v":{"v":238.35643609022557,"d":"$238.36"}},{"v":0,"d":"$0.00"},{"$f":"N605*G605","v":{"v":0,"d":"$0.00"}},{"$f":"IF(D605=\"\",\"\",(K605+M605+O605))","v":{"v":511.7106969774436,"d":"$511.71"}}]
[{"$f":"IF(D606=0,\"\",1+MAX(A$12:A605))","v":495},null,"2x8 Top Plates",{"$f":"D604*2","v":{"v":46,"d":"46.00"}},"LF",{"v":0.1,"d":"10%"},{"v":50.6,"d":"50.60"},{"v":0.018,"d":"0.02"},{"v":59.89,"d":"$59.89"},{"v":0.9107999999999999,"d":"0.91"},{"v":54.547812,"d":"$54.55"},{"v":0.94,"d":"$0.94"},{"v":47.564,"d":"$47.56"},{"v":0,"d":"$0.00"},{"v":0,"d":"$0.00"},{"v":102.111812,"d":"$102.11"}]
[{"$f":"IF(D607=0,\"\",1+MAX(A$12:A606))","v":496},null,"2x8 Bottom Plate",{"$f":"D604","v":{"v":23,"d":"23.00"}},"LF",{"v":0.1,"d":"10%"},{"v":25.3,"d":"25.30"},{"v":0.018,"d":"0.02"},{"v":59.89,"d":"$59.89"},{"v":0.45539999999999997,"d":"0.46"},{"v":27.273906,"d":"$27.27"},{"v":0.94,"d":"$0.94"},{"v":23.782,"d":"$23.78"},{"v":0,"d":"$0.00"},{"v":0,"d":"$0.00"},{"v":51.055906,"d":"$51.06"}]
[{"$f":"IF(D608=0,\"\",1+MAX(A$12:A607))","v":497},null,"5/8\" Type X Moisture Resistant Gypsum Board One Side (H=13'-4)",{"$f":"D604*13.33","v":306.59},"SF",{"v":0.1,"d":"10%"},{"v":337.24899999999997,"d":"337.25"}]
[{"$f":"IF(D609=0,\"\",1+MAX(A$12:A608))","v":498},null,"4'x8' No of Sheets",{"$f":"ROUNDUP(D608/32,0)","v":{"v":10,"d":"10.00"}},"Sheets",{"v":0,"d":"0%"},{"v":10,"d":"10.00"},0.48,{"v":59.89,"d":"$59.89"},{"$f":"H609*G609","v":{"v":4.8,"d":"4.80"}},{"$f":"I609*J609","v":{"v":287.472,"d":"$287.47"}},{"v":26.46,"d":"$26.46"},{"$f":"L609*G609","v":{"v":264.6,"d":"$264.60"}},{"v":0,"d":"$0.00"},{"$f":"N609*G609","v":{"v":0,"d":"$0.00"}},{"$f":"IF(D609=\"\",\"\",(K609+M609+O609))","v":{"v":552.072,"d":"$552.07"}}]
[{"$f":"IF(D610=0,\"\",1+MAX(A$12:A609))","v":499},null,"500' Tape Roll",{"$f":"ROUNDUP(D609*24/500,0)","v":{"v":1,"d":"1.00"}},"Rolls",{"v":0,"d":"0%"},{"v":1,"d":"1.00"},{"v":5,"d":"5.00"},{"v":59.89,"d":"$59.89"},{"v":5,"d":"5.00"},{"v":299.45,"d":"$299.45"},{"v":16.25,"d":"$16.25"},{"v":16.25,"d":"$16.25"},{"v":0,"d":"$0.00"},{"v":0,"d":"$0.00"},{"v":315.7,"d":"$315.70"}]
[{"$f":"IF(D611=0,\"\",1+MAX(A$12:A610))","v":500},null,"Joint Compound",{"$f":"ROUNDUP(D608*0.053,0)","v":{"v":17,"d":"17.00"}},"lbs",{"v":0.1,"d":"10%"},{"v":18.7,"d":"18.70"},0.22,{"v":59.89,"d":"$59.89"},{"v":4.114,"d":"4.11"},{"v":246.38746,"d":"$246.39"},{"v":0.5,"d":"$0.50"},{"v":9.35,"d":"$9.35"},{"v":0,"d":"$0.00"},{"v":0,"d":"$0.00"},{"v":255.73746,"d":"$255.74"}]
[{"$f":"IF(D612=0,\"\",1+MAX(A$12:A611))","v":501},null,"1-1/4\" Drywall Screws",{"$f":"ROUNDUP(D608*1.33,0)","v":{"v":408,"d":"408.00"}},"EA",{"v":0,"d":"0%"},{"v":408,"d":"408.00"},{"v":2E-3,"d":"0.00"},{"v":59.89,"d":"$59.89"},{"v":0.8160000000000001,"d":"0.82"},{"v":48.87024,"d":"$48.87"},{"v":0.06,"d":"$0.06"},{"v":24.48,"d":"$24.48"},{"v":0,"d":"$0.00"},{"v":0,"d":"$0.00"},{"v":73.35024,"d":"$73.35"}]
[{"$f":"IF(D613=0,\"\",1+MAX(A$12:A612))","v":502},null,"5/8\" Type X Gypsum Board One Side (H=13'-4)",{"$f":"D604*13.33","v":306.59},"SF",{"v":0.1,"d":"10%"},{"v":337.24899999999997,"d":"337.25"}]
[{"$f":"IF(D614=0,\"\",1+MAX(A$12:A613))","v":503},null,"4'x8' No of Sheets",{"$f":"ROUNDUP(D613/32,0)","v":{"v":10,"d":"10.00"}},"Sheets",{"v":0,"d":"0%"},{"v":10,"d":"10.00"},0.48,{"v":59.89,"d":"$59.89"},{"$f":"H614*G614","v":{"v":4.8,"d":"4.80"}},{"$f":"I614*J614","v":{"v":287.472,"d":"$287.47"}},{"v":20.38,"d":"$20.38"},{"$f":"L614*G614","v":{"v":203.79999999999998,"d":"$203.80"}},{"v":0,"d":"$0.00"},{"$f":"N614*G614","v":{"v":0,"d":"$0.00"}},{"$f":"IF(D614=\"\",\"\",(K614+M614+O614))","v":{"v":491.27199999999993,"d":"$491.27"}}]
[{"$f":"IF(D615=0,\"\",1+MAX(A$12:A614))","v":504},null,"500' Tape Roll",{"$f":"ROUNDUP(D614*24/500,0)","v":{"v":1,"d":"1.00"}},"Rolls",{"v":0,"d":"0%"},{"v":1,"d":"1.00"},{"v":5,"d":"5.00"},{"v":59.89,"d":"$59.89"},{"v":5,"d":"5.00"},{"v":299.45,"d":"$299.45"},{"v":16.25,"d":"$16.25"},{"v":16.25,"d":"$16.25"},{"v":0,"d":"$0.00"},{"v":0,"d":"$0.00"},{"v":315.7,"d":"$315.70"}]
[{"$f":"IF(D616=0,\"\",1+MAX(A$12:A615))","v":505},null,"Joint Compound",{"$f":"ROUNDUP(D613*0.053,0)","v":{"v":17,"d":"17.00"}},"lbs",{"v":0.1,"d":"10%"},{"v":18.7,"d":"18.70"},0.22,{"v":59.89,"d":"$59.89"},{"v":4.114,"d":"4.11"},{"v":246.38746,"d":"$246.39"},{"v":0.5,"d":"$0.50"},{"v":9.35,"d":"$9.35"},{"v":0,"d":"$0.00"},{"v":0,"d":"$0.00"},{"v":255.73746,"d":"$255.74"}]
[{"$f":"IF(D617=0,\"\",1+MAX(A$12:A616))","v":506},null,"1-1/4\" Drywall Screws",{"$f":"ROUNDUP(D613*1.33,0)","v":{"v":408,"d":"408.00"}},"EA",{"v":0,"d":"0%"},{"v":408,"d":"408.00"},{"v":2E-3,"d":"0.00"},{"v":59.89,"d":"$59.89"},{"v":0.8160000000000001,"d":"0.82"},{"v":48.87024,"d":"$48.87"},{"v":0.06,"d":"$0.06"},{"v":24.48,"d":"$24.48"},{"v":0,"d":"$0.00"},{"v":0,"d":"$0.00"},{"v":73.35024,"d":"$73.35"}]
[{"$f":"IF(D618=0,\"\",1+MAX(A$12:A617))","v":507},null,"Sealant",{"$f":"D604*4","v":{"v":92,"d":"92.00"}},"LF",{"v":0.1,"d":"10%"},{"v":101.2,"d":"101.20"},{"v":0.025,"d":"0.03"},{"v":59.89,"d":"$59.89"},{"v":2.5300000000000002,"d":"2.53"},{"v":151.5217,"d":"$151.52"},{"v":0.5,"d":"$0.50"},{"v":50.6,"d":"$50.60"},{"v":0,"d":"$0.00"},{"v":0,"d":"$0.00"},{"v":202.1217,"d":"$202.12"}]
[{"$f":"IF(E619=0,\"\",1+MAX(A235:A247))","v":""},null,"Ceilings"]
[{"$f":"IF(D620=0,\"\",1+MAX(A$12:A619))","v":508},null,"2x2 Acoustical Tile Ceiling",{"v":2848.68,"d":"2,848.68"},"SF",{"v":0.1,"d":"10%"},{"$f":"(F620*D620)+D620","v":{"v":3133.548,"d":"3133.55"}},0.09,{"v":59.89,"d":"$59.89"},{"$f":"H620*G620","v":{"v":282.01932,"d":"282.02"}},{"$f":"I620*J620","v":{"v":16890.1370748,"d":"$16,890.14"}},{"v":3.9,"d":"$3.90"},{"$f":"L620*G620","v":{"v":12220.837199999998,"d":"$12,220.84"}},{"v":0,"d":"$0.00"},{"$f":"N620*G620","v":{"v":0,"d":"$0.00"}},{"$f":"IF(D620=\"\",\"\",(K620+M620+O620))","v":{"v":29110.9742748,"d":"$29,110.97"}}]
[{"$f":"IF(E621=0,\"\",1+MAX(A619:A620))","v":509},null,"5/8\" Gypsum Board ",{"v":2911,"d":"2,911.00"},"SF",{"v":0.1,"d":"10%"},{"v":3202.1,"d":"3202.10"}]
[{"$f":"IF(D622=0,\"\",1+MAX(A$12:A621))","v":510},null,"4'x8' No of Sheets",{"$f":"ROUNDUP(D621/32,0)","v":{"v":91,"d":"91.00"}},"SHEETS",{"v":0,"d":"0%"},{"v":91,"d":"91.00"},{"v":0.48,"d":"0.480"},{"v":59.89,"d":"$59.89"},{"$f":"H622*G622","v":43.68},{"$f":"I622*J622","v":{"v":2615.9952,"d":"$2,616.00"}},{"v":26.46,"d":"$26.46"},{"$f":"L622*G622","v":{"v":2407.86,"d":"$2,407.86"}},{"v":0,"d":"$0.00"},{"$f":"N622*G622","v":{"v":0,"d":"$0.00"}},{"$f":"IF(D622=\"\",\"\",(K622+M622+O622))","v":{"v":5023.8552,"d":"$5,023.86"}}]
[{"$f":"IF(D623=0,\"\",1+MAX(A$12:A622))","v":511},null,"500' Tape Roll",{"$f":"ROUNDUP(D622*24/500,0)","v":{"v":5,"d":"5.00"}},"ROLLS",{"v":0,"d":"0%"},{"v":5,"d":"5.00"},{"v":5,"d":"5.000"},{"v":59.89,"d":"$59.89"},{"v":25,"d":"25.00"},{"v":1497.25,"d":"$1,497.25"},{"v":16.25,"d":"$16.25"},{"v":81.25,"d":"$81.25"},{"v":0,"d":"$0.00"},{"v":0,"d":"$0.00"},{"v":1578.5,"d":"$1,578.50"}]
[{"$f":"IF(D624=0,\"\",1+MAX(A$12:A623))","v":512},null,"Joint Compound",{"$f":"ROUNDUP(D621*0.053,0)","v":{"v":155,"d":"155.00"}},"LBS",{"v":0.1,"d":"10%"},{"v":170.5,"d":"170.50"},{"v":0.22,"d":"0.220"},{"v":59.89,"d":"$59.89"},37.51,{"v":2246.4739,"d":"$2,246.47"},{"v":0.5,"d":"$0.50"},{"v":85.25,"d":"$85.25"},{"v":0,"d":"$0.00"},{"v":0,"d":"$0.00"},{"v":2331.7239,"d":"$2,331.72"}]
[{"$f":"IF(D625=0,\"\",1+MAX(A$12:A624))","v":513},null,"1-1/4\" Drywall Screws",{"$f":"ROUNDUP(D622*28,0)","v":{"v":2548,"d":"2,548.00"}},"EA",{"v":0,"d":"0%"},{"v":2548,"d":"2548.00"},{"v":2E-3,"d":"0.002"},{"v":59.89,"d":"$59.89"},{"v":5.096,"d":"5.10"},{"v":305.19944,"d":"$305.20"},{"v":0.06,"d":"$0.06"},{"v":152.88,"d":"$152.88"},{"v":0,"d":"$0.00"},{"v":0,"d":"$0.00"},{"v":458.07944,"d":"$458.08"}]
[{"$f":"IF(E626=0,\"\",1+MAX(A246:A625))","v":""},null,"Wall Tiles"]
[{"$f":"IF(E627=0,\"\",1+MAX(A247:A626))","v":514},null,"Wall Tile (H=4'-0\")",{"$f":"202.89*4","v":811.56},"SF",{"v":0.1,"d":"10%"},{"$f":"(F627*D627)+D627","v":{"v":892.7159999999999,"d":"892.72"}},{"v":0.089,"d":"0.09"},{"v":65.65,"d":"$65.65"},{"$f":"H627*G627","v":{"v":79.45172399999998,"d":"79.45"}},{"$f":"I627*J627","v":{"v":5216.005680599999,"d":"$5,216.01"}},{"v":5.19,"d":"$5.19"},{"$f":"L627*G627","v":{"v":4633.19604,"d":"$4,633.20"}},{"v":0,"d":"$0.00"},{"$f":"N627*G627","v":{"v":0,"d":"$0.00"}},{"$f":"IF(D627=\"\",\"\",(K627+M627+O627))","v":{"v":9849.201720599998,"d":"$9,849.20"}}]
[{"$f":"IF(E628=0,\"\",1+MAX(A619:A627))","v":""},null,"Wall Paint"]
[{"$f":"IF(E629=0,\"\",1+MAX(A620:A628))","v":515},null,"Paint @ Walls",{"v":25341.92,"d":"25,341.92"},"SF",{"v":0.1,"d":"10%"},{"$f":"(F629*D629)+D629","v":{"v":27876.111999999997,"d":"27876.11"}},{"v":0.013,"d":"0.01"},{"v":56.94,"d":"$56.94"},{"$f":"H629*G629","v":{"v":362.38945599999994,"d":"362.39"}},{"$f":"I629*J629","v":{"v":20634.455624639995,"d":"$20,634.46"}},{"v":0.45,"d":"$0.45"},{"$f":"L629*G629","v":{"v":12544.250399999999,"d":"$12,544.25"}},{"v":0,"d":"$0.00"},{"$f":"N629*G629","v":{"v":0,"d":"$0.00"}},{"$f":"IF(D629=\"\",\"\",(K629+M629+O629))","v":{"v":33178.70602463999,"d":"$33,178.71"}}]
[{"$f":"IF(E630=0,\"\",1+MAX(A626:A629))","v":""},null,"Ceiling Paint "]
[{"$f":"IF(E631=0,\"\",1+MAX(A626:A630))","v":516},null,"Paint @ Ceiling",{"v":3492.4,"d":"3,492.40"},"SF",{"v":0.1,"d":"10%"},{"$f":"(F631*D631)+D631","v":{"v":3841.6400000000003,"d":"3841.64"}},{"v":0.015,"d":"0.02"},{"v":56.94,"d":"$56.94"},{"$f":"H631*G631","v":{"v":57.6246,"d":"57.62"}},{"$f":"I631*J631","v":{"v":3281.1447239999998,"d":"$3,281.14"}},{"v":0.45,"d":"$0.45"},{"$f":"L631*G631","v":{"v":1728.7380000000003,"d":"$1,728.74"}},{"v":0,"d":"$0.00"},{"$f":"N631*G631","v":{"v":0,"d":"$0.00"}},{"$f":"IF(D631=\"\",\"\",(K631+M631+O631))","v":{"v":5009.882724,"d":"$5,009.88"}}]
[{"$f":"IF(E632=0,\"\",1+MAX(A626:A631))","v":""},null,"Door Paint"]
[517,null,"Paint @ Doors",{"v":11,"d":"11.00"},"EA",{"v":0,"d":"0%"},{"$f":"(F633*D633)+D633","v":{"v":11,"d":"11.00"}},{"v":1.215,"d":"1.22"},{"v":56.94,"d":"$56.94"},{"$f":"H633*G633","v":{"v":13.365,"d":"13.37"}},{"$f":"I633*J633","v":{"v":761.0031,"d":"$761.00"}},{"v":26.8,"d":"$26.80"},{"$f":"L633*G633","v":{"v":294.8,"d":"$294.80"}},{"v":0,"d":"$0.00"},{"$f":"N633*G633","v":{"v":0,"d":"$0.00"}},{"$f":"IF(D633=\"\",\"\",(K633+M633+O633))","v":{"v":1055.8031,"d":"$1,055.80"}}]
[518,null,"Paint @ Trims",{"v":200,"d":"200.00"},"LF",{"v":0.1,"d":"10%"},{"v":220,"d":"220.00"},{"v":0.018,"d":"0.02"},{"v":56.94,"d":"$56.94"},{"v":3.9599999999999995,"d":"3.96"},{"v":225.48239999999996,"d":"$225.48"},{"v":0.8,"d":"$0.80"},{"v":176,"d":"$176.00"},{"v":0,"d":"$0.00"},{"v":0,"d":"$0.00"},{"v":401.4824,"d":"$401.48"}]
["",null,"Exterior Finishes"]
[519,null,"7/8\" Portland Cement Plaster\r\n- 3/8\" Scratch Coat Plus 3/8\" Brown Coat\r\n- 1/8\" Brown Coat",{"v":8248.64,"d":"8,248.64"},"SF",{"v":0.1,"d":"10%"},{"$f":"(F636*D636)+D636","v":{"v":9073.503999999999,"d":"9073.50"}},{"v":0.048,"d":"0.05"},{"v":75.8,"d":"$75.80"},{"$f":"H636*G636","v":{"v":435.52819199999993,"d":"435.53"}},{"$f":"I636*J636","v":{"v":33013.03695359999,"d":"$33,013.04"}},{"v":5.35,"d":"$5.35"},{"$f":"L636*G636","v":{"v":48543.24639999999,"d":"$48,543.25"}},{"v":0,"d":"$0.00"},{"$f":"N636*G636","v":{"v":0,"d":"$0.00"}},{"$f":"IF(D636=\"\",\"\",(K636+M636+O636))","v":{"v":81556.28335359998,"d":"$81,556.28"}}]
[520,null,"Exterior Siding\n- Details are not provided",319.79,"SF",{"v":0.1,"d":"10%"},{"v":351.769,"d":"351.77"},{"v":0.058,"d":"0.06"},{"v":112,"d":"$112.00"},{"v":20.402602,"d":"20.40"},{"v":2285.091424,"d":"$2,285.09"},{"v":4.27,"d":"$4.27"},{"v":1502.0536299999999,"d":"$1,502.05"},{"v":0,"d":"$0.00"},{"v":0,"d":"$0.00"},{"v":3787.145054,"d":"$3,787.15"}]
[521,null,"Downspout Nozzle",{"v":3,"d":"3.00"},"EA",{"v":0,"d":"0%"},{"v":3,"d":"3.00"},{"v":3.958,"d":"3.96"},{"v":112,"d":"$112.00"},{"v":11.874,"d":"11.87"},{"v":1329.8880000000001,"d":"$1,329.89"},{"v":210.86,"d":"$210.86"},{"v":632.58,"d":"$632.58"},{"v":0,"d":"$0.00"},{"v":0,"d":"$0.00"},{"v":1962.4680000000003,"d":"$1,962.47"}]
[522,null,"(4'-0\" w x 14'-0\" L) Awning",{"v":3,"d":"3.00"},"EA",{"v":0,"d":"0%"},{"v":3,"d":"3.00"},{"v":19.6,"d":"19.60"},{"v":112,"d":"$112.00"},{"v":58.800000000000004,"d":"58.80"},{"v":6585.6,"d":"$6,585.60"},{"v":2651.2,"d":"$2,651.20"},{"v":7953.599999999999,"d":"$7,953.60"},{"v":0,"d":"$0.00"},{"v":0,"d":"$0.00"},{"v":14539.2,"d":"$14,539.20"}]
[{"$f":"IF(E640=0,\"\",1+MAX(A632:A639))","v":""},{"$nulls":13},"SUBTOTAL",{"$f":"SUM(P234:P639)","v":{"v":493976.4391918557,"d":"$493,976.44"}}]
[{"$f":"IF(E641=0,\"\",1+MAX(A633:A640))","v":""}]
[{"$f":"IF(E642=0,\"\",1+MAX(A634:A641))","v":""},"10. SPECIALTIES"]
[{"$f":"IF(E643=0,\"\",1+MAX(A635:A642))","v":""},null,"Toilet Accessories"]
[{"$f":"IF(E644=0,\"\",1+MAX(A635:A643))","v":523},null,"42\" Grab Bar",{"v":4,"d":"4.00"},"EA",{"v":0,"d":"0%"},{"$f":"(F644*D644)+D644","v":{"v":4,"d":"4.00"}},{"v":0.624,"d":"0.62"},{"v":77.94,"d":"$77.94"},{"$f":"H644*G644","v":{"v":2.496,"d":"2.50"}},{"$f":"I644*J644","v":{"v":194.53824,"d":"$194.54"}},{"v":45.2,"d":"$45.20"},{"$f":"L644*G644","v":{"v":180.8,"d":"$180.80"}},{"v":0,"d":"$0.00"},{"$f":"N644*G644","v":{"v":0,"d":"$0.00"}},{"$f":"IF(D644=\"\",\"\",(K644+M644+O644))","v":{"v":375.33824000000004,"d":"$375.34"}}]
[{"$f":"IF(E645=0,\"\",1+MAX(A636:A644))","v":524},null,"36\" Grab Bar",{"v":4,"d":"4.00"},"EA",{"v":0,"d":"0%"},{"v":4,"d":"4.00"},{"v":0.598,"d":"0.60"},{"v":77.94,"d":"$77.94"},{"v":2.392,"d":"2.39"},{"v":186.43248,"d":"$186.43"},{"v":43.18,"d":"$43.18"},{"v":172.72,"d":"$172.72"},{"v":0,"d":"$0.00"},{"v":0,"d":"$0.00"},{"v":359.15247999999997,"d":"$359.15"}]
[525,null,"Bobrick Recessed Toilet Tissue/Seat Cover Dispenser\r\n- Model: B-3471",{"v":2,"d":"2.00"},"EA",{"v":0,"d":"0%"},{"v":2,"d":"2.00"},{"v":3.417,"d":"3.42"},{"v":77.94,"d":"$77.94"},{"v":6.834,"d":"6.83"},{"v":532.6419599999999,"d":"$532.64"},{"v":481.97,"d":"$481.97"},{"v":963.94,"d":"$963.94"},{"v":0,"d":"$0.00"},{"v":0,"d":"$0.00"},{"v":1496.58196,"d":"$1,496.58"}]
[526,null,"Bobrick Toilet Tissue Dispenser\r\n- Model: B-2721",{"v":5,"d":"5.00"},"EA",{"v":0,"d":"0%"},{"v":5,"d":"5.00"},{"v":0.872,"d":"0.87"},{"v":77.94,"d":"$77.94"},4.36,{"v":339.8184,"d":"$339.82"},{"v":72.15,"d":"$72.15"},{"v":360.75,"d":"$360.75"},{"v":0,"d":"$0.00"},{"v":0,"d":"$0.00"},{"v":700.5684,"d":"$700.57"}]
[527,null,"Bobrick Sanitary Napkin Disposal\r\n- Model: B-254",{"v":2,"d":"2.00"},"EA",{"v":0,"d":"0%"},{"v":2,"d":"2.00"},{"v":1.948,"d":"1.95"},{"v":77.94,"d":"$77.94"},{"v":3.896,"d":"3.90"},{"v":303.65423999999996,"d":"$303.65"},{"v":210.59,"d":"$210.59"},{"v":421.18,"d":"$421.18"},{"v":0,"d":"$0.00"},{"v":0,"d":"$0.00"},{"v":724.8342399999999,"d":"$724.83"}]
[528,null,"Bobrick Sanitary Napkin Vending\n- Model: B-2706",{"v":1,"d":"1.00"},"EA",{"v":0,"d":"0%"},{"v":1,"d":"1.00"},{"v":3.748,"d":"3.75"},{"v":77.94,"d":"$77.94"},{"v":3.748,"d":"3.75"},{"v":292.11912,"d":"$292.12"},{"v":826.13,"d":"$826.13"},{"v":826.13,"d":"$826.13"},{"v":0,"d":"$0.00"},{"v":0,"d":"$0.00"},{"v":1118.24912,"d":"$1,118.25"}]
[529,null,"Bobrick Seat Cover Dispenser\n- Model: B-4221",{"v":4,"d":"4.00"},"EA",{"v":0,"d":"0%"},{"v":4,"d":"4.00"},{"v":1.291,"d":"1.29"},{"v":77.94,"d":"$77.94"},{"v":5.164,"d":"5.16"},{"v":402.48215999999996,"d":"$402.48"},{"v":110.75,"d":"$110.75"},{"v":443,"d":"$443.00"},{"v":0,"d":"$0.00"},{"v":0,"d":"$0.00"},{"v":845.48216,"d":"$845.48"}]
[530,null,"5'-6\"x3'-7\" Mirror",{"v":2,"d":"2.00"},"EA",{"v":0,"d":"0%"},{"v":2,"d":"2.00"},{"v":4.978,"d":"4.98"},{"v":77.94,"d":"$77.94"},{"v":9.956,"d":"9.96"},{"v":775.9706399999999,"d":"$775.97"},{"v":499.4,"d":"$499.40"},{"v":998.8,"d":"$998.80"},{"v":0,"d":"$0.00"},{"v":0,"d":"$0.00"},{"v":1774.7706399999997,"d":"$1,774.77"}]
[531,null,"2'-10\"x4'-0\" Mirror",{"v":2,"d":"2.00"},"EA",{"v":0,"d":"0%"},{"v":2,"d":"2.00"},{"v":3.714,"d":"3.71"},{"v":77.94,"d":"$77.94"},{"v":7.428,"d":"7.43"},{"v":578.93832,"d":"$578.94"},{"v":232.24,"d":"$232.24"},{"v":464.48,"d":"$464.48"},{"v":0,"d":"$0.00"},{"v":0,"d":"$0.00"},{"v":1043.41832,"d":"$1,043.42"}]
[532,null,"Bobrick Paper Towel Dispenser/Waste Receptacle\r\n- Model: B-396",{"v":4,"d":"4.00"},"EA",{"v":0,"d":"0%"},{"v":4,"d":"4.00"},{"v":3.996,"d":"4.00"},{"v":77.94,"d":"$77.94"},{"v":15.984,"d":"15.98"},{"v":1245.79296,"d":"$1,245.79"},{"v":873.42,"d":"$873.42"},{"v":3493.68,"d":"$3,493.68"},{"v":0,"d":"$0.00"},{"v":0,"d":"$0.00"},{"v":4739.47296,"d":"$4,739.47"}]
[533,null,"Bobrick Toilet Seat Cover Dispenser\r\n- Model: B-301",{"v":2,"d":"2.00"},"EA",{"v":0,"d":"0%"},{"v":2,"d":"2.00"},{"v":1.374,"d":"1.37"},{"v":77.94,"d":"$77.94"},{"v":2.748,"d":"2.75"},{"v":214.17912,"d":"$214.18"},{"v":113.68,"d":"$113.68"},{"v":227.36,"d":"$227.36"},{"v":0,"d":"$0.00"},{"v":0,"d":"$0.00"},{"v":441.53912,"d":"$441.54"}]
[534,null,"Toilet Partitions (5' H)",36.04,"LF",{"v":0.1,"d":"10%"},{"v":39.644,"d":"39.64"},1.65,{"v":77.94,"d":"$77.94"},{"v":65.4126,"d":"65.41"},{"v":5098.258043999999,"d":"$5,098.26"},{"v":175,"d":"$175.00"},{"v":6937.7,"d":"$6,937.70"},{"v":0,"d":"$0.00"},{"v":0,"d":"$0.00"},{"v":12035.958043999999,"d":"$12,035.96"}]
[{"$f":"IF(E656=0,\"\",1+MAX(A643:A655))","v":""},{"$nulls":13},"SUBTOTAL",{"$f":"SUM(P642:P655)","v":{"v":25655.365683999997,"d":"$25,655.37"}}]
[{"$f":"IF(E657=0,\"\",1+MAX(A644:A656))","v":""}]
[{"$f":"IF(E658=0,\"\",1+MAX(A656:A657))","v":""},"11. APPLIANCES"]
[{"$f":"IF(E659=0,\"\",1+MAX(A656:A658))","v":""},null,"Equipments"]
[{"$f":"IF(E660=0,\"\",1+MAX(A651:A659))","v":535},null,"Pit Frames (Air Compressor)\r\nPurchased By: Corp\r\nInstalled By: Vendor\r\nVendor: Bear Services",{"v":1,"d":"1.00"},"EA",{"v":0,"d":"0%"},{"$f":"(F660*D660)+D660","v":{"v":1,"d":"1.00"}},{"v":7.512,"d":"7.51"},{"v":36.39,"d":"$36.39"},{"$f":"H660*G660","v":{"v":7.512,"d":"7.51"}},{"$f":"I660*J660","v":{"v":273.36168,"d":"$273.36"}},{"v":2478.16,"d":"$2,478.16"},{"$f":"L660*G660","v":{"v":2478.16,"d":"$2,478.16"}},{"v":0,"d":"$0.00"},{"$f":"N660*G660","v":{"v":0,"d":"$0.00"}},{"$f":"IF(D660=\"\",\"\",(K660+M660+O660))","v":{"v":2751.52168,"d":"$2,751.52"}}]
[{"$f":"IF(E661=0,\"\",1+MAX(A656:A660))","v":536},null,"Oil Seperator\r\nPurchased By: GC\r\nInstalled By: GC",{"v":3,"d":"3.00"},"EA",{"v":0,"d":"0%"},{"v":3,"d":"3.00"},{"v":8.125,"d":"8.13"},{"v":36.39,"d":"$36.39"},{"v":24.375,"d":"24.38"},{"v":887.00625,"d":"$887.01"},{"v":3849,"d":"$3,849.00"},{"v":11547,"d":"$11,547.00"},{"v":0,"d":"$0.00"},{"v":0,"d":"$0.00"},{"v":12434.00625,"d":"$12,434.01"}]
[{"$f":"IF(E662=0,\"\",1+MAX(A657:A661))","v":537},null,"Rolling Drain Pans (Coolar Tank)\r\nPurchased By: Corp\r\nInstalled By: Vendor\r\nVendor: Bear Services",{"v":2,"d":"2.00"},"EA",{"v":0,"d":"0%"},{"v":2,"d":"2.00"},{"v":3.947,"d":"3.95"},{"v":36.39,"d":"$36.39"},{"v":7.894,"d":"7.89"},{"v":287.26266,"d":"$287.26"},{"v":429.86,"d":"$429.86"},{"v":859.72,"d":"$859.72"},{"v":0,"d":"$0.00"},{"v":0,"d":"$0.00"},{"v":1146.9826600000001,"d":"$1,146.98"}]
[538,null,"Coolant Machine\r\nPurchased By: Corp\r\nInstalled By: Vendor",{"v":1,"d":"1.00"},"EA",{"v":0,"d":"0%"},{"v":1,"d":"1.00"},{"v":7.724,"d":"7.72"},{"v":36.39,"d":"$36.39"},{"v":7.724,"d":"7.72"},{"v":281.07636,"d":"$281.08"},{"v":2784.12,"d":"$2,784.12"},{"v":2784.12,"d":"$2,784.12"},{"v":0,"d":"$0.00"},{"v":0,"d":"$0.00"},{"v":3065.19636,"d":"$3,065.20"}]
[539,null,"Podium Work Stations (Refrigerator)\r\nPurchased By: Corp\r\nInstalled By: Operations",{"v":1,"d":"1.00"},"EA",{"v":0,"d":"0%"},{"v":1,"d":"1.00"},{"v":6.229,"d":"6.23"},{"v":36.39,"d":"$36.39"},{"v":6.229,"d":"6.23"},{"v":226.67331000000001,"d":"$226.67"},{"v":1498.72,"d":"$1,498.72"},{"v":1498.72,"d":"$1,498.72"},{"v":0,"d":"$0.00"},{"v":0,"d":"$0.00"},{"v":1725.39331,"d":"$1,725.39"}]
[540,null,"Computers\r\nPurchased By: Corp\r\nInstalled By: Operations",{"v":5,"d":"5.00"},"EA",{"v":0,"d":"0%"},{"v":5,"d":"5.00"},{"v":5.614,"d":"5.61"},{"v":36.39,"d":"$36.39"},28.07,{"v":1021.4673,"d":"$1,021.47"},{"v":1194.68,"d":"$1,194.68"},{"v":5973.400000000001,"d":"$5,973.40"},{"v":0,"d":"$0.00"},{"v":0,"d":"$0.00"},{"v":6994.867300000001,"d":"$6,994.87"}]
[541,null,"Computer Monitors\r\nPurchased By: Corp\r\nInstalled By: Operations",{"v":2,"d":"2.00"},"EA",{"v":0,"d":"0%"},{"v":2,"d":"2.00"},{"v":4.278,"d":"4.28"},{"v":36.39,"d":"$36.39"},{"v":8.556,"d":"8.56"},{"v":311.35283999999996,"d":"$311.35"},{"v":547.61,"d":"$547.61"},{"v":1095.22,"d":"$1,095.22"},{"v":0,"d":"$0.00"},{"v":0,"d":"$0.00"},{"v":1406.57284,"d":"$1,406.57"}]
[{"$f":"IF(E667=0,\"\",1+MAX(A659:A666))","v":""},{"$nulls":13},"SUBTOTAL",{"$f":"SUM(P658:P666)","v":{"v":29524.5404,"d":"$29,524.54"}}]
[{"$f":"IF(E668=0,\"\",1+MAX(A660:A667))","v":""}]
[{"$f":"IF(E669=0,\"\",1+MAX(A661:A668))","v":""},"12. FURNISHES"]
[{"$f":"IF(E670=0,\"\",1+MAX(A667:A669))","v":""},null,"Millwork"]
[{"$f":"IF(E671=0,\"\",1+MAX(A666:A670))","v":542},null,"1'-6\" x 1'-8\" Open Hanging Shelf",{"v":1,"d":"1.00"},"EA",{"v":0,"d":"0%"},{"$f":"(F671*D671)+D671","v":{"v":1,"d":"1.00"}},{"v":1.578,"d":"1.58"},{"v":63.5,"d":"$63.50"},{"$f":"H671*G671","v":{"v":1.578,"d":"1.58"}},{"$f":"I671*J671","v":{"v":100.203,"d":"$100.20"}},{"v":124.97,"d":"$124.97"},{"$f":"L671*G671","v":{"v":124.97,"d":"$124.97"}},{"v":0,"d":"$0.00"},{"$f":"N671*G671","v":{"v":0,"d":"$0.00"}},{"$f":"IF(D671=\"\",\"\",(K671+M671+O671))","v":{"v":225.173,"d":"$225.17"}}]
[543,null,"1'-6\" x 3'-4\" Open Hanging Shelf",{"v":1,"d":"1.00"},"EA",{"v":0,"d":"0%"},{"v":1,"d":"1.00"},{"v":2.297,"d":"2.30"},{"v":63.5,"d":"$63.50"},{"v":2.297,"d":"2.30"},{"v":145.8595,"d":"$145.86"},{"v":183.91,"d":"$183.91"},{"v":183.91,"d":"$183.91"},{"v":0,"d":"$0.00"},{"v":0,"d":"$0.00"},{"v":329.7695,"d":"$329.77"}]
[544,null,"2'-4\" Wide x 1'-10\" High x 2'-0\" Deep Double Leaf Plastic Laminate Base Cabinet w/ Melamine Adjustable Shelf over 3/4\" Plywood Substrate",{"v":4,"d":"4.00"},"EA",{"v":0,"d":"0%"},{"v":4,"d":"4.00"},{"v":2.741,"d":"2.74"},{"v":63.5,"d":"$63.50"},{"v":10.964,"d":"10.96"},{"v":696.214,"d":"$696.21"},{"v":253.70205,"d":"$253.70"},{"v":1014.8082,"d":"$1,014.81"},{"v":0,"d":"$0.00"},{"v":0,"d":"$0.00"},{"v":1711.0222,"d":"$1,711.02"}]
[545,null,"3'-0\" Wide x 1'-11\" High x 2'-0\" Deep Double Leaf Plastic Laminate Upper Cabinet w/ Melamine Adjustable Shelf over 3/4\" Plywood Substrate",{"v":4,"d":"4.00"},"EA",{"v":0,"d":"0%"},{"v":4,"d":"4.00"},{"v":3.316,"d":"3.32"},{"v":63.5,"d":"$63.50"},{"v":13.264,"d":"13.26"},{"v":842.264,"d":"$842.26"},{"v":342.71999999999997,"d":"$342.72"},{"v":1370.8799999999999,"d":"$1,370.88"},{"v":0,"d":"$0.00"},{"v":0,"d":"$0.00"},{"v":2213.144,"d":"$2,213.14"}]
[546,null,"3'-0\" Wide x 2'-7\" High x 2'-0\" Deep Double Leaf Plastic Laminate Base Cabinet over 3/4\" Plywood Substrate",{"v":2,"d":"2.00"},"EA",{"v":0,"d":"0%"},{"v":2,"d":"2.00"},{"v":4.124,"d":"4.12"},{"v":63.5,"d":"$63.50"},{"v":8.248,"d":"8.25"},{"v":523.7479999999999,"d":"$523.75"},{"v":460.5300000000001,"d":"$460.53"},{"v":921.0600000000002,"d":"$921.06"},{"v":0,"d":"$0.00"},{"v":0,"d":"$0.00"},{"v":1444.808,"d":"$1,444.81"}]
[547,null,"1'-2\" Wide x 1'-10\" High x 2'-0\" Deep Single Leaf Plastic Laminate Base Cabinet w/ Melamine Adjustable Shelf over 3/4\" Plywood Substrate",{"v":2,"d":"2.00"},"EA",{"v":0,"d":"0%"},{"v":2,"d":"2.00"},{"v":1.798,"d":"1.80"},{"v":63.5,"d":"$63.50"},{"v":3.596,"d":"3.60"},{"v":228.346,"d":"$228.35"},{"v":127.39545,"d":"$127.40"},{"v":254.7909,"d":"$254.79"},{"v":0,"d":"$0.00"},{"v":0,"d":"$0.00"},{"v":483.13689999999997,"d":"$483.14"}]
[548,null,"1'-0\" Wide x 6\" High x 2'-0\" Deep Melamine Drawer over 3/4\" Plywood Substrate",{"v":4,"d":"4.00"},"EA",{"v":0,"d":"0%"},{"v":4,"d":"4.00"},{"v":1.427,"d":"1.43"},{"v":63.5,"d":"$63.50"},{"v":5.708,"d":"5.71"},{"v":362.458,"d":"$362.46"},{"v":99.75,"d":"$99.75"},{"v":399,"d":"$399.00"},{"v":0,"d":"$0.00"},{"v":0,"d":"$0.00"},{"v":761.4580000000001,"d":"$761.46"}]
[549,null,"2'-0\" Dia x 3'-0\" High Wood KEG Barrels \nOFCI",{"v":5,"d":"5.00"},"EA",{"v":0,"d":"0%"},{"v":5,"d":"5.00"},1.75,{"v":63.5,"d":"$63.50"},8.75,{"v":555.625,"d":"$555.63"},null,{"v":0,"d":"$0.00"},{"v":0,"d":"$0.00"},{"v":0,"d":"$0.00"},{"v":555.625,"d":"$555.63"}]
[550,null,"1'-1\" Deep Melamine Fixed Shelves over 3/4\" Plywood Substrate",38.43,"LF",{"v":0.1,"d":"10%"},{"v":42.272999999999996,"d":"42.27"},{"v":0.368,"d":"0.37"},{"v":63.5,"d":"$63.50"},{"v":15.556463999999998,"d":"15.56"},{"v":987.8354639999999,"d":"$987.84"},{"v":23.75,"d":"$23.75"},{"v":1003.9837499999999,"d":"$1,003.98"},{"v":0,"d":"$0.00"},{"v":0,"d":"$0.00"},{"v":1991.8192139999996,"d":"$1,991.82"}]
[551,null,"Recessed Drink Rail @ Exterior Countertop",52.12,"LF",{"v":0.1,"d":"10%"},{"v":57.331999999999994,"d":"57.33"},{"v":0.385,"d":"0.39"},{"v":63.5,"d":"$63.50"},{"v":22.072819999999997,"d":"22.07"},{"v":1401.6240699999998,"d":"$1,401.62"},{"v":38.75,"d":"$38.75"},{"v":2221.615,"d":"$2,221.62"},{"v":0,"d":"$0.00"},{"v":0,"d":"$0.00"},{"v":3623.2390699999996,"d":"$3,623.24"}]
[552,null,"12\" Deep Wood Shelving w/ Support Brackets",12.94,"LF",{"v":0.1,"d":"10%"},{"v":14.234,"d":"14.23"},0.35,{"v":63.5,"d":"$63.50"},{"v":4.9818999999999996,"d":"4.98"},{"v":316.35065,"d":"$316.35"},{"v":18.9,"d":"$18.90"},{"v":269.02259999999995,"d":"$269.02"},{"v":0,"d":"$0.00"},{"v":0,"d":"$0.00"},{"v":585.3732499999999,"d":"$585.37"}]
[553,null,"3 1/2\" Wood Fascia Panel @ Millwork ",32.44,"LF",{"v":0.1,"d":"10%"},{"v":35.684,"d":"35.68"},{"v":0.052,"d":"0.05"},{"v":63.5,"d":"$63.50"},{"v":1.8555679999999999,"d":"1.86"},{"v":117.82856799999999,"d":"$117.83"},{"v":3.74,"d":"$3.74"},{"v":133.45816,"d":"$133.46"},{"v":0,"d":"$0.00"},{"v":0,"d":"$0.00"},{"v":251.28672799999998,"d":"$251.29"}]
[554,null,"Plastic Laminate Panels",70.35,"SF",{"v":0.1,"d":"10%"},{"v":77.38499999999999,"d":"77.39"},{"v":0.235,"d":"0.24"},{"v":63.5,"d":"$63.50"},{"v":18.185474999999997,"d":"18.19"},{"v":1154.7776624999997,"d":"$1,154.78"},{"v":32.25,"d":"$32.25"},{"v":2495.6662499999998,"d":"$2,495.67"},{"v":0,"d":"$0.00"},{"v":0,"d":"$0.00"},{"v":3650.4439124999994,"d":"$3,650.44"}]
[555,null,"Plastic Laminate Finish @ Seating",{"v":142.324,"d":"142.32"},"SF",{"v":0.1,"d":"10%"},{"v":156.55640000000002,"d":"156.56"},{"v":0.235,"d":"0.24"},{"v":63.5,"d":"$63.50"},{"v":36.79075400000001,"d":"36.79"},{"v":2336.2128790000006,"d":"$2,336.21"},{"v":32.25,"d":"$32.25"},{"v":5048.943900000001,"d":"$5,048.94"},{"v":0,"d":"$0.00"},{"v":0,"d":"$0.00"},{"v":7385.156779000002,"d":"$7,385.16"}]
[556,null,"Fabric Wrapped Removable Back Cushion w/ Medium Density Foam ",{"v":75.6976,"d":"75.70"},"SF",{"v":0.1,"d":"10%"},{"v":83.26736,"d":"83.27"},{"v":0.105,"d":"0.11"},{"v":63.5,"d":"$63.50"},{"v":8.743072799999998,"d":"8.74"},{"v":555.1851227999999,"d":"$555.19"},{"v":7.83,"d":"$7.83"},{"v":651.9834288,"d":"$651.98"},{"v":0,"d":"$0.00"},{"v":0,"d":"$0.00"},{"v":1207.1685515999998,"d":"$1,207.17"}]
[557,null,"Fabric Wrapped Permanent Seat Cushion w/ High Density Foam ",{"v":150.4568,"d":"150.46"},"SF",{"v":0.1,"d":"10%"},{"v":165.50248,"d":"165.50"},{"v":0.116,"d":"0.12"},{"v":63.5,"d":"$63.50"},{"v":19.19828768,"d":"19.20"},{"v":1219.09126768,"d":"$1,219.09"},{"v":8.43,"d":"$8.43"},{"v":1395.1859063999998,"d":"$1,395.19"},{"v":0,"d":"$0.00"},{"v":0,"d":"$0.00"},{"v":2614.27717408,"d":"$2,614.28"}]
["",null,"Backsplash"]
[558,null,"4\" High Quartz Backsplash ",35.38,"LF",{"v":0.1,"d":"10%"},{"$f":"(F688*D688)+D688","v":{"v":38.918000000000006,"d":"38.92"}},{"v":0.125,"d":"0.13"},{"v":66.78,"d":"$66.78"},{"$f":"H688*G688","v":{"v":4.864750000000001,"d":"4.86"}},{"$f":"I688*J688","v":{"v":324.86800500000004,"d":"$324.87"}},{"v":23.85,"d":"$23.85"},{"$f":"L688*G688","v":{"v":928.1943000000002,"d":"$928.19"}},{"v":0,"d":"$0.00"},{"$f":"N688*G688","v":{"v":0,"d":"$0.00"}},{"$f":"IF(D688=\"\",\"\",(K688+M688+O688))","v":{"v":1253.0623050000004,"d":"$1,253.06"}}]
["",null,"Countertop"]
[559,null,"QZ-1: Quartz Countertop @ Exterior Countertop\n - Mfr: Wilsonart \n - Style:  Grey Lake Q1009\n - Color:  Matte",382.19,"SF",{"v":0.1,"d":"10%"},{"$f":"(F690*D690)+D690","v":{"v":420.409,"d":"420.41"}},{"v":0.289,"d":"0.29"},{"v":66.78,"d":"$66.78"},{"$f":"H690*G690","v":{"v":121.498201,"d":"121.50"}},{"$f":"I690*J690","v":{"v":8113.64986278,"d":"$8,113.65"}},{"v":40.94,"d":"$40.94"},{"$f":"L690*G690","v":{"v":17211.544459999997,"d":"$17,211.54"}},{"v":0,"d":"$0.00"},{"$f":"N690*G690","v":{"v":0,"d":"$0.00"}},{"$f":"IF(D690=\"\",\"\",(K690+M690+O690))","v":{"v":25325.194322779997,"d":"$25,325.19"}}]
[{"$f":"IF(E691=0,\"\",1+MAX(A670:A690))","v":""},{"$nulls":13},"SUBTOTAL",{"$f":"SUM(P669:P690)","v":{"v":55611.15790696,"d":"$55,611.16"}}]
[{"$f":"IF(E692=0,\"\",1+MAX(A671:A691))","v":""}]
[{"$f":"IF(E693=0,\"\",1+MAX(#REF!))","v":""},"22. PLUMBING"]
[{"$f":"IF(E694=0,\"\",1+MAX(A693:A693))","v":""},null,"Water Pipes"]
[{"$f":"IF(E695=0,\"\",1+MAX(A690:A694))","v":560},null,"1/2\" Cold Water Pipe",93.47,"LF",{"v":0.1,"d":"10%"},{"$f":"(F695*D695)+D695","v":{"v":102.817,"d":"102.82"}},{"v":0.104,"d":"0.10"},{"v":88.07,"d":"$88.07"},{"$f":"H695*G695","v":{"v":10.692967999999999,"d":"10.69"}},{"$f":"I695*J695","v":{"v":941.7296917599998,"d":"$941.73"}},{"v":4.95,"d":"$4.95"},{"$f":"L695*G695","v":{"v":508.94415,"d":"$508.94"}},{"v":0,"d":"$0.00"},{"$f":"N695*G695","v":{"v":0,"d":"$0.00"}},{"$f":"IF(D695=\"\",\"\",(K695+M695+O695))","v":{"v":1450.6738417599997,"d":"$1,450.67"}}]
[561,null,"1/2\" Cold Water UG",10.04,"LF",{"v":0.1,"d":"10%"},{"v":11.043999999999999,"d":"11.04"},{"v":0.104,"d":"0.10"},{"v":88.07,"d":"$88.07"},{"v":1.1485759999999998,"d":"1.15"},{"v":101.15508831999998,"d":"$101.16"},{"v":4.95,"d":"$4.95"},{"v":54.66779999999999,"d":"$54.67"},{"v":0,"d":"$0.00"},{"v":0,"d":"$0.00"},{"v":155.82288831999998,"d":"$155.82"}]
[562,null,"1\" Cold Water Pipe",18.06,"LF",{"v":0.1,"d":"10%"},{"v":19.866,"d":"19.87"},{"v":0.124,"d":"0.12"},{"v":88.07,"d":"$88.07"},{"v":2.463384,"d":"2.46"},{"v":216.95022888,"d":"$216.95"},{"v":9.1,"d":"$9.10"},{"v":180.7806,"d":"$180.78"},{"v":0,"d":"$0.00"},{"v":0,"d":"$0.00"},{"v":397.73082888,"d":"$397.73"}]
[563,null,"1-1/4\" Cold Water Pipe",19.99,"LF",{"v":0.1,"d":"10%"},{"v":21.988999999999997,"d":"21.99"},{"v":0.145,"d":"0.15"},{"v":88.07,"d":"$88.07"},{"v":3.1884049999999995,"d":"3.19"},{"v":280.8028283499999,"d":"$280.80"},{"v":12.69,"d":"$12.69"},{"v":279.04040999999995,"d":"$279.04"},{"v":0,"d":"$0.00"},{"v":0,"d":"$0.00"},{"v":559.8432383499999,"d":"$559.84"}]
[564,null,"3/4\" Cold Water Pipe",40.36,"LF",{"v":0.1,"d":"10%"},{"v":44.396,"d":"44.40"},0.11,{"v":88.07,"d":"$88.07"},{"v":4.88356,"d":"4.88"},{"v":430.0951292,"d":"$430.10"},{"v":7.77,"d":"$7.77"},{"v":344.95691999999997,"d":"$344.96"},{"v":0,"d":"$0.00"},{"v":0,"d":"$0.00"},{"v":775.0520491999999,"d":"$775.05"}]
[565,null,"1/2\"\" Hot Water Pipe",52.15,"LF",{"v":0.1,"d":"10%"},{"v":57.364999999999995,"d":"57.37"},{"v":0.104,"d":"0.10"},{"v":88.07,"d":"$88.07"},{"v":5.965959999999999,"d":"5.97"},{"v":525.4220971999998,"d":"$525.42"},{"v":4.95,"d":"$4.95"},{"v":283.95675,"d":"$283.96"},{"v":0,"d":"$0.00"},{"v":0,"d":"$0.00"},{"v":809.3788471999999,"d":"$809.38"}]
[566,null,"3/4\" Hot Water Pipe",{"v":39.8,"d":"39.80"},"LF",{"v":0.1,"d":"10%"},{"v":43.779999999999994,"d":"43.78"},0.11,{"v":88.07,"d":"$88.07"},{"v":4.815799999999999,"d":"4.82"},{"v":424.1275059999999,"d":"$424.13"},{"v":7.77,"d":"$7.77"},{"v":340.1705999999999,"d":"$340.17"},{"v":0,"d":"$0.00"},{"v":0,"d":"$0.00"},{"v":764.2981059999998,"d":"$764.30"}]
[{"$f":"IF(E702=0,\"\",1+MAX(A693:A695))","v":""},null,"Sanitary Pipes"]
[{"$f":"IF(E703=0,\"\",1+MAX(A693:A702))","v":567},null,"2\" Sanitary Waste Pipe",42.82,"LF",{"v":0.1,"d":"10%"},{"$f":"(F703*D703)+D703","v":{"v":47.102000000000004,"d":"47.10"}},{"v":0.2,"d":"0.20"},{"v":88.07,"d":"$88.07"},{"$f":"H703*G703","v":{"v":9.4204,"d":"9.42"}},{"$f":"I703*J703","v":{"v":829.654628,"d":"$829.65"}},{"v":13.2,"d":"$13.20"},{"$f":"L703*G703","v":{"v":621.7464,"d":"$621.75"}},{"v":0,"d":"$0.00"},{"$f":"N703*G703","v":{"v":0,"d":"$0.00"}},{"$f":"IF(D703=\"\",\"\",(K703+M703+O703))","v":{"v":1451.401028,"d":"$1,451.40"}}]
[{"$f":"IF(E704=0,\"\",1+MAX(A694:A703))","v":568},null,"1-1/2\" Sanitary Waste Pipe",7.43,"LF",{"v":0.1,"d":"10%"},{"v":8.173,"d":"8.17"},{"v":0.195,"d":"0.20"},{"v":88.07,"d":"$88.07"},{"v":1.5937350000000001,"d":"1.59"},{"v":140.36024145,"d":"$140.36"},{"v":9.9,"d":"$9.90"},{"v":80.9127,"d":"$80.91"},{"v":0,"d":"$0.00"},{"v":0,"d":"$0.00"},{"v":221.27294145,"d":"$221.27"}]
[569,null,"3\" Sanitary Waste Pipe",{"v":47.4,"d":"47.40"},"LF",{"v":0.1,"d":"10%"},52.14,0.28,{"v":88.07,"d":"$88.07"},{"v":14.599200000000002,"d":"14.60"},{"v":1285.751544,"d":"$1,285.75"},{"v":18.3,"d":"$18.30"},{"v":954.162,"d":"$954.16"},{"v":0,"d":"$0.00"},{"v":0,"d":"$0.00"},{"v":2239.913544,"d":"$2,239.91"}]
[570,null,"4\" Sanitary Waste Pipe",66.85,"LF",{"v":0.1,"d":"10%"},{"v":73.535,"d":"73.54"},{"v":0.306,"d":"0.31"},{"v":88.07,"d":"$88.07"},{"v":22.50171,"d":"22.50"},{"v":1981.7255996999997,"d":"$1,981.73"},{"v":23.7,"d":"$23.70"},{"v":1742.7794999999999,"d":"$1,742.78"},{"v":0,"d":"$0.00"},{"v":0,"d":"$0.00"},{"v":3724.5050997,"d":"$3,724.51"}]
["",null,"Vent Pipes"]
[571,null,"2\" Vent Pipe",62.65,"LF",{"v":0.1,"d":"10%"},{"$f":"(F708*D708)+D708","v":{"v":68.91499999999999,"d":"68.92"}},{"v":0.237,"d":"0.24"},{"v":88.07,"d":"$88.07"},{"$f":"H708*G708","v":{"v":16.332855,"d":"16.33"}},{"$f":"I708*J708","v":{"v":1438.4345398499997,"d":"$1,438.43"}},{"v":2.19,"d":"$2.19"},{"$f":"L708*G708","v":{"v":150.92385,"d":"$150.92"}},{"v":0,"d":"$0.00"},{"$f":"N708*G708","v":{"v":0,"d":"$0.00"}},{"$f":"IF(D708=\"\",\"\",(K708+M708+O708))","v":{"v":1589.3583898499996,"d":"$1,589.36"}}]
[572,null,"1-1/2\" Vent Pipe",66.77,"LF",{"v":0.1,"d":"10%"},{"v":73.447,"d":"73.45"},{"v":0.194,"d":"0.19"},{"v":88.07,"d":"$88.07"},{"v":14.248718,"d":"14.25"},{"v":1254.8845942599999,"d":"$1,254.88"},{"v":1.7,"d":"$1.70"},{"v":124.8599,"d":"$124.86"},{"v":0,"d":"$0.00"},{"v":0,"d":"$0.00"},{"v":1379.7444942599998,"d":"$1,379.74"}]
[573,null,"4\" Vent Through Roof",{"v":4,"d":"4.00"},"LF",{"v":0.1,"d":"10%"},{"v":4.4,"d":"4.40"},{"v":0.291,"d":"0.29"},{"v":88.07,"d":"$88.07"},{"v":1.2804,"d":"1.28"},{"v":112.764828,"d":"$112.76"},{"v":5.96,"d":"$5.96"},{"v":26.224,"d":"$26.22"},{"v":0,"d":"$0.00"},{"v":0,"d":"$0.00"},{"v":138.98882799999998,"d":"$138.99"}]
[{"$f":"IF(E711=0,\"\",1+MAX(A702:A710))","v":""},null,"Plumbing Fixtures"]
[{"$f":"IF(E712=0,\"\",1+MAX(A703:A711))","v":574},null,"WC: Water Closet, Tank Type, Floor Mounted, ADA\r\n- Mfg.: Kohler\r\n- Model: Highline K-3519",{"v":6,"d":"6.00"},"EA",{"v":0,"d":"0%"},{"$f":"(F712*D712)+D712","v":{"v":6,"d":"6.00"}},{"v":5.984,"d":"5.98"},{"v":88.07,"d":"$88.07"},{"$f":"H712*G712","v":{"v":35.903999999999996,"d":"35.90"}},{"$f":"I712*J712","v":{"v":3162.0652799999993,"d":"$3,162.07"}},{"v":491.55,"d":"$491.55"},{"$f":"L712*G712","v":{"v":2949.3,"d":"$2,949.30"}},{"v":0,"d":"$0.00"},{"$f":"N712*G712","v":{"v":0,"d":"$0.00"}},{"$f":"IF(D712=\"\",\"\",(K712+M712+O712))","v":{"v":6111.36528,"d":"$6,111.37"}}]
[{"$f":"IF(E713=0,\"\",1+MAX(A704:A712))","v":575},null,"UR: Urinal, Wall Hung, Batt IR Sensor, ADA\r\n- Mfg.: Kohler\r\n- Model: Dexter K-5452-ET",{"v":1,"d":"1.00"},"EA",{"v":0,"d":"0%"},{"v":1,"d":"1.00"},{"v":3.748,"d":"3.75"},{"v":88.07,"d":"$88.07"},{"v":3.748,"d":"3.75"},{"v":330.08636,"d":"$330.09"},{"v":282.78,"d":"$282.78"},{"v":282.78,"d":"$282.78"},{"v":0,"d":"$0.00"},{"v":0,"d":"$0.00"},{"v":612.86636,"d":"$612.87"}]
[576,null,"LAV: Lavatory, Wall Mount, 21 x 18\" , Metering Faucet, ADA\r\n- Mfg.: Kohler\r\n- Model: Kingston K-2005",{"v":4,"d":"4.00"},"EA",{"v":0,"d":"0%"},{"v":4,"d":"4.00"},{"v":3.514,"d":"3.51"},{"v":88.07,"d":"$88.07"},{"v":14.056,"d":"14.06"},{"v":1237.9119199999998,"d":"$1,237.91"},{"$f":"112.28+145.58","v":{"v":257.86,"d":"$257.86"}},{"v":1031.44,"d":"$1,031.44"},{"v":0,"d":"$0.00"},{"v":0,"d":"$0.00"},{"v":2269.35192,"d":"$2,269.35"}]
[577,null,"B-Sink: Break Sink, 19Lx19W\" , ADA, Gooseneck\r\n- Mfg.: Elkay\r\n- Model: LRAD1919",{"v":1,"d":"1.00"},"EA",{"v":0,"d":"0%"},{"v":1,"d":"1.00"},{"v":8.612,"d":"8.61"},{"v":88.07,"d":"$88.07"},{"v":8.612,"d":"8.61"},{"v":758.4588399999999,"d":"$758.46"},{"$f":"1158+395.76","v":{"v":1553.76,"d":"$1,553.76"}},{"v":1553.76,"d":"$1,553.76"},{"v":0,"d":"$0.00"},{"v":0,"d":"$0.00"},{"v":2312.21884,"d":"$2,312.22"}]
[578,null,"DF: Drinking Fountain 8gal, Elkay, ADA\r\n- Mfg.: Elkay\r\n- Model: EZSTL8C",{"v":1,"d":"1.00"},"EA",{"v":0,"d":"0%"},{"v":1,"d":"1.00"},{"v":12.2914,"d":"12.29"},{"v":88.07,"d":"$88.07"},{"v":12.2914,"d":"12.29"},{"v":1082.5035979999998,"d":"$1,082.50"},{"v":1879,"d":"$1,879.00"},{"v":1879,"d":"$1,879.00"},{"v":0,"d":"$0.00"},{"v":0,"d":"$0.00"},{"v":2961.503598,"d":"$2,961.50"}]
[579,null,"FD: Floor Drain, Prime-Eze\r\n- Mfg.: JR Smith\r\n- Model: 2005Y-A-P050",{"v":2,"d":"2.00"},"EA",{"v":0,"d":"0%"},{"v":2,"d":"2.00"},{"v":2.748,"d":"2.75"},{"v":88.07,"d":"$88.07"},{"v":5.496,"d":"5.50"},{"v":484.03272,"d":"$484.03"},{"v":355.74,"d":"$355.74"},{"v":711.48,"d":"$711.48"},{"v":0,"d":"$0.00"},{"v":0,"d":"$0.00"},{"v":1195.51272,"d":"$1,195.51"}]
[580,null,"WCO: Wall Clean Out\r\n- Mfg.: Zum\r\n- Model: SUPERMO ZN-1446",{"v":4,"d":"4.00"},"EA",{"v":0,"d":"0%"},{"v":4,"d":"4.00"},{"v":2.691,"d":"2.69"},{"v":88.07,"d":"$88.07"},{"v":10.764,"d":"10.76"},{"v":947.9854799999998,"d":"$947.99"},{"v":344.08,"d":"$344.08"},{"v":1376.32,"d":"$1,376.32"},{"v":0,"d":"$0.00"},{"v":0,"d":"$0.00"},{"v":2324.30548,"d":"$2,324.31"}]
[581,null,"WH: Water Heater, 30gal, 3kw, lowboy\r\n- Mfg.: A.O.Smith\r\n- Model: DEL-30",{"v":1,"d":"1.00"},"EA",{"v":0,"d":"0%"},{"v":1,"d":"1.00"},{"v":18.748,"d":"18.75"},{"v":88.07,"d":"$88.07"},{"v":18.748,"d":"18.75"},{"v":1651.13636,"d":"$1,651.14"},{"v":2407.06,"d":"$2,407.06"},{"v":2407.06,"d":"$2,407.06"},{"v":0,"d":"$0.00"},{"v":0,"d":"$0.00"},{"v":4058.19636,"d":"$4,058.20"}]
[582,null,"Floor Sink",{"v":1,"d":"1.00"},"EA",{"v":0,"d":"0%"},{"v":1,"d":"1.00"},{"v":2.859,"d":"2.86"},{"v":88.07,"d":"$88.07"},{"v":2.859,"d":"2.86"},{"v":251.79213,"d":"$251.79"},{"v":275.69,"d":"$275.69"},{"v":275.69,"d":"$275.69"},{"v":0,"d":"$0.00"},{"v":0,"d":"$0.00"},{"v":527.48213,"d":"$527.48"}]
["",null,"Plumbing Fittings & Valves"]
[583,null,"90 Degree Elbow",{"v":99,"d":"99.00"},"EA",{"v":0,"d":"0%"},{"$f":"(F722*D722)+D722","v":{"v":99,"d":"99.00"}},{"v":0.869,"d":"0.87"},{"v":88.07,"d":"$88.07"},{"$f":"H722*G722","v":{"v":86.031,"d":"86.03"}},{"$f":"I722*J722","v":{"v":7576.75017,"d":"$7,576.75"}},{"v":42.98,"d":"$42.98"},{"$f":"L722*G722","v":{"v":4255.0199999999995,"d":"$4,255.02"}},{"v":0,"d":"$0.00"},{"$f":"N722*G722","v":{"v":0,"d":"$0.00"}},{"$f":"IF(D722=\"\",\"\",(K722+M722+O722))","v":{"v":11831.77017,"d":"$11,831.77"}}]
[584,null,"45 Degree Elbow",{"v":11,"d":"11.00"},"EA",{"v":0,"d":"0%"},{"v":11,"d":"11.00"},{"v":0.847,"d":"0.85"},{"v":88.07,"d":"$88.07"},{"v":9.317,"d":"9.32"},{"v":820.54819,"d":"$820.55"},{"v":39.76,"d":"$39.76"},{"v":437.35999999999996,"d":"$437.36"},{"v":0,"d":"$0.00"},{"v":0,"d":"$0.00"},{"v":1257.9081899999999,"d":"$1,257.91"}]
[585,null,"Tee Fitting",{"v":51,"d":"51.00"},"EA",{"v":0,"d":"0%"},{"v":51,"d":"51.00"},{"v":1.274,"d":"1.27"},{"v":88.07,"d":"$88.07"},{"v":64.974,"d":"64.97"},{"v":5722.26018,"d":"$5,722.26"},{"v":84.27,"d":"$84.27"},{"v":4297.7699999999995,"d":"$4,297.77"},{"v":0,"d":"$0.00"},{"v":0,"d":"$0.00"},{"v":10020.03018,"d":"$10,020.03"}]
[586,null,"Y-T Fitting",{"v":4,"d":"4.00"},"EA",{"v":0,"d":"0%"},{"v":4,"d":"4.00"},{"v":1.329,"d":"1.33"},{"v":88.07,"d":"$88.07"},{"v":5.316,"d":"5.32"},{"v":468.18011999999993,"d":"$468.18"},{"v":87.98,"d":"$87.98"},{"v":351.92,"d":"$351.92"},{"v":0,"d":"$0.00"},{"v":0,"d":"$0.00"},{"v":820.10012,"d":"$820.10"}]
[587,null,"Cross Tee Fitting",{"v":5,"d":"5.00"},"EA",{"v":0,"d":"0%"},{"v":5,"d":"5.00"},{"v":1.598,"d":"1.60"},{"v":88.07,"d":"$88.07"},7.99,{"v":703.6793,"d":"$703.68"},{"v":98.12,"d":"$98.12"},{"v":490.6,"d":"$490.60"},{"v":0,"d":"$0.00"},{"v":0,"d":"$0.00"},{"v":1194.2793000000001,"d":"$1,194.28"}]
[588,null,"SOV: Shut- Off-Valve",{"v":3,"d":"3.00"},"EA",{"v":0,"d":"0%"},{"v":3,"d":"3.00"},{"v":1.847,"d":"1.85"},{"v":88.07,"d":"$88.07"},{"v":5.541,"d":"5.54"},{"v":487.99586999999997,"d":"$488.00"},{"v":80.96,"d":"$80.96"},{"v":242.88,"d":"$242.88"},{"v":0,"d":"$0.00"},{"v":0,"d":"$0.00"},{"v":730.87587,"d":"$730.88"}]
[589,null,"PRV: Pressure Reducing Valve",{"v":1,"d":"1.00"},"EA",{"v":0,"d":"0%"},{"v":1,"d":"1.00"},{"v":3.986,"d":"3.99"},{"v":88.07,"d":"$88.07"},{"v":3.986,"d":"3.99"},{"v":351.04702,"d":"$351.05"},{"v":395.89,"d":"$395.89"},{"v":395.89,"d":"$395.89"},{"v":0,"d":"$0.00"},{"v":0,"d":"$0.00"},{"v":746.93702,"d":"$746.94"}]
["",null,"Misc."]
[590,null,"Trap Primer",{"v":1,"d":"1.00"},"EA",{"v":0,"d":"0%"},{"$f":"(F730*D730)+D730","v":{"v":1,"d":"1.00"}},{"v":1.472,"d":"1.47"},{"v":88.07,"d":"$88.07"},{"$f":"H730*G730","v":{"v":1.472,"d":"1.47"}},{"$f":"I730*J730","v":{"v":129.63904,"d":"$129.64"}},{"v":70.54,"d":"$70.54"},{"$f":"L730*G730","v":{"v":70.54,"d":"$70.54"}},{"v":0,"d":"$0.00"},{"$f":"N730*G730","v":{"v":0,"d":"$0.00"}},{"$f":"IF(D730=\"\",\"\",(K730+M730+O730))","v":{"v":200.17904,"d":"$200.18"}}]
[591,null,"4\" BCO",{"v":1,"d":"1.00"},"EA",{"v":0,"d":"0%"},{"v":1,"d":"1.00"},{"v":1.859,"d":"1.86"},{"v":88.07,"d":"$88.07"},{"v":1.859,"d":"1.86"},{"v":163.72213,"d":"$163.72"},{"v":151.2,"d":"$151.20"},{"v":151.2,"d":"$151.20"},{"v":0,"d":"$0.00"},{"v":0,"d":"$0.00"},{"v":314.92213,"d":"$314.92"}]
[{"$f":"IF(E732=0,\"\",1+MAX(A711:A731))","v":""},{"$nulls":13},"SUBTOTAL",{"$f":"SUM(P693:P731)","v":{"v":65147.78883297001,"d":"$65,147.79"}}]
[{"$f":"IF(E733=0,\"\",1+MAX(A712:A732))","v":""}]
[{"$f":"IF(E734=0,\"\",1+MAX(A721:A733))","v":""},"23. HVAC/MECHANICAL"]
[{"$f":"IF(E735=0,\"\",1+MAX(A722:A734))","v":""},null,"Mechanical Ducts"]
[{"$f":"IF(E736=0,\"\",1+MAX(A729:A735))","v":592},null,"6\" Flexible Dia Duct",1.74,"LF",{"v":0.1,"d":"10%"},{"$f":"(F736*D736)+D736","v":{"v":1.914,"d":"1.91"}},{"v":0.045899999999999996,"d":"0.05"},{"v":112.26,"d":"$112.26"},{"$f":"H736*G736","v":{"v":0.08785259999999999,"d":"0.09"}},{"$f":"I736*J736","v":{"v":9.862332876,"d":"$9.86"}},{"v":2.0791999999999997,"d":"$2.08"},{"$f":"L736*G736","v":{"v":3.9795887999999993,"d":"$3.98"}},{"v":0,"d":"$0.00"},{"$f":"N736*G736","v":{"v":0,"d":"$0.00"}},{"$f":"IF(D736=\"\",\"\",(K736+M736+O736))","v":{"v":13.841921675999998,"d":"$13.84"}}]
[{"$f":"IF(E737=0,\"\",1+MAX(A730:A736))","v":593},null,"8\" Flexible Dia Duct",14.26,"LF",{"v":0.1,"d":"10%"},{"$f":"(F737*D737)+D737","v":{"v":15.686,"d":"15.69"}},{"v":0.05014999999999999,"d":"0.05"},{"v":112.26,"d":"$112.26"},{"$f":"H737*G737","v":{"v":0.7866528999999999,"d":"0.79"}},{"$f":"I737*J737","v":{"v":88.30965455399999,"d":"$88.31"}},{"v":2.334,"d":"$2.33"},{"$f":"L737*G737","v":{"v":36.611124000000004,"d":"$36.61"}},{"v":0,"d":"$0.00"},{"$f":"N737*G737","v":{"v":0,"d":"$0.00"}},{"$f":"IF(D737=\"\",\"\",(K737+M737+O737))","v":{"v":124.920778554,"d":"$124.92"}}]
[594,null,"10\" Flexible Dia Duct",{"v":17,"d":"17.00"},"LF",{"v":0.1,"d":"10%"},{"v":18.7,"d":"18.70"},{"v":0.05695,"d":"0.06"},{"v":112.26,"d":"$112.26"},{"v":1.064965,"d":"1.06"},{"v":119.5529709,"d":"$119.55"},{"v":3.1036,"d":"$3.10"},{"v":58.03732,"d":"$58.04"},{"v":0,"d":"$0.00"},{"v":0,"d":"$0.00"},{"v":177.5902909,"d":"$177.59"}]
[595,null,"12\" Flexible Dia Duct",45.74,"LF",{"v":0.1,"d":"10%"},{"v":50.314,"d":"50.31"},{"v":0.0663,"d":"0.07"},{"v":112.26,"d":"$112.26"},{"v":3.3358182,"d":"3.34"},{"v":374.478951132,"d":"$374.48"},{"v":3.4532,"d":"$3.45"},{"v":173.74430479999998,"d":"$173.74"},{"v":0,"d":"$0.00"},{"v":0,"d":"$0.00"},{"v":548.223255932,"d":"$548.22"}]
[596,null,"14\" Flexible Dia Duct",{"v":8.3,"d":"8.30"},"LF",{"v":0.1,"d":"10%"},9.13,{"v":0.08075,"d":"0.08"},{"v":112.26,"d":"$112.26"},{"v":0.7372475000000001,"d":"0.74"},{"v":82.76340435000002,"d":"$82.76"},{"v":5.1596,"d":"$5.16"},{"v":47.107148,"d":"$47.11"},{"v":0,"d":"$0.00"},{"v":0,"d":"$0.00"},{"v":129.87055235000003,"d":"$129.87"}]
[597,null,"6\" Dia Duct",{"v":14.1,"d":"14.10"},"LF",{"v":0.1,"d":"10%"},15.51,{"v":0.19216800000000003,"d":"0.19"},{"v":112.26,"d":"$112.26"},{"v":2.9805256800000004,"d":"2.98"},{"v":334.59381283680005,"d":"$334.59"},{"v":11.98,"d":"$11.98"},{"v":185.8098,"d":"$185.81"},{"v":0,"d":"$0.00"},{"v":0,"d":"$0.00"},{"v":520.4036128368,"d":"$520.40"}]
[598,null,"8\" Dia Duct",52.06,"LF",{"v":0.1,"d":"10%"},{"v":57.266000000000005,"d":"57.27"},{"v":0.256224,"d":"0.26"},{"v":112.26,"d":"$112.26"},{"v":14.672923584000001,"d":"14.67"},{"v":1647.1824015398402,"d":"$1,647.18"},{"v":16.46,"d":"$16.46"},{"v":942.5983600000002,"d":"$942.60"},{"v":0,"d":"$0.00"},{"v":0,"d":"$0.00"},{"v":2589.7807615398406,"d":"$2,589.78"}]
[599,null,"10\" Dia Duct",135.33,"LF",{"v":0.1,"d":"10%"},{"v":148.863,"d":"148.86"},{"v":0.32028,"d":"0.32"},{"v":112.26,"d":"$112.26"},{"v":47.677841640000004,"d":"47.68"},{"v":5352.3145025064005,"d":"$5,352.31"},{"v":19.14,"d":"$19.14"},{"v":2849.2378200000003,"d":"$2,849.24"},{"v":0,"d":"$0.00"},{"v":0,"d":"$0.00"},{"v":8201.5523225064,"d":"$8,201.55"}]
[600,null,"12\" Dia Duct",423.77,"LF",{"v":0.1,"d":"10%"},{"v":466.147,"d":"466.15"},{"v":0.38433600000000007,"d":"0.38"},{"v":112.26,"d":"$112.26"},{"v":179.15707339200003,"d":"179.16"},{"v":20112.173058985925,"d":"$20,112.17"},{"v":22.94,"d":"$22.94"},{"v":10693.412180000001,"d":"$10,693.41"},{"v":0,"d":"$0.00"},{"v":0,"d":"$0.00"},{"v":30805.58523898593,"d":"$30,805.59"}]
[601,null,"14\" Dia Duct",174.59,"LF",{"v":0.1,"d":"10%"},{"v":192.049,"d":"192.05"},{"v":0.44839200000000007,"d":"0.45"},{"v":112.26,"d":"$112.26"},{"v":86.11323520800002,"d":"86.11"},{"v":9667.071784450083,"d":"$9,667.07"},{"v":29.580000000000002,"d":"$29.58"},{"v":5680.8094200000005,"d":"$5,680.81"},{"v":0,"d":"$0.00"},{"v":0,"d":"$0.00"},{"v":15347.881204450085,"d":"$15,347.88"}]
[602,null,"16\" Dia Duct",{"v":42.4,"d":"42.40"},"LF",{"v":0.1,"d":"10%"},46.64,{"v":0.512448,"d":"0.51"},{"v":112.26,"d":"$112.26"},{"v":23.90057472,"d":"23.90"},{"v":2683.0785180672,"d":"$2,683.08"},{"v":38.4,"d":"$38.40"},{"v":1790.9759999999999,"d":"$1,790.98"},{"v":0,"d":"$0.00"},{"v":0,"d":"$0.00"},{"v":4474.0545180672,"d":"$4,474.05"}]
[603,null,"16\" x 16\" Rectangular Duct",{"v":14,"d":"14.00"},"LF",{"v":0.1,"d":"10%"},{"v":15.4,"d":"15.40"},{"v":0.6528,"d":"0.65"},{"v":112.26,"d":"$112.26"},{"v":10.053120000000002,"d":"10.05"},{"v":1128.5632512000002,"d":"$1,128.56"},{"v":47.616,"d":"$47.62"},{"v":733.2864,"d":"$733.29"},{"v":0,"d":"$0.00"},{"v":0,"d":"$0.00"},{"v":1861.8496512000002,"d":"$1,861.85"}]
[604,null,"20\" x 20\" Rectangular Duct",17.75,"LF",{"v":0.1,"d":"10%"},{"v":19.525,"d":"19.53"},{"v":0.816,"d":"0.82"},{"v":112.26,"d":"$112.26"},{"v":15.932399999999998,"d":"15.93"},{"v":1788.5712239999998,"d":"$1,788.57"},{"v":74.4,"d":"$74.40"},{"v":1452.66,"d":"$1,452.66"},{"v":0,"d":"$0.00"},{"v":0,"d":"$0.00"},{"v":3241.231224,"d":"$3,241.23"}]
[{"$f":"IF(E749=0,\"\",1+MAX(A733:A748))","v":""},null,"Mechanical Pipes"]
[{"$f":"IF(E750=0,\"\",1+MAX(A734:A749))","v":605},null,"Refrigerant Pipe\r\n- Provide Pipe Insulation Per Title 24 Energy Code (Table 120.3-A)",552.29,"LF",{"v":0.1,"d":"10%"},{"$f":"(F750*D750)+D750","v":{"v":607.519,"d":"607.52"}},{"v":0.124,"d":"0.12"},{"v":112.26,"d":"$112.26"},{"$f":"H750*G750","v":{"v":75.332356,"d":"75.33"}},{"$f":"I750*J750","v":{"v":8456.81028456,"d":"$8,456.81"}},{"v":9.1,"d":"$9.10"},{"$f":"L750*G750","v":{"v":5528.4229,"d":"$5,528.42"}},{"v":0,"d":"$0.00"},{"$f":"N750*G750","v":{"v":0,"d":"$0.00"}},{"$f":"IF(D750=\"\",\"\",(K750+M750+O750))","v":{"v":13985.23318456,"d":"$13,985.23"}}]
[{"$f":"IF(E751=0,\"\",1+MAX(A735:A750))","v":""},null,"Fittings/Bends/Transitions"]
[{"$f":"IF(E752=0,\"\",1+MAX(A736:A751))","v":606},null,"45 Degree Bend",{"v":28,"d":"28.00"},"EA",{"v":0,"d":"0%"},{"$f":"(F752*D752)+D752","v":{"v":28,"d":"28.00"}},{"v":0.798,"d":"0.80"},{"v":112.26,"d":"$112.26"},{"$f":"H752*G752","v":{"v":22.344,"d":"22.34"}},{"$f":"I752*J752","v":{"v":2508.3374400000002,"d":"$2,508.34"}},{"v":52.74,"d":"$52.74"},{"$f":"L752*G752","v":{"v":1476.72,"d":"$1,476.72"}},{"v":0,"d":"$0.00"},{"$f":"N752*G752","v":{"v":0,"d":"$0.00"}},{"$f":"IF(D752=\"\",\"\",(K752+M752+O752))","v":{"v":3985.0574400000005,"d":"$3,985.06"}}]
[{"$f":"IF(E753=0,\"\",1+MAX(A737:A752))","v":607},null,"90 Degree Bend",{"v":33,"d":"33.00"},"EA",{"v":0,"d":"0%"},{"v":33,"d":"33.00"},{"v":0.812,"d":"0.81"},{"v":112.26,"d":"$112.26"},{"v":26.796000000000003,"d":"26.80"},{"v":3008.1189600000002,"d":"$3,008.12"},{"v":55.39,"d":"$55.39"},{"v":1827.8700000000001,"d":"$1,827.87"},{"v":0,"d":"$0.00"},{"v":0,"d":"$0.00"},{"v":4835.988960000001,"d":"$4,835.99"}]
[608,null,"90 Degree Square- Throated Elbow w/ Turning Vanes",{"v":1,"d":"1.00"},"EA",{"v":0,"d":"0%"},{"v":1,"d":"1.00"},{"v":1.276,"d":"1.28"},{"v":112.26,"d":"$112.26"},{"v":1.276,"d":"1.28"},{"v":143.24376,"d":"$143.24"},{"v":78.49,"d":"$78.49"},{"v":78.49,"d":"$78.49"},{"v":0,"d":"$0.00"},{"v":0,"d":"$0.00"},{"v":221.73376000000002,"d":"$221.73"}]
[609,null,"Duct Transition",{"v":62,"d":"62.00"},"EA",{"v":0,"d":"0%"},{"v":62,"d":"62.00"},{"v":1.347,"d":"1.35"},{"v":112.26,"d":"$112.26"},{"v":83.514,"d":"83.51"},{"v":9375.28164,"d":"$9,375.28"},{"v":82.76,"d":"$82.76"},{"v":5131.12,"d":"$5,131.12"},{"v":0,"d":"$0.00"},{"v":0,"d":"$0.00"},{"v":14506.40164,"d":"$14,506.40"}]
[610,null,"End Cap",{"v":2,"d":"2.00"},"EA",{"v":0,"d":"0%"},{"v":2,"d":"2.00"},{"v":0.748,"d":"0.75"},{"v":112.26,"d":"$112.26"},{"v":1.496,"d":"1.50"},{"v":167.94096000000002,"d":"$167.94"},{"v":45.28,"d":"$45.28"},{"v":90.56,"d":"$90.56"},{"v":0,"d":"$0.00"},{"v":0,"d":"$0.00"},{"v":258.50096,"d":"$258.50"}]
[611,null,"Flexible Duct Transition",{"v":38,"d":"38.00"},"EA",{"v":0,"d":"0%"},{"v":38,"d":"38.00"},{"v":0.519,"d":"0.52"},{"v":112.26,"d":"$112.26"},{"v":19.722,"d":"19.72"},{"v":2213.9917200000004,"d":"$2,213.99"},{"v":28.14,"d":"$28.14"},{"v":1069.32,"d":"$1,069.32"},{"v":0,"d":"$0.00"},{"v":0,"d":"$0.00"},{"v":3283.3117200000006,"d":"$3,283.31"}]
[612,null,"Radius Tee",{"v":10,"d":"10.00"},"EA",{"v":0,"d":"0%"},{"v":10,"d":"10.00"},{"v":1.483,"d":"1.48"},{"v":112.26,"d":"$112.26"},{"v":14.830000000000002,"d":"14.83"},{"v":1664.8158000000003,"d":"$1,664.82"},{"v":89.27,"d":"$89.27"},{"v":892.6999999999999,"d":"$892.70"},{"v":0,"d":"$0.00"},{"v":0,"d":"$0.00"},{"v":2557.5158,"d":"$2,557.52"}]
[{"$f":"IF(E759=0,\"\",1+MAX(A749:A752))","v":""},null,"Grilles/Diffusers/Registers"]
[{"$f":"IF(E760=0,\"\",1+MAX(A749:A759))","v":613},null,"A1: 12\" Supply Diffuser (400 CFM)\n- Mfg.: R-OMNI (Round Plaque\n- Model: TITUS",{"v":4,"d":"4.00"},"EA",{"v":0,"d":"0%"},{"$f":"(F760*D760)+D760","v":{"v":4,"d":"4.00"}},{"v":1.549,"d":"1.55"},{"v":112.26,"d":"$112.26"},{"$f":"H760*G760","v":{"v":6.196,"d":"6.20"}},{"$f":"I760*J760","v":{"v":695.56296,"d":"$695.56"}},{"v":99.61,"d":"$99.61"},{"$f":"L760*G760","v":{"v":398.44,"d":"$398.44"}},{"v":0,"d":"$0.00"},{"$f":"N760*G760","v":{"v":0,"d":"$0.00"}},{"$f":"IF(D760=\"\",\"\",(K760+M760+O760))","v":{"v":1094.00296,"d":"$1,094.00"}}]
[{"$f":"IF(E761=0,\"\",1+MAX(A750:A760))","v":614},null,"B1: 12\" x 12\" Supply Diffuser (150 CFM)\r\n- Mfg.: Omni (Square Plaque)\r\n- Model : TITUS",{"v":2,"d":"2.00"},"EA",{"v":0,"d":"0%"},{"v":2,"d":"2.00"},{"v":1.768,"d":"1.77"},{"v":112.26,"d":"$112.26"},{"v":3.536,"d":"3.54"},{"v":396.95136,"d":"$396.95"},{"v":118.75,"d":"$118.75"},{"v":237.5,"d":"$237.50"},{"v":0,"d":"$0.00"},{"v":0,"d":"$0.00"},{"v":634.45136,"d":"$634.45"}]
[615,null,"B2: 24\" x 24\" Supply Diffuser (200 CFM)\r\n- Mfg.: Omni (Square Plaque)\r\n- Model: TITUS",{"v":1,"d":"1.00"},"EA",{"v":0,"d":"0%"},{"v":1,"d":"1.00"},{"v":2.216,"d":"2.22"},{"v":112.26,"d":"$112.26"},{"v":2.216,"d":"2.22"},{"v":248.76816000000002,"d":"$248.77"},{"v":147.75,"d":"$147.75"},{"v":147.75,"d":"$147.75"},{"v":0,"d":"$0.00"},{"v":0,"d":"$0.00"},{"v":396.51816,"d":"$396.52"}]
[616,null,"B2: 24\" x 24\" Supply Diffuser (250 CFM)\r\n- Mfg.: Omni (Square Plaque)\r\n- Model: TITUS",{"v":1,"d":"1.00"},"EA",{"v":0,"d":"0%"},{"v":1,"d":"1.00"},{"v":2.216,"d":"2.22"},{"v":112.26,"d":"$112.26"},{"v":2.216,"d":"2.22"},{"v":248.76816000000002,"d":"$248.77"},{"v":147.75,"d":"$147.75"},{"v":147.75,"d":"$147.75"},{"v":0,"d":"$0.00"},{"v":0,"d":"$0.00"},{"v":396.51816,"d":"$396.52"}]
[617,null,"B2: 24\" x 24\" Supply Diffuser (275 CFM)\r\n- Mfg.: Omni (Square Plaque)\r\n- Model: TITUS",{"v":4,"d":"4.00"},"EA",{"v":0,"d":"0%"},{"v":4,"d":"4.00"},{"v":2.216,"d":"2.22"},{"v":112.26,"d":"$112.26"},{"v":8.864,"d":"8.86"},{"v":995.0726400000001,"d":"$995.07"},{"v":147.75,"d":"$147.75"},{"v":591,"d":"$591.00"},{"v":0,"d":"$0.00"},{"v":0,"d":"$0.00"},{"v":1586.07264,"d":"$1,586.07"}]
[618,null,"B2: 24\" x 24\" Supply Diffuser (300 CFM)\r\n- Mfg.: Omni (Square Plaque)\r\n- Model: TITUS",{"v":1,"d":"1.00"},"EA",{"v":0,"d":"0%"},{"v":1,"d":"1.00"},{"v":2.216,"d":"2.22"},{"v":112.26,"d":"$112.26"},{"v":2.216,"d":"2.22"},{"v":248.76816000000002,"d":"$248.77"},{"v":147.75,"d":"$147.75"},{"v":147.75,"d":"$147.75"},{"v":0,"d":"$0.00"},{"v":0,"d":"$0.00"},{"v":396.51816,"d":"$396.52"}]
[619,null,"B3 : 24\" x 24\" Supply Diffuser (400 CFM)\r\n- Mfg.: Omni (Square Plaque)\r\n- Model: TITUS",{"v":2,"d":"2.00"},"EA",{"v":0,"d":"0%"},{"v":2,"d":"2.00"},{"v":2.216,"d":"2.22"},{"v":112.26,"d":"$112.26"},{"v":4.432,"d":"4.43"},{"v":497.53632000000005,"d":"$497.54"},{"v":147.75,"d":"$147.75"},{"v":295.5,"d":"$295.50"},{"v":0,"d":"$0.00"},{"v":0,"d":"$0.00"},{"v":793.03632,"d":"$793.04"}]
[620,null,"C1: 24\" x 24\" Supply Diffuser (170 CFM)\r\n- Mfg.: Omni (Square Plaque)\r\n- Model: TITUS",{"v":2,"d":"2.00"},"EA",{"v":0,"d":"0%"},{"v":2,"d":"2.00"},{"v":2.216,"d":"2.22"},{"v":112.26,"d":"$112.26"},{"v":4.432,"d":"4.43"},{"v":497.53632000000005,"d":"$497.54"},{"v":147.75,"d":"$147.75"},{"v":295.5,"d":"$295.50"},{"v":0,"d":"$0.00"},{"v":0,"d":"$0.00"},{"v":793.03632,"d":"$793.04"}]
[621,null,"C1: 24\" x 24\" Supply Diffuser (190 CFM)\r\n- Mfg.: Omni (Square Plaque)\r\n- Model: TITUS",{"v":2,"d":"2.00"},"EA",{"v":0,"d":"0%"},{"v":2,"d":"2.00"},{"v":2.216,"d":"2.22"},{"v":112.26,"d":"$112.26"},{"v":4.432,"d":"4.43"},{"v":497.53632000000005,"d":"$497.54"},{"v":147.75,"d":"$147.75"},{"v":295.5,"d":"$295.50"},{"v":0,"d":"$0.00"},{"v":0,"d":"$0.00"},{"v":793.03632,"d":"$793.04"}]
[622,null,"C2: 24\" x 24\"  Supply Diffuser (340 CFM)\r\n- Mfg.: Omni (Square Plaque)\r\n- Model: TITUS",{"v":2,"d":"2.00"},"EA",{"v":0,"d":"0%"},{"v":2,"d":"2.00"},{"v":2.216,"d":"2.22"},{"v":112.26,"d":"$112.26"},{"v":4.432,"d":"4.43"},{"v":497.53632000000005,"d":"$497.54"},{"v":147.75,"d":"$147.75"},{"v":295.5,"d":"$295.50"},{"v":0,"d":"$0.00"},{"v":0,"d":"$0.00"},{"v":793.03632,"d":"$793.04"}]
[623,null,"C3: 24\" x 24\" Supply Diffuser (420 CFM)\r\n- Mfg.: Omni (Square Plaque)\r\n- Model: TITUS",{"v":1,"d":"1.00"},"EA",{"v":0,"d":"0%"},{"v":1,"d":"1.00"},{"v":2.216,"d":"2.22"},{"v":112.26,"d":"$112.26"},{"v":2.216,"d":"2.22"},{"v":248.76816000000002,"d":"$248.77"},{"v":147.75,"d":"$147.75"},{"v":147.75,"d":"$147.75"},{"v":0,"d":"$0.00"},{"v":0,"d":"$0.00"},{"v":396.51816,"d":"$396.52"}]
[624,null,"C3: 24\" x 24\" Supply Diffuser (400 CFM)\r\n- Mfg.: Omni (Square Plaque)\r\n- Model: TITUS",{"v":7,"d":"7.00"},"EA",{"v":0,"d":"0%"},{"v":7,"d":"7.00"},{"v":2.216,"d":"2.22"},{"v":112.26,"d":"$112.26"},{"v":15.512,"d":"15.51"},{"v":1741.37712,"d":"$1,741.38"},{"v":147.75,"d":"$147.75"},{"v":1034.25,"d":"$1,034.25"},{"v":0,"d":"$0.00"},{"v":0,"d":"$0.00"},{"v":2775.62712,"d":"$2,775.63"}]
[625,null,"C3: 24\" x 24\" Supply Diffuser (600 CFM)\r\n- Mfg.: Omni (Square Plaque)\r\n- Model: TITUS",{"v":2,"d":"2.00"},"EA",{"v":0,"d":"0%"},{"v":2,"d":"2.00"},{"v":2.216,"d":"2.22"},{"v":112.26,"d":"$112.26"},{"v":4.432,"d":"4.43"},{"v":497.53632000000005,"d":"$497.54"},{"v":147.75,"d":"$147.75"},{"v":295.5,"d":"$295.50"},{"v":0,"d":"$0.00"},{"v":0,"d":"$0.00"},{"v":793.03632,"d":"$793.04"}]
[626,null,"D1: 6\" x 16\" Supply Diffuser (250 CFM)\r\n- Mfg.: S301FS (3/4\" Double Deflection)\r\n- Model: TITUS",{"v":1,"d":"1.00"},"EA",{"v":0,"d":"0%"},{"v":1,"d":"1.00"},{"v":1.772,"d":"1.77"},{"v":112.26,"d":"$112.26"},{"v":1.772,"d":"1.77"},{"v":198.92472,"d":"$198.92"},{"v":119.58,"d":"$119.58"},{"v":119.58,"d":"$119.58"},{"v":0,"d":"$0.00"},{"v":0,"d":"$0.00"},{"v":318.50472,"d":"$318.50"}]
[627,null,"E1: 12\" x 12\" Exhaust Grille (150 CFM)\r\n- Mfg.: 350RS (3/4\" Fixed Deflection)\r\n- Model: TITUS",{"v":6,"d":"6.00"},"EA",{"v":0,"d":"0%"},{"v":6,"d":"6.00"},{"v":1.539,"d":"1.54"},{"v":112.26,"d":"$112.26"},{"v":9.234,"d":"9.23"},{"v":1036.60884,"d":"$1,036.61"},{"v":99,"d":"$99.00"},{"v":594,"d":"$594.00"},{"v":0,"d":"$0.00"},{"v":0,"d":"$0.00"},{"v":1630.60884,"d":"$1,630.61"}]
[628,null,"E2: 12\" x 50\" Return Grille\r\n- Mfg.:  350RS (3/4\" Fixed Deflection)\r\n- Model: TITUS",{"v":2,"d":"2.00"},"EA",{"v":0,"d":"0%"},{"v":2,"d":"2.00"},{"v":4.589,"d":"4.59"},{"v":112.26,"d":"$112.26"},{"v":9.178,"d":"9.18"},{"v":1030.32228,"d":"$1,030.32"},{"v":345.75,"d":"$345.75"},{"v":691.5,"d":"$691.50"},{"v":0,"d":"$0.00"},{"v":0,"d":"$0.00"},{"v":1721.82228,"d":"$1,721.82"}]
[629,null,"F1: 24\" x 24\" Return Grille\r\n- Mfg.: 45F\r\n- Model: TITUS",{"v":10,"d":"10.00"},"EA",{"v":0,"d":"0%"},{"v":10,"d":"10.00"},{"v":1.629,"d":"1.63"},{"v":112.26,"d":"$112.26"},16.29,{"v":1828.7154,"d":"$1,828.72"},{"v":110,"d":"$110.00"},{"v":1100,"d":"$1,100.00"},{"v":0,"d":"$0.00"},{"v":0,"d":"$0.00"},{"v":2928.7154,"d":"$2,928.72"}]
[630,null,"G1: 24\" x 24\" Return Grille\r\n* Mfg.: 45F\r\n- Model: TITUS",{"v":3,"d":"3.00"},"EA",{"v":0,"d":"0%"},{"v":3,"d":"3.00"},{"v":1.629,"d":"1.63"},{"v":112.26,"d":"$112.26"},{"v":4.8870000000000005,"d":"4.89"},{"v":548.6146200000001,"d":"$548.61"},{"v":110,"d":"$110.00"},{"v":330,"d":"$330.00"},{"v":0,"d":"$0.00"},{"v":0,"d":"$0.00"},{"v":878.6146200000001,"d":"$878.61"}]
["",null,"Dampers"]
[631,null,"Volume Damper",{"v":45,"d":"45.00"},"EA",{"v":0,"d":"0%"},{"$f":"(F779*D779)+D779","v":{"v":45,"d":"45.00"}},{"v":0.859,"d":"0.86"},{"v":112.26,"d":"$112.26"},{"$f":"H779*G779","v":{"v":38.655,"d":"38.66"}},{"$f":"I779*J779","v":{"v":4339.4103000000005,"d":"$4,339.41"}},{"v":65.98,"d":"$65.98"},{"$f":"L779*G779","v":{"v":2969.1000000000004,"d":"$2,969.10"}},{"v":0,"d":"$0.00"},{"$f":"N779*G779","v":{"v":0,"d":"$0.00"}},{"$f":"IF(D779=\"\",\"\",(K779+M779+O779))","v":{"v":7308.510300000001,"d":"$7,308.51"}}]
[632,null,"12\" x 12\" Fire Smoke Damper",{"v":1,"d":"1.00"},"EA",{"v":0,"d":"0%"},{"v":1,"d":"1.00"},{"v":1.427,"d":"1.43"},{"v":112.26,"d":"$112.26"},{"v":1.427,"d":"1.43"},{"v":160.19502,"d":"$160.20"},{"v":146.06,"d":"$146.06"},{"v":146.06,"d":"$146.06"},{"v":0,"d":"$0.00"},{"v":0,"d":"$0.00"},{"v":306.25502,"d":"$306.26"}]
["",null,"Sensors"]
[633,null,"Smoke Detector",{"v":7,"d":"7.00"},"EA",{"v":0,"d":"0%"},{"$f":"(F782*D782)+D782","v":{"v":7,"d":"7.00"}},{"v":0.996,"d":"1.00"},{"v":112.26,"d":"$112.26"},{"$f":"H782*G782","v":{"v":6.9719999999999995,"d":"6.97"}},{"$f":"I782*J782","v":{"v":782.6767199999999,"d":"$782.68"}},{"v":75.47,"d":"$75.47"},{"$f":"L782*G782","v":{"v":528.29,"d":"$528.29"}},{"v":0,"d":"$0.00"},{"$f":"N782*G782","v":{"v":0,"d":"$0.00"}},{"$f":"IF(D782=\"\",\"\",(K782+M782+O782))","v":{"v":1310.96672,"d":"$1,310.97"}}]
[634,null,"Thermostat Shall Be Programmable & T-24 Code Compliant",{"v":7,"d":"7.00"},"EA",{"v":0,"d":"0%"},{"v":7,"d":"7.00"},{"v":1.371,"d":"1.37"},{"v":112.26,"d":"$112.26"},{"v":9.597,"d":"9.60"},{"v":1077.35922,"d":"$1,077.36"},{"v":114.72,"d":"$114.72"},{"v":803.04,"d":"$803.04"},{"v":0,"d":"$0.00"},{"v":0,"d":"$0.00"},{"v":1880.39922,"d":"$1,880.40"}]
["",null,"Fans"]
[635,null,"Up- Blast Mushroom Exhaust Fan (800CFM)\n- Mfg.: Cook\n- Model No: 120R2\n- w/ BackdraLF Damper & Bid Screen",{"v":1,"d":"1.00"},"EA",{"v":0,"d":"0%"},{"$f":"(F785*D785)+D785","v":{"v":1,"d":"1.00"}},{"v":7.529,"d":"7.53"},{"v":112.26,"d":"$112.26"},{"$f":"H785*G785","v":{"v":7.529,"d":"7.53"}},{"$f":"I785*J785","v":{"v":845.20554,"d":"$845.21"}},{"v":1627,"d":"$1,627.00"},{"$f":"L785*G785","v":{"v":1627,"d":"$1,627.00"}},{"v":0,"d":"$0.00"},{"$f":"N785*G785","v":{"v":0,"d":"$0.00"}},{"$f":"IF(D785=\"\",\"\",(K785+M785+O785))","v":{"v":2472.20554,"d":"$2,472.21"}}]
["",null,"Units"]
[636,null,"CU-1: Condensate Unit\r\n- Mfg.: Samsung\r\n- Model No: AC048BXADCH/AA(CXH48ADB)",{"v":1,"d":"1.00"},"EA",{"v":0,"d":"0%"},{"$f":"(F787*D787)+D787","v":{"v":1,"d":"1.00"}},{"v":21.412,"d":"21.41"},{"v":112.26,"d":"$112.26"},{"$f":"H787*G787","v":{"v":21.412,"d":"21.41"}},{"$f":"I787*J787","v":{"v":2403.71112,"d":"$2,403.71"}},{"v":7012.72,"d":"$7,012.72"},{"$f":"L787*G787","v":{"v":7012.72,"d":"$7,012.72"}},{"v":0,"d":"$0.00"},{"$f":"N787*G787","v":{"v":0,"d":"$0.00"}},{"$f":"IF(D787=\"\",\"\",(K787+M787+O787))","v":{"v":9416.431120000001,"d":"$9,416.43"}}]
[637,null,"CU-2: Condensate Unit\r\n- Mfg.: Samsung\r\n- Model No: AC048BXADCH/AA(CXH48ADB)",{"v":1,"d":"1.00"},"EA",{"v":0,"d":"0%"},{"v":1,"d":"1.00"},{"v":21.412,"d":"21.41"},{"v":112.26,"d":"$112.26"},{"v":21.412,"d":"21.41"},{"v":2403.71112,"d":"$2,403.71"},{"v":7012.72,"d":"$7,012.72"},{"v":7012.72,"d":"$7,012.72"},{"v":0,"d":"$0.00"},{"v":0,"d":"$0.00"},{"v":9416.431120000001,"d":"$9,416.43"}]
[638,null,"CU-3: Condensate Unit\r\n- Mfg.: Samsung\r\n- Model No:  AC048BXADCH/AA (CXH48ADB)",{"v":1,"d":"1.00"},"EA",{"v":0,"d":"0%"},{"v":1,"d":"1.00"},{"v":21.412,"d":"21.41"},{"v":112.26,"d":"$112.26"},{"v":21.412,"d":"21.41"},{"v":2403.71112,"d":"$2,403.71"},{"v":7012.72,"d":"$7,012.72"},{"v":7012.72,"d":"$7,012.72"},{"v":0,"d":"$0.00"},{"v":0,"d":"$0.00"},{"v":9416.431120000001,"d":"$9,416.43"}]
[639,null,"CU-4: Condensate Unit\r\n- Mfg.: Samsung\r\n- Model No: AC048BXADCH/AA\t(CXH48ADB)",{"v":1,"d":"1.00"},"EA",{"v":0,"d":"0%"},{"v":1,"d":"1.00"},{"v":21.412,"d":"21.41"},{"v":112.26,"d":"$112.26"},{"v":21.412,"d":"21.41"},{"v":2403.71112,"d":"$2,403.71"},{"v":7012.72,"d":"$7,012.72"},{"v":7012.72,"d":"$7,012.72"},{"v":0,"d":"$0.00"},{"v":0,"d":"$0.00"},{"v":9416.431120000001,"d":"$9,416.43"}]
[640,null,"CU-5: Condensate Unit\r\n- Mfg.: Samsung\r\n- Model No: AC048BXADCH/AA\t(CXH48ADB)",{"v":1,"d":"1.00"},"EA",{"v":0,"d":"0%"},{"v":1,"d":"1.00"},{"v":21.412,"d":"21.41"},{"v":112.26,"d":"$112.26"},{"v":21.412,"d":"21.41"},{"v":2403.71112,"d":"$2,403.71"},{"v":7012.72,"d":"$7,012.72"},{"v":7012.72,"d":"$7,012.72"},{"v":0,"d":"$0.00"},{"v":0,"d":"$0.00"},{"v":9416.431120000001,"d":"$9,416.43"}]
[641,null,"CU-6: Condensate Unit\r\n- Mfg.: Samsung\r\n- Model No: AC036BXADCH/AA(CXH36ADB)",{"v":1,"d":"1.00"},"EA",{"v":0,"d":"0%"},{"v":1,"d":"1.00"},{"v":15.716,"d":"15.72"},{"v":112.26,"d":"$112.26"},{"v":15.716,"d":"15.72"},{"v":1764.27816,"d":"$1,764.28"},{"v":4582.24,"d":"$4,582.24"},{"v":4582.24,"d":"$4,582.24"},{"v":0,"d":"$0.00"},{"v":0,"d":"$0.00"},{"v":6346.51816,"d":"$6,346.52"}]
[642,null,"CU-7: Condensate Unit\r\n- Mfg.: Samsung\r\n- Model No: AC036BXADCH/AA (CXH36ADB)",{"v":1,"d":"1.00"},"EA",{"v":0,"d":"0%"},{"v":1,"d":"1.00"},{"v":15.716,"d":"15.72"},{"v":112.26,"d":"$112.26"},{"v":15.716,"d":"15.72"},{"v":1764.27816,"d":"$1,764.28"},{"v":4582.24,"d":"$4,582.24"},{"v":4582.24,"d":"$4,582.24"},{"v":0,"d":"$0.00"},{"v":0,"d":"$0.00"},{"v":6346.51816,"d":"$6,346.52"}]
[643,null,"FCU-1: Fain Coil Unit\r\n- Mfg.: Samsung\r\n- Model No: AC048BNHDCH/AA(CNH48HDB)\r\n\r\n1: Provide Secondary Drain Pan w/ Condensate Float Switch\r\n2: Fan Coil Equipped w/ 2x(24\"x12\"x4\") MER_13 Filter\r\n3: Provide Smoke Detector\r\n4: Provide Back- DraLF Damper",{"v":1,"d":"1.00"},"EA",{"v":0,"d":"0%"},{"v":1,"d":"1.00"},{"v":17.958,"d":"17.96"},{"v":112.26,"d":"$112.26"},{"v":17.958,"d":"17.96"},{"v":2015.96508,"d":"$2,015.97"},{"v":5647,"d":"$5,647.00"},{"v":5647,"d":"$5,647.00"},{"v":0,"d":"$0.00"},{"v":0,"d":"$0.00"},{"v":7662.96508,"d":"$7,662.97"}]
[644,null,"FCU-2: Fain Coil Unit\r\n- Mfg.: Samsung\r\n- Model No: AC048BNHDCH/AA(CNH48HDB)\r\n1: Provide Secondary Drain Pan w/ Condensate Float Switch\r\n2: Fan Coil Equipped w/ 2x(24\"x12\"x4\") MER_13 Filter\r\n3: Provide Smoke Detector\r\n4: Provide Back- DraLF Damper",{"v":1,"d":"1.00"},"EA",{"v":0,"d":"0%"},{"v":1,"d":"1.00"},{"v":17.958,"d":"17.96"},{"v":112.26,"d":"$112.26"},{"v":17.958,"d":"17.96"},{"v":2015.96508,"d":"$2,015.97"},{"v":5647,"d":"$5,647.00"},{"v":5647,"d":"$5,647.00"},{"v":0,"d":"$0.00"},{"v":0,"d":"$0.00"},{"v":7662.96508,"d":"$7,662.97"}]
[645,null,"FCU-3: Fain Coil Unit\r\n- Mfg.: Samsung\r\n- Model No: AC048BNHDCH/AA(CNH48HDB)\r\n1: Provide Secondary Drain Pan w/ Condensate Float Switch\r\n2: Fan Coil Equipped w/ 2x(24\"x12\"x4\") MER_13 Filter\r\n3: Provide Smoke Detector\r\n4: Provide Back- DraLF Damper",{"v":1,"d":"1.00"},"EA",{"v":0,"d":"0%"},{"v":1,"d":"1.00"},{"v":17.958,"d":"17.96"},{"v":112.26,"d":"$112.26"},{"v":17.958,"d":"17.96"},{"v":2015.96508,"d":"$2,015.97"},{"v":5647,"d":"$5,647.00"},{"v":5647,"d":"$5,647.00"},{"v":0,"d":"$0.00"},{"v":0,"d":"$0.00"},{"v":7662.96508,"d":"$7,662.97"}]
[646,null,"FCU-4: Fain Coil Unit\r\n- Mfg.: Samsung\r\n- Model No: AC048BNHDCH/AA(CNH48HDB\r\n1: Provide Secondary Drain Pan w/ Condensate Float Switch \r\n2: Fan Coil Equipped w/ 2x(24\"x12\"x4\") MER_13 Filter\r\n3: Provide Smoke Detector\r\n4: Provide Back- DraLF Damper",{"v":1,"d":"1.00"},"EA",{"v":0,"d":"0%"},{"v":1,"d":"1.00"},{"v":17.958,"d":"17.96"},{"v":112.26,"d":"$112.26"},{"v":17.958,"d":"17.96"},{"v":2015.96508,"d":"$2,015.97"},{"v":5647,"d":"$5,647.00"},{"v":5647,"d":"$5,647.00"},{"v":0,"d":"$0.00"},{"v":0,"d":"$0.00"},{"v":7662.96508,"d":"$7,662.97"}]
[647,null,"FCU-5: Fain Coil Unit\r\n- Mfg.: Samsung\r\n- Model No: AC048BNHDCH/AA(CNH48HDB)\r\n1: Provide Secondary Drain Pan w/ Condensate Float Switch\r\n2: Fan Coil Equipped w/ 2x(24\"x12\"x4\") MER_13 Filter\r\n3: Provide Smoke Detector\r\n4: Provide Back- DraLF Damper",{"v":1,"d":"1.00"},"EA",{"v":0,"d":"0%"},{"v":1,"d":"1.00"},{"v":17.958,"d":"17.96"},{"v":112.26,"d":"$112.26"},{"v":17.958,"d":"17.96"},{"v":2015.96508,"d":"$2,015.97"},{"v":5647,"d":"$5,647.00"},{"v":5647,"d":"$5,647.00"},{"v":0,"d":"$0.00"},{"v":0,"d":"$0.00"},{"v":7662.96508,"d":"$7,662.97"}]
[648,null,"FCU-6: Fain Coil Unit\r\n- Mfg.: Samsung\r\n- Model No: AC036BNHDCH/AA(CNH36HDB)\r\n1: Provide Secondary Drain Pan w/ Condensate Float Switch\r\n2: Fan Coil Equipped w/ 2x(24\"x12\"x4\") MER_13 Filter\r\n3: Provide Smoke Detector\r\n4: Provide Back- DraLF Damper",{"v":1,"d":"1.00"},"EA",{"v":0,"d":"0%"},{"v":1,"d":"1.00"},{"v":13.419,"d":"13.42"},{"v":112.26,"d":"$112.26"},{"v":13.419,"d":"13.42"},{"v":1506.41694,"d":"$1,506.42"},{"v":3592,"d":"$3,592.00"},{"v":3592,"d":"$3,592.00"},{"v":0,"d":"$0.00"},{"v":0,"d":"$0.00"},{"v":5098.41694,"d":"$5,098.42"}]
[649,null,"FCU-7: Fain Coil Unit\r\n- Mfg.: Samsung\r\n- Model No: AC036BNHDCH/AA(CNH36HDB) \r\n1: Provide Secondary Drain Pan w/ Condensate Float Switch\r\n2: Fan Coil Equipped w/ 2x(24\"x12\"x4\") MER_13 Filter\r\n3: Provide Smoke Detector\r\n4: Provide Back- DraLF Damper",{"v":1,"d":"1.00"},"EA",{"v":0,"d":"0%"},{"v":1,"d":"1.00"},{"v":13.419,"d":"13.42"},{"v":112.26,"d":"$112.26"},{"v":13.419,"d":"13.42"},{"v":1506.41694,"d":"$1,506.42"},{"v":3592,"d":"$3,592.00"},{"v":3592,"d":"$3,592.00"},{"v":0,"d":"$0.00"},{"v":0,"d":"$0.00"},{"v":5098.41694,"d":"$5,098.42"}]
["",null,"Misc."]
[650,null,"Condenser Platform Shall Be 6\" Tall ",{"v":1,"d":"1.00"},"EA",{"v":0,"d":"0%"},{"$f":"(F802*D802)+D802","v":{"v":1,"d":"1.00"}},{"v":4.997,"d":"5.00"},{"v":112.26,"d":"$112.26"},{"$f":"H802*G802","v":{"v":4.997,"d":"5.00"}},{"$f":"I802*J802","v":{"v":560.96322,"d":"$560.96"}},{"v":781.48,"d":"$781.48"},{"$f":"L802*G802","v":{"v":781.48,"d":"$781.48"}},{"v":0,"d":"$0.00"},{"$f":"N802*G802","v":{"v":0,"d":"$0.00"}},{"$f":"IF(D802=\"\",\"\",(K802+M802+O802))","v":{"v":1342.44322,"d":"$1,342.44"}}]
[651,null,"20\" x 20\" Ventilation Air Intake\r\n- Provide Bird Screen\r\n- Provide Manual Damper & Back- DraLF Damper",{"v":1,"d":"1.00"},"EA",{"v":0,"d":"0%"},{"v":1,"d":"1.00"},{"v":3.712,"d":"3.71"},{"v":112.26,"d":"$112.26"},{"v":3.712,"d":"3.71"},{"v":416.70912000000004,"d":"$416.71"},{"v":250.8,"d":"$250.80"},{"v":250.8,"d":"$250.80"},{"v":0,"d":"$0.00"},{"v":0,"d":"$0.00"},{"v":667.50912,"d":"$667.51"}]
[652,null,"Wire",121.51,"LF",{"v":0.1,"d":"10%"},{"v":133.661,"d":"133.66"},{"v":0.078,"d":"0.08"},{"v":112.26,"d":"$112.26"},{"v":10.425558,"d":"10.43"},{"v":1170.37314108,"d":"$1,170.37"},{"v":4.98,"d":"$4.98"},{"v":665.63178,"d":"$665.63"},{"v":0,"d":"$0.00"},{"v":0,"d":"$0.00"},{"v":1836.0049210800003,"d":"$1,836.00"}]
[{"$f":"IF(E805=0,\"\",1+MAX(A759:A804))","v":""},{"$nulls":13},"SUBTOTAL",{"$f":"SUM(P734:P804)","v":{"v":256201.3482386382,"d":"$256,201.35"}}]
[{"$f":"IF(E806=0,\"\",1+MAX(A760:A805))","v":""}]
[{"$f":"IF(E807=0,\"\",1+MAX(A801:A806))","v":""},"26. ELECTRICAL"]
[{"$f":"IF(E808=0,\"\",1+MAX(A801:A807))","v":""},null,"Lighting Fixtures"]
[{"$f":"IF(E809=0,\"\",1+MAX(A801:A808))","v":653},null,"A1: Westgate SCX Series 4FT Led Linear\r\n- Mfg.: Westgate\r\n- Model: SCX-4FT-40W-MCT4-D",{"v":45,"d":"45.00"},"EA",{"v":0,"d":"0%"},{"$f":"(F809*D809)+D809","v":{"v":45,"d":"45.00"}},{"v":1.55844,"d":"1.56"},{"v":119.27,"d":"$119.27"},{"$f":"H809*G809","v":{"v":70.1298,"d":"70.13"}},{"$f":"I809*J809","v":{"v":8364.381246,"d":"$8,364.38"}},{"v":180.95,"d":"$180.95"},{"$f":"L809*G809","v":{"v":8142.749999999999,"d":"$8,142.75"}},{"v":0,"d":"$0.00"},{"$f":"N809*G809","v":{"v":0,"d":"$0.00"}},{"$f":"IF(D809=\"\",\"\",(K809+M809+O809))","v":{"v":16507.131246,"d":"$16,507.13"}}]
[{"$f":"IF(E810=0,\"\",1+MAX(A802:A809))","v":654},null,"A1EM: Westgate SCX Series 4FT Led Linear w/ 90 Minute Emergency Battery Back Up\r\n- Mfg.: Westgate\r\n- Model: SCX-4FT-40W-MCT4-D + OPT-EM-CM1INT (ELB-XX48 EMERGENCY LED DRIVER/BATTERY)",{"v":12,"d":"12.00"},"EA",{"v":0,"d":"0%"},{"v":12,"d":"12.00"},{"v":1.92738,"d":"1.93"},{"v":119.27,"d":"$119.27"},{"v":23.12856,"d":"23.13"},{"v":2758.5433512,"d":"$2,758.54"},{"v":226.45,"d":"$226.45"},{"v":2717.3999999999996,"d":"$2,717.40"},{"v":0,"d":"$0.00"},{"v":0,"d":"$0.00"},{"v":5475.9433512,"d":"$5,475.94"}]
[655,null,"A2: Westgate SCX Series 4FT Led Linear\r\n- Mfg.: Westgate\r\n- Model: SCX-4FT-40W-MCT4-D",{"v":17,"d":"17.00"},"EA",{"v":0,"d":"0%"},{"v":17,"d":"17.00"},{"v":1.55844,"d":"1.56"},{"v":119.27,"d":"$119.27"},{"v":26.49348,"d":"26.49"},{"v":3159.8773596,"d":"$3,159.88"},{"v":180.95,"d":"$180.95"},{"v":3076.1499999999996,"d":"$3,076.15"},{"v":0,"d":"$0.00"},{"v":0,"d":"$0.00"},{"v":6236.0273596,"d":"$6,236.03"}]
[656,null,"B: Westgate SCX Series 2FT Led WYE Linear\r\n- Mfg.: Westgate\r\n- Model: SCX-Y2FT-60W-MCT4-D",{"v":5,"d":"5.00"},"EA",{"v":0,"d":"0%"},{"v":5,"d":"5.00"},{"v":3.3485400000000003,"d":"3.35"},{"v":119.27,"d":"$119.27"},{"v":16.742700000000003,"d":"16.74"},{"v":1996.9018290000004,"d":"$1,996.90"},{"v":487.74,"d":"$487.74"},{"v":2438.7,"d":"$2,438.70"},{"v":0,"d":"$0.00"},{"v":0,"d":"$0.00"},{"v":4435.601829,"d":"$4,435.60"}]
[657,null,"BEM: Westgate SCX Series 2FT Led WYE Linear w/ 90 Minute Emergency Battery Back Up\r\n- Mfg.: Westgate\r\n- Model: SCX-Y2FT-60W-MCT4-D + OPT-EM-CM1NT (ELB-XX48 EMERGENCY LED DRIVE/BATTERY",{"v":1,"d":"1.00"},"EA",{"v":0,"d":"0%"},{"v":1,"d":"1.00"},{"v":3.8212200000000003,"d":"3.82"},{"v":119.27,"d":"$119.27"},{"v":3.8212200000000003,"d":"3.82"},{"v":455.75690940000004,"d":"$455.76"},{"v":533.24,"d":"$533.24"},{"v":533.24,"d":"$533.24"},{"v":0,"d":"$0.00"},{"v":0,"d":"$0.00"},{"v":988.9969094,"d":"$989.00"}]
[658,null,"C: Westgate TE RSL Series 4\" Led Ultra Slim Downlight w/ 90 Minute Emergency Battery Back Up\r\n- Mfg.: Westgate\r\n- Model: LSS-4FT-34W-MCTP",{"v":14,"d":"14.00"},"EA",{"v":0,"d":"0%"},{"v":14,"d":"14.00"},{"v":1.14816,"d":"1.15"},{"v":119.27,"d":"$119.27"},{"v":16.07424,"d":"16.07"},{"v":1917.1746048,"d":"$1,917.17"},{"v":110.14,"d":"$110.14"},{"v":1541.96,"d":"$1,541.96"},{"v":0,"d":"$0.00"},{"v":0,"d":"$0.00"},{"v":3459.1346048,"d":"$3,459.13"}]
[659,null,"CEM: Westgate TE RSL Series 4\" Led Ultra Slim Downlight w/ 90 Minute Emergency Battery Back Up\r\n- Mfg.: Westgate\r\n- Model:RSL-MCT5 + OPT-EM-DL1EXT (ELB-XX48 EMERGENCY LED DRIVE/BATTERY)",{"v":4,"d":"4.00"},"EA",{"v":0,"d":"0%"},{"v":4,"d":"4.00"},{"v":1.41414,"d":"1.41"},{"v":119.27,"d":"$119.27"},{"v":5.65656,"d":"5.66"},{"v":674.6579112,"d":"$674.66"},{"v":155.64,"d":"$155.64"},{"v":622.56,"d":"$622.56"},{"v":0,"d":"$0.00"},{"v":0,"d":"$0.00"},{"v":1297.2179112,"d":"$1,297.22"}]
[660,null,"D: Westgate Less Series 4FT Led Strip\r\n- Mfg.: Westgate\r\n- Model: LSS SERIES 4FT LED STRIP",{"v":5,"d":"5.00"},"EA",{"v":0,"d":"0%"},{"v":5,"d":"5.00"},{"v":1.26906,"d":"1.27"},{"v":119.27,"d":"$119.27"},{"v":6.3453,"d":"6.35"},{"v":756.8039309999999,"d":"$756.80"},{"v":129.74,"d":"$129.74"},{"v":648.7,"d":"$648.70"},{"v":0,"d":"$0.00"},{"v":0,"d":"$0.00"},{"v":1405.503931,"d":"$1,405.50"}]
[661,null,"E: Westgate LRS-J Series Led Wall Sconce\r\n- Mfg.: Westgate\r\n- Model: LRS-J1S-MCT-C90-BN",{"v":17,"d":"17.00"},"EA",{"v":0,"d":"0%"},{"v":17,"d":"17.00"},{"v":1.2464400000000002,"d":"1.25"},{"v":119.27,"d":"$119.27"},{"v":21.189480000000003,"d":"21.19"},{"v":2527.2692796,"d":"$2,527.27"},{"v":119.95,"d":"$119.95"},{"v":2039.15,"d":"$2,039.15"},{"v":0,"d":"$0.00"},{"v":0,"d":"$0.00"},{"v":4566.419279600001,"d":"$4,566.42"}]
[662,null,"X: Lithonia EDGR Led  Exit Sign w/ 90 Minute Battery Back Up\r\n- Mfg.: Lithonia\r\n- Model: EDGR-1-G-EL",{"v":10,"d":"10.00"},"EA",{"v":0,"d":"0%"},{"v":10,"d":"10.00"},{"v":3.4561800000000003,"d":"3.46"},{"v":119.27,"d":"$119.27"},{"v":34.561800000000005,"d":"34.56"},{"v":4122.185886,"d":"$4,122.19"},{"v":493.42,"d":"$493.42"},{"v":4934.2,"d":"$4,934.20"},{"v":0,"d":"$0.00"},{"v":0,"d":"$0.00"},{"v":9056.385886,"d":"$9,056.39"}]
["",null,"Power Items"]
[663,null,"Duplex Receptacle (GFI, WP)",{"v":1,"d":"1.00"},"EA",{"v":0,"d":"0%"},{"$f":"(F820*D820)+D820","v":{"v":1,"d":"1.00"}},{"v":0.6282087912087913,"d":"0.63"},{"v":119.27,"d":"$119.27"},{"$f":"H820*G820","v":{"v":0.6282087912087913,"d":"0.63"}},{"$f":"I820*J820","v":{"v":74.92646252747252,"d":"$74.93"}},{"v":26.5,"d":"$26.50"},{"$f":"L820*G820","v":{"v":26.5,"d":"$26.50"}},{"v":0,"d":"$0.00"},{"$f":"N820*G820","v":{"v":0,"d":"$0.00"}},{"$f":"IF(D820=\"\",\"\",(K820+M820+O820))","v":{"v":101.42646252747252,"d":"$101.43"}}]
[664,null,"Ceiling Receptacle At Window",{"v":4,"d":"4.00"},"EA",{"v":0,"d":"0%"},{"v":4,"d":"4.00"},{"v":0.5231538461538462,"d":"0.52"},{"v":119.27,"d":"$119.27"},{"v":2.0926153846153848,"d":"2.09"},{"v":249.58623692307694,"d":"$249.59"},{"v":16.94,"d":"$16.94"},{"v":67.76,"d":"$67.76"},{"v":0,"d":"$0.00"},{"v":0,"d":"$0.00"},{"v":317.34623692307696,"d":"$317.35"}]
[665,null,"Duplex Receptacle (GFI)",{"v":41,"d":"41.00"},"EA",{"v":0,"d":"0%"},{"v":41,"d":"41.00"},{"v":0.5930439560439561,"d":"0.59"},{"v":119.27,"d":"$119.27"},{"v":24.3148021978022,"d":"24.31"},{"v":2900.0264581318684,"d":"$2,900.03"},{"v":23.3,"d":"$23.30"},{"v":955.3000000000001,"d":"$955.30"},{"v":0,"d":"$0.00"},{"v":0,"d":"$0.00"},{"v":3855.3264581318685,"d":"$3,855.33"}]
[666,null,"Half Switched Receptacle",{"v":14,"d":"14.00"},"EA",{"v":0,"d":"0%"},{"v":14,"d":"14.00"},{"v":0.5115054945054945,"d":"0.51"},{"v":119.27,"d":"$119.27"},{"v":7.161076923076924,"d":"7.16"},{"v":854.1016446153847,"d":"$854.10"},{"v":15.88,"d":"$15.88"},{"v":222.32000000000002,"d":"$222.32"},{"v":0,"d":"$0.00"},{"v":0,"d":"$0.00"},{"v":1076.4216446153846,"d":"$1,076.42"}]
[667,null,"Dedicated Receptacle",{"v":3,"d":"3.00"},"EA",{"v":0,"d":"0%"},{"v":3,"d":"3.00"},{"v":0.5182087912087912,"d":"0.52"},{"v":119.27,"d":"$119.27"},{"v":1.5546263736263735,"d":"1.55"},{"v":185.42028758241756,"d":"$185.42"},{"v":16.49,"d":"$16.49"},{"v":49.47,"d":"$49.47"},{"v":0,"d":"$0.00"},{"v":0,"d":"$0.00"},{"v":234.89028758241756,"d":"$234.89"}]
[668,null,"Quad Receptacle",{"v":3,"d":"3.00"},"EA",{"v":0,"d":"0%"},{"v":3,"d":"3.00"},{"v":0.827879120879121,"d":"0.83"},{"v":119.27,"d":"$119.27"},{"v":2.4836373626373627,"d":"2.48"},{"v":296.22342824175826,"d":"$296.22"},{"v":44.67,"d":"$44.67"},{"v":134.01,"d":"$134.01"},{"v":0,"d":"$0.00"},{"v":0,"d":"$0.00"},{"v":430.23342824175825,"d":"$430.23"}]
[669,null,"Quad Receptacle (GFI)",{"v":1,"d":"1.00"},"EA",{"v":0,"d":"0%"},{"v":1,"d":"1.00"},{"v":0.9605164835164837,"d":"0.96"},{"v":119.27,"d":"$119.27"},{"v":0.9605164835164837,"d":"0.96"},{"v":114.560800989011,"d":"$114.56"},{"v":56.74,"d":"$56.74"},{"v":56.74,"d":"$56.74"},{"v":0,"d":"$0.00"},{"v":0,"d":"$0.00"},{"v":171.300800989011,"d":"$171.30"}]
[670,null,"Junction Box",{"v":31,"d":"31.00"},"EA",{"v":0,"d":"0%"},{"v":31,"d":"31.00"},{"v":0.7231538461538463,"d":"0.72"},{"v":119.27,"d":"$119.27"},{"v":22.417769230769235,"d":"22.42"},{"v":2673.7673361538464,"d":"$2,673.77"},{"v":35.14,"d":"$35.14"},{"v":1089.34,"d":"$1,089.34"},{"v":0,"d":"$0.00"},{"v":0,"d":"$0.00"},{"v":3763.1073361538465,"d":"$3,763.11"}]
[671,null,"Single Pole Switch",{"v":8,"d":"8.00"},"EA",{"v":0,"d":"0%"},{"v":8,"d":"8.00"},{"v":0.39172527472527474,"d":"0.39"},{"v":119.27,"d":"$119.27"},{"v":3.133802197802198,"d":"3.13"},{"v":373.7685881318681,"d":"$373.77"},{"v":4.98,"d":"$4.98"},{"v":39.84,"d":"$39.84"},{"v":0,"d":"$0.00"},{"v":0,"d":"$0.00"},{"v":413.60858813186815,"d":"$413.61"}]
[672,null,"Fused Disconnect Switch",{"v":1,"d":"1.00"},"EA",{"v":0,"d":"0%"},{"v":1,"d":"1.00"},{"v":1.341175824175824,"d":"1.34"},{"v":119.27,"d":"$119.27"},{"v":1.341175824175824,"d":"1.34"},{"v":159.96204054945053,"d":"$159.96"},{"v":91.38,"d":"$91.38"},{"v":91.38,"d":"$91.38"},{"v":0,"d":"$0.00"},{"v":0,"d":"$0.00"},{"v":251.34204054945053,"d":"$251.34"}]
[673,null,"Motor Rated Toggle Switch",{"v":8,"d":"8.00"},"EA",{"v":0,"d":"0%"},{"v":8,"d":"8.00"},{"v":1.2864505494505496,"d":"1.29"},{"v":119.27,"d":"$119.27"},{"v":10.291604395604397,"d":"10.29"},{"v":1227.4796562637364,"d":"$1,227.48"},{"v":86.4,"d":"$86.40"},{"v":691.2,"d":"$691.20"},{"v":0,"d":"$0.00"},{"v":0,"d":"$0.00"},{"v":1918.6796562637364,"d":"$1,918.68"}]
[674,null,"Dimmer Switch",{"v":7,"d":"7.00"},"EA",{"v":0,"d":"0%"},{"v":7,"d":"7.00"},{"v":0.6115054945054945,"d":"0.61"},{"v":119.27,"d":"$119.27"},{"v":4.280538461538462,"d":"4.28"},{"v":510.5398223076923,"d":"$510.54"},{"v":24.98,"d":"$24.98"},{"v":174.86,"d":"$174.86"},{"v":0,"d":"$0.00"},{"v":0,"d":"$0.00"},{"v":685.3998223076924,"d":"$685.40"}]
[675,null,"Dimmer Switch (Dabc)",{"v":1,"d":"1.00"},"EA",{"v":0,"d":"0%"},{"v":1,"d":"1.00"},{"v":0.6335934065934066,"d":"0.63"},{"v":119.27,"d":"$119.27"},{"v":0.6335934065934066,"d":"0.63"},{"v":75.5686856043956,"d":"$75.57"},{"v":26.99,"d":"$26.99"},{"v":26.99,"d":"$26.99"},{"v":0,"d":"$0.00"},{"v":0,"d":"$0.00"},{"v":102.55868560439559,"d":"$102.56"}]
[676,null,"Dimmer Switch (Ddef)",{"v":1,"d":"1.00"},"EA",{"v":0,"d":"0%"},{"v":1,"d":"1.00"},{"v":0.6335934065934066,"d":"0.63"},{"v":119.27,"d":"$119.27"},{"v":0.6335934065934066,"d":"0.63"},{"v":75.5686856043956,"d":"$75.57"},{"v":26.99,"d":"$26.99"},{"v":26.99,"d":"$26.99"},{"v":0,"d":"$0.00"},{"v":0,"d":"$0.00"},{"v":102.55868560439559,"d":"$102.56"}]
[677,null,"Dimmer Switch (Dgh)",{"v":1,"d":"1.00"},"EA",{"v":0,"d":"0%"},{"v":1,"d":"1.00"},{"v":0.6335934065934066,"d":"0.63"},{"v":119.27,"d":"$119.27"},{"v":0.6335934065934066,"d":"0.63"},{"v":75.5686856043956,"d":"$75.57"},{"v":26.99,"d":"$26.99"},{"v":26.99,"d":"$26.99"},{"v":0,"d":"$0.00"},{"v":0,"d":"$0.00"},{"v":102.55868560439559,"d":"$102.56"}]
[678,null,"3 Way Dimmer Switch",{"v":2,"d":"2.00"},"EA",{"v":0,"d":"0%"},{"v":2,"d":"2.00"},{"v":0.8861208791208792,"d":"0.89"},{"v":119.27,"d":"$119.27"},{"v":1.7722417582417584,"d":"1.77"},{"v":211.37527450549453,"d":"$211.38"},{"v":49.97,"d":"$49.97"},{"v":99.94,"d":"$99.94"},{"v":0,"d":"$0.00"},{"v":0,"d":"$0.00"},{"v":311.31527450549453,"d":"$311.32"}]
[679,null,"2-Pole Fused Disconnect Switch Nema 1250V 30 AMP (Waterproof)",{"v":2,"d":"2.00"},"EA",{"v":0,"d":"0%"},{"v":2,"d":"2.00"},{"v":1.8373296703296702,"d":"1.84"},{"v":119.27,"d":"$119.27"},{"v":3.6746593406593404,"d":"3.67"},{"v":438.27661956043954,"d":"$438.28"},{"v":136.53,"d":"$136.53"},{"v":273.06,"d":"$273.06"},{"v":0,"d":"$0.00"},{"v":0,"d":"$0.00"},{"v":711.3366195604395,"d":"$711.34"}]
[680,null,"2-Pole Fused Disconnect Switch Nema 1600V 30P (Waterproof)",{"v":1,"d":"1.00"},"EA",{"v":0,"d":"0%"},{"v":1,"d":"1.00"},{"v":3.478,"d":"3.48"},{"v":119.27,"d":"$119.27"},{"v":3.478,"d":"3.48"},{"v":414.82106,"d":"$414.82"},{"v":698.93,"d":"$698.93"},{"v":698.93,"d":"$698.93"},{"v":0,"d":"$0.00"},{"v":0,"d":"$0.00"},{"v":1113.75106,"d":"$1,113.75"}]
["",null,"Sensors"]
[681,null,"Occupancy Sensor",{"v":24,"d":"24.00"},"EA",{"v":0,"d":"0%"},{"$f":"(F839*D839)+D839","v":{"v":24,"d":"24.00"}},{"v":1.519,"d":"1.52"},{"v":119.27,"d":"$119.27"},{"$f":"H839*G839","v":{"v":36.455999999999996,"d":"36.46"}},{"$f":"I839*J839","v":{"v":4348.10712,"d":"$4,348.11"}},{"v":85.41,"d":"$85.41"},{"$f":"L839*G839","v":{"v":2049.84,"d":"$2,049.84"}},{"v":0,"d":"$0.00"},{"$f":"N839*G839","v":{"v":0,"d":"$0.00"}},{"$f":"IF(D839=\"\",\"\",(K839+M839+O839))","v":{"v":6397.94712,"d":"$6,397.95"}}]
["",null,"Panels"]
[682,null,"Panel HA\n- Volts (L-L): 480V\n- Phase: 3PH\n- Wire: 3W\n- Bus: 200A",{"v":1,"d":"1.00"},"EA",{"v":0,"d":"0%"},{"$f":"(F841*D841)+D841","v":{"v":1,"d":"1.00"}},{"v":7.549,"d":"7.55"},{"v":119.27,"d":"$119.27"},{"$f":"H841*G841","v":{"v":7.549,"d":"7.55"}},{"$f":"I841*J841","v":{"v":900.36923,"d":"$900.37"}},{"v":1176.99,"d":"$1,176.99"},{"$f":"L841*G841","v":{"v":1176.99,"d":"$1,176.99"}},{"v":0,"d":"$0.00"},{"$f":"N841*G841","v":{"v":0,"d":"$0.00"}},{"$f":"IF(D841=\"\",\"\",(K841+M841+O841))","v":{"v":2077.35923,"d":"$2,077.36"}}]
[683,null,"Panel LA\n- Volts (L-N): 120V\n- Volts (L-L): 208V\n- Phase: 3PH\n- Wire: 4W\n- Bus: 400A",{"v":1,"d":"1.00"},"EA",{"v":0,"d":"0%"},{"v":1,"d":"1.00"},{"v":9.857,"d":"9.86"},{"v":119.27,"d":"$119.27"},{"v":9.857,"d":"9.86"},{"v":1175.64439,"d":"$1,175.64"},{"v":2089.37,"d":"$2,089.37"},{"v":2089.37,"d":"$2,089.37"},{"v":0,"d":"$0.00"},{"v":0,"d":"$0.00"},{"v":3265.01439,"d":"$3,265.01"}]
["",null,"Breaker"]
[684,null,"1 Pole Breaker (20 Amp)",{"v":41,"d":"41.00"},"EA",{"v":0,"d":"0%"},{"$f":"(F844*D844)+D844","v":{"v":41,"d":"41.00"}},{"v":0.458,"d":"0.46"},{"v":119.27,"d":"$119.27"},{"$f":"H844*G844","v":{"v":18.778000000000002,"d":"18.78"}},{"$f":"I844*J844","v":{"v":2239.6520600000003,"d":"$2,239.65"}},{"v":24.28,"d":"$24.28"},{"$f":"L844*G844","v":{"v":995.48,"d":"$995.48"}},{"v":0,"d":"$0.00"},{"$f":"N844*G844","v":{"v":0,"d":"$0.00"}},{"$f":"IF(D844=\"\",\"\",(K844+M844+O844))","v":{"v":3235.1320600000004,"d":"$3,235.13"}}]
[685,null,"1 Pole Breaker (40 Amp)",{"v":1,"d":"1.00"},"EA",{"v":0,"d":"0%"},{"v":1,"d":"1.00"},{"v":0.612,"d":"0.61"},{"v":119.27,"d":"$119.27"},{"v":0.612,"d":"0.61"},{"v":72.99324,"d":"$72.99"},{"v":45.72,"d":"$45.72"},{"v":45.72,"d":"$45.72"},{"v":0,"d":"$0.00"},{"v":0,"d":"$0.00"},{"v":118.71324,"d":"$118.71"}]
[686,null,"2 Pole Breaker (15 Amp)",{"v":2,"d":"2.00"},"EA",{"v":0,"d":"0%"},{"v":2,"d":"2.00"},{"v":0.496,"d":"0.50"},{"v":119.27,"d":"$119.27"},{"v":0.992,"d":"0.99"},{"v":118.31584,"d":"$118.32"},{"v":29.78,"d":"$29.78"},{"v":59.56,"d":"$59.56"},{"v":0,"d":"$0.00"},{"v":0,"d":"$0.00"},{"v":177.87583999999998,"d":"$177.88"}]
[687,null,"2 Pole Breaker (40 Amp)",{"v":14,"d":"14.00"},"EA",{"v":0,"d":"0%"},{"v":14,"d":"14.00"},{"v":0.752,"d":"0.75"},{"v":119.27,"d":"$119.27"},{"v":10.528,"d":"10.53"},{"v":1255.67456,"d":"$1,255.67"},{"v":64.72,"d":"$64.72"},{"v":906.0799999999999,"d":"$906.08"},{"v":0,"d":"$0.00"},{"v":0,"d":"$0.00"},{"v":2161.75456,"d":"$2,161.75"}]
[688,null,"3 Pole Breaker (20 Amp)",{"v":33,"d":"33.00"},"EA",{"v":0,"d":"0%"},{"v":33,"d":"33.00"},{"v":0.629,"d":"0.63"},{"v":119.27,"d":"$119.27"},{"v":20.757,"d":"20.76"},{"v":2475.68739,"d":"$2,475.69"},{"v":46.19,"d":"$46.19"},{"v":1524.27,"d":"$1,524.27"},{"v":0,"d":"$0.00"},{"v":0,"d":"$0.00"},{"v":3999.95739,"d":"$3,999.96"}]
[689,null,"3 Pole Breaker (30 Amp)",{"v":3,"d":"3.00"},"EA",{"v":0,"d":"0%"},{"v":3,"d":"3.00"},{"v":0.734,"d":"0.73"},{"v":119.27,"d":"$119.27"},{"v":2.202,"d":"2.20"},{"v":262.63254,"d":"$262.63"},{"v":62.11,"d":"$62.11"},{"v":186.32999999999998,"d":"$186.33"},{"v":0,"d":"$0.00"},{"v":0,"d":"$0.00"},{"v":448.96254,"d":"$448.96"}]
[690,null,"3 Pole Breaker (15 Amp)",{"v":3,"d":"3.00"},"EA",{"v":0,"d":"0%"},{"v":3,"d":"3.00"},{"v":0.527,"d":"0.53"},{"v":119.27,"d":"$119.27"},{"v":1.581,"d":"1.58"},{"v":188.56587,"d":"$188.57"},{"v":36.47,"d":"$36.47"},{"v":109.41,"d":"$109.41"},{"v":0,"d":"$0.00"},{"v":0,"d":"$0.00"},{"v":297.97587,"d":"$297.98"}]
[691,null,"3 Pole Breaker (150 Amp)",{"v":3,"d":"3.00"},"EA",{"v":0,"d":"0%"},{"v":3,"d":"3.00"},{"v":3.621,"d":"3.62"},{"v":119.27,"d":"$119.27"},{"v":10.863,"d":"10.86"},{"v":1295.6300099999999,"d":"$1,295.63"},{"v":373.44,"d":"$373.44"},{"v":1120.32,"d":"$1,120.32"},{"v":0,"d":"$0.00"},{"v":0,"d":"$0.00"},{"v":2415.9500099999996,"d":"$2,415.95"}]
["",null,"Low Voltage"]
[692,null,"Data Receptacle",{"v":16,"d":"16.00"},"EA",{"v":0,"d":"0%"},{"$f":"(F853*D853)+D853","v":{"v":16,"d":"16.00"}},{"v":0.561,"d":"0.56"},{"v":119.27,"d":"$119.27"},{"$f":"H853*G853","v":{"v":8.976,"d":"8.98"}},{"$f":"I853*J853","v":{"v":1070.56752,"d":"$1,070.57"}},{"v":7.98,"d":"$7.98"},{"$f":"L853*G853","v":{"v":127.68,"d":"$127.68"}},{"v":0,"d":"$0.00"},{"$f":"N853*G853","v":{"v":0,"d":"$0.00"}},{"$f":"IF(D853=\"\",\"\",(K853+M853+O853))","v":{"v":1198.2475200000001,"d":"$1,198.25"}}]
["",null,"Allowances"]
[693,null,"Allowances For Wiring & Conduit (7352.21 SF)\n(3/4\" Conduit (2)#10, (1)# GND : 4.58 LF\nWiring & Conduit: 10.16 LF\n3 Wire: 1534.3 LF)",{"v":1,"d":"1.00"},"LS",{"v":0,"d":"0%"},{"$f":"(F855*D855)+D855","v":{"v":1,"d":"1.00"}},{"$f":"7352.21*0.044","v":{"v":323.49724,"d":"323.50"}},{"v":119.27,"d":"$119.27"},{"$f":"H855*G855","v":{"v":323.49724,"d":"323.50"}},{"$f":"I855*J855","v":{"v":38583.5158148,"d":"$38,583.52"}},{"$f":"7352.21*2.28","v":{"v":16763.0388,"d":"$16,763.04"}},{"$f":"L855*G855","v":{"v":16763.0388,"d":"$16,763.04"}},{"v":0,"d":"$0.00"},{"$f":"N855*G855","v":{"v":0,"d":"$0.00"}},{"$f":"IF(D855=\"\",\"\",(K855+M855+O855))","v":{"v":55346.5546148,"d":"$55,346.55"}}]
["",null,"Misc. Items"]
[694,null,"Plug Load Controller",{"v":7,"d":"7.00"},"EA",{"v":0,"d":"0%"},{"$f":"(F857*D857)+D857","v":{"v":7,"d":"7.00"}},{"v":1.597,"d":"1.60"},{"v":119.27,"d":"$119.27"},{"$f":"H857*G857","v":{"v":11.179,"d":"11.18"}},{"$f":"I857*J857","v":{"v":1333.31933,"d":"$1,333.32"}},{"v":162.83,"d":"$162.83"},{"$f":"L857*G857","v":{"v":1139.8100000000002,"d":"$1,139.81"}},{"v":0,"d":"$0.00"},{"$f":"N857*G857","v":{"v":0,"d":"$0.00"}},{"$f":"IF(D857=\"\",\"\",(K857+M857+O857))","v":{"v":2473.12933,"d":"$2,473.13"}}]
[695,null,"TV",{"v":5,"d":"5.00"},"EA",{"v":0,"d":"0%"},{"v":5,"d":"5.00"},{"v":2.482,"d":"2.48"},{"v":119.27,"d":"$119.27"},12.41,{"v":1480.1407,"d":"$1,480.14"},{"v":379.99,"d":"$379.99"},{"v":1899.95,"d":"$1,899.95"},{"v":0,"d":"$0.00"},{"v":0,"d":"$0.00"},{"v":3380.0906999999997,"d":"$3,380.09"}]
[696,null,"Power Pack",{"v":20,"d":"20.00"},"EA",{"v":0,"d":"0%"},{"v":20,"d":"20.00"},{"v":0.759,"d":"0.76"},{"v":119.27,"d":"$119.27"},15.18,{"v":1810.5185999999999,"d":"$1,810.52"},{"v":49.95,"d":"$49.95"},{"v":999,"d":"$999.00"},{"v":0,"d":"$0.00"},{"v":0,"d":"$0.00"},{"v":2809.5186,"d":"$2,809.52"}]
[697,null,"In-Ground Pull Box",{"v":1,"d":"1.00"},"EA",{"v":0,"d":"0%"},{"v":1,"d":"1.00"},{"v":1.412,"d":"1.41"},{"v":119.27,"d":"$119.27"},{"v":1.412,"d":"1.41"},{"v":168.40923999999998,"d":"$168.41"},{"v":146.32,"d":"$146.32"},{"v":146.32,"d":"$146.32"},{"v":0,"d":"$0.00"},{"v":0,"d":"$0.00"},{"v":314.72924,"d":"$314.73"}]
[698,null,"Time Clock",{"v":1,"d":"1.00"},"EA",{"v":0,"d":"0%"},{"v":1,"d":"1.00"},{"v":1.583,"d":"1.58"},{"v":119.27,"d":"$119.27"},{"v":1.583,"d":"1.58"},{"v":188.80441,"d":"$188.80"},{"v":152.7,"d":"$152.70"},{"v":152.7,"d":"$152.70"},{"v":0,"d":"$0.00"},{"v":0,"d":"$0.00"},{"v":341.50441,"d":"$341.50"}]
[699,null,"Photocell Control",{"v":10,"d":"10.00"},"EA",{"v":0,"d":"0%"},{"v":10,"d":"10.00"},{"v":0.379,"d":"0.38"},{"v":119.27,"d":"$119.27"},3.79,{"v":452.0333,"d":"$452.03"},{"v":18.65,"d":"$18.65"},{"v":186.5,"d":"$186.50"},{"v":0,"d":"$0.00"},{"v":0,"d":"$0.00"},{"v":638.5333,"d":"$638.53"}]
[700,null,"Transformer 112.5KVA XFMR \"TA\"",{"v":1,"d":"1.00"},"EA",{"v":0,"d":"0%"},{"v":1,"d":"1.00"},{"v":52.812,"d":"52.81"},{"v":119.27,"d":"$119.27"},{"v":52.812,"d":"52.81"},{"v":6298.887239999999,"d":"$6,298.89"},{"v":17536.95,"d":"$17,536.95"},{"v":17536.95,"d":"$17,536.95"},{"v":0,"d":"$0.00"},{"v":0,"d":"$0.00"},{"v":23835.83724,"d":"$23,835.84"}]
[""]
["",null,"Electrical Site Plan"]
["",null,"Light Fixtures"]
[701,null,"F: Westgate Lfx-Lg Series Led Area Light\r\n1. Fixture\r\n- Mfg.: LFX\r\nModel: LG-50-150W-30K\r\n2. Integral Motion Sensor\r\n- Mfg.: OPT\r\n- Model: SEN-3MR-3\r\n3. Shroud\r\n- Mfg.: LF\r\nModel: SHROUD-A\r\n4. Programming Remote\r\n- Mfg.: WEC\r\n- Model: 8RC",{"v":13,"d":"13.00"},"EA",{"v":0,"d":"0%"},{"$f":"(F867*D867)+D867","v":{"v":13,"d":"13.00"}},{"v":2.81925,"d":"2.82"},{"v":119.27,"d":"$119.27"},{"$f":"H867*G867","v":{"v":36.65025,"d":"36.65"}},{"$f":"I867*J867","v":{"v":4371.2753175,"d":"$4,371.28"}},{"v":277.40250000000003,"d":"$277.40"},{"$f":"L867*G867","v":{"v":3606.2325000000005,"d":"$3,606.23"}},{"v":0,"d":"$0.00"},{"$f":"N867*G867","v":{"v":0,"d":"$0.00"}},{"$f":"IF(D867=\"\",\"\",(K867+M867+O867))","v":{"v":7977.5078175,"d":"$7,977.51"}}]
[702,null,"G: Dazuma Lighting 98\" Cylinder Path Post Lamp\r\n- Mfg.: Dazuma\r\n- Model: LI000952-04B",{"v":8,"d":"8.00"},"EA",{"v":0,"d":"0%"},{"v":8,"d":"8.00"},{"v":1.9432500000000001,"d":"1.94"},{"v":119.27,"d":"$119.27"},{"v":15.546000000000001,"d":"15.55"},{"v":1854.1714200000001,"d":"$1,854.17"},{"v":181.4925,"d":"$181.49"},{"v":1451.94,"d":"$1,451.94"},{"v":0,"d":"$0.00"},{"v":0,"d":"$0.00"},{"v":3306.11142,"d":"$3,306.11"}]
[703,null,"H: SPJ Lighting Low Voltage Path Light Bollard\r\n- Mfg.: SPJ Lighting\r\n- Model: SPJ-TW1-15-_-1.5W-105-2700K-8-15V",{"v":9,"d":"9.00"},"EA",{"v":0,"d":"0%"},{"v":9,"d":"9.00"},{"v":5.86725,"d":"5.87"},{"v":119.27,"d":"$119.27"},{"v":52.80525,"d":"52.81"},{"v":6298.0821675,"d":"$6,298.08"},{"v":881.0625,"d":"$881.06"},{"v":7929.5625,"d":"$7,929.56"},{"v":0,"d":"$0.00"},{"v":0,"d":"$0.00"},{"v":14227.6446675,"d":"$14,227.64"}]
[704,null,"J: SPJ Lighting Mr. Universe Low Voltage Directional Light\r\n- Mfg.: SPJ Lighting\r\n- Model: MR. UNIVERSE",{"v":24,"d":"24.00"},"EA",{"v":0,"d":"0%"},{"v":24,"d":"24.00"},{"v":3.7470000000000003,"d":"3.75"},{"v":119.27,"d":"$119.27"},{"v":89.92800000000001,"d":"89.93"},{"v":10725.712560000002,"d":"$10,725.71"},{"v":435.96,"d":"$435.96"},{"v":10463.039999999999,"d":"$10,463.04"},{"v":0,"d":"$0.00"},{"v":0,"d":"$0.00"},{"v":21188.75256,"d":"$21,188.75"}]
[705,null,"k: SPJ Lighting Mr. Universe Low Voltage Light\r\n- Mfg.: SPJ Lighting\r\n- Model: SPJ-MW1000 P-SH-MBR-6W-WIDE ANGLE FLOOD-300-2700K-8-15V\r\nNote:\r\nLow Voltage Landscape Lighting \r\n- Mfg.: FX Lighting\r\n- Model: PX-600-TPS-SS",{"v":14,"d":"14.00"},"EA",{"v":0,"d":"0%"},{"v":14,"d":"14.00"},{"v":4.70325,"d":"4.70"},{"v":119.27,"d":"$119.27"},{"v":65.8455,"d":"65.85"},{"v":7853.392785,"d":"$7,853.39"},{"v":719.2125000000001,"d":"$719.21"},{"v":10068.975000000002,"d":"$10,068.98"},{"v":0,"d":"$0.00"},{"v":0,"d":"$0.00"},{"v":17922.367785000002,"d":"$17,922.37"}]
[706,null,"L: SPJ Lighting LI'L Beast Low Voltage Directional Light\r\n- Mfg.: SPJ Lighting\r\n- Model: LI'LBEAST",{"v":2,"d":"2.00"},"EA",{"v":0,"d":"0%"},{"v":2,"d":"2.00"},{"v":2.66925,"d":"2.67"},{"v":119.27,"d":"$119.27"},{"v":5.3385,"d":"5.34"},{"v":636.722895,"d":"$636.72"},{"v":239.21999999999997,"d":"$239.22"},{"v":478.43999999999994,"d":"$478.44"},{"v":0,"d":"$0.00"},{"v":0,"d":"$0.00"},{"v":1115.162895,"d":"$1,115.16"}]
[707,null,"M: SPJ Lighting Titan Low Voltage Directional Light\r\n- Mfg.: SPJ Lighting\r\n- Model: TITAN-MBR-6W-WIDE ANGLE FLOOD-300-2700K-12-15V",{"v":2,"d":"2.00"},"EA",{"v":0,"d":"0%"},{"v":2,"d":"2.00"},{"v":2.859,"d":"2.86"},{"v":119.27,"d":"$119.27"},{"v":5.718,"d":"5.72"},{"v":681.98586,"d":"$681.99"},{"v":278.4375,"d":"$278.44"},{"v":556.875,"d":"$556.88"},{"v":0,"d":"$0.00"},{"v":0,"d":"$0.00"},{"v":1238.86086,"d":"$1,238.86"}]
[{"$f":"IF(E874=0,\"\",1+MAX(A866:A873))","v":708},null,"UW: SPJ Lighting Low Voltage Adjustable Under Water Light\r\n- Mfg.: SPJ Lighting\r\n- Model: SPJ13-14FM-SB-3W-SPOT-200-2700K-8-15V",{"v":1,"d":"1.00"},"EA",{"v":0,"d":"0%"},{"v":1,"d":"1.00"},{"v":2.997,"d":"3.00"},{"v":119.27,"d":"$119.27"},{"v":2.997,"d":"3.00"},{"v":357.45219,"d":"$357.45"},{"v":292.15500000000003,"d":"$292.16"},{"v":292.15500000000003,"d":"$292.16"},{"v":0,"d":"$0.00"},{"v":0,"d":"$0.00"},{"v":649.60719,"d":"$649.61"}]
[709,null,"WW: SPJ Lighting Low Voltage Wall Wash Light\r\n- Mfg.: SPJ Lighting\r\n- Model: SPJ-LSL-12-MBR-3W-300-2700K-9-15V",{"v":11,"d":"11.00"},"EA",{"v":0,"d":"0%"},{"v":11,"d":"11.00"},{"v":3.56325,"d":"3.56"},{"v":119.27,"d":"$119.27"},{"v":39.195750000000004,"d":"39.20"},{"v":4674.877102500001,"d":"$4,674.88"},{"v":414.41999999999996,"d":"$414.42"},{"v":4558.62,"d":"$4,558.62"},{"v":0,"d":"$0.00"},{"v":0,"d":"$0.00"},{"v":9233.497102500001,"d":"$9,233.50"}]
["",null,"Power Items"]
[710,null,"Duplex Receptacle (GFI, WP)",{"v":2,"d":"2.00"},"EA",{"v":0,"d":"0%"},{"$f":"(F877*D877)+D877","v":{"v":2,"d":"2.00"}},{"v":0.6282087912087913,"d":"0.63"},{"v":119.27,"d":"$119.27"},{"$f":"H877*G877","v":{"v":1.2564175824175825,"d":"1.26"}},{"$f":"I877*J877","v":{"v":149.85292505494505,"d":"$149.85"}},{"v":26.5,"d":"$26.50"},{"$f":"L877*G877","v":{"v":53,"d":"$53.00"}},{"v":0,"d":"$0.00"},{"$f":"N877*G877","v":{"v":0,"d":"$0.00"}},{"$f":"IF(D877=\"\",\"\",(K877+M877+O877))","v":{"v":202.85292505494505,"d":"$202.85"}}]
[""]
["",null,"Electrical Roof Plan"]
["",null,"Power Items"]
[711,null,"Motor Rated Toggle Switch",{"v":1,"d":"1.00"},"EA",{"v":0,"d":"0%"},{"$f":"(F881*D881)+D881","v":{"v":1,"d":"1.00"}},{"v":1.2864505494505496,"d":"1.29"},{"v":119.27,"d":"$119.27"},{"$f":"H881*G881","v":{"v":1.2864505494505496,"d":"1.29"}},{"$f":"I881*J881","v":{"v":153.43495703296705,"d":"$153.43"}},{"v":86.4,"d":"$86.40"},{"$f":"L881*G881","v":{"v":86.4,"d":"$86.40"}},{"v":0,"d":"$0.00"},{"$f":"N881*G881","v":{"v":0,"d":"$0.00"}},{"$f":"IF(D881=\"\",\"\",(K881+M881+O881))","v":{"v":239.83495703296705,"d":"$239.83"}}]
[712,null,"2-Pole Fused Disconnect Switch (Waterproof)",{"v":7,"d":"7.00"},"EA",{"v":0,"d":"0%"},{"v":7,"d":"7.00"},{"v":1.859,"d":"1.86"},{"v":119.27,"d":"$119.27"},{"v":13.013,"d":"13.01"},{"v":1552.06051,"d":"$1,552.06"},{"v":145.08,"d":"$145.08"},{"v":1015.5600000000001,"d":"$1,015.56"},{"v":0,"d":"$0.00"},{"v":0,"d":"$0.00"},{"v":2567.62051,"d":"$2,567.62"}]
[713,null,"Duplex Receptacle (GFI, WP)",{"v":1,"d":"1.00"},"EA",{"v":0,"d":"0%"},{"v":1,"d":"1.00"},{"v":0.6282087912087913,"d":"0.63"},{"v":119.27,"d":"$119.27"},{"v":0.6282087912087913,"d":"0.63"},{"v":74.92646252747252,"d":"$74.93"},{"v":26.5,"d":"$26.50"},{"v":26.5,"d":"$26.50"},{"v":0,"d":"$0.00"},{"v":0,"d":"$0.00"},{"v":101.42646252747252,"d":"$101.43"}]
[{"$f":"IF(E884=0,\"\",1+MAX(#REF!))","v":""},{"$nulls":13},"SUBTOTAL",{"$f":"SUM(P807:P883)","v":{"v":263997.558438012,"d":"$263,997.56"}}]
[{"$f":"IF(E885=0,\"\",1+MAX(#REF!))","v":""}]
[{"$f":"IF(E886=0,\"\",1+MAX(A885:A885))","v":""},"31. EARTHWORK"]
[{"$f":"IF(E887=0,\"\",1+MAX(A885:A886))","v":""},null,"Grading "]
[{"$f":"IF(E888=0,\"\",1+MAX(A880:A887))","v":714},null,"Rough Grading",{"$f":"(130044.76*2.5)/27","v":{"v":12041.18148148148,"d":"12,041.18"}},"CY",{"v":0.1,"d":"10%"},{"$f":"(F888*D888)+D888","v":{"v":13245.29962962963,"d":"13245.30"}},{"v":0.114,"d":"0.11"},{"v":132.1,"d":"$132.10"},{"$f":"H888*G888","v":{"v":1509.964157777778,"d":"1509.96"}},{"$f":"I888*J888","v":{"v":199466.26524244447,"d":"$199,466.27"}},null,{"$f":"L888*G888","v":{"v":0,"d":"$0.00"}},{"v":0,"d":"$0.00"},{"$f":"N888*G888","v":{"v":0,"d":"$0.00"}},{"$f":"IF(D888=\"\",\"\",(K888+M888+O888))","v":{"v":199466.26524244447,"d":"$199,466.27"}}]
[715,null,"Cut",{"$f":"D888/2","v":{"v":6020.59074074074,"d":"6,020.59"}},"CY",{"v":0.1,"d":"10%"},{"v":6622.649814814815,"d":"6622.65"},{"v":0.151,"d":"0.15"},{"v":132.1,"d":"$132.10"},{"v":1000.020122037037,"d":"1000.02"},{"v":132102.6581210926,"d":"$132,102.66"},null,{"v":0,"d":"$0.00"},{"v":0,"d":"$0.00"},{"v":0,"d":"$0.00"},{"v":132102.6581210926,"d":"$132,102.66"}]
[716,null,"Fill & Import",{"$f":"D888/2","v":{"v":6020.59074074074,"d":"6,020.59"}},"CY",{"v":0.1,"d":"10%"},{"v":6622.649814814815,"d":"6622.65"},{"v":0.227,"d":"0.23"},{"v":132.1,"d":"$132.10"},{"v":1503.341507962963,"d":"1503.34"},{"v":198591.41320190742,"d":"$198,591.41"},{"v":32.5,"d":"$32.50"},{"v":215236.11898148147,"d":"$215,236.12"},{"v":0,"d":"$0.00"},{"v":0,"d":"$0.00"},{"v":413827.5321833889,"d":"$413,827.53"}]
[{"$f":"IF(E891=0,\"\",1+MAX(#REF!))","v":""},{"$nulls":13},"SUBTOTAL",{"$f":"SUM(P886:P890)","v":{"v":745396.455546926,"d":"$745,396.46"}}]
[{"$f":"IF(E892=0,\"\",1+MAX(A891:A891))","v":""}]
[{"$f":"IF(E893=0,\"\",1+MAX(A891:A892))","v":""},"32. EXTERIOR IMPROVEMENT"]
[{"$f":"IF(E894=0,\"\",1+MAX(A891:A893))","v":""},null,"Pavements"]
[{"$f":"IF(E895=0,\"\",1+MAX(A887:A894))","v":717},null,"AC Pavement Over Base or Overlay AC Pavement Per Soils Report",{"v":13606.5,"d":"13,606.50"},"SF",{"v":0.1,"d":"10%"},{"$f":"(F895*D895)+D895","v":14967.15},{"v":0.032,"d":"0.03"},{"v":76.58,"d":"$76.58"},{"$f":"H895*G895","v":{"v":478.9488,"d":"478.95"}},{"$f":"I895*J895","v":{"v":36677.899104,"d":"$36,677.90"}},{"v":3.18,"d":"$3.18"},{"$f":"L895*G895","v":{"v":47595.537000000004,"d":"$47,595.54"}},{"v":0,"d":"$0.00"},{"$f":"N895*G895","v":{"v":0,"d":"$0.00"}},{"$f":"IF(D895=\"\",\"\",(K895+M895+O895))","v":{"v":84273.436104,"d":"$84,273.44"}}]
[718,null,"LID Stormwater Floe Thru Planter Box or Rain Garden Bioinfiltration System",{"v":5433.95,"d":"5,433.95"},"SF",{"v":0.1,"d":"10%"},{"v":5977.344999999999,"d":"5977.35"},{"v":0.095,"d":"0.10"},{"v":76.58,"d":"$76.58"},{"v":567.847775,"d":"567.85"},{"v":43485.7826095,"d":"$43,485.78"},{"v":10.74,"d":"$10.74"},{"v":64196.6853,"d":"$64,196.69"},{"v":0,"d":"$0.00"},{"v":0,"d":"$0.00"},{"v":107682.4679095,"d":"$107,682.47"}]
[719,null,"Permeable Pavers\r\n- 3/8\" Washed Gravel/ Wash Sand\r\n- 1/2\" to 1/2\" Washed Gravel",{"v":3104.56,"d":"3,104.56"},"SF",{"v":0.1,"d":"10%"},{"v":3415.016,"d":"3415.02"},{"v":0.135,"d":"0.14"},{"v":76.58,"d":"$76.58"},{"v":461.02716000000004,"d":"461.03"},{"v":35305.459912800005,"d":"$35,305.46"},{"v":11.98,"d":"$11.98"},{"v":40911.89168,"d":"$40,911.89"},{"v":0,"d":"$0.00"},{"v":0,"d":"$0.00"},{"v":76217.3515928,"d":"$76,217.35"}]
[720,null,"Permeable Pavers w/ Underlying Infiltration Trench\r\n- 3/8\" Washed Gravel/ Wash Sand\r\n- 1/2\" to 1/2\" Washed Gravel",{"v":1009.32,"d":"1,009.32"},"SF",{"v":0.1,"d":"10%"},{"$f":"(F898*D898)+D898","v":{"v":1110.252,"d":"1110.25"}},{"v":0.165,"d":"0.17"},{"v":76.58,"d":"$76.58"},{"$f":"H898*G898","v":{"v":183.19158,"d":"183.19"}},{"$f":"I898*J898","v":{"v":14028.811196399998,"d":"$14,028.81"}},{"v":16.82,"d":"$16.82"},{"$f":"L898*G898","v":{"v":18674.43864,"d":"$18,674.44"}},{"v":0,"d":"$0.00"},{"$f":"N898*G898","v":{"v":0,"d":"$0.00"}},{"$f":"IF(D898=\"\",\"\",(K898+M898+O898))","v":{"v":32703.2498364,"d":"$32,703.25"}}]
[721,null,"Impervious Concrete Hardscape",{"v":14623.38,"d":"14,623.38"},"SF",{"v":0.1,"d":"10%"},{"$f":"(F899*D899)+D899","v":{"v":16085.717999999999,"d":"16085.72"}},{"v":0.044,"d":"0.04"},{"v":76.58,"d":"$76.58"},{"$f":"H899*G899","v":{"v":707.7715919999999,"d":"707.77"}},{"$f":"I899*J899","v":{"v":54201.14851535999,"d":"$54,201.15"}},{"v":3.97,"d":"$3.97"},{"$f":"L899*G899","v":{"v":63860.30046,"d":"$63,860.30"}},{"v":0,"d":"$0.00"},{"$f":"N899*G899","v":{"v":0,"d":"$0.00"}},{"$f":"IF(D899=\"\",\"\",(K899+M899+O899))","v":{"v":118061.44897535999,"d":"$118,061.45"}}]
["",null,"Ramps"]
[722,null,"Curb Ramp",239.09,"SF",{"v":0.1,"d":"10%"},{"$f":"(F901*D901)+D901","v":{"v":262.999,"d":"263.00"}},{"v":0.044,"d":"0.04"},{"v":76.58,"d":"$76.58"},{"$f":"H901*G901","v":{"v":11.571956,"d":"11.57"}},{"$f":"I901*J901","v":{"v":886.18039048,"d":"$886.18"}},{"v":3.97,"d":"$3.97"},{"$f":"L901*G901","v":{"v":1044.1060300000001,"d":"$1,044.11"}},{"v":0,"d":"$0.00"},{"$f":"N901*G901","v":{"v":0,"d":"$0.00"}},{"$f":"IF(D901=\"\",\"\",(K901+M901+O901))","v":{"v":1930.2864204800003,"d":"$1,930.29"}}]
["",null,"Pavement Marking"]
[723,null,"4\" Van Accessible Parking Space Striping (Blue Painted)",{"v":2866.37,"d":"2,866.37"},"LF",{"v":0.1,"d":"10%"},{"$f":"(F903*D903)+D903","v":{"v":3153.007,"d":"3153.01"}},{"v":0.025,"d":"0.03"},{"v":76.58,"d":"$76.58"},{"$f":"H903*G903","v":{"v":78.825175,"d":"78.83"}},{"$f":"I903*J903","v":{"v":6036.4319015,"d":"$6,036.43"}},{"v":1.4,"d":"$1.40"},{"$f":"L903*G903","v":{"v":4414.2098,"d":"$4,414.21"}},{"v":0,"d":"$0.00"},{"$f":"N903*G903","v":{"v":0,"d":"$0.00"}},{"$f":"IF(D903=\"\",\"\",(K903+M903+O903))","v":{"v":10450.6417015,"d":"$10,450.64"}}]
[724,null,"No Parking Diagonal Parking Striping (White)",187.51,"LF",{"v":0.1,"d":"10%"},{"$f":"(F904*D904)+D904","v":{"v":206.261,"d":"206.26"}},{"v":0.025,"d":"0.03"},{"v":76.58,"d":"$76.58"},{"$f":"H904*G904","v":{"v":5.156525,"d":"5.16"}},{"$f":"I904*J904","v":{"v":394.8866845,"d":"$394.89"}},{"v":1.4,"d":"$1.40"},{"$f":"L904*G904","v":{"v":288.7654,"d":"$288.77"}},{"v":0,"d":"$0.00"},{"$f":"N904*G904","v":{"v":0,"d":"$0.00"}},{"$f":"IF(D904=\"\",\"\",(K904+M904+O904))","v":{"v":683.6520845,"d":"$683.65"}}]
[725,null,"Handicapped Strips",{"v":987.2,"d":"987.20"},"LF",{"v":0.1,"d":"10%"},{"$f":"(F905*D905)+D905","v":1085.92},{"v":0.025,"d":"0.03"},{"v":76.58,"d":"$76.58"},{"$f":"H905*G905","v":{"v":27.148000000000003,"d":"27.15"}},{"$f":"I905*J905","v":{"v":2078.99384,"d":"$2,078.99"}},{"v":1.4,"d":"$1.40"},{"$f":"L905*G905","v":{"v":1520.288,"d":"$1,520.29"}},{"v":0,"d":"$0.00"},{"$f":"N905*G905","v":{"v":0,"d":"$0.00"}},{"$f":"IF(D905=\"\",\"\",(K905+M905+O905))","v":{"v":3599.28184,"d":"$3,599.28"}}]
["",null,"Curb & Gutter"]
[726,null,"3\" Rolled Concrete Curb \r\n- #4 Longitudinal Bar",121.76,"LF",{"v":0.1,"d":"10%"},{"$f":"(F907*D907)+D907","v":{"v":133.936,"d":"133.94"}},{"v":0.075,"d":"0.08"},{"v":76.58,"d":"$76.58"},{"$f":"H907*G907","v":{"v":10.0452,"d":"10.05"}},{"$f":"I907*J907","v":{"v":769.2614159999999,"d":"$769.26"}},{"v":4.85,"d":"$4.85"},{"$f":"L907*G907","v":{"v":649.5896,"d":"$649.59"}},{"v":0,"d":"$0.00"},{"$f":"N907*G907","v":{"v":0,"d":"$0.00"}},{"$f":"IF(D907=\"\",\"\",(K907+M907+O907))","v":{"v":1418.851016,"d":"$1,418.85"}}]
[727,null,"6\" Concrete Curb Reinf. w/\r\n- #4 T & B Cont., (Horiz) & #4 @ 16\" O,C (Vert)",789.23,"LF",{"v":0.1,"d":"10%"},{"$f":"(F908*D908)+D908","v":{"v":868.153,"d":"868.15"}},0.12,{"v":76.58,"d":"$76.58"},{"$f":"H908*G908","v":{"v":104.17836,"d":"104.18"}},{"$f":"I908*J908","v":{"v":7977.9788088,"d":"$7,977.98"}},{"v":6.8,"d":"$6.80"},{"$f":"L908*G908","v":{"v":5903.4404,"d":"$5,903.44"}},{"v":0,"d":"$0.00"},{"$f":"N908*G908","v":{"v":0,"d":"$0.00"}},{"$f":"IF(D908=\"\",\"\",(K908+M908+O908))","v":{"v":13881.4192088,"d":"$13,881.42"}}]
["",null,"Signage"]
[728,null,"24\" Dia \"No Dumping\" Stencil to be Applied at all Catch Basin & Area Drains",{"v":6,"d":"6.00"},"EA",{"v":0,"d":"0%"},{"$f":"(F910*D910)+D910","v":{"v":6,"d":"6.00"}},{"v":1.994,"d":"1.99"},{"v":76.58,"d":"$76.58"},{"$f":"H910*G910","v":{"v":11.964,"d":"11.96"}},{"$f":"I910*J910","v":{"v":916.20312,"d":"$916.20"}},{"v":178.5,"d":"$178.50"},{"$f":"L910*G910","v":{"v":1071,"d":"$1,071.00"}},{"v":0,"d":"$0.00"},{"$f":"N910*G910","v":{"v":0,"d":"$0.00"}},{"$f":"IF(D910=\"\",\"\",(K910+M910+O910))","v":{"v":1987.2031200000001,"d":"$1,987.20"}}]
[729,null,"International Symbol of Accessibility (3'-0\" x 3'-0\")",{"v":6,"d":"6.00"},"EA",{"v":0,"d":"0%"},{"$f":"(F911*D911)+D911","v":{"v":6,"d":"6.00"}},{"v":1.718,"d":"1.72"},{"v":76.58,"d":"$76.58"},{"$f":"H911*G911","v":{"v":10.308,"d":"10.31"}},{"$f":"I911*J911","v":{"v":789.3866399999999,"d":"$789.39"}},{"v":124.48,"d":"$124.48"},{"$f":"L911*G911","v":{"v":746.88,"d":"$746.88"}},{"v":0,"d":"$0.00"},{"$f":"N911*G911","v":{"v":0,"d":"$0.00"}},{"$f":"IF(D911=\"\",\"\",(K911+M911+O911))","v":{"v":1536.2666399999998,"d":"$1,536.27"}}]
[730,null,"12\" No Parking Lettering (White Painted)",{"v":5,"d":"5.00"},"EA",{"v":0,"d":"0%"},{"v":5,"d":"5.00"},{"v":1.459,"d":"1.46"},{"v":76.58,"d":"$76.58"},{"v":7.295,"d":"7.30"},{"v":558.6510999999999,"d":"$558.65"},{"v":97.1,"d":"$97.10"},{"v":485.5,"d":"$485.50"},{"v":0,"d":"$0.00"},{"v":0,"d":"$0.00"},{"v":1044.1511,"d":"$1,044.15"}]
[731,null,"Handicap Parking & Van Accessible Sign\n- Min 70\" Sq. Reflectorized Sign Permanently Posted Immediately Adjacent to & Visible from Each Stall or Space With is a in White on a Dark Blue Background. Bolt to Steel Pipe w/ 3/8\" Cadmium Plated Bolts, Nuts & Washers\n- \"Minimum Fine $250\" Shall be Included Below Isa As Either an Additional Sign or Additional Language\n- Where Van Accessible Space Occurs (6\" x 1'-0\") \n- 17\" x 22\" Additional Sign Located in Conspicuous Location\n- 2\" Dia Steel Pipe, Extend into Con. Filled Pipe 1'-9\". Provide Welded Water-Tight Cap. Prime & Painted: White\n- 2-1/2\" Dia Galv. Pipe Sleeve, Tack Weld to Pipe As Required",{"v":6,"d":"6.00"},"EA",{"v":0,"d":"0%"},{"v":6,"d":"6.00"},{"v":1.926,"d":"1.93"},{"v":76.58,"d":"$76.58"},{"v":11.556,"d":"11.56"},{"v":884.9584799999999,"d":"$884.96"},{"v":174.95,"d":"$174.95"},{"v":1049.6999999999998,"d":"$1,049.70"},{"v":0,"d":"$0.00"},{"v":0,"d":"$0.00"},{"v":1934.6584799999996,"d":"$1,934.66"}]
[732,null,"(1'-6\" Dia. x 2'-0\" H) Concrete Signage Footing Reinf. w/",{"$f":"(6*(3.14*(1.5^2)/4*2))/27","v":{"v":0.785,"d":"0.79"}},"CY",{"v":0.1,"d":"10%"},{"v":0.8635,"d":"0.86"},4.59,{"v":76.58,"d":"$76.58"},{"v":3.9634650000000002,"d":"3.96"},{"v":303.5221497,"d":"$303.52"},{"v":355,"d":"$355.00"},{"v":306.5425,"d":"$306.54"},{"v":0,"d":"$0.00"},{"v":0,"d":"$0.00"},{"v":610.0646497,"d":"$610.06"}]
[733,null,"Formwork",{"$f":"(6*(3.14*1.5*2))","v":{"v":56.519999999999996,"d":"56.52"}},"SF",{"v":0.1,"d":"10%"},{"v":62.172,"d":"62.17"},{"v":0.045,"d":"0.05"},{"v":76.58,"d":"$76.58"},{"v":2.7977399999999997,"d":"2.80"},{"v":214.25092919999997,"d":"$214.25"},null,{"v":0,"d":"$0.00"},{"v":0,"d":"$0.00"},{"v":0,"d":"$0.00"},{"v":214.25092919999997,"d":"$214.25"}]
[734,null,"12'-0\" Directional Arrow",{"v":9,"d":"9.00"},"EA",{"v":0,"d":"0%"},{"v":9,"d":"9.00"},{"v":3.512,"d":"3.51"},{"v":76.58,"d":"$76.58"},{"v":31.608,"d":"31.61"},{"v":2420.54064,"d":"$2,420.54"},{"v":141.29,"d":"$141.29"},{"v":1271.61,"d":"$1,271.61"},{"v":0,"d":"$0.00"},{"v":0,"d":"$0.00"},{"v":3692.15064,"d":"$3,692.15"}]
[735,null,"Save & Protect City Sign",{"v":1,"d":"1.00"},"EA",{"v":0,"d":"0%"},{"v":1,"d":"1.00"},1.35,{"v":76.58,"d":"$76.58"},1.35,{"v":103.38300000000001,"d":"$103.38"},{"v":45.75,"d":"$45.75"},{"v":45.75,"d":"$45.75"},{"v":0,"d":"$0.00"},{"v":0,"d":"$0.00"},{"v":149.133,"d":"$149.13"}]
[736,null,"Save & Protect \"Park  &  Ride\" City Sign",{"v":1,"d":"1.00"},"EA",{"v":0,"d":"0%"},{"v":1,"d":"1.00"},1.35,{"v":76.58,"d":"$76.58"},1.35,{"v":103.38300000000001,"d":"$103.38"},{"v":45.75,"d":"$45.75"},{"v":45.75,"d":"$45.75"},{"v":0,"d":"$0.00"},{"v":0,"d":"$0.00"},{"v":149.133,"d":"$149.13"}]
["",null,"Site Work"]
[737,null,"(4'-0\" x 4'-0\") Tree Well",{"v":7,"d":"7.00"},"EA",{"v":0,"d":"0%"},{"$f":"(F920*D920)+D920","v":{"v":7,"d":"7.00"}},{"v":4.758,"d":"4.76"},{"v":76.58,"d":"$76.58"},{"$f":"H920*G920","v":{"v":33.306,"d":"33.31"}},{"$f":"I920*J920","v":{"v":2550.5734799999996,"d":"$2,550.57"}},{"v":299,"d":"$299.00"},{"$f":"L920*G920","v":{"v":2093,"d":"$2,093.00"}},{"v":0,"d":"$0.00"},{"$f":"N920*G920","v":{"v":0,"d":"$0.00"}},{"$f":"IF(D920=\"\",\"\",(K920+M920+O920))","v":{"v":4643.573479999999,"d":"$4,643.57"}}]
[738,null,"Existing Asphalt Parking Lot to be Recoated & Restriped w/ New Parking Layout ",{"v":4308.99,"d":"4,308.99"},"SF",{"v":0.1,"d":"10%"},{"v":4739.889,"d":"4739.89"},0.02,{"v":76.58,"d":"$76.58"},{"v":94.79778,"d":"94.80"},{"v":7259.6139924,"d":"$7,259.61"},{"v":1.4,"d":"$1.40"},{"v":6635.844599999999,"d":"$6,635.84"},{"v":0,"d":"$0.00"},{"v":0,"d":"$0.00"},{"v":13895.458592399998,"d":"$13,895.46"}]
[739,null,"Playground Area\r\n- Details Are Not Given",657.33,"SF",{"v":0.1,"d":"10%"},{"v":723.0630000000001,"d":"723.06"},0.08,{"v":76.58,"d":"$76.58"},{"v":57.84504000000001,"d":"57.85"},{"v":4429.7731632,"d":"$4,429.77"},{"v":12,"d":"$12.00"},{"v":8676.756000000001,"d":"$8,676.76"},{"v":0,"d":"$0.00"},{"v":0,"d":"$0.00"},{"v":13106.5291632,"d":"$13,106.53"}]
[740,null,"BMP Rain Garden \n- Rain Garden Used As Infiltration Shall not be Permitted in Areas Designated As Liquefaction or Hillside Grading Areas & on Slopes That Exceeds 30%\n- Edge of Rain Garden Must Meet Infiltration Setbacks Per Labs Infiltration Bulletin\n- Direct Overflow Discharge Per Bureau of Engineering & Building & Safety Requirements",{"v":389.7,"d":"389.70"},"SF",{"v":0.1,"d":"10%"},{"v":428.66999999999996,"d":"428.67"},{"v":0.095,"d":"0.10"},{"v":76.58,"d":"$76.58"},{"v":40.72365,"d":"40.72"},{"v":3118.617117,"d":"$3,118.62"},{"v":10.74,"d":"$10.74"},{"v":4603.9158,"d":"$4,603.92"},{"v":0,"d":"$0.00"},{"v":0,"d":"$0.00"},{"v":7722.5329169999995,"d":"$7,722.53"}]
[741,null,"Kn:30: Install Vapor Barrier Between Existing Building & Proposed Concrete",692.93,"LF",{"v":0.1,"d":"10%"},{"v":762.223,"d":"762.22"},{"v":0.1,"d":"0.10"},{"v":76.58,"d":"$76.58"},{"v":76.2223,"d":"76.22"},{"v":5837.103734,"d":"$5,837.10"},{"v":3,"d":"$3.00"},{"v":2286.669,"d":"$2,286.67"},{"v":0,"d":"$0.00"},{"v":0,"d":"$0.00"},{"v":8123.772734,"d":"$8,123.77"}]
[742,null,"Kn#12: Sawcut & Join",{"v":1571.33,"d":"1,571.33"},"LF",{"v":0.1,"d":"10%"},{"v":1728.463,"d":"1728.46"},{"v":0.075,"d":"0.08"},{"v":76.58,"d":"$76.58"},{"v":129.634725,"d":"129.63"},{"v":9927.4272405,"d":"$9,927.43"},{"v":0.5,"d":"$0.50"},{"v":864.2315,"d":"$864.23"},{"v":0,"d":"$0.00"},{"v":0,"d":"$0.00"},{"v":10791.6587405,"d":"$10,791.66"}]
[743,null,"Block Wall (H=6'-0\")",71.36,"LF",{"v":0.1,"d":"10%"},{"v":78.496,"d":"78.50"},0.75,{"v":76.58,"d":"$76.58"},{"v":58.872,"d":"58.87"},{"v":4508.41776,"d":"$4,508.42"},{"v":120,"d":"$120.00"},{"v":9419.519999999999,"d":"$9,419.52"},{"v":0,"d":"$0.00"},{"v":0,"d":"$0.00"},{"v":13927.937759999999,"d":"$13,927.94"}]
[744,null,"Retaining Wall (H=6'-0\")",66.97,"LF",{"v":0.1,"d":"10%"},{"v":73.667,"d":"73.67"},1.35,{"v":76.58,"d":"$76.58"},{"v":99.45045,"d":"99.45"},{"v":7615.9154610000005,"d":"$7,615.92"},{"v":135,"d":"$135.00"},{"v":9945.045,"d":"$9,945.05"},{"v":0,"d":"$0.00"},{"v":0,"d":"$0.00"},{"v":17560.960461000002,"d":"$17,560.96"}]
["",null,"Erosion Control"]
[745,null,"Detectable Warning (I.E Truncated Domes) Color Federal Yellow",81.42,"SF",{"v":0.1,"d":"10%"},{"$f":"(F929*D929)+D929","v":{"v":89.562,"d":"89.56"}},0.25,{"v":76.58,"d":"$76.58"},{"$f":"H929*G929","v":{"v":22.3905,"d":"22.39"}},{"$f":"I929*J929","v":{"v":1714.66449,"d":"$1,714.66"}},{"v":35.14,"d":"$35.14"},{"$f":"L929*G929","v":{"v":3147.20868,"d":"$3,147.21"}},{"v":0,"d":"$0.00"},{"$f":"N929*G929","v":{"v":0,"d":"$0.00"}},{"$f":"IF(D929=\"\",\"\",(K929+M929+O929))","v":{"v":4861.87317,"d":"$4,861.87"}}]
[746,null,"Grade Swale 1% Min Slope (2500 PSI PCC)\n- Compacted Subgrade",107.14,"LF",{"v":0.1,"d":"10%"},{"$f":"(F930*D930)+D930","v":{"v":117.854,"d":"117.85"}},{"v":0.5,"d":"0.50"},{"v":76.58,"d":"$76.58"},{"$f":"H930*G930","v":{"v":58.927,"d":"58.93"}},{"$f":"I930*J930","v":{"v":4512.62966,"d":"$4,512.63"}},{"v":40,"d":"$40.00"},{"$f":"L930*G930","v":{"v":4714.16,"d":"$4,714.16"}},{"v":0,"d":"$0.00"},{"$f":"N930*G930","v":{"v":0,"d":"$0.00"}},{"$f":"IF(D930=\"\",\"\",(K930+M930+O930))","v":{"v":9226.789659999999,"d":"$9,226.79"}}]
["",null,"Misc."]
[747,null,"Street Lamp \n- Mfg.: Westgate\n- Model: LFX-LG-50-150W",{"v":13,"d":"13.00"},"EA",{"v":0,"d":"0%"},{"$f":"(F932*D932)+D932","v":{"v":13,"d":"13.00"}},{"v":3.415,"d":"3.42"},{"v":76.58,"d":"$76.58"},{"$f":"H932*G932","v":{"v":44.395,"d":"44.40"}},{"$f":"I932*J932","v":{"v":3399.7691,"d":"$3,399.77"}},{"v":168.74,"d":"$168.74"},{"$f":"L932*G932","v":{"v":2193.62,"d":"$2,193.62"}},{"v":0,"d":"$0.00"},{"$f":"N932*G932","v":{"v":0,"d":"$0.00"}},{"$f":"IF(D932=\"\",\"\",(K932+M932+O932))","v":{"v":5593.3891,"d":"$5,593.39"}}]
[748,null,"Street Lamp",{"v":4,"d":"4.00"},"EA",{"v":0,"d":"0%"},{"$f":"(F933*D933)+D933","v":{"v":4,"d":"4.00"}},{"v":3.415,"d":"3.42"},{"v":76.58,"d":"$76.58"},{"$f":"H933*G933","v":13.66},{"$f":"I933*J933","v":{"v":1046.0828,"d":"$1,046.08"}},{"v":168.74,"d":"$168.74"},{"$f":"L933*G933","v":{"v":674.96,"d":"$674.96"}},{"v":0,"d":"$0.00"},{"$f":"N933*G933","v":{"v":0,"d":"$0.00"}},{"$f":"IF(D933=\"\",\"\",(K933+M933+O933))","v":{"v":1721.0428,"d":"$1,721.04"}}]
[749,null,"Cell Tower",{"v":1,"d":"1.00"},"EA",{"v":0,"d":"0%"},{"$f":"(F934*D934)+D934","v":{"v":1,"d":"1.00"}},{"v":4.598,"d":"4.60"},{"v":76.58,"d":"$76.58"},{"$f":"H934*G934","v":{"v":4.598,"d":"4.60"}},{"$f":"I934*J934","v":{"v":352.11483999999996,"d":"$352.11"}},{"v":399.99,"d":"$399.99"},{"$f":"L934*G934","v":{"v":399.99,"d":"$399.99"}},{"v":0,"d":"$0.00"},{"$f":"N934*G934","v":{"v":0,"d":"$0.00"}},{"$f":"IF(D934=\"\",\"\",(K934+M934+O934))","v":{"v":752.10484,"d":"$752.10"}}]
[750,null,"Bench (By Owner)",{"v":4,"d":"4.00"},"EA",{"v":0,"d":"0%"},{"$f":"(F935*D935)+D935","v":{"v":4,"d":"4.00"}},{"v":2.412,"d":"2.41"},{"v":76.58,"d":"$76.58"},{"$f":"H935*G935","v":{"v":9.648,"d":"9.65"}},{"$f":"I935*J935","v":{"v":738.84384,"d":"$738.84"}},null,{"$f":"L935*G935","v":{"v":0,"d":"$0.00"}},{"v":0,"d":"$0.00"},{"$f":"N935*G935","v":{"v":0,"d":"$0.00"}},{"$f":"IF(D935=\"\",\"\",(K935+M935+O935))","v":{"v":738.84384,"d":"$738.84"}}]
[751,null,"Sanctuary Mechanical Equipment",{"v":1,"d":"1.00"},"EA",{"v":0,"d":"0%"},{"$f":"(F936*D936)+D936","v":{"v":1,"d":"1.00"}},{"v":16.478,"d":"16.48"},{"v":76.58,"d":"$76.58"},{"$f":"H936*G936","v":{"v":16.478,"d":"16.48"}},{"$f":"I936*J936","v":{"v":1261.88524,"d":"$1,261.89"}},{"v":5289,"d":"$5,289.00"},{"$f":"L936*G936","v":{"v":5289,"d":"$5,289.00"}},{"v":0,"d":"$0.00"},{"$f":"N936*G936","v":{"v":0,"d":"$0.00"}},{"$f":"IF(D936=\"\",\"\",(K936+M936+O936))","v":{"v":6550.88524,"d":"$6,550.89"}}]
["",null,"Landscape"]
["",null,"Trees"]
[752,null,"Botanical Name: Lagerstroemia Indica\r\n- Common Name: Crepe Myrtle\r\n- Size: 24\" Box",{"v":7,"d":"7.00"},"EA",{"v":0,"d":"0%"},{"$f":"(F939*D939)+D939","v":{"v":7,"d":"7.00"}},{"v":5.412,"d":"5.41"},{"v":58.42,"d":"$58.42"},{"$f":"H939*G939","v":{"v":37.884,"d":"37.88"}},{"$f":"I939*J939","v":{"v":2213.18328,"d":"$2,213.18"}},{"v":383.96,"d":"$383.96"},{"$f":"L939*G939","v":{"v":2687.72,"d":"$2,687.72"}},{"v":0,"d":"$0.00"},{"$f":"N939*G939","v":{"v":0,"d":"$0.00"}},{"$f":"IF(D939=\"\",\"\",(K939+M939+O939))","v":{"v":4900.90328,"d":"$4,900.90"}}]
[753,null,"Botanical Name: Arbutus \"Marina\" Multi\r\n- Common Name: Arbutus\r\n- Size: 36\" Box",{"v":6,"d":"6.00"},"EA",{"v":0,"d":"0%"},{"$f":"(F940*D940)+D940","v":{"v":6,"d":"6.00"}},{"v":6.127,"d":"6.13"},{"v":58.42,"d":"$58.42"},{"$f":"H940*G940","v":{"v":36.762,"d":"36.76"}},{"$f":"I940*J940","v":{"v":2147.63604,"d":"$2,147.64"}},{"v":425.9,"d":"$425.90"},{"$f":"L940*G940","v":{"v":2555.3999999999996,"d":"$2,555.40"}},{"v":0,"d":"$0.00"},{"$f":"N940*G940","v":{"v":0,"d":"$0.00"}},{"$f":"IF(D940=\"\",\"\",(K940+M940+O940))","v":{"v":4703.036039999999,"d":"$4,703.04"}}]
[754,null,"Botanical Name: Pyrus Kawakamii\r\n- Common Name: Evergreen Pear Tree\r\n- Size: 36\" Box",{"v":2,"d":"2.00"},"EA",{"v":0,"d":"0%"},{"v":2,"d":"2.00"},{"v":5.986,"d":"5.99"},{"v":58.42,"d":"$58.42"},{"v":11.972,"d":"11.97"},{"v":699.40424,"d":"$699.40"},{"v":399.96,"d":"$399.96"},{"v":799.92,"d":"$799.92"},{"v":0,"d":"$0.00"},{"v":0,"d":"$0.00"},{"v":1499.32424,"d":"$1,499.32"}]
[755,null,"Botanical Name: Cupaniopsis Anacardioides\r\n- Common Name: Carrotwood Tree\r\n- Size: 48\" Box",{"v":2,"d":"2.00"},"EA",{"v":0,"d":"0%"},{"v":2,"d":"2.00"},{"v":6.372,"d":"6.37"},{"v":58.42,"d":"$58.42"},{"v":12.744,"d":"12.74"},{"v":744.5044800000001,"d":"$744.50"},{"v":428.75,"d":"$428.75"},{"v":857.5,"d":"$857.50"},{"v":0,"d":"$0.00"},{"v":0,"d":"$0.00"},{"v":1602.00448,"d":"$1,602.00"}]
[756,null,"Botanical Name: Parkinsonia Aculeate\r\n- Common Name: Mexican Palo Verde\r\n- Size: 84\" Box",{"v":1,"d":"1.00"},"EA",{"v":0,"d":"0%"},{"v":1,"d":"1.00"},{"v":16.473,"d":"16.47"},{"v":58.42,"d":"$58.42"},{"v":16.473,"d":"16.47"},{"v":962.35266,"d":"$962.35"},{"v":1978.62,"d":"$1,978.62"},{"v":1978.62,"d":"$1,978.62"},{"v":0,"d":"$0.00"},{"v":0,"d":"$0.00"},{"v":2940.97266,"d":"$2,940.97"}]
[757,null,"Botanical Name: Pinus Canariensis\r\n- Common Name: Canary Island Pine\r\n- Size: 72\" Box",{"v":1,"d":"1.00"},"EA",{"v":0,"d":"0%"},{"v":1,"d":"1.00"},{"v":12.529,"d":"12.53"},{"v":58.42,"d":"$58.42"},{"v":12.529,"d":"12.53"},{"v":731.94418,"d":"$731.94"},{"v":1475,"d":"$1,475.00"},{"v":1475,"d":"$1,475.00"},{"v":0,"d":"$0.00"},{"v":0,"d":"$0.00"},{"v":2206.94418,"d":"$2,206.94"}]
["",null,"Ornamental Shrubs"]
[758,null,"25: Botanical Name: Rhaphiolepis Umbellate \"Minor\"\r\n- Common Name: Indian Hawthorn\r\n- Size: 5 GAL",{"v":25,"d":"25.00"},"EA",{"v":0,"d":"0%"},{"v":25,"d":"25.00"},{"v":0.8986371428571427,"d":"0.90"},{"v":58.42,"d":"$58.42"},{"v":22.465928571428567,"d":"22.47"},{"v":1312.459547142857,"d":"$1,312.46"},{"v":48.3444,"d":"$48.34"},{"v":1208.61,"d":"$1,208.61"},{"v":0,"d":"$0.00"},{"v":0,"d":"$0.00"},{"v":2521.069547142857,"d":"$2,521.07"}]
[759,null,"26: Botanical Name: Carex Pregracilis\r\n- Common Name: California Field Sedge\r\n- Size: 5 GAL",{"v":79,"d":"79.00"},"EA",{"v":0,"d":"0%"},{"v":79,"d":"79.00"},{"v":0.9669514285714286,"d":"0.97"},{"v":58.42,"d":"$58.42"},{"v":76.38916285714286,"d":"76.39"},{"v":4462.654894114286,"d":"$4,462.65"},{"v":54.56100000000001,"d":"$54.56"},{"v":4310.319,"d":"$4,310.32"},{"v":0,"d":"$0.00"},{"v":0,"d":"$0.00"},{"v":8772.973894114286,"d":"$8,772.97"}]
[760,null,"27: Botanical Name: Juncus Patens\r\n- Common Name: California Gray Rush\r\n- Size: 5 GAL",{"v":48,"d":"48.00"},"EA",{"v":0,"d":"0%"},{"v":48,"d":"48.00"},{"v":0.6244371428571429,"d":"0.62"},{"v":58.42,"d":"$58.42"},{"v":29.97298285714286,"d":"29.97"},{"v":1751.021658514286,"d":"$1,751.02"},{"v":23.3922,"d":"$23.39"},{"v":1122.8256,"d":"$1,122.83"},{"v":0,"d":"$0.00"},{"v":0,"d":"$0.00"},{"v":2873.847258514286,"d":"$2,873.85"}]
[761,null,"28: Botanical Name: Arctostaphylos \"Emerald Carpet\"\r\n- Common Name: Carpet Manzanita\r\n- Size: 5 GAL",{"v":26,"d":"26.00"},"EA",{"v":0,"d":"0%"},{"v":26,"d":"26.00"},{"v":0.6672942857142857,"d":"0.67"},{"v":58.42,"d":"$58.42"},{"v":17.34965142857143,"d":"17.35"},{"v":1013.566636457143,"d":"$1,013.57"},{"v":27.2922,"d":"$27.29"},{"v":709.5972,"d":"$709.60"},{"v":0,"d":"$0.00"},{"v":0,"d":"$0.00"},{"v":1723.1638364571431,"d":"$1,723.16"}]
[762,null,"24: Botanical Name: Leucadendron \"Safari Sunset\"\r\n- Common Name: Safari Conebush\r\n- Size: 15 GAL",{"v":26,"d":"26.00"},"EA",{"v":0,"d":"0%"},{"v":26,"d":"26.00"},{"v":1.4816657142857144,"d":"1.48"},{"v":58.42,"d":"$58.42"},{"v":38.52330857142857,"d":"38.52"},{"v":2250.5316867428573,"d":"$2,250.53"},{"v":101.4,"d":"$101.40"},{"v":2636.4,"d":"$2,636.40"},{"v":0,"d":"$0.00"},{"v":0,"d":"$0.00"},{"v":4886.931686742857,"d":"$4,886.93"}]
[763,null,"23: Botanical Name: Coreopsis Lanceolate\r\n- Common Name: Lanceleaf Coreopsis\r\n- Size: 5 GAL",{"v":6,"d":"6.00"},"EA",{"v":0,"d":"0%"},{"v":6,"d":"6.00"},{"v":0.4872942857142857,"d":"0.49"},{"v":58.42,"d":"$58.42"},{"v":2.923765714285714,"d":"2.92"},{"v":170.80639302857142,"d":"$170.81"},{"v":10.9122,"d":"$10.91"},{"v":65.4732,"d":"$65.47"},{"v":0,"d":"$0.00"},{"v":0,"d":"$0.00"},{"v":236.2795930285714,"d":"$236.28"}]
[764,null,"22: Botanical Name: Leonotis Leonurus\r\n- Common Name: Lion's Tail\r\n- Size: 15 GAL",{"v":13,"d":"13.00"},"EA",{"v":0,"d":"0%"},{"v":13,"d":"13.00"},{"v":0.7955228571428571,"d":"0.80"},{"v":58.42,"d":"$58.42"},{"v":10.341797142857143,"d":"10.34"},{"v":604.1677890857143,"d":"$604.17"},{"v":38.961000000000006,"d":"$38.96"},{"v":506.49300000000005,"d":"$506.49"},{"v":0,"d":"$0.00"},{"v":0,"d":"$0.00"},{"v":1110.6607890857144,"d":"$1,110.66"}]
[765,null,"8: Botanical Name: Dianella Revolita \"Baby Bliss\"\r\n- Common Name: Baby Bliss Flax Lily\r\n- Size: 15 GAL",{"v":39,"d":"39.00"},"EA",{"v":0,"d":"0%"},{"v":39,"d":"39.00"},{"v":0.9612942857142858,"d":"0.96"},{"v":58.42,"d":"$58.42"},{"v":37.490477142857145,"d":"37.49"},{"v":2190.1936746857145,"d":"$2,190.19"},{"v":54.046200000000006,"d":"$54.05"},{"v":2107.8018,"d":"$2,107.80"},{"v":0,"d":"$0.00"},{"v":0,"d":"$0.00"},{"v":4297.995474685715,"d":"$4,298.00"}]
[766,null,"9: Botanical Name: Lemus Condensates \"Canyon Prince\"\r\n- Common Name: Canyon Prince Wild Rye\r\n- Size: 15 GAL",{"v":48,"d":"48.00"},"EA",{"v":0,"d":"0%"},{"v":48,"d":"48.00"},{"v":0.8451514285714284,"d":"0.85"},{"v":58.42,"d":"$58.42"},{"v":40.56726857142856,"d":"40.57"},{"v":2369.9398299428567,"d":"$2,369.94"},{"v":43.4772,"d":"$43.48"},{"v":2086.9056,"d":"$2,086.91"},{"v":0,"d":"$0.00"},{"v":0,"d":"$0.00"},{"v":4456.845429942857,"d":"$4,456.85"}]
[767,null,"7: Botanical Name: Salvia Waverly\r\n- Common Name: Waverly Salvia\r\n- Size: 15 GAL",{"v":24,"d":"24.00"},"EA",{"v":0,"d":"0%"},{"v":24,"d":"24.00"},{"v":0.9048942857142859,"d":"0.90"},{"v":58.42,"d":"$58.42"},{"v":21.717462857142863,"d":"21.72"},{"v":1268.7341801142861,"d":"$1,268.73"},{"v":48.9138,"d":"$48.91"},{"v":1173.9312,"d":"$1,173.93"},{"v":0,"d":"$0.00"},{"v":0,"d":"$0.00"},{"v":2442.665380114286,"d":"$2,442.67"}]
[768,null,"4: Botanical Name: Kalanchoe Lucia\r\n- Common Name: Paddle Paint \r\n- Size: 15 GAL",{"v":26,"d":"26.00"},"EA",{"v":0,"d":"0%"},{"v":26,"d":"26.00"},{"v":1.018637142857143,"d":"1.02"},{"v":58.42,"d":"$58.42"},{"v":26.48456571428572,"d":"26.48"},{"v":1547.2283290285718,"d":"$1,547.23"},{"v":59.2644,"d":"$59.26"},{"v":1540.8744000000002,"d":"$1,540.87"},{"v":0,"d":"$0.00"},{"v":0,"d":"$0.00"},{"v":3088.102729028572,"d":"$3,088.10"}]
[769,null,"1: Botanical Name: Olea European \"Montra\"\r\n- Common Name: Little Ollie Dwarf Olive\r\n- Size: 15 GAL",{"v":3,"d":"3.00"},"EA",{"v":0,"d":"0%"},{"v":3,"d":"3.00"},{"v":1.2126942857142857,"d":"1.21"},{"v":58.42,"d":"$58.42"},{"v":3.638082857142857,"d":"3.64"},{"v":212.53680051428572,"d":"$212.54"},{"v":76.92360000000001,"d":"$76.92"},{"v":230.7708,"d":"$230.77"},{"v":0,"d":"$0.00"},{"v":0,"d":"$0.00"},{"v":443.3076005142857,"d":"$443.31"}]
[770,null,"5: Botanical Name: Agave Attenuate\r\n- Common Name: Fox Tail Agave\r\n- Size: 15 GAL",{"v":3,"d":"3.00"},"EA",{"v":0,"d":"0%"},{"v":3,"d":"3.00"},{"v":1.0982657142857142,"d":"1.10"},{"v":58.42,"d":"$58.42"},{"v":3.2947971428571425,"d":"3.29"},{"v":192.48204908571427,"d":"$192.48"},{"v":66.5106,"d":"$66.51"},{"v":199.53179999999998,"d":"$199.53"},{"v":0,"d":"$0.00"},{"v":0,"d":"$0.00"},{"v":392.01384908571424,"d":"$392.01"}]
[{"$f":"IF(E959=0,\"\",1+MAX(A951:A958))","v":771},null,"2: Botanical Name: Limonium Prezi\r\n- Common Name: Sea Lavender   \r\n- Size: 15 GAL",{"v":1,"d":"1.00"},"EA",{"v":0,"d":"0%"},{"v":1,"d":"1.00"},{"v":0.7470085714285715,"d":"0.75"},{"v":58.42,"d":"$58.42"},{"v":0.7470085714285715,"d":"0.75"},{"v":43.640240742857145,"d":"$43.64"},{"v":34.5462,"d":"$34.55"},{"v":34.5462,"d":"$34.55"},{"v":0,"d":"$0.00"},{"v":0,"d":"$0.00"},{"v":78.18644074285714,"d":"$78.19"}]
[772,null,"3: Botanical Name: Aeonium \"Mint Saucer\"\r\n- Common Name: Green Aeonium\r\n- Size: 15 GAL",{"v":31,"d":"31.00"},"EA",{"v":0,"d":"0%"},{"v":31,"d":"31.00"},{"v":0.8119799999999999,"d":"0.81"},{"v":58.42,"d":"$58.42"},{"v":25.17138,"d":"25.17"},{"v":1470.5120196,"d":"$1,470.51"},{"v":40.4586,"d":"$40.46"},{"v":1254.2166,"d":"$1,254.22"},{"v":0,"d":"$0.00"},{"v":0,"d":"$0.00"},{"v":2724.7286196,"d":"$2,724.73"}]
[773,null,"10: Botanical Name: Miscanthus Sieneses \"Morning Light\"\r\n- Common Name: Morning Light Maiden Grass\r\n- Size: 15 GAL",{"v":202,"d":"202.00"},"EA",{"v":0,"d":"0%"},{"v":202,"d":"202.00"},{"v":0.7407514285714286,"d":"0.74"},{"v":58.42,"d":"$58.42"},{"v":149.6317885714286,"d":"149.63"},{"v":8741.489088342858,"d":"$8,741.49"},{"v":33.976800000000004,"d":"$33.98"},{"v":6863.313600000001,"d":"$6,863.31"},{"v":0,"d":"$0.00"},{"v":0,"d":"$0.00"},{"v":15604.80268834286,"d":"$15,604.80"}]
[774,null,"12: Botanical Name: Rhaphiolepis \"Ballerina\"\r\n- Common Name: NCN\r\n- Size: 5 GAL",{"v":164,"d":"164.00"},"EA",{"v":0,"d":"0%"},{"v":164,"d":"164.00"},{"v":0.7529228571428572,"d":"0.75"},{"v":58.42,"d":"$58.42"},{"v":123.47934857142859,"d":"123.48"},{"v":7213.663543542858,"d":"$7,213.66"},{"v":35.0844,"d":"$35.08"},{"v":5753.841600000001,"d":"$5,753.84"},{"v":0,"d":"$0.00"},{"v":0,"d":"$0.00"},{"v":12967.505143542858,"d":"$12,967.51"}]
[775,null,"13: Botanical Name: Agapanthus\r\n- Common Name: Lily of the Nile\r\n- Size: 5 GAL",{"v":81,"d":"81.00"},"EA",{"v":0,"d":"0%"},{"v":81,"d":"81.00"},{"v":0.7424657142857143,"d":"0.74"},{"v":58.42,"d":"$58.42"},{"v":60.13972285714286,"d":"60.14"},{"v":3513.3626093142857,"d":"$3,513.36"},{"v":34.1328,"d":"$34.13"},{"v":2764.7568,"d":"$2,764.76"},{"v":0,"d":"$0.00"},{"v":0,"d":"$0.00"},{"v":6278.119409314286,"d":"$6,278.12"}]
[776,null,"14: Botanical Name: Nandina Domestic \"Fire Power\"\r\n- Common Name: Dwarf Heavenly Bamboo\r\n- Size: 5 GAL",{"v":21,"d":"21.00"},"EA",{"v":0,"d":"0%"},{"v":21,"d":"21.00"},{"v":0.6858085714285714,"d":"0.69"},{"v":58.42,"d":"$58.42"},{"v":14.40198,"d":"14.40"},{"v":841.3636716,"d":"$841.36"},{"v":28.977,"d":"$28.98"},{"v":608.517,"d":"$608.52"},{"v":0,"d":"$0.00"},{"v":0,"d":"$0.00"},{"v":1449.8806716,"d":"$1,449.88"}]
[777,null,"16: Botanical Name: Clivia Miniata\r\n- Common Name: NCN\r\n- Size: 5 GAL",{"v":9,"d":"9.00"},"EA",{"v":0,"d":"0%"},{"v":9,"d":"9.00"},{"v":0.784722857142857,"d":"0.78"},{"v":58.42,"d":"$58.42"},{"v":7.062505714285713,"d":"7.06"},{"v":412.59158382857134,"d":"$412.59"},{"v":37.9782,"d":"$37.98"},{"v":341.8038,"d":"$341.80"},{"v":0,"d":"$0.00"},{"v":0,"d":"$0.00"},{"v":754.3953838285713,"d":"$754.40"}]
[778,null,"15: Botanical Name: Aloe Arborescens\r\n- Common Name: Torch-Aloe\r\n- Size: 15 Gal",{"v":3,"d":"3.00"},"EA",{"v":0,"d":"0%"},{"v":3,"d":"3.00"},{"v":0.9312085714285715,"d":"0.93"},{"v":58.42,"d":"$58.42"},{"v":2.7936257142857146,"d":"2.79"},{"v":163.20361422857144,"d":"$163.20"},{"v":51.308400000000006,"d":"$51.31"},{"v":153.92520000000002,"d":"$153.93"},{"v":0,"d":"$0.00"},{"v":0,"d":"$0.00"},{"v":317.12881422857146,"d":"$317.13"}]
[779,null,"19: Botanical Name: Podocarpus Graciliar\r\n- Common Name: Fern Pine\r\n- Size: 15 GAL",{"v":22,"d":"22.00"},"EA",{"v":0,"d":"0%"},{"v":22,"d":"22.00"},{"v":1.1835514285714286,"d":"1.18"},{"v":58.42,"d":"$58.42"},{"v":26.03813142857143,"d":"26.04"},{"v":1521.147638057143,"d":"$1,521.15"},{"v":74.2716,"d":"$74.27"},{"v":1633.9752,"d":"$1,633.98"},{"v":0,"d":"$0.00"},{"v":0,"d":"$0.00"},{"v":3155.122838057143,"d":"$3,155.12"}]
[780,null,"17: Botanical Name: Coreopsis Maritima\r\n- Common Name: NCN\r\n- Size: 5 GAL",{"v":19,"d":"19.00"},"EA",{"v":0,"d":"0%"},{"v":19,"d":"19.00"},{"v":0.6648942857142858,"d":"0.66"},{"v":58.42,"d":"$58.42"},{"v":12.63299142857143,"d":"12.63"},{"v":738.0193592571429,"d":"$738.02"},{"v":27.073800000000002,"d":"$27.07"},{"v":514.4022,"d":"$514.40"},{"v":0,"d":"$0.00"},{"v":0,"d":"$0.00"},{"v":1252.421559257143,"d":"$1,252.42"}]
["",null,"Groundcovers"]
[781,null,"Botanical Name: Senecio Mandrliscae\r\n- Common Name: Blue Chalksticks\r\n- Size: Flats",764.19,"SF",{"v":0.1,"d":"10%"},{"$f":"(F970*D970)+D970","v":{"v":840.609,"d":"840.61"}},0.05,{"v":58.42,"d":"$58.42"},{"$f":"H970*G970","v":{"v":42.03045,"d":"42.03"}},{"$f":"I970*J970","v":{"v":2455.418889,"d":"$2,455.42"}},{"v":12,"d":"$12.00"},{"$f":"L970*G970","v":{"v":10087.308,"d":"$10,087.31"}},{"v":0,"d":"$0.00"},{"$f":"N970*G970","v":{"v":0,"d":"$0.00"}},{"$f":"IF(D970=\"\",\"\",(K970+M970+O970))","v":{"v":12542.726889000001,"d":"$12,542.73"}}]
[782,null,"At-Grade Infiltration Planters",623.08,"SF",{"v":0.1,"d":"10%"},{"v":685.388,"d":"685.39"},{"v":0.095,"d":"0.10"},{"v":76.58,"d":"$76.58"},{"v":65.11186000000001,"d":"65.11"},{"v":4986.266238800001,"d":"$4,986.27"},{"v":10.74,"d":"$10.74"},{"v":7361.067120000001,"d":"$7,361.07"},{"v":0,"d":"$0.00"},{"v":0,"d":"$0.00"},{"v":12347.333358800002,"d":"$12,347.33"}]
["",null,"Irrigation"]
["",null,"Pipes"]
[783,null,"1\" Mainline for Hose Bib\n- Mfg.: PVC\n- Model: SCH 40\n- SCH 40 Solvent Weld",665.18,"LF",{"v":0.1,"d":"10%"},{"$f":"(F974*D974)+D974","v":{"v":731.698,"d":"731.70"}},{"$f":"0.0251*1","v":{"v":0.0251,"d":"0.03"}},{"v":58.42,"d":"$58.42"},{"$f":"H974*G974","v":{"v":18.3656198,"d":"18.37"}},{"$f":"I974*J974","v":{"v":1072.919508716,"d":"$1,072.92"}},{"v":1.23,"d":"$1.23"},{"$f":"L974*G974","v":{"v":899.98854,"d":"$899.99"}},{"v":0,"d":"$0.00"},{"$f":"N974*G974","v":{"v":0,"d":"$0.00"}},{"$f":"IF(D974=\"\",\"\",(K974+M974+O974))","v":{"v":1972.908048716,"d":"$1,972.91"}}]
[784,null,"1\" Lateral Line\r\n- Mfg.: PVC\r\n- Model: SCH 40",{"v":3294.46,"d":"3,294.46"},"LF",{"v":0.1,"d":"10%"},{"$f":"(F975*D975)+D975","v":{"v":3623.906,"d":"3623.91"}},{"$f":"0.0251*1","v":{"v":0.0251,"d":"0.03"}},{"v":58.42,"d":"$58.42"},{"$f":"H975*G975","v":{"v":90.9600406,"d":"90.96"}},{"$f":"I975*J975","v":{"v":5313.885571852,"d":"$5,313.89"}},{"v":1.23,"d":"$1.23"},{"$f":"L975*G975","v":{"v":4457.40438,"d":"$4,457.40"}},{"v":0,"d":"$0.00"},{"$f":"N975*G975","v":{"v":0,"d":"$0.00"}},{"$f":"IF(D975=\"\",\"\",(K975+M975+O975))","v":{"v":9771.289951851999,"d":"$9,771.29"}}]
[785,null,"1/2\" Polyethylene Tubing w/ Rain Bird 700-CF-21 Compression Flush Cap at Each End\r\n- Mfg.: Rain Bird\r\n- Model: XT-700",896.77,"LF",{"v":0.1,"d":"10%"},{"$f":"(F976*D976)+D976","v":{"v":986.447,"d":"986.45"}},{"$f":"0.0251*0.5","v":{"v":0.01255,"d":"0.01"}},{"v":58.42,"d":"$58.42"},{"$f":"H976*G976","v":{"v":12.37990985,"d":"12.38"}},{"$f":"I976*J976","v":{"v":723.234333437,"d":"$723.23"}},{"v":0.88,"d":"$0.88"},{"$f":"L976*G976","v":{"v":868.07336,"d":"$868.07"}},{"v":0,"d":"$0.00"},{"$f":"N976*G976","v":{"v":0,"d":"$0.00"}},{"$f":"IF(D976=\"\",\"\",(K976+M976+O976))","v":{"v":1591.3076934370001,"d":"$1,591.31"}}]
[786,null,"2\" Sleeve",{"v":2044.35,"d":"2,044.35"},"LF",{"v":0.1,"d":"10%"},{"v":2248.785,"d":"2248.79"},{"$f":"0.0251*2","v":{"v":0.0502,"d":"0.05"}},{"v":58.42,"d":"$58.42"},{"v":112.88900699999999,"d":"112.89"},{"v":6594.97578894,"d":"$6,594.98"},{"v":2.19,"d":"$2.19"},{"v":4924.83915,"d":"$4,924.84"},{"v":0,"d":"$0.00"},{"v":0,"d":"$0.00"},{"v":11519.814938939999,"d":"$11,519.81"}]
["",null,"Valves"]
[787,null,"1\" Electric Remote Control Drip Valve w/ Omnireg & Irritrol Systems 420-75 200 Mesh Wye Filter & In-Line 30 PSI Pressure Regulator\r\n- Adjust Flow Control & Adjust Omnireg to 20 PSI Above System Requirements.\r\n- Mfg.: Irritrol Systems\r\n- Model: 700-1-OMR-100",{"v":9,"d":"9.00"},"EA",{"v":0,"d":"0%"},{"v":9,"d":"9.00"},{"v":1.374,"d":"1.37"},{"v":58.42,"d":"$58.42"},{"v":12.366000000000001,"d":"12.37"},{"v":722.42172,"d":"$722.42"},{"v":84.93,"d":"$84.93"},{"v":764.3700000000001,"d":"$764.37"},{"v":0,"d":"$0.00"},{"v":0,"d":"$0.00"},{"v":1486.7917200000002,"d":"$1,486.79"}]
[788,null,"1-1/2\" Electric Remote Control Valve w/ Pressure Regulating Module As Needed\r\n- Mfg.: Rain Bird\r\n- Model: 100-PEB-PRS-D",{"v":6,"d":"6.00"},"EA",{"v":0,"d":"0%"},{"v":6,"d":"6.00"},{"v":1.698,"d":"1.70"},{"v":58.42,"d":"$58.42"},{"v":10.187999999999999,"d":"10.19"},{"v":595.18296,"d":"$595.18"},{"v":171.19,"d":"$171.19"},{"v":1027.1399999999999,"d":"$1,027.14"},{"v":0,"d":"$0.00"},{"v":0,"d":"$0.00"},{"v":1622.32296,"d":"$1,622.32"}]
[789,null,"1\" Brass Hose-Bib\r\n- Mfg.: Arrowhead or Equal\r\n- Model: 351 OR 353",{"v":9,"d":"9.00"},"EA",{"v":0,"d":"0%"},{"v":9,"d":"9.00"},{"v":0.412,"d":"0.41"},{"v":58.42,"d":"$58.42"},{"v":3.7079999999999997,"d":"3.71"},{"v":216.62135999999998,"d":"$216.62"},{"v":27.21,"d":"$27.21"},{"v":244.89000000000001,"d":"$244.89"},{"v":0,"d":"$0.00"},{"v":0,"d":"$0.00"},{"v":461.51135999999997,"d":"$461.51"}]
[790,null,"Pressure Reducing Valve Factory Set at 75 PSI\r\n- Mfg.: Pressure Reducing Valve Wilkins\r\n- Model: 500XL",{"v":1,"d":"1.00"},"EA",{"v":0,"d":"0%"},{"v":1,"d":"1.00"},{"v":5.427,"d":"5.43"},{"v":58.42,"d":"$58.42"},{"v":5.427,"d":"5.43"},{"v":317.04534,"d":"$317.05"},{"v":1398.41,"d":"$1,398.41"},{"v":1398.41,"d":"$1,398.41"},{"v":0,"d":"$0.00"},{"v":0,"d":"$0.00"},{"v":1715.45534,"d":"$1,715.46"}]
[791,null,"Normally Open Brass Master Valve that Provides Dirty Water Protection\r\n- Mfg.: Buckner\r\n- Model: Superior 3100 1\"1",{"v":1,"d":"1.00"},"EA",{"v":0,"d":"0%"},{"v":1,"d":"1.00"},{"v":1.981,"d":"1.98"},{"v":58.42,"d":"$58.42"},{"v":1.981,"d":"1.98"},{"v":115.73002000000001,"d":"$115.73"},{"v":225,"d":"$225.00"},{"v":225,"d":"$225.00"},{"v":0,"d":"$0.00"},{"v":0,"d":"$0.00"},{"v":340.73002,"d":"$340.73"}]
["",null,"Devices"]
[792,null,"24 Station Controller \n- Wall Mount w/ Permanent Mounted PMRKIT & Jack-Irc Receiver & 1 XMRT \"Promax\" Remote Set to Operate Both Controllers\n- Mfg.: Weathermatic \n- Model: Smartline SL4824, E-SL4824",{"v":1,"d":"1.00"},"EA",{"v":0,"d":"0%"},{"v":1,"d":"1.00"},{"v":4.957,"d":"4.96"},{"v":58.42,"d":"$58.42"},{"v":4.957,"d":"4.96"},{"v":289.58794,"d":"$289.59"},{"v":732.95,"d":"$732.95"},{"v":732.95,"d":"$732.95"},{"v":0,"d":"$0.00"},{"v":0,"d":"$0.00"},{"v":1022.53794,"d":"$1,022.54"}]
[793,null,"Automatic Rain Shutoff Device\r\n- Mfg.: Hunter\r\n- Model: Mini-Click",{"v":1,"d":"1.00"},"EA",{"v":0,"d":"0%"},{"v":1,"d":"1.00"},{"v":0.874,"d":"0.87"},{"v":58.42,"d":"$58.42"},{"v":0.874,"d":"0.87"},{"v":51.05908,"d":"$51.06"},{"v":49.95,"d":"$49.95"},{"v":49.95,"d":"$49.95"},{"v":0,"d":"$0.00"},{"v":0,"d":"$0.00"},{"v":101.00908000000001,"d":"$101.01"}]
[794,null,"Automatic Wind Shutoff Device\r\n- Mfg.: Hunter\r\n- Model: Mini-Click",{"v":1,"d":"1.00"},"EA",{"v":0,"d":"0%"},{"v":1,"d":"1.00"},{"v":0.874,"d":"0.87"},{"v":58.42,"d":"$58.42"},{"v":0.874,"d":"0.87"},{"v":51.05908,"d":"$51.06"},{"v":49.95,"d":"$49.95"},{"v":49.95,"d":"$49.95"},{"v":0,"d":"$0.00"},{"v":0,"d":"$0.00"},{"v":101.00908000000001,"d":"$101.01"}]
[795,null,"Reduced Pressure Backflow Unit\r\n- Install a Brass Wye Strainer on the Inlet Side of the Unit \r\n- Mfg.: Febco\r\n- Model: 825Y",{"v":1,"d":"1.00"},"EA",{"v":0,"d":"0%"},{"v":1,"d":"1.00"},{"v":3.858,"d":"3.86"},{"v":58.42,"d":"$58.42"},{"v":3.858,"d":"3.86"},{"v":225.38436000000002,"d":"$225.38"},{"v":604.95,"d":"$604.95"},{"v":604.95,"d":"$604.95"},{"v":0,"d":"$0.00"},{"v":0,"d":"$0.00"},{"v":830.3343600000001,"d":"$830.33"}]
["",null,"Sensors"]
[796,null,"1-1/2\" Flow Sensor\r\n- Run a Minimum of 15\" of 1-1/2\" PVC SCH 40 Before & 10\" 1-1/2\" PVCV ALFer the Flow Sensor\r\n- Mfg.: Rainmaster\r\n- Model: FS-150 ",{"v":1,"d":"1.00"},"EA",{"v":0,"d":"0%"},{"v":1,"d":"1.00"},{"v":6.871,"d":"6.87"},{"v":58.42,"d":"$58.42"},{"v":6.871,"d":"6.87"},{"v":401.40382000000005,"d":"$401.40"},{"v":995.73,"d":"$995.73"},{"v":995.73,"d":"$995.73"},{"v":0,"d":"$0.00"},{"v":0,"d":"$0.00"},{"v":1397.13382,"d":"$1,397.13"}]
["",null,"Irrigation Head"]
[797,null,"12\" Shrub Pop-Up Sprinkler w/ PCS Screen As Needed\n- Mfg.: Rain Bird\n- Model: 1812-12-PCS ",{"v":24,"d":"24.00"},"EA",{"v":0,"d":"0%"},{"v":24,"d":"24.00"},{"v":0.458,"d":"0.46"},{"v":58.42,"d":"$58.42"},{"v":10.992,"d":"10.99"},{"v":642.15264,"d":"$642.15"},{"v":17.82,"d":"$17.82"},{"v":427.68,"d":"$427.68"},{"v":0,"d":"$0.00"},{"v":0,"d":"$0.00"},{"v":1069.83264,"d":"$1,069.83"}]
[798,null,"12\" Shrub Pop-Up Sprinkler w/ PCS Screen As Needed\r\n- Mfg.: Rain Bird\r\n- Model: 1812-8-PCS",{"v":29,"d":"29.00"},"EA",{"v":0,"d":"0%"},{"v":29,"d":"29.00"},{"v":0.412,"d":"0.41"},{"v":58.42,"d":"$58.42"},{"v":11.947999999999999,"d":"11.95"},{"v":698.0021599999999,"d":"$698.00"},{"v":15.09,"d":"$15.09"},{"v":437.61,"d":"$437.61"},{"v":0,"d":"$0.00"},{"v":0,"d":"$0.00"},{"v":1135.61216,"d":"$1,135.61"}]
[799,null,"6\" Bubbler Pressure Regulating Sprinkler w/ 5-B Nozzle,\r\n- Seal-A-Matic Check Valve & PCS Screen As Needed\r\n- Mfg.: Rain Bird\r\n- Model: 1806-PRS-SAM-5B",{"v":42,"d":"42.00"},"EA",{"v":0,"d":"0%"},{"v":42,"d":"42.00"},{"v":0.529,"d":"0.53"},{"v":58.42,"d":"$58.42"},{"v":22.218,"d":"22.22"},{"v":1297.97556,"d":"$1,297.98"},{"v":22.28,"d":"$22.28"},{"v":935.76,"d":"$935.76"},{"v":0,"d":"$0.00"},{"v":0,"d":"$0.00"},{"v":2233.73556,"d":"$2,233.74"}]
[800,null,"6\" Shrub Pop-Up Bubbler Sprinkler, Use PA-80 Adapter to Mount Head on Pop-Up Body\r\n- Mfg.: Rain Bird\r\n- Model: 1300A-F",{"v":2,"d":"2.00"},"EA",{"v":0,"d":"0%"},{"v":2,"d":"2.00"},{"v":0.042,"d":"0.04"},{"v":58.42,"d":"$58.42"},{"v":0.084,"d":"0.08"},{"v":4.90728,"d":"$4.91"},{"v":1.42,"d":"$1.42"},{"v":2.84,"d":"$2.84"},{"v":0,"d":"$0.00"},{"v":0,"d":"$0.00"},{"v":7.74728,"d":"$7.75"}]
[801,null,"Brass Ball/ Gate Valve on Mainline\r\n- Mfg.: Nibco \r\n- Model: T-580, T-113",{"v":2,"d":"2.00"},"EA",{"v":0,"d":"0%"},{"v":2,"d":"2.00"},{"v":2.748,"d":"2.75"},{"v":58.42,"d":"$58.42"},{"v":5.496,"d":"5.50"},{"v":321.07632,"d":"$321.08"},{"$f":"173.94+46.22","v":{"v":220.16,"d":"$220.16"}},{"v":440.32,"d":"$440.32"},{"v":0,"d":"$0.00"},{"v":0,"d":"$0.00"},{"v":761.3963200000001,"d":"$761.40"}]
[{"$nulls":14},"SUBTOTAL",{"$f":"SUM(P893:P996)","v":{"v":745150.3247840562,"d":"$745,150.32"}}]
[{"$f":"IF(E998=0,\"\",1+MAX(A891:A891))","v":""}]
[{"$f":"IF(E999=0,\"\",1+MAX(A891:A998))","v":""},"33. UTILITIES"]
[{"$f":"IF(E1000=0,\"\",1+MAX(A998:A999))","v":""},null,"Drainage System"]
[{"$f":"IF(E1001=0,\"\",1+MAX(A993:A1000))","v":802},null,"6\" PVC Stormdrain Pipe",932.53,"LF",{"v":0.1,"d":"10%"},{"$f":"(F1001*D1001)+D1001","v":{"v":1025.783,"d":"1025.78"}},{"$f":"0.0251*6","v":{"v":0.1506,"d":"0.15"}},{"v":88.07,"d":"$88.07"},{"$f":"H1001*G1001","v":{"v":154.4829198,"d":"154.48"}},{"$f":"I1001*J1001","v":{"v":13605.310746785997,"d":"$13,605.31"}},{"v":9.99,"d":"$9.99"},{"$f":"L1001*G1001","v":{"v":10247.57217,"d":"$10,247.57"}},{"v":0,"d":"$0.00"},{"$f":"N1001*G1001","v":{"v":0,"d":"$0.00"}},{"$f":"IF(D1001=\"\",\"\",(K1001+M1001+O1001))","v":{"v":23852.882916785995,"d":"$23,852.88"}}]
[803,null,"Excavation for Trenching",{"v":103.61444444444444,"d":"103.61"},"CY",{"v":0.1,"d":"10%"},{"$f":"(F1002*D1002)+D1002","v":{"v":113.97588888888889,"d":"113.98"}},{"v":0.227,"d":"0.23"},{"v":88.07,"d":"$88.07"},{"$f":"H1002*G1002","v":{"v":25.87252677777778,"d":"25.87"}},{"$f":"I1002*J1002","v":{"v":2278.593433318889,"d":"$2,278.59"}},null,{"$f":"L1002*G1002","v":{"v":0,"d":"$0.00"}},{"v":0,"d":"$0.00"},{"$f":"N1002*G1002","v":{"v":0,"d":"$0.00"}},{"$f":"IF(D1002=\"\",\"\",(K1002+M1002+O1002))","v":{"v":2278.593433318889,"d":"$2,278.59"}}]
[804,null,"Backfill for Trenching",{"v":96.83633287037037,"d":"96.84"},"CY",{"v":0.1,"d":"10%"},{"$f":"(F1003*D1003)+D1003","v":{"v":106.51996615740741,"d":"106.52"}},{"v":0.187,"d":"0.19"},{"v":88.07,"d":"$88.07"},{"$f":"H1003*G1003","v":{"v":19.919233671435187,"d":"19.92"}},{"$f":"I1003*J1003","v":{"v":1754.2869094432967,"d":"$1,754.29"}},null,{"$f":"L1003*G1003","v":{"v":0,"d":"$0.00"}},{"v":0,"d":"$0.00"},{"$f":"N1003*G1003","v":{"v":0,"d":"$0.00"}},{"$f":"IF(D1003=\"\",\"\",(K1003+M1003+O1003))","v":{"v":1754.2869094432967,"d":"$1,754.29"}}]
[""]
[805,null,"4\" Perforated PVC Storm Strain Pipe",54.34,"LF",{"v":0.1,"d":"10%"},{"$f":"(F1005*D1005)+D1005","v":{"v":59.774,"d":"59.77"}},{"$f":"0.0251*4","v":{"v":0.1004,"d":"0.10"}},{"v":88.07,"d":"$88.07"},{"$f":"H1005*G1005","v":{"v":6.0013096,"d":"6.00"}},{"$f":"I1005*J1005","v":{"v":528.5353364719999,"d":"$528.54"}},{"v":5.96,"d":"$5.96"},{"$f":"L1005*G1005","v":{"v":356.25304,"d":"$356.25"}},{"v":0,"d":"$0.00"},{"$f":"N1005*G1005","v":{"v":0,"d":"$0.00"}},{"$f":"IF(D1005=\"\",\"\",(K1005+M1005+O1005))","v":{"v":884.788376472,"d":"$884.79"}}]
[806,null,"Excavation for Trenching",{"v":4.669,"d":"4.67"},"CY",{"v":0.1,"d":"10%"},{"$f":"(F1006*D1006)+D1006","v":{"v":5.1358999999999995,"d":"5.14"}},{"v":0.227,"d":"0.23"},{"v":88.07,"d":"$88.07"},{"$f":"H1006*G1006","v":{"v":1.1658492999999999,"d":"1.17"}},{"$f":"I1006*J1006","v":{"v":102.67634785099997,"d":"$102.68"}},null,{"$f":"L1006*G1006","v":{"v":0,"d":"$0.00"}},{"v":0,"d":"$0.00"},{"$f":"N1006*G1006","v":{"v":0,"d":"$0.00"}},{"$f":"IF(D1006=\"\",\"\",(K1006+M1006+O1006))","v":{"v":102.67634785099997,"d":"$102.68"}}]
[807,null,"Backfill for Trenching",{"v":4.493,"d":"4.49"},"CY",{"v":0.1,"d":"10%"},{"$f":"(F1007*D1007)+D1007","v":{"v":4.9423,"d":"4.94"}},{"v":0.187,"d":"0.19"},{"v":88.07,"d":"$88.07"},{"$f":"H1007*G1007","v":{"v":0.9242101,"d":"0.92"}},{"$f":"I1007*J1007","v":{"v":81.395183507,"d":"$81.40"}},null,{"v":0,"d":"$0.00"},{"v":0,"d":"$0.00"},{"v":0,"d":"$0.00"},{"$f":"IF(D1007=\"\",\"\",(K1007+M1007+O1007))","v":{"v":81.395183507,"d":"$81.40"}}]
[""]
[808,null,"4\" PVC Storm Strain Pipe",116.75,"LF",{"v":0.1,"d":"10%"},{"v":128.425,"d":"128.43"},{"$f":"0.0251*4","v":{"v":0.1004,"d":"0.10"}},{"v":88.07,"d":"$88.07"},{"$f":"H1009*G1009","v":{"v":12.893870000000001,"d":"12.89"}},{"$f":"I1009*J1009","v":{"v":1135.5631309,"d":"$1,135.56"}},{"v":5.96,"d":"$5.96"},{"v":765.413,"d":"$765.41"},{"v":0,"d":"$0.00"},{"v":0,"d":"$0.00"},{"v":1900.9761309,"d":"$1,900.98"}]
[809,null,"Excavation for Trenching",{"v":10.031851851851851,"d":"10.03"},"CY",{"v":0.1,"d":"10%"},{"v":11.035037037037036,"d":"11.04"},{"v":0.227,"d":"0.23"},{"v":88.07,"d":"$88.07"},{"$f":"H1010*G1010","v":{"v":2.5049534074074074,"d":"2.50"}},{"$f":"I1010*J1010","v":{"v":220.61124659037034,"d":"$220.61"}},null,{"v":0,"d":"$0.00"},{"v":0,"d":"$0.00"},{"v":0,"d":"$0.00"},{"v":220.61124659037034,"d":"$220.61"}]
[810,null,"Backfill for Trenching",{"v":9.654696502057613,"d":"9.65"},"CY",{"v":0.1,"d":"10%"},{"v":10.620166152263375,"d":"10.62"},{"v":0.187,"d":"0.19"},{"v":88.07,"d":"$88.07"},{"$f":"H1011*G1011","v":{"v":1.985971070473251,"d":"1.99"}},{"$f":"I1011*J1011","v":{"v":174.9044721765792,"d":"$174.90"}},null,{"v":0,"d":"$0.00"},{"v":0,"d":"$0.00"},{"v":0,"d":"$0.00"},{"v":174.9044721765792,"d":"$174.90"}]
["",null,"Drain Items"]
[811,null,"6\" x 6\" Area Drain",{"v":14,"d":"14.00"},"EA",{"v":0,"d":"0%"},{"$f":"(F1013*D1013)+D1013","v":{"v":14,"d":"14.00"}},{"v":3.472,"d":"3.47"},{"v":88.07,"d":"$88.07"},{"$f":"H1013*G1013","v":{"v":48.608,"d":"48.61"}},{"$f":"I1013*J1013","v":{"v":4280.906559999999,"d":"$4,280.91"}},{"v":246.54,"d":"$246.54"},{"$f":"L1013*G1013","v":{"v":3451.56,"d":"$3,451.56"}},{"v":0,"d":"$0.00"},{"$f":"N1013*G1013","v":{"v":0,"d":"$0.00"}},{"$f":"IF(D1013=\"\",\"\",(K1013+M1013+O1013))","v":{"v":7732.466559999999,"d":"$7,732.47"}}]
[812,null,"Atrium Drain",{"v":11,"d":"11.00"},"EA",{"v":0,"d":"0%"},{"v":11,"d":"11.00"},{"v":3.994,"d":"3.99"},{"v":88.07,"d":"$88.07"},{"v":43.934000000000005,"d":"43.93"},{"v":3869.2673800000002,"d":"$3,869.27"},{"v":375.47,"d":"$375.47"},{"v":4130.17,"d":"$4,130.17"},{"v":0,"d":"$0.00"},{"v":0,"d":"$0.00"},{"v":7999.43738,"d":"$7,999.44"}]
[813,null,"4\" Dia PVC Overflow Drain w/ Atrium Gate Inlet or Equivalent",{"v":8,"d":"8.00"},"EA",{"v":0,"d":"0%"},{"v":8,"d":"8.00"},{"v":2.968,"d":"2.97"},{"v":88.07,"d":"$88.07"},{"v":23.744,"d":"23.74"},{"v":2091.13408,"d":"$2,091.13"},{"v":188.43,"d":"$188.43"},{"v":1507.44,"d":"$1,507.44"},{"v":0,"d":"$0.00"},{"v":0,"d":"$0.00"},{"v":3598.57408,"d":"$3,598.57"}]
[814,null,"12\" x 12\" Catch Basin",{"v":4,"d":"4.00"},"EA",{"v":0,"d":"0%"},{"v":4,"d":"4.00"},{"v":3.657,"d":"3.66"},{"v":88.07,"d":"$88.07"},{"v":14.628,"d":"14.63"},{"v":1288.2879599999999,"d":"$1,288.29"},{"v":352.62,"d":"$352.62"},{"v":1410.48,"d":"$1,410.48"},{"v":0,"d":"$0.00"},{"v":0,"d":"$0.00"},{"v":2698.76796,"d":"$2,698.77"}]
[815,null,"Catch Basin",{"v":7,"d":"7.00"},"EA",{"v":0,"d":"0%"},{"v":7,"d":"7.00"},{"v":3.657,"d":"3.66"},{"v":88.07,"d":"$88.07"},{"v":25.599,"d":"25.60"},{"v":2254.50393,"d":"$2,254.50"},{"v":352.62,"d":"$352.62"},{"v":2468.34,"d":"$2,468.34"},{"v":0,"d":"$0.00"},{"v":0,"d":"$0.00"},{"v":4722.84393,"d":"$4,722.84"}]
[{"$nulls":14},"SUBTOTAL",{"$f":"SUM(P999:P1017)","v":{"v":58003.20492704513,"d":"$58,003.20"}}]
[]
["PROJECTED COST",{"$nulls":14},{"$f":"SUM(P11:P1019)/2","v":{"v":3662276.131138018,"d":"$3,662,276"}}]
["OVERHEAD AND PROFIT",{"$nulls":13},{"v":0.2,"d":"20%"},{"$f":"$P$1020*O1021","v":{"v":732455.2262276036,"d":"$732,455"}}]
["INSURANCE",{"$nulls":13},{"v":0.03,"d":"3%"},{"$f":"$P$1020*O1022","v":{"v":109868.28393414053,"d":"$109,868"}}]
["CONTINGENCY",{"$nulls":13},{"v":0.05,"d":"5%"},{"$f":"$P$1020*O1023","v":{"v":183113.8065569009,"d":"$183,114"}}]
["SUGGESTED BID",{"$nulls":14},{"$f":"SUM(P1020:P1023)","v":{"v":4687713.447856663,"d":"$4,687,713"}}]
["NOTES:"]
[null,"General Notes: The prices used while preparing the estimate were taken from RSMeans online i.e. the standard pricing. So, it is preferred to review the prices."]
[]
[null,null,"Note",{"$nulls":9},"Legend"]
[null,1,"The drawings are scaled as per the mentioned scales on the plans.",{"$nulls":9},"LBS = Pound "]
[{"$nulls":12},"SF= Square Feet"]
[{"$nulls":12},"LF = Linear Feet"]
[{"$nulls":12},"EA = Each"]
[{"$nulls":12},"CY = Cubic Yard"]
[{"$nulls":12},"SY = Square Yard"]
[{"$nulls":12},"LOC = Location"]
[{"$nulls":12},"LS = Lum Sum"]